{"text_format":"1","workbook":"xlsx","n_sheets":34,"sheets":["Instructions","Menu","2019 Universal Input Prices","Irr Alfalfa","Irr Blackeyes","Irr Corn","Irr Corn Silage","Irr Cotton Drip","Irr Cotton Pivot","Irr Guar","Irr Peanuts","Sheet24","Sheet25","Sheet26","Sheet27","Irr Sesame","Irr Sorghum","Irr Sorghum Silage","Irr Soybeans","Irr Sunflowers-Confection","Irr Sunflowers-Oilseed","Irr Wheat","Dry Cotton Conventional","Dry Cotton HT","Dry Guar","Dry Sesame","Dry Sorghum","Dry Sunflowers-Oilseed","Dry Wheat","Sheet28","Sheet29","Break-Even Comparison","Comparative Returns","Whole Farm Scenario"],"not_rendered":{"charts":0,"images":37,"macros":1,"external_links":0,"defined_names":112,"comments":23,"pivot_tables":0},"unopened":[],"bounds":{"document_bytes":16777216,"sheet_cells":100000,"rows_first":2000,"rows_last":500,"rows_between":2000,"halvings":0,"cell_chars":16384,"cell_head_chars":4096},"cells_cut":0,"cells_raw":0,"read":"whole","date_system":"1900"}

{"sheet":"Instructions","index":0,"n_rows":54,"n_cols":2,"rows_kept":54,"cut":false,"hidden":false,"merged":[[53,0,55,8],[58,0,59,8],[21,0,24,5],[35,0,38,8],[41,0,44,8],[57,1,57,8],[46,1,46,8],[47,0,50,8],[52,1,52,8],[5,9,5,14],[40,1,40,8],[26,1,26,8],[15,0,19,8],[14,1,14,8],[8,2,12,8],[31,0,33,8],[27,0,29,8]]}
[]
[null,"Version : Profit2019_1"]
[]
[]
[]
[]
[]
[]
[]
[null,"Extension Ag Economics"]
[null,"Master Marketer"]
[null,"Farm Assistance"]
[null,"Market Outlook"]
[null,"Futures Charts and Prices"]
[null,"Introduction"]
["This tool requires Microsoft Excel. Budget cost estimates are not meant to represent any specific farm. They are averages, and serve as a starting point in your analysis.  Due to differences in soil types and other resources that vary from farm to farm, it is important that you enter individualized crop cost estimates to achieve realistic results. To make long run decisions and determine farm business sustainability in future years, you will need to estimate fixed costs as well.  "]
[]
[]
[]
[]
[]
["Jackie Smith     806-746-6101"]
[]
[]
[]
[]
[null,"From Sheet to Sheet"]
["Each crop budget (Irr Alfalfa, Irr Corn, etc) and analysis section (Prices, Break-Even, Comparative) is displayed on a separate tab/sheet.  However, summary tables in the analyses portion of this spreadsheet are tied to the budgets by equations, and will immediately update as you make changes to the individual budgets."]
[]
[]
[]
["The Menu sheet provides direct access to all crop budgets and summary pages from one location. It also allows the user to select the crops and scenarios they wish to see in the analyses tabs. To return to the Menu or navigate to the Prices, Break-even, or Comparative sections, use the colored navigation bar at the top of each sheet. "]
[]
[]
[]
["Click on the crop budget name at the bottom of the screen to move from tab to tab. To scroll left or right and get access to budgets not listed on the screen, use the four small triangles in the bottom left corner of the worksheet.  Clicking on one of the triangles with a vertical line will take you to the first sheet or the last sheet.  Clicking on one of the triangles in the center will move over one sheet either left or right."]
[]
[]
[]
[]
[null,"Entering Your Numbers"]
["To enter personalized data in a budget, click on the number in BLUE that you wish to change, type in the new entry and press the Enter key, or just use the mouse to click on the next number that needs changing.  GREEN entries can only be altered in the Universal Input Prices sheet. If the meaning of a certain budget number is unclear, many have a red triangle beside the entry. Moving your mouse over the triangle will provide a more detailed explanation.   "]
[]
[]
[]
[]
[null,"Printing"]
["If visible, click on the printer icon above the screen. It is usually found on the second row from the top.  This should print a copy of the worksheet currently being viewed.  For multiple sheets, select the ones you wish to see by holding down the control key while left-clicking on each sheet/tab. Then, selecting the printer icon will print all chosen sheets.  If the icon is not visible, choose the File menu and then Print from the upper left corner, then follow the same procedures as above.      "]
[]
[]
[]
[]
[null,"Saving Your Work"]
["If you want to keep the numbers entered for future sessions, all files must be saved.  To do this, just click on the Save icon (disk) to replace the original information with your new data.  If the Save icon is not visible, you can also select the File menu and then Save As and give the file a new name.  "]

{"sheet":"Menu","index":1,"n_rows":26,"n_cols":4,"rows_kept":26,"cut":false,"hidden":false,"merged":[[2,3,2,6]]}
[]
[]
[null,"Budgets",null,"Analysis Selection"]
[null,{"$f":"'Irr Alfalfa'!$A$3","v":"Irrigated Alfalfa "}]
[null,{"$f":"'Irr Blackeyes'!$A$3","v":"Irrigated Blackeyed Peas"}]
[null,{"$f":"'Irr Corn'!$A$3","v":"Irrigated Corn"}]
[null,{"$f":"'Irr Corn Silage'!$A$3","v":"Irrigated Corn Silage"}]
[null,{"$f":"'Irr Cotton Drip'!$A$3","v":"Irrigated Cotton - Drip"}]
[null,{"$f":"'Irr Cotton Pivot'!$A$3","v":"Irrigated Cotton - Pivot"}]
[null,"Irrigated Guar"]
[null,{"$f":"'Irr Peanuts'!$A$3","v":"Irrigated Peanuts"}]
[null,{"$f":"'Irr Sesame'!$A$3","v":"Irrigated Sesame"}]
[null,{"$f":"'Irr Sorghum'!$A$3","v":"Irrigated Sorghum"}]
[null,{"$f":"'Irr Sorghum Silage'!$A$3","v":"Irrigated Sorghum Silage"}]
[null,{"$f":"'Irr Soybeans'!$A$3","v":"Irrigated Soybeans"}]
[null,{"$f":"'Irr Sunflowers-Confection'!$A$3","v":"Irrigated Sunflowers-Confectionary "}]
[null,{"$f":"'Irr Sunflowers-Oilseed'!$A$3","v":"Irrigated Sunflowers-Oilseed "}]
[null,{"$f":"'Irr Wheat'!$A$3","v":"Irrigated Wheat"}]
[]
[null,{"$f":"'Dry Cotton Conventional'!$A$3","v":"Dryland Cotton - Conventional"}]
[null,{"$f":"'Dry Cotton HT'!$A$3","v":"Dryland Cotton - Herbicide Tolerant"}]
[null,"Dryland Guar"]
[null,{"$f":"'Dry Sesame'!$A$3","v":"Dryland Sesame"}]
[null,{"$f":"'Dry Sorghum'!$A$3","v":"Dryland Sorghum"}]
[null,{"$f":"'Dry Sunflowers-Oilseed'!$A$3","v":"Dryland Sunflowers-Oilseed "}]
[null,{"$f":"'Dry Wheat'!$A$3","v":"Dryland Wheat"}]

{"sheet":"2019 Universal Input Prices","index":2,"n_rows":47,"n_cols":11,"rows_kept":47,"cut":false,"hidden":false,"merged":[]}
[]
[null,"Basic Universal Input Prices"]
[null,"Commodity","Price","Unit","Verified"]
[null,"Alfalfa",240,"/ton","x"]
[null,"Blackeyed Peas",0.34,"/lb","x"]
[null,"Corn",4.3,"/bu","x"]
[null,"Corn Silage",28,"/ton","x"]
[null,"Cotton",0.68,"/lb","x"]
[null,"Cottonseed",160,"/ton","x"]
[null,"Guar",0.16,"/lb"]
[null,"Peanuts",430,"/ton","x"]
[null,"Sesame - Irrigated",0.32,"/lb","x"]
[null,"Sesame - Non-irrigated",0.28000000000000003,"/lb","x"]
[null,"Sorghum",6.5,"/cwt","x"]
[null,"Sorghum Seed",14,"/cwt","x"]
[null,"Sorghum Silage",30,"/ton","x"]
[null,"Soybeans",9,"/bu","x"]
[null,"Sunflower - Conf. (large)",0.24,"/lb","x"]
[null,"Sunflower - Conf. (small)",0.16,"/lb","x"]
[null,"Sunflower - Oil",0.14000000000000001,"/lb","x"]
[null,"Wheat",4.5,"/bu","x"]
[]
[null,"Grazing",0.5,"/lb of gain"]
[]
[null,"Input Item","Price","Unit",null,"Fertilizer Worksheet"]
[null,"Fertilizer",null,null,null,null,null,null,null,null,"Cost per ton"]
[null,"fert (N) - dry",{"$f":"K27/J27/2000","v":0.46739130434782605},"/lb of N",null,"% N in Primary Nitrogen Fertilizer - dry",null,null,null,0.46,430]
[null,"fert (N) - liquid",0.4609375,"/lb of N",null,"% N in Primary Nitrogen Fertilizer - liquid",null,null,null,0.32,295]
[null,"fert (N) - NH3 ",{"$f":"K29/J29/2000","v":0.3048780487804878},"/lb of N",null,"% N in Primary Nitrogen Fertilizer - NH3",null,null,null,0.82,500]
[null,"fert (P) - dry",{"$f":"K30/J30/2000","v":0.53846153846153844},"/lb of P",null,"% P in Primary Phosphate Fertilizer - dry",null,null,null,0.52,560]
[null,"fert (P) - liquid",{"$f":"K31/J31/2000","v":0.71323529411764697},"/lb of P",null,"% P in Primary Phosphate Fertilizer - liquid",null,null,null,0.34,485]
[null,"Labor",12,"/hour"]
[null,"Diesel Fuel - Tractors",2.4,"/gallon"]
[null,"Gasoline - Pickup",2,"/gallon"]
[null,"Irrigation Fuel",10,"/acre-inch"]
[null,"Interest-operating capital",0.06,"APR"]
[null,"Cotton"]
[null,"Stripping & module",0.08,"/lb. cotton lint"]
[null,"Ginning",2.9,"/cwt seed cotton"]
[null,"Seed Turnout",710,"lbs/500 lb bale",null," "]
[null,null,null,null,null," "]
[null,null,null,null,null," "]
[]
[]
[]
[]
[null,null,null,null,null," "]

{"sheet":"Irr Alfalfa","index":3,"n_rows":68,"n_cols":9,"rows_kept":68,"cut":false,"hidden":false,"merged":[[1,0,1,7],[2,0,2,7],[3,0,3,7]]}
[]
[" Estimated Costs and Returns per Acre"]
["Irrigated Alfalfa "]
["Projected for 2019"]
[null,null,null,null,null,null,null,"Rental Agreement","Share"]
["Item ","Quantity","Unit","Price","Owner"," ",null,"Share","Cash"]
[null,null,null,null,"Share","Total","Operator","Owner"]
["Income"]
["alfalfa hay",6,"tons",{"$f":"Alfalfa_Price","v":240},0.25,{"$f":"D9*B9","v":1440},{"$f":"F9*(1-E9)","v":1080},{"$f":"IF(H6=\"Cash\", D56,F9*E9)","v":360}]
[]
["Total Income",null,null,null,null,{"$f":"SUM(F8:F10)","v":1440},{"$f":"SUM(G8:G10)","v":1080},{"$f":"SUM(H8:H10)","v":360}]
[]
["Variable Costs"]
["Seed",25,"lbs",4.25,0,{"$f":"D14*B14","v":106.25},{"$f":"F14*(1-E14)","v":106.25},{"$f":"F14*E14","v":0}]
["Fertilizer"]
["fert (P) - liquid",65,"lbs",{"$f":"IF(A16=\"\",0,VLOOKUP(A16,'2019 Universal Input Prices'!$B$27:$C$31, 2))","v":0.71323529411764697},0.25,{"$f":"D16*B16","v":46.360294117647051},{"$f":"F16*(1-E16)","v":34.77022058823529},{"$f":"F16*E16","v":11.590073529411763}]
["fert (N) - liquid",30,"lbs",{"$f":"IF(A17=\"\",0,VLOOKUP(A17,'2019 Universal Input Prices'!$B$27:$C$31, 2))","v":0.4609375},0.25,{"$f":"D17*B17","v":13.828125},{"$f":"F17*(1-E17)","v":10.37109375},{"$f":"F17*E17","v":3.45703125}]
[null,0,"lbs",{"$f":"IF(A18=\"\",0,VLOOKUP(A18,'2019 Universal Input Prices'!$B$27:$C$31, 2))","v":0},0,{"$f":"D18*B18","v":0},{"$f":"F18*(1-E18)","v":0},{"$f":"F18*E18","v":0}]
["sulfur",12,"lbs",0.12,0.25,{"$f":"D19*B19","v":1.44},{"$f":"F19*(1-E19)","v":1.08},{"$f":"F19*E19","v":0.36}]
["Field Operations"]
["herbicide & application",1,"acre",22,0,{"$f":"D21*B21","v":22},{"$f":"F21*(1-E21)","v":22},{"$f":"F21*E21","v":0}]
["fertilizer application",1,"acre",3.5,0.25,{"$f":"D22*B22","v":3.5},{"$f":"F22*(1-E22)","v":2.625},{"$f":"F22*E22","v":0.875}]
["insecticide & application",1,"acre",25.9,0.25,{"$f":"D23*B23","v":25.9},{"$f":"F23*(1-E23)","v":19.424999999999997},{"$f":"F23*E23","v":6.4749999999999996}]
["custom baling",{"$f":"$B$9","v":6},"tons",50,0.25,{"$f":"D24*B24","v":300},{"$f":"F24*(1-E24)","v":225},{"$f":"F24*E24","v":75}]
["crop consultant",1,"acre",6,0,{"$f":"D25*B25","v":6},{"$f":"F25*(1-E25)","v":6},{"$f":"F25*E25","v":0}]
["scouting",1,"acre",0,0,0,0,0]
["other ",1,"acre",0,0,0,0,0]
["other ",1,"acre",0,0,0,0,0]
["other ",1,"acre",0,0,0,0,0]
["Crop Insurance",1,"acre",2.5,0,2.5,2.5,0]
["Operator Labor & Hand Labor",1,"hour",{"$f":"'2019 Universal Input Prices'!$C$32","v":12},0,12,12,0]
["Irrigation Labor",1.25,"hours",{"$f":"'2019 Universal Input Prices'!$C$32","v":12},0,15,15,0]
["Diesel Fuel - Tractors",2,"gallons",{"$f":"'2019 Universal Input Prices'!$C$33","v":2.4},0,4.8,4.8,0]
["Gasoline - Pickup",2,"gallons",{"$f":"'2019 Universal Input Prices'!$C$34","v":2},0,4,4,0]
["Irrigation Fuel",24,"ac-in",{"$f":"'2019 Universal Input Prices'!$C$35","v":10},0,{"$f":"D35*B35","v":240},{"$f":"F35*(1-E35)","v":240},{"$f":"F35*E35","v":0}]
["Pumping Days",56.57]
["Calculated GPM capacity per acre needed",{"$f":"B35*18.85694/B36","v":8.0001159625243066}]
["Repair & Maintenance"]
["Implements",1,"acre",3,0,{"$f":"D39*B39","v":3},{"$f":"F39*(1-E39)","v":3},{"$f":"F39*E39","v":0}]
["Tractors",1,"acre",6,0,{"$f":"D40*B40","v":6},{"$f":"F40*(1-E40)","v":6},{"$f":"F40*E40","v":0}]
["Irrigation-Above Ground",{"$f":"B35","v":24},"ac-in",1,0,{"$f":"D41*B41","v":24},{"$f":"F41*(1-E41)","v":24},{"$f":"F41*E41","v":0}]
["Irrigation-Below Ground",1,"acre",18,1,{"$f":"D42*B42","v":18},{"$f":"F42*(1-E42)","v":0},{"$f":"F42*E42","v":18}]
["Pickup",1,"acre",0.5,0,{"$f":"D43*B43","v":0.5},{"$f":"F43*(1-E43)","v":0.5},{"$f":"F43*E43","v":0}]
["Interest-operating capital",{"$f":"'2019 Universal Input Prices'!$C$36","v":0.06},null,null,null,{"$f":"(SUM(F14:F23,F25:F43))*$B44/2","v":16.652352573529413},{"$f":"(SUM(G14:G23,G25:G43))*$B44/2","v":15.429639430147059},1.2227131433823528]
[]
["Total Variable Costs",null,null,null,null,{"$f":"SUM(F14:F45)","v":871.73077169117641},{"$f":"SUM(G14:G44)","v":754.75095376838237},{"$f":"SUM(H14:H44)","v":116.97981792279411}]
["Returns Above Variable Costs",null,null,null,null,{"$f":"F11-F46","v":568.26922830882359},{"$f":"G11-G46","v":325.24904623161763},{"$f":"H11-H46","v":243.0201820772059}]
[]
["Fixed Costs"]
["Implements",1,"acre",10,0,{"$f":"D50*B50","v":10},{"$f":"F50*(1-E50)","v":10},{"$f":"F50*E50","v":0}]
["Tractors",1,"acre",12,0,12,12,0]
["Irrigation-Above Ground",1,"acre",40,1,40,0,40]
["Irrigation-Below Ground",1,"acre",15,1,15,0,15]
["Pickup",1,"acre",1.25,0,1.25,1.25,0]
["Management",1,"acre",25,0,25,25,0]
["Whole Farm Insurance",1,"acre",2,0,2,2,0]
["Land",1,"acre",75,1,75,{"$f":"IF($H$6=\"Cash\",D57,F57*(1-E57))","v":0},{"$f":"IF($H$6=\"Cash\",0,F57*E57)","v":75}]
["Property Tax",1,"acre",9,1,9,0,9]
["Perenial Crop Establishment",1,"acre",100,0,{"$f":"B59*D59","v":100},{"$f":"F59*(1-E59)","v":100},{"$f":"F59*E59","v":0}]
["Total Fixed Costs",null,null,null,null,{"$f":"SUM(F50:F59)","v":289.25},{"$f":"SUM(G50:G59)","v":150.25},{"$f":"SUM(H50:H59)","v":139}]
["Total Specified Costs",null,null,null,null,{"$f":"F46+F60","v":1160.9807716911764},{"$f":"G46+G60","v":905.00095376838237},{"$f":"H46+H60","v":255.9798179227941}]
["Returns Above Total Specified Costs",null,null,null,null,{"$f":"F11-F61","v":279.01922830882359},{"$f":"G11-G61","v":174.99904623161763},{"$f":"H11-H61","v":104.0201820772059}]
[]
["If you have questions, contact Jackie Smith at 806-746-6101"]
[]
[]
["Supported by a grant from the"]
["Texas Cotton State Support Committee"]

{"sheet":"Irr Blackeyes","index":4,"n_rows":67,"n_cols":9,"rows_kept":67,"cut":false,"hidden":false,"merged":[[1,0,1,7],[2,0,2,7],[3,0,3,7]]}
[]
[" Estimated Costs and Returns per Acre"]
["Irrigated Blackeyed Peas"]
["Projected for 2019"]
[null,null,null,null,null,null,null,"Rental Agreement"]
["Item ","Quantity","Unit","Price","Owner",null,null,"Share","Cash"]
[null,null,null,null,"Share","Total","Operator","Owner"]
["Income"]
["blackeyed peas",1850,"lbs",{"$f":"Blackeye_Price","v":0.34},0.25,{"$f":"D9*B9","v":629},{"$f":"F9*(1-E9)","v":471.75},{"$f":"IF(H6=\"Cash\", D57,F9*E9)","v":157.25}]
[]
["Total Income",null,null,null,null,{"$f":"SUM(F9:F10)","v":629},{"$f":"SUM(G9:G10)","v":471.75},{"$f":"SUM(H9:H10)","v":157.25}]
[]
["Direct Costs"]
["Seed",50,"lbs",0.45,0,{"$f":"D14*B14","v":22.5},{"$f":"F14*(1-E14)","v":22.5},{"$f":"F14*E14","v":0}]
["Fertilizer"]
["fert (N) - liquid",40,"lbs",{"$f":"IF(A16=\"\",0,VLOOKUP(A16,'2019 Universal Input Prices'!$B$27:$C$31, 2))","v":0.4609375},0.25,{"$f":"D16*B16","v":18.4375},{"$f":"F16*(1-E16)","v":13.828125},{"$f":"F16*E16","v":4.609375}]
[null,0,"lbs",{"$f":"IF(A17=\"\",0,VLOOKUP(A17,'2019 Universal Input Prices'!$B$27:$C$31, 2))","v":0},0,{"$f":"D17*B17","v":0},{"$f":"F17*(1-E17)","v":0},{"$f":"F17*E17","v":0}]
[null,0,"lbs",{"$f":"IF(A18=\"\",0,VLOOKUP(A18,'2019 Universal Input Prices'!$B$27:$C$31, 2))","v":0},0,{"$f":"D18*B18","v":0},{"$f":"F18*(1-E18)","v":0},{"$f":"F18*E18","v":0}]
["Field Operations"]
["herbicide",1,"acre",10,0,{"$f":"D20*B20","v":10},{"$f":"F20*(1-E20)","v":10},{"$f":"F20*E20","v":0}]
["fert application",0,"acre",0,0,0,0,0]
["insecticide",0,"acre",0,0.25,0,0,0]
["custom harvest & haul",{"$f":"B9/100","v":18.5},"cwt",0.2,0.25,3.7,2.7750000000000004,0.92500000000000004]
["custom harvest & haul",1,"acre",30,0.25,30,22.5,7.5]
["hoeing",1,"acre",15,0,15,15,0]
["scouting",1,"acre",0,0,0,0,0]
["fungicide",1,"acre",12,0.25,12,9,3]
["other ",1,"acre",0,0,0,0,0]
["other ",1,"acre",0,0,0,0,0]
["Crop Insurance",1,"acre",24,0.25,24,18,6]
["Operator Labor",1,"hours",{"$f":"'2019 Universal Input Prices'!$C$32","v":12},0,12,12,0]
["Irrigation Labor",0.75,"hours",{"$f":"'2019 Universal Input Prices'!$C$32","v":12},0,9,9,0]
["Diesel Fuel - Tractors",2.4,"gallons",{"$f":"'2019 Universal Input Prices'!$C$33","v":2.4},0,5.76,5.76,0]
["Gasoline - Pickup",2,"gallons",{"$f":"'2019 Universal Input Prices'!$C$34","v":2},0,4,4,0]
["Irrigation Fuel",8,"ac-in",{"$f":"'2019 Universal Input Prices'!$C$35","v":10},0,80,80,0]
["Pumping Days",60.4]
["Calculated GPM capacity per acre needed",{"$f":"B35*18.85694/B36","v":2.4976079470198678}]
["Repair & Maintenance"]
["Implements",1,"acre",3,0,{"$f":"D39*B39","v":3},{"$f":"F39*(1-E39)","v":3},{"$f":"F39*E39","v":0}]
["Tractors",1,"acre",6,0,{"$f":"D40*B40","v":6},{"$f":"F40*(1-E40)","v":6},{"$f":"F40*E40","v":0}]
["Irrigation-Above Ground",1,"acre",8,0,{"$f":"D41*B41","v":8},{"$f":"F41*(1-E41)","v":8},{"$f":"F41*E41","v":0}]
["Irrigation-Below Ground",1,"acre",6,1,{"$f":"D42*B42","v":6},{"$f":"F42*(1-E42)","v":0},{"$f":"F42*E42","v":6}]
["Pickup",1,"acre",0.5,0,{"$f":"D43*B43","v":0.5},{"$f":"F43*(1-E43)","v":0.5},{"$f":"F43*E43","v":0}]
["Interest-operating capital",{"$f":"'2019 Universal Input Prices'!$C$36","v":0.06},null,null,null,{"$f":"(SUM(F14:F22,F25:F43))*$B44/2","v":7.0859249999999996},{"$f":"(SUM(G14:G22,G25:G43))*$B44/2","v":6.4976437499999991},{"$f":"(SUM(H14:H22,H25:H43))*$B44/2","v":0.58828124999999998}]
[]
["Total Direct Costs",null,null,null,null,{"$f":"SUM(F14:F44)","v":276.98342499999995},{"$f":"SUM(G14:G44)","v":248.36076875000001},{"$f":"SUM(H14:H44)","v":28.622656250000002}]
["Returns Above Direct Costs",null,null,null,null,{"$f":"F11-F46","v":352.01657500000005},{"$f":"G11-G46","v":223.38923124999999},{"$f":"H11-H46","v":128.62734374999999}]
[]
["Fixed Costs"]
["Implements",1,"acre",10,0,{"$f":"D50*B50","v":10},{"$f":"F50*(1-E50)","v":10},{"$f":"F50*E50","v":0}]
["Tractors",1,"acre",12,0,12,12,0]
["Irrigation-Above Ground",1,"acre",40,1,40,0,40]
["Irrigation-Below Ground",1,"acre",15,1,15,0,15]
["Pickup",1,"acre",1.25,0,1.25,1.25,0]
["Management",1,"acre",25,0,25,25,0]
["Whole Farm Insurance",1,"acre",2,0,{"$f":"B56*D56","v":2},2,0]
["Land",1,"acre",75,1,{"$f":"D57*B57","v":75},{"$f":"IF($H$6=\"Cash\",D57,F57*(1-E57))","v":0},{"$f":"IF($H$6=\"Cash\",0,F57*E57)","v":75}]
["Property Tax",1,"acre",9,1,{"$f":"B58*D58","v":9},{"$f":"F58*(1-E58)","v":0},{"$f":"F58*E58","v":9}]
["Total Fixed Expenses",null,null,null,null,{"$f":"SUM(F50:F58)","v":189.25},{"$f":"SUM(G50:G58)","v":50.25},{"$f":"SUM(H50:H58)","v":139}]
["Total Specified Expenses",null,null,null,null,{"$f":"F46+F59","v":466.23342499999995},{"$f":"G46+G59","v":298.61076875000003},{"$f":"H46+H59","v":167.62265625000001}]
["Returns Above Total Specified Expenses",null,null,null,null,{"$f":"F11-F60","v":162.76657500000005},{"$f":"G11-G60","v":173.13923124999997},{"$f":"H11-H60","v":-10.372656250000006}]
[]
["If you have questions, contact Jackie Smith at 806-746-6101"]
[]
[]
["Supported by a grant from the"]
["Texas Cotton State Support Committee"]

{"sheet":"Irr Corn","index":5,"n_rows":66,"n_cols":9,"rows_kept":66,"cut":false,"hidden":false,"merged":[[1,0,1,7],[2,0,2,7],[3,0,3,7]]}
[]
[" Estimated Costs and Returns per Acre"]
["Irrigated Corn"]
["Projected for 2019"]
[null,null,null,null,null,null,null,"Rental Agreement","Share"]
["Item ","Quantity","Unit","Price","Owner"," ",null,"Share","Cash"]
[null,null,null,null,"Share","Total","Operator","Owner"]
["Income"]
["corn grain",210,"bu",{"$f":"'2019 Universal Input Prices'!$C$6","v":4.3},0.25,{"$f":"D9*B9","v":903},{"$f":"F9*(1-E9)","v":677.25},{"$f":"IF(H6=\"Cash\", D56,F9*E9)","v":225.75}]
[]
["Total Income",null,null,null,null,{"$f":"F9","v":903},{"$f":"G9","v":677.25},{"$f":"H9","v":225.75}]
[]
["Variable Costs"]
["Seed",0.4375,"bags",272,0,{"$f":"D14*B14","v":119},{"$f":"F14*(1-E14)","v":119},{"$f":"F14*E14","v":0}]
["Fertilizer"]
["fert (N) - liquid",120,"lbs",{"$f":"IF(A16=\"\",0,VLOOKUP(A16,'2019 Universal Input Prices'!$B$27:$C$31, 2))","v":0.4609375},0.25,{"$f":"D16*B16","v":55.3125},{"$f":"F16*(1-E16)","v":41.484375},{"$f":"F16*E16","v":13.828125}]
["fert (P) - dry",108,"lbs",{"$f":"IF(A17=\"\",0,VLOOKUP(A17,'2019 Universal Input Prices'!$B$27:$C$31, 2))","v":0.53846153846153844},0.25,{"$f":"D17*B17","v":58.153846153846153},43.615384615384613,14.538461538461538]
["fert (N) - NH3 ",150,"lbs",{"$f":"IF(A18=\"\",0,VLOOKUP(A18,'2019 Universal Input Prices'!$B$27:$C$31, 2))","v":0.3048780487804878},0.25,{"$f":"D18*B18","v":45.731707317073173},{"$f":"F18*(1-E18)","v":34.298780487804876},{"$f":"F18*E18","v":11.432926829268293}]
["Field Operations"]
["herbicide & application",1,"acre",45,0,{"$f":"D20*B20","v":45},{"$f":"F20*(1-E20)","v":45},{"$f":"F20*E20","v":0}]
["fertilizer application",1,"acre",12,0.25,12,9,3]
["insecticide & application",1,"acre",25,0.25,25,18.75,6.25]
["custom harvest & haul",{"$f":"$B$9","v":210},"bu",0.35,0.25,73.5,55.125,18.375]
["crop consultant",1,"acre",6,0,6,6,0]
["scouting",1,"acre",0,0,{"$f":"D25*B25","v":0},{"$f":"F25*(1-E25)","v":0},{"$f":"F25*E25","v":0}]
["other ",1,20,0,0,0,0,0]
["other ",1,"acre",0,0,0,0,0]
["other ",1,"acre",0,0,0,0,0]
["Crop Insurance",1,"acre",15.5,0.25,15.5,11.625,3.875]
["Operator Labor & Hand Labor",1,"hour",{"$f":"'2019 Universal Input Prices'!$C$32","v":12},0,12,12,0]
["Irrigation Labor",1.25,"hours",{"$f":"'2019 Universal Input Prices'!$C$32","v":12},0,15,15,0]
["Diesel Fuel - Tractors",2.4,"gallons",{"$f":"'2019 Universal Input Prices'!$C$33","v":2.4},0,5.76,5.76,0]
["Gasoline - Pickup",2,"gallons",{"$f":"'2019 Universal Input Prices'!$C$34","v":2},0,4,4,0]
["Irrigation Fuel",20,"ac-in",{"$f":"'2019 Universal Input Prices'!$C$35","v":10},0,200,200,0]
["Pumping Days",75.400000000000006]
["Calculated GPM capacity per acre needed",{"$f":"B34*18.85694/B35","v":5.0018408488063661}]
["Repair & Maintenance"]
["Implements",1,"acre",3,0,{"$f":"D38*B38","v":3},3,0]
["Tractors",1,"acre",6,0,{"$f":"D39*B39","v":6},6,0]
["Irrigation-Above Ground",{"$f":"Corn_Inches","v":20},"ac-in",1,0,{"$f":"D40*B40","v":20},20,0]
["Irrigation-Below Ground",1,"acre",18,1,{"$f":"D41*B41","v":18},0,18]
["Pickup",1,"acre",0.5,0,{"$f":"D42*B42","v":0.5},0.5,0]
["Interest-operating capital",{"$f":"'2019 Universal Input Prices'!$C$36","v":0.06},null,null,null,{"$f":"(SUM(F14:F22,F24:F42))*$B43/2","v":19.978741604127581},{"$f":"(SUM(G14:G22,G24:G42))*$B43/2","v":17.851006203095682},2.1277354010318947]
[]
["Total Variable Costs",null,null,null,null,{"$f":"SUM(F14:F43)","v":759.43679507504692},{"$f":"SUM(G14:G43)","v":668.00954630628519},{"$f":"SUM(H14:H43)","v":91.427248768761729}]
["Returns Above Variable Costs",null,null,null,null,{"$f":"F11-F45","v":143.56320492495308},{"$f":"G11-G45","v":9.2404536937148123},{"$f":"H11-H45","v":134.32275123123827}]
[]
["Fixed Costs"]
["Implements",1,"acre",10,0,{"$f":"D49*B49","v":10},{"$f":"F49*(1-E49)","v":10},{"$f":"F49*E49","v":0}]
["Tractors",1,"acre",12,0,12,12,0]
["Irrigation-Above Ground",1,"acre",40,1,40,0,40]
["Irrigation-Below Ground",1,"acre",15,1,15,0,15]
["Pickup",1,"acre",1.25,0,1.25,1.25,0]
["Management",1,"acre",25,0,25,25,0]
["Whole Farm Insurance",1,"acre",2,0,2,2,0]
["Land",1,"acre",0,1,0,{"$f":"IF($H$6=\"Cash\",D56,F56*(1-E56))","v":0},{"$f":"IF($H$6=\"Cash\",0,F56*E56)","v":0}]
["Property Tax",1,"acre",12,1,12,0,12]
["Total Fixed Expenses",null,null,null,null,{"$f":"SUM(F49:F57)","v":117.25},{"$f":"SUM(G49:G57)","v":50.25},{"$f":"SUM(H49:H57)","v":67}]
["Total Specified Expenses",null,null,null,null,{"$f":"F45+F58","v":876.68679507504692},{"$f":"G45+G58","v":718.25954630628519},{"$f":"H45+H58","v":158.42724876876173}]
["Returns Above Total Specified Expenses",null,null,null,null,{"$f":"F11-F59","v":26.313204924953084},{"$f":"G11-G59","v":-41.009546306285188},{"$f":"H11-H59","v":67.322751231238271}]
[]
["If you have questions, contact Jackie Smith at 806-746-6101"]
[]
[]
["Supported by a grant from the"]
["Texas Cotton State Support Committee"]

{"sheet":"Irr Corn Silage","index":6,"n_rows":66,"n_cols":9,"rows_kept":66,"cut":false,"hidden":false,"merged":[[1,0,1,7],[2,0,2,7],[3,0,3,7]]}
[]
[" Estimated Costs and Returns per Acre"]
["Irrigated Corn Silage"]
["Projected for 2019"]
[null,null,null,null,null,null,null,"Rental Agreement","Share"]
["Item ","Quantity","Unit","Price","Owner"," ",null,"Share","Cash"]
[null,null,null,null,"Share","Total","Operator","Owner"]
["Income"]
["corn silage",27,"tons",{"$f":"'2019 Universal Input Prices'!$C$7","v":28},0.25,{"$f":"D9*B9","v":756},{"$f":"F9*(1-E9)","v":567},{"$f":"IF(H6=\"Cash\", D56,F9*E9)","v":189}]
[]
["Total Income",null,null,null,null,{"$f":"F9","v":756},{"$f":"G9","v":567},{"$f":"H9","v":189}]
[]
["Variable Costs"]
["Seed",0.5,"bags",272,0,{"$f":"D14*B14","v":136},{"$f":"F14*(1-E14)","v":136},{"$f":"F14*E14","v":0}]
["Fertilizer"]
["fert (N) - liquid",175,"lbs",{"$f":"IF(A16=\"\",0,VLOOKUP(A16,'2019 Universal Input Prices'!$B$27:$C$31, 2))","v":0.4609375},0.25,{"$f":"D16*B16","v":80.6640625},{"$f":"F16*(1-E16)","v":60.498046875},{"$f":"F16*E16","v":20.166015625}]
["fert (P) - dry",110,"lbs",{"$f":"IF(A17=\"\",0,VLOOKUP(A17,'2019 Universal Input Prices'!$B$27:$C$31, 2))","v":0.53846153846153844},0.25,{"$f":"D17*B17","v":59.230769230769226},{"$f":"F17*(1-E17)","v":44.42307692307692},{"$f":"F17*E17","v":14.807692307692307}]
["fert (N) - NH3 ",150,"lbs",{"$f":"IF(A18=\"\",0,VLOOKUP(A18,'2019 Universal Input Prices'!$B$27:$C$31, 2))","v":0.3048780487804878},0.25,{"$f":"D18*B18","v":45.731707317073173},{"$f":"F18*(1-E18)","v":34.298780487804876},{"$f":"F18*E18","v":11.432926829268293}]
["Field Operations"]
["herbicide & application",1,"acre",21.12,0,{"$f":"D20*B20","v":21.12},{"$f":"F20*(1-E20)","v":21.12},{"$f":"F20*E20","v":0}]
["fertilizer application",1,"acre",11.75,0.25,11.75,8.8125,2.9375]
["insecticide & application",1,"appl",22.73,0.25,22.73,17.047499999999999,5.6825000000000001]
["custom harvest & haul",{"$f":"$B$9","v":27},"tons",7,0.25,189,141.75,47.25]
["crop consultant",1,"acre",0,0,0,0,0]
["scouting",1,"acre",0,0,{"$f":"D25*B25","v":0},{"$f":"F25*(1-E25)","v":0},{"$f":"F25*E25","v":0}]
["other ",1,"acre",0,0,0,0,0]
["other ",1,"acre",0,0,0,0,0]
["other ",1,"acre",0,0,0,0,0]
["Crop Insurance",1,"acre",15.5,0.25,15.5,11.625,3.875]
["Operator Labor & Hand Labor",1,"hour",{"$f":"'2019 Universal Input Prices'!$C$32","v":12},0,12,12,0]
["Irrigation Labor",1.25,"hours",{"$f":"'2019 Universal Input Prices'!$C$32","v":12},0,15,15,0]
["Diesel Fuel - Tractors",2.4,"gallons",{"$f":"'2019 Universal Input Prices'!$C$33","v":2.4},0,5.76,5.76,0]
["Gasoline - Pickup",2,"gallons",{"$f":"'2019 Universal Input Prices'!$C$34","v":2},0,4,4,0]
["Irrigation Fuel",20,"ac-in",{"$f":"'2019 Universal Input Prices'!$C$35","v":10},0,200,200,0]
["Pumping Days",75.400000000000006]
["Calculated GPM capacity per acre needed",{"$f":"B34*18.85694/B35","v":5.0018408488063661}]
["Repair & Maintenance"]
["Implements",1,"acre",3,0,{"$f":"D38*B38","v":3},3,0]
["Tractors",1,"acre",6,0,{"$f":"D39*B39","v":6},6,0]
["Irrigation-Above Ground",{"$f":"B34","v":20},"ac-in",1,0,{"$f":"D40*B40","v":20},20,0]
["Irrigation-Below Ground",1,"acre",18,1,{"$f":"D41*B41","v":18},0,18]
["Pickup",1,"acre",0.5,0,{"$f":"D42*B42","v":0.5},0.5,0]
["Interest-operating capital",{"$f":"'2019 Universal Input Prices'!$C$36","v":0.06},null,null,null,{"$f":"(SUM(F14:F22,F24:F42))*$B43/2","v":20.30959617143527},{"$f":"(SUM(G14:G22,G24:G42))*$B43/2","v":18.002547128576452},2.3070490428588175]
[]
["Total Variable Costs",null,null,null,null,{"$f":"SUM(F14:F43)","v":886.29613521927763},{"$f":"SUM(G14:G43)","v":759.8374514144582},{"$f":"SUM(H14:H43)","v":126.45868380481942}]
["Returns Above Variable Costs",null,null,null,null,{"$f":"F11-F45","v":-130.29613521927763},{"$f":"G11-G45","v":-192.8374514144582},{"$f":"H11-H45","v":62.541316195180585}]
[]
["Fixed Costs"]
["Implements",1,"acre",10,0,{"$f":"D49*B49","v":10},{"$f":"F49*(1-E49)","v":10},{"$f":"F49*E49","v":0}]
["Tractors",1,"acre",12,0,12,12,0]
["Irrigation-Above Ground",1,"acre",40,1,40,0,40]
["Irrigation-Below Ground",1,"acre",15,1,15,0,15]
["Pickup",1,"acre",1.25,0,1.25,1.25,0]
["Management",1,"acre",25,0,25,25,0]
["Whole Farm Insurance",1,"acre",2,0,2,2,0]
["Land",1,"acre",100,1,100,{"$f":"IF($H$6=\"Cash\",D56,F56*(1-E56))","v":0},{"$f":"IF($H$6=\"Cash\",0,F56*E56)","v":100}]
["Property Tax",1,"acre",12,1,12,0,12]
["Total Fixed Expenses",null,null,null,null,{"$f":"SUM(F49:F57)","v":217.25},{"$f":"SUM(G49:G57)","v":50.25},{"$f":"SUM(H49:H57)","v":167}]
["Total Specified Expenses",null,null,null,null,{"$f":"F45+F58","v":1103.5461352192776},{"$f":"G45+G58","v":810.0874514144582},{"$f":"H45+H58","v":293.45868380481943}]
["Returns Above Total Specified Expenses",null,null,null,null,{"$f":"F11-F59","v":-347.54613521927763},{"$f":"G11-G59","v":-243.0874514144582},{"$f":"H11-H59","v":-104.45868380481943}]
[]
["If you have questions, contact Jackie Smith at 806-746-6101"]
[]
[]
["Supported by a grant from the"]
["Texas Cotton State Support Committee"]

{"sheet":"Irr Cotton Drip","index":7,"n_rows":73,"n_cols":9,"rows_kept":73,"cut":false,"hidden":false,"merged":[[1,0,1,7],[2,0,2,7],[3,0,3,7],[4,1,4,4]]}
[]
[" Estimated Costs and Returns per Acre"]
["Irrigated Cotton - Drip"]
["Projected for 2019"]
[null,"* Post emerge herbicides specific to variety trait of seed",null,null,null,null,null,"Rental Agreement","Share"]
["Item ","Quantity","Unit","Price","Owner"," ",null,"Share","Cash"]
[null,null,null,null,"Share","Total","Operator","Owner"]
["Income"]
["cotton lint",1500,"lbs",{"$f":"'2019 Universal Input Prices'!$C$8","v":0.68},0.25,{"$f":"D9*B9","v":1020.0000000000001},{"$f":"F9*(1-E9)","v":765.00000000000011},{"$f":"IF(H6=\"Cash\", D63,F9*E9)","v":255.00000000000003}]
["cotton seed",{"$f":"B9/500*'2019 Universal Input Prices'!C40/2000","v":1.0649999999999999},"tons",{"$f":"'2019 Universal Input Prices'!$C$9","v":160},0.25,{"$f":"D10*B10","v":170.39999999999998},{"$f":"F10*(1-E10)","v":127.79999999999998},{"$f":"IF(H6=\"Cash\", 0,F10*E10)","v":42.599999999999994}]
["Expected Turnout",0.32]
["Total Income",null,null,null,null,{"$f":"F9+F10","v":1190.4000000000001},{"$f":"G9+G10","v":892.80000000000007},{"$f":"H9+H10","v":297.60000000000002}]
[]
["Variable Costs"]
["Seed",40,"thousand",1.59,0.25,{"$f":"D15*B15","v":63.6},{"$f":"F15*(1-E15)","v":47.7},{"$f":"+F15*E15","v":15.9}]
["Boll Weevil  Assess.-Irr",{"$f":"Irr_Cooton_Drip_Yield/500","v":3},"Bales",1,0.25,{"$f":"D16*B16","v":3},{"$f":"F16*(1-E16)","v":2.25},{"$f":"+F16*E16","v":0.75}]
["Fertilizer"]
["fert (N) - liquid",175,"lbs",{"$f":"IF(A18=\"\",0,VLOOKUP(A18,'2019 Universal Input Prices'!$B$27:$C$31, 2))","v":0.4609375},0.25,{"$f":"D18*B18","v":80.6640625},{"$f":"F18*(1-E18)","v":60.498046875},{"$f":"+F18*E18","v":20.166015625}]
["fert (P) - liquid",70,"lbs",{"$f":"IF(A19=\"\",0,VLOOKUP(A19,'2019 Universal Input Prices'!$B$27:$C$31, 2))","v":0.71323529411764697},0.25,{"$f":"D19*B19","v":49.92647058823529},{"$f":"F19*(1-E19)","v":37.444852941176464},{"$f":"+F19*E19","v":12.481617647058822}]
[null,0,"lbs",{"$f":"IF(A20=\"\",0,VLOOKUP(A20,'2019 Universal Input Prices'!$B$27:$C$31, 2))","v":0},0.25,{"$f":"D20*B20","v":0},{"$f":"F20*(1-E20)","v":0},{"$f":"F20*E20","v":0}]
["acid",24,"lbs",0.5,0.25,{"$f":"D21*B21","v":12},{"$f":"F21*(1-E21)","v":9},{"$f":"+F21*E21","v":3}]
["Field Operations"]
["preplant herb, application & incorp.",1,"acre",9.5,0.25,{"$f":"D23*B23","v":9.5},{"$f":"F23*(1-E23)","v":7.125},{"$f":"+F23*E23","v":2.375}]
["at-plant pre-emerge herbicide",1,"acre",4.5,0.25,{"$f":"D24*B24","v":4.5},{"$f":"F24*(1-E24)","v":3.375},{"$f":"+F24*E24","v":1.125}]
["2 post emerge herbicide & app*",1,"acre",25,0.25,{"$f":"D25*B25","v":25},18.75,6.25]
["fertilizer application",1,"acre",4.75,0.25,4.75,3.5625,1.1875]
["insecticide & application",1,"acre",12,0.25,12,9,3]
["harvest aids",1,"acre",30,0.25,30,22.5,7.5]
["strip & module",{"$f":"B9","v":1500},"lb.",{"$f":"'2019 Universal Input Prices'!$C$38","v":0.08},0.25,120,90,30]
["ginning",{"$f":"Irr_Cooton_Drip_Yield/B11/100","v":46.875},"cwt.",{"$f":"'2019 Universal Input Prices'!$C$39","v":2.9},0,135.9375,135.9375,0]
["hoeing",0.2,"acre",15,0.25,3,2.25,0.75]
["scouting",1,"acre",9,0,{"$f":"D32*B32","v":9},{"$f":"F32*(1-E32)","v":9},{"$f":"+F32*E32","v":0}]
["crop hail",4,"$100/ac",2.25,0,9,9,0]
["spot spraying",0.2,"acre",15,0,3,3,0]
["other ",1,"acre",0,0,0,0,0]
["Crop Insurance",1,"acre",56,0.25,56,42,14]
["Operator Labor & Hand Labor",1.6,"hours",{"$f":"'2019 Universal Input Prices'!$C$32","v":12},0,19.200000000000003,19.200000000000003,0]
["Irrigation Labor",1.25,"hours",{"$f":"'2019 Universal Input Prices'!$C$32","v":12},0,15,15,0]
["Diesel Fuel - Tractors",4,"gallons",{"$f":"'2019 Universal Input Prices'!$C$33","v":2.4},0,9.6,9.6,0]
["Gasoline - Pickup",2,"gallons",{"$f":"'2019 Universal Input Prices'!$C$34","v":2},0,4,4,0]
["Irrigation Fuel",14,"ac-in",{"$f":"'2019 Universal Input Prices'!$C$35","v":10},0,140,140,0]
["Pumping Days",84.8,null,null,0]
["Calculated GPM capacity per acre needed",{"$f":"B41*18.85694/B42","v":3.113174056603774}]
["Repair & Maintenance"]
["Implements",1,"acre",3,0,{"$f":"D45*B45","v":3},{"$f":"F45*(1-E45)","v":3},{"$f":"+F45*E45","v":0}]
["Tractors",1,"acre",6,0,{"$f":"D46*B46","v":6},{"$f":"F46*(1-E46)","v":6},{"$f":"+F46*E46","v":0}]
["Irrigation-Drip System",{"$f":"Cotton_Inches","v":12},"ac-in",1.5,0,{"$f":"D47*B47","v":18},{"$f":"F47*(1-E47)","v":18},{"$f":"+F47*E47","v":0}]
["Irrigation-Wells",1,"acre",13.5,0.25,{"$f":"D48*B48","v":13.5},{"$f":"F48*(1-E48)","v":10.125},{"$f":"+F48*E48","v":3.375}]
["Pickup",1,"acre",0.5,0,{"$f":"D49*B49","v":0.5},{"$f":"F49*(1-E49)","v":0.5},{"$f":"+F49*E49","v":0}]
["Interest-operating capital",{"$f":"'2019 Universal Input Prices'!$C$36","v":0.06},null,null,null,{"$f":"(SUM(F15:F27,F31:F49))*$B50/2","v":17.212215992647057},{"$f":"(SUM(G15:G27,G31:G49))*$B50/2","v":14.681411994485293},{"$f":"(SUM(H15:H27,H31:H49))*$B50/2","v":2.5308039981617645}]
[]
["Total Variable Costs",null,null,null,null,{"$f":"SUM(F15:F50)","v":876.89024908088243},{"$f":"SUM(G15:G50)","v":752.49931181066177},{"$f":"SUM(H15:H50)","v":124.39093727022058}]
["Returns Above Variable Costs",null,null,null,null,{"$f":"F12-F52","v":313.50975091911766},{"$f":"G12-G52","v":140.3006881893383},{"$f":"H12-H52","v":173.20906272977945}]
[]
["Fixed Costs"]
["Implements",1,"acre",10,0,{"$f":"D56*B56","v":10},{"$f":"F56*(1-E56)","v":10},{"$f":"+F56*E56","v":0}]
["Tractors",1,"acre",12,0,12,12,0]
["Irrigation-Drip System",1,"acre",60,1,60,0,60]
["Irrigation-Wells",1,"acre",15,1,15,0,15]
["Pickup",1,"acre",1.25,0,1.25,1.25,0]
["Management",1,"acre",25,0,{"$f":"D61*B61","v":25},25,0]
["Whole Farm Insurance",1,"acre",2,0,{"$f":"D62*B62","v":2},2,0]
["Land",1,"acre",0,1,0,{"$f":"IF($H$6=\"Cash\",D63,F63*(1-E63))","v":0},{"$f":"IF($H$6=\"Cash\",0,F63*E63)","v":0}]
["Property Tax",1,"acre",12,1,{"$f":"B64*D64","v":12},0,12]
["Total Fixed Expenses",null,null,null,null,{"$f":"SUM(F56:F64)","v":137.25},{"$f":"SUM(G56:G64)","v":50.25},{"$f":"SUM(H56:H64)","v":87}]
["Total Specified Expenses",null,null,null,null,{"$f":"F52+F65","v":1014.1402490808824},{"$f":"G52+G65","v":802.74931181066177},{"$f":"H52+H65","v":211.39093727022058}]
["Returns Above Total Specified Expenses",null,null,null,null,{"$f":"F12-F66","v":176.25975091911766},{"$f":"G12-G66","v":90.050688189338302},{"$f":"H12-H66","v":86.209062729779447}]
["Share may be higher until drip paid for."]
["If you have questions, contact Jackie Smith at 806-746-6101"]
[]
[]
["Supported by a grant from the"]
["Texas Cotton State Support Committee"]

{"sheet":"Irr Cotton Pivot","index":8,"n_rows":72,"n_cols":9,"rows_kept":72,"cut":false,"hidden":false,"merged":[[1,0,1,7],[2,0,2,7],[3,0,3,7],[4,1,4,4]]}
[]
[" Estimated Costs and Returns per Acre"]
["Irrigated Cotton - Pivot"]
["Projected for 2019"]
[null,"* Post emerge herbicides specific to variety trait of seed",null,null,null,null,null,"Rental Agreement","Share"]
["Item ","Quantity","Unit","Price","Owner"," ",null,"Share","Cash"]
[null,null,null,null,"Share","Total","Operator","Owner"]
["Income"]
["cotton lint",1250,"lbs",{"$f":"'2019 Universal Input Prices'!$C$8","v":0.68},0.25,{"$f":"D9*B9","v":850.00000000000011},{"$f":"F9*(1-E9)","v":637.50000000000011},{"$f":"IF(H6=\"Cash\", D62,F9*E9)","v":212.50000000000003}]
["cotton seed",{"$f":"B9/500*'2019 Universal Input Prices'!C40/2000","v":0.88749999999999996},"tons",{"$f":"'2019 Universal Input Prices'!$C$9","v":160},0.25,{"$f":"D10*B10","v":142},{"$f":"F10*(1-E10)","v":106.5},{"$f":"IF(H6=\"Cash\", 0,F10*E10)","v":35.5}]
["Expected Turnout",0.32]
["Total Income",null,null,null,null,{"$f":"F9+F10","v":992.00000000000011},{"$f":"G9+G10","v":744.00000000000011},{"$f":"H9+H10","v":248.00000000000003}]
[]
["Variable Costs"]
["Seed",40,"thousand",1.59,0.125,{"$f":"D15*B15","v":63.6},{"$f":"F15*(1-E15)","v":55.65},{"$f":"+F15*E15","v":7.95}]
["Boll Weevil  Assess.-Irr",{"$f":"Irr_Cotton_Pivot_Yield/500","v":2.5},"bales",1,0.25,{"$f":"D16*B16","v":2.5},{"$f":"F16*(1-E16)","v":1.875},{"$f":"+F16*E16","v":0.625}]
["Fertilizer"]
["fert (N) - liquid",125,"lbs",{"$f":"IF(A18=\"\",0,VLOOKUP(A18,'2019 Universal Input Prices'!$B$27:$C$31, 2))","v":0.4609375},0.25,{"$f":"D18*B18","v":57.6171875},{"$f":"F18*(1-E18)","v":43.212890625},{"$f":"+F18*E18","v":14.404296875}]
["fert (P) - liquid",50,"lbs",{"$f":"IF(A19=\"\",0,VLOOKUP(A19,'2019 Universal Input Prices'!$B$27:$C$31, 2))","v":0.71323529411764697},0.25,{"$f":"D19*B19","v":35.661764705882348},{"$f":"F19*(1-E19)","v":26.746323529411761},{"$f":"+F19*E19","v":8.915441176470587}]
[null,0,"lbs",{"$f":"IF(A20=\"\",0,VLOOKUP(A20,'2019 Universal Input Prices'!$B$27:$C$31, 2))","v":0},0,{"$f":"D20*B20","v":0},{"$f":"F20*(1-E20)","v":0},{"$f":"F20*E20","v":0}]
["Field Operations"]
["preplant herb, application & incorp.",1,"acre",9.5,0,{"$f":"D22*B22","v":9.5},{"$f":"F22*(1-E22)","v":9.5},{"$f":"+F22*E22","v":0}]
["at-plant pre-emerge herbicide",1,"acre",4.5,0,4.5,4.5,0]
["2 post emerge herbicide & app*",1,"acre",25,0,{"$f":"D24*B24","v":25},25,0]
["fertilizer application",1,"acre",4.75,0.25,4.75,3.5625,1.1875]
["insecticide & application",1,"acre",12,0.25,12,9,3]
["harvest aids",1,"acre",25,0.25,25,18.75,6.25]
["strip & module",{"$f":"B9","v":1250},"lb.",{"$f":"'2019 Universal Input Prices'!$C$38","v":0.08},0,100,100,0]
["ginning",{"$f":"Irr_Cotton_Pivot_Yield/B11/100","v":39.0625},"cwt.",{"$f":"'2019 Universal Input Prices'!$C$39","v":2.9},0.25,113.28125,84.9609375,28.3203125]
["hoeing",0.2,"acre",15,0,3,3,0]
["scouting",1,"acre",9,0,{"$f":"D31*B31","v":9},{"$f":"F31*(1-E31)","v":9},{"$f":"+F31*E31","v":0}]
["spot spraying",0.2,"acre",15,0,3,3,0]
["other ",1,"acre",0,0,0,0,0]
["other ",1,"acre",0,0,0,0,0]
["Crop Insurance",1,"acre",40,0.25,40,30,10]
["Operator Labor & Hand Labor",1.6,"hours",{"$f":"'2019 Universal Input Prices'!$C$32","v":12},0,19.200000000000003,19.200000000000003,0]
["Irrigation Labor",1,"hours",{"$f":"'2019 Universal Input Prices'!$C$32","v":12},0,12,12,0]
["Diesel Fuel - Tractors",4,"gallons",{"$f":"'2019 Universal Input Prices'!$C$33","v":2.4},0,9.6,9.6,0]
["Gasoline - Pickup",2,"gallons",{"$f":"'2019 Universal Input Prices'!$C$34","v":2},0,4,4,0]
["Irrigation Fuel",12,"ac-in",{"$f":"'2019 Universal Input Prices'!$C$35","v":10},0,120,120,0]
["Pumping Days",75.430000000000007]
["Calculated GPM capacity per acre needed",{"$f":"B40*18.85694/B41","v":2.9999109107782052}]
["Repair & Maintenance"]
["Implements",1,"acre",3,0,{"$f":"D44*B44","v":3},{"$f":"F44*(1-E44)","v":3},{"$f":"+F44*E44","v":0}]
["Tractors",1,"acre",6,0,{"$f":"D45*B45","v":6},{"$f":"F45*(1-E45)","v":6},{"$f":"+F45*E45","v":0}]
["Irrigation-Above Ground",{"$f":"Cotton_Inches","v":12},"ac-in",1,1,{"$f":"D46*B46","v":12},{"$f":"F46*(1-E46)","v":0},{"$f":"+F46*E46","v":12}]
["Irrigation-Below Ground",1,"acre",9,1,{"$f":"D47*B47","v":9},{"$f":"F47*(1-E47)","v":0},{"$f":"+F47*E47","v":9}]
["Pickup",1,"acre",0.5,0,{"$f":"D48*B48","v":0.5},{"$f":"F48*(1-E48)","v":0.5},{"$f":"+F48*E48","v":0}]
["Interest-operating capital",{"$f":"'2019 Universal Input Prices'!$C$36","v":0.06},null,null,null,{"$f":"(SUM(F15:F26,F30:F48))*$B49/2","v":13.96286856617647},{"$f":"(SUM(G15:G26,G30:G48))*$B49/2","v":11.950401424632354},{"$f":"(SUM(H15:H26,H30:H48))*$B49/2","v":2.0124671415441173}]
[]
["Total Variable Costs",null,null,null,null,{"$f":"SUM(F15:F49)","v":717.67307077205885},{"$f":"SUM(G15:G49)","v":614.00805307904409},{"$f":"SUM(H15:H49)","v":103.6650176930147}]
["Returns Above Variable Costs",null,null,null,null,{"$f":"F12-F51","v":274.32692922794126},{"$f":"G12-G51","v":129.99194692095602},{"$f":"H12-H51","v":144.33498230698532}]
[]
["Fixed Costs"]
["Implements",1,"acre",10,0,{"$f":"D55*B55","v":10},{"$f":"F55*(1-E55)","v":10},{"$f":"+F55*E55","v":0}]
["Tractors",1,"acre",12,0,12,12,0]
["Irrigation-Above Ground",1,"acre",40,1,40,0,40]
["Irrigation-Below Ground",1,"acre",15,1,15,0,15]
["Pickup",1,"acre",1.25,0,1.25,1.25,0]
["Management",1,"acre",25,0,{"$f":"D60*B60","v":25},25,0]
["Whole Farm Insurance",1,"acre",2,0,{"$f":"D61*B61","v":2},2,0]
["Land",1,"acre",0,1,0,{"$f":"IF($H$6=\"Cash\",D62,F62*(1-E62))","v":0},{"$f":"IF($H$6=\"Cash\",0,F62*E62)","v":0}]
["Property Tax",1,"acre",9,1,{"$f":"B63*D63","v":9},0,9]
["Total Fixed Expenses",null,null,null,null,{"$f":"SUM(F55:F63)","v":114.25},{"$f":"SUM(G55:G63)","v":50.25},{"$f":"SUM(H55:H63)","v":64}]
["Total Specified Expenses",null,null,null,null,{"$f":"F51+F64","v":831.92307077205885},{"$f":"G51+G64","v":664.25805307904409},{"$f":"H51+H64","v":167.6650176930147}]
["Returns Above Total Specified Expenses",null,null,null,null,{"$f":"F12-F65","v":160.07692922794126},{"$f":"G12-G65","v":79.741946920956025},{"$f":"H12-H65","v":80.334982306985324}]
[]
["If you have questions, contact Jackie Smith at 806-746-6101"]
[]
[]
["Supported by a grant from the"]
["Texas Cotton State Support Committee"]

{"sheet":"Irr Guar","index":9,"n_rows":68,"n_cols":9,"rows_kept":68,"cut":false,"hidden":false,"merged":[[1,0,1,7],[2,0,2,7],[3,0,3,7]]}
[]
[" Estimated Costs and Returns per Acre"]
["Irrigated Guar"]
["Projected for 2019"]
[null,null,null,null,null,null,null,"Rental Agreement","Share"]
["Item ","Quantity","Unit","Price","Owner"," ",null,"Share","Cash"]
[null,null,null,null,"Share","Total","Operator","Owner"]
["Income"]
["guar",1200,"lb",{"$f":"'2019 Universal Input Prices'!$C$10","v":0.16},0.25,{"$f":"D9*B9","v":192},{"$f":"F9*(1-E9)","v":144},{"$f":"IF(H6=\"Cash\", D58,F9*E9)","v":48}]
[]
["Total Income",null,null,null,null,{"$f":"F9","v":192},{"$f":"G9","v":144},{"$f":"H9","v":48}]
[]
["Variable Costs"]
["Seed",10,"lbs",1.5,0,{"$f":"D14*B14","v":15},{"$f":"F14*(1-E14)","v":15},{"$f":"F14*E14","v":0}]
["Innoculant",2,"lbs",3,0,{"$f":"D15*B15","v":6},{"$f":"F15*(1-E15)","v":6},{"$f":"F15*E15","v":0}]
["Fertilizer"]
["fert (P) - dry",40,"lbs",{"$f":"IF(A17=\"\",0,VLOOKUP(A17,'2019 Universal Input Prices'!$B$27:$C$31, 2))","v":0.53846153846153844},0.25,{"$f":"D17*B17","v":21.538461538461537},{"$f":"F17*(1-E17)","v":16.153846153846153},{"$f":"F17*E17","v":5.3846153846153841}]
[null,null,"lbs",{"$f":"IF(A18=\"\",0,VLOOKUP(A18,'2019 Universal Input Prices'!$B$27:$C$31, 2))","v":0},0.25,{"$f":"D18*B18","v":0},0,0]
[null,null,"lbs",{"$f":"IF(A19=\"\",0,VLOOKUP(A19,'2019 Universal Input Prices'!$B$27:$C$31, 2))","v":0},0.25,{"$f":"D19*B19","v":0},{"$f":"F19*(1-E19)","v":0},{"$f":"F19*E19","v":0}]
["Field Operations"]
["herbicide & application",1,"acre",4,0,{"$f":"D21*B21","v":4},{"$f":"F21*(1-E21)","v":4},{"$f":"F21*E21","v":0}]
["fertilizer application",1,"acre",4,0.25,4,3,1]
["insecticide & application",0,"acre",0,0.25,0,0,0]
["custom harvest & haul",1,"acre",30,0.25,{"$f":"D24*B24","v":30},{"$f":"F24*(1-E24)","v":22.5},{"$f":"F24*E24","v":7.5}]
["custom harvest & haul",{"$f":"Irr_Guar_Yield/100","v":12},"cwt",0.2,0.25,2.4000000000000004,1.8000000000000003,0.60000000000000009]
["crop consultant",0,"acre",0,0,0,0,0]
["scouting",0,"acre",0,0,{"$f":"D27*B27","v":0},{"$f":"F27*(1-E27)","v":0},{"$f":"F27*E27","v":0}]
["other ",0,"acre",0,0,0,0,0]
["other ",0,"acre",0,0,0,0,0]
["other ",0,"acre",0,0,0,0,0]
["Crop Insurance",1,"acre",2.5,0.25,2.5,1.875,0.625]
["Operator Labor & Hand Labor",1,"hour",{"$f":"'2019 Universal Input Prices'!$C$32","v":12},0,12,12,0]
["Irrigation Labor",0.75,"hours",{"$f":"'2019 Universal Input Prices'!$C$32","v":12},0,9,9,0]
["Diesel Fuel - Tractors",2.4,"gallons",{"$f":"'2019 Universal Input Prices'!$C$33","v":2.4},0,5.76,5.76,0]
["Gasoline - Pickup",2,"gallons",{"$f":"'2019 Universal Input Prices'!$C$34","v":2},0,4,4,0]
["Irrigation Fuel",4,"ac-in",{"$f":"'2019 Universal Input Prices'!$C$35","v":10},0,40,40,0]
["Pumping Days",75.400000000000006]
["Calculated GPM capacity per acre needed",{"$f":"B36*18.85694/B37","v":1.0003681697612732}]
["Repair & Maintenance"]
["Implements",1,"acre",3,0,{"$f":"D40*B40","v":3},3,0]
["Tractors",1,"acre",6,0,{"$f":"D41*B41","v":6},6,0]
["Irrigation-Above Ground",{"$f":"B36","v":4},"ac-in",1,0,{"$f":"D42*B42","v":4},4,0]
["Irrigation-Below Ground",1,"acre",18,1,{"$f":"D43*B43","v":18},0,18]
["Pickup",1,"acre",0.5,0,{"$f":"D44*B44","v":0.5},0.5,0]
["Interest-operating capital",{"$f":"'2019 Universal Input Prices'!$C$36","v":0.06},null,null,null,{"$f":"(SUM(F14:F23,F26:F44))*$B45/2","v":4.658953846153846},{"$f":"(SUM(G14:G23,G26:G44))*$B45/2","v":3.9086653846153854},0.75028846153846152]
[]
["Total Variable Costs",null,null,null,null,{"$f":"SUM(F14:F45)","v":192.35741538461539},{"$f":"SUM(G14:G45)","v":158.49751153846154},{"$f":"SUM(H14:H45)","v":33.859903846153841}]
["Returns Above Variable Costs",null,null,null,null,{"$f":"F11-F47","v":-0.35741538461539335},{"$f":"G11-G47","v":-14.497511538461538},{"$f":"H11-H47","v":14.140096153846159}]
[]
["Fixed Costs"]
["Implements",1,"acre",10,0,{"$f":"D51*B51","v":10},{"$f":"F51*(1-E51)","v":10},{"$f":"F51*E51","v":0}]
["Tractors",1,"acre",12,0,12,12,0]
["Irrigation-Above Ground",1,"acre",40,1,40,0,40]
["Irrigation-Below Ground",1,"acre",15,1,15,0,15]
["Pickup",1,"acre",1.25,0,1.25,1.25,0]
["Management",1,"acre",25,0,25,25,0]
["Whole Farm Insurance",1,"acre",2,0,2,2,0]
["Land",1,"acre",75,1,75,{"$f":"IF($H$6=\"Cash\",D58,F58*(1-E58))","v":0},{"$f":"IF($H$6=\"Cash\",0,F58*E58)","v":75}]
["Property Tax",1,"acre",12,1,12,0,12]
["Total Fixed Expenses",null,null,null,null,{"$f":"SUM(F51:F59)","v":192.25},{"$f":"SUM(G51:G59)","v":50.25},{"$f":"SUM(H51:H59)","v":142}]
["Total Specified Expenses",null,null,null,null,{"$f":"F47+F60","v":384.60741538461536},{"$f":"G47+G60","v":208.74751153846154},{"$f":"H47+H60","v":175.85990384615383}]
["Returns Above Total Specified Expenses",null,null,null,null,{"$f":"F11-F61","v":-192.60741538461536},{"$f":"G11-G61","v":-64.747511538461538},{"$f":"H11-H61","v":-127.85990384615383}]
[]
["If you have questions, contact Jackie Smith at 806-746-6101"]
[]
[]
["Supported by a grant from the"]
["Texas Cotton State Support Committee"]

{"sheet":"Irr Peanuts","index":10,"n_rows":71,"n_cols":9,"rows_kept":71,"cut":false,"hidden":false,"merged":[[1,0,1,7],[2,0,2,7],[3,0,3,7]]}
[]
[" Estimated Costs and Returns per Acre"]
["Irrigated Peanuts"]
["Projected for 2019"]
[null,null,null,null,null,null,null,"Rental Agreement","Share"]
["Item ","Quantity","Unit","Price","Owner"," ",null,"Share","Cash"]
[null,null,null,null,"Share","Total","Operator","Owner"]
["Income"]
["peanuts",2.2000000000000002,"tons",{"$f":"'2019 Universal Input Prices'!$C$11","v":430},0.25,{"$f":"D9*B9","v":946.00000000000011},{"$f":"F9*(1-E9)","v":709.50000000000011},{"$f":"IF(H6=\"Cash\", D61,F9*E9)","v":236.50000000000003}]
[]
["Total Income",null,null,null,null,{"$f":"F9","v":946.00000000000011},{"$f":"G9","v":709.50000000000011},{"$f":"H9","v":236.50000000000003}]
[]
["Variable Costs"]
["Seed"]
["peanut seed",120,"lbs",0.75,0,{"$f":"D15*B15","v":90},{"$f":"F15*(1-E15)","v":90},{"$f":"F15*E15","v":0}]
["innoculant",1,"acre",7,0,{"$f":"D16*B16","v":7},{"$f":"F16*(1-E16)","v":7},{"$f":"F16*E16","v":0}]
["Fertilizer"]
["fert (N) - liquid",80,"lbs",{"$f":"IF(A18=\"\",0,VLOOKUP(A18,'2019 Universal Input Prices'!$B$27:$C$31, 2))","v":0.4609375},0.25,{"$f":"D18*B18","v":36.875},{"$f":"F18*(1-E18)","v":27.65625},{"$f":"F18*E18","v":9.21875}]
["fert (P) - liquid",50,"lbs",{"$f":"IF(A19=\"\",0,VLOOKUP(A19,'2019 Universal Input Prices'!$B$27:$C$31, 2))","v":0.71323529411764697},0.25,{"$f":"D19*B19","v":35.661764705882348},{"$f":"F19*(1-E19)","v":26.746323529411761},{"$f":"F19*E19","v":8.915441176470587}]
[null,0,"lbs",{"$f":"IF(A20=\"\",0,VLOOKUP(A20,'2019 Universal Input Prices'!$B$27:$C$31, 2))","v":0},0,{"$f":"D20*B20","v":0},{"$f":"F20*(1-E20)","v":0},{"$f":"F20*E20","v":0}]
["Field Operations"]
["herbicide & application",1,"acre",20,0,{"$f":"D22*B22","v":20},{"$f":"F22*(1-E22)","v":20},{"$f":"F22*E22","v":0}]
["fertilizer application",1,"acre",4.75,0.25,4.75,3.5625,1.1875]
["fungicide & application",1,"appl",35,0.25,35,26.25,8.75]
["digging",1,"acre",25,0.25,25,18.75,6.25]
["custom harvest & haul",{"$f":"$B$9","v":2.2000000000000002},"tons",60,0.25,132,99,33]
["drying",{"$f":"$B$9","v":2.2000000000000002},"tons",30,0.25,66,49.5,16.5]
["insecticide & application",1,"appl",12,0.25,12,9,3]
["hoeing",1,"acre",15,0,15,15,0]
["scouting",1,"acre",10,0,10,10,0]
["other ",1,"acre",0,0,0,0,{"$f":"+F31*E31","v":0}]
["other ",1,"acre",0,0,0,0,{"$f":"+F32*E32","v":0}]
["other ",1,"acre",0,0,0,0,{"$f":"+F33*E33","v":0}]
["Crop Insurance",1,"acre",30,0.25,30,22.5,7.5]
["Operator Labor & Hand Labor",3,"hour",{"$f":"'2019 Universal Input Prices'!$C$32","v":12},0,36,36,0]
["Irrigation Labor",1.25,"hours",{"$f":"'2019 Universal Input Prices'!$C$32","v":12},0,15,15,0]
["Diesel Fuel - Tractors",7.6,"gallons",{"$f":"'2019 Universal Input Prices'!$C$33","v":2.4},0,18.239999999999998,18.239999999999998,0]
["Gasoline - Pickup",2,"gallons",{"$f":"'2019 Universal Input Prices'!$C$34","v":2},0,4,4,0]
["Irrigation Fuel",22,"ac-in",{"$f":"'2019 Universal Input Prices'!$C$35","v":10},0,220,220,0]
["Pumping Days",75.400000000000006]
["Calculated GPM capacity per acre needed",{"$f":"B39*18.85694/B40","v":5.5020249336870029}]
["Repair & Maintenance",null,null,null,null,null,0,0]
["Implements",1,"acre",3,0,{"$f":"D43*B43","v":3},3,0]
["Tractors",1,"acre",6,0,{"$f":"D44*B44","v":6},6,0]
["Irrigation-Above Ground",{"$f":"B39","v":22},"ac-in",1,0,{"$f":"D45*B45","v":22},22,0]
["Irrigation-Below Ground",1,"acre",18,1,{"$f":"D46*B46","v":18},0,18]
["Pickup",1,"acre",0.5,0,{"$f":"D47*B47","v":0.5},0.5,0]
["Interest-operating capital",{"$f":"'2019 Universal Input Prices'!$C$36","v":0.06},null,null,null,{"$f":"(SUM(F15:F24,F28:F47))*$B48/2","v":19.170802941176468},{"$f":"(SUM(G15:G24,G28:G47))*$B48/2","v":17.473652205882352},1.6971507352941175]
[]
["Total Variable Costs",null,null,null,null,{"$f":"SUM(F15:F48)","v":881.1975676470588},{"$f":"SUM(G15:G48)","v":767.17872573529405},{"$f":"SUM(H15:H48)","v":114.0188419117647}]
["Returns Above Variable Costs",null,null,null,null,{"$f":"F11-F50","v":64.80243235294131},{"$f":"G11-G50","v":-57.678725735293938},{"$f":"H11-H50","v":122.48115808823533}]
[]
["Fixed Costs"]
["Implements",1,"acre",10,0,{"$f":"D54*B54","v":10},{"$f":"F54*(1-E54)","v":10},{"$f":"F54*E54","v":0}]
["Tractors",1,"acre",12,0,12,12,0]
["Irrigation-Above Ground",1,"acre",40,1,40,0,40]
["Irrigation-Below Ground",1,"acre",15,1,15,0,15]
["Pickup",1,"acre",1.25,0,1.25,1.25,0]
["Management",1,"acre",25,0,25,25,0]
["Whole Farm Insurance",1,"acre",2,0,{"$f":"B60*D60","v":2},2,0]
["Land",1,"acre",100,1,{"$f":"D61*B61","v":100},{"$f":"IF($H$6=\"Cash\",D61,F61*(1-E61))","v":0},{"$f":"IF($H$6=\"Cash\",0,F61*E61)","v":100}]
["Property Tax",1,"acre",12,1,{"$f":"B62*D62","v":12},0,12]
["Total Fixed Expenses",null,null,null,null,{"$f":"SUM(F54:F62)","v":217.25},{"$f":"SUM(G54:G62)","v":50.25},{"$f":"SUM(H54:H62)","v":167}]
["Total Specified Expenses",null,null,null,null,{"$f":"F50+F63","v":1098.4475676470588},{"$f":"G50+G63","v":817.42872573529405},{"$f":"H50+H63","v":281.0188419117647}]
["Returns Above Total Specified Expenses",null,null,null,null,{"$f":"F11-F64","v":-152.44756764705869},{"$f":"G11-G64","v":-107.92872573529394},{"$f":"H11-H64","v":-44.518841911764667}]
[]
["If you have questions, contact Jackie Smith at 806-746-6101"]
[]
[]
["Supported by a grant from the"]
["Texas Cotton State Support Committee"]

{"sheet":"Sheet24","index":11,"n_rows":0,"n_cols":0,"rows_kept":0,"cut":false,"hidden":false,"merged":[]}

{"sheet":"Sheet25","index":12,"n_rows":0,"n_cols":0,"rows_kept":0,"cut":false,"hidden":false,"merged":[]}

{"sheet":"Sheet26","index":13,"n_rows":0,"n_cols":0,"rows_kept":0,"cut":false,"hidden":false,"merged":[]}

{"sheet":"Sheet27","index":14,"n_rows":0,"n_cols":0,"rows_kept":0,"cut":false,"hidden":false,"merged":[]}

{"sheet":"Irr Sesame","index":15,"n_rows":68,"n_cols":9,"rows_kept":68,"cut":false,"hidden":false,"merged":[[1,0,1,7],[2,0,2,7],[3,0,3,7]]}
[]
[" Estimated Costs and Returns per Acre"]
["Irrigated Sesame"]
["Projected for 2019"]
[null,null,null,null,null,null,null,"Rental Agreement","Share"]
["Item ","Quantity","Unit","Price","Owner",null,null,"Share","Cash"]
[null,null,null,null,"Share","Total","Operator","Owner"]
["Income"]
["sesame",1500,"lbs",{"$f":"Sesame_Price+IF(B9<B10,0,D10)","v":0.32},0.25,{"$f":"D9*B9","v":480},{"$f":"F9*(1-E9)","v":360},{"$f":"IF(H6=\"Cash\", D58,F9*E9)","v":120}]
["bonus paid for production over:  ",0,"lbs",0]
[]
["Total Income",null,null,null,null,{"$f":"SUM(F9:F11)","v":480},{"$f":"SUM(G9:G11)","v":360},{"$f":"SUM(H9:H11)","v":120}]
[]
["Variable Costs"]
["Seed",2.5,"lbs",4,0,{"$f":"D15*B15","v":10},{"$f":"F15*(1-E15)","v":10},{"$f":"F15*E15","v":0}]
["Fertilizer"]
["fert (N) - liquid",75,"lbs",{"$f":"IF(A17=\"\",0,VLOOKUP(A17,'2019 Universal Input Prices'!$B$27:$C$31, 2))","v":0.4609375},0.25,{"$f":"D17*B17","v":34.5703125},{"$f":"F17*(1-E17)","v":25.927734375},{"$f":"F17*E17","v":8.642578125}]
["fert (P) - liquid",30,"lbs",{"$f":"IF(A18=\"\",0,VLOOKUP(A18,'2019 Universal Input Prices'!$B$27:$C$31, 2))","v":0.71323529411764697},0.25,{"$f":"D18*B18","v":21.397058823529409},{"$f":"F18*(1-E18)","v":16.047794117647058},{"$f":"F18*E18","v":5.3492647058823524}]
[null,0,"lbs",{"$f":"IF(A19=\"\",0,VLOOKUP(A19,'2019 Universal Input Prices'!$B$27:$C$31, 2))","v":0},0,{"$f":"D19*B19","v":0},{"$f":"F19*(1-E19)","v":0},{"$f":"F19*E19","v":0}]
["Field Operations"]
["herbicide",1,"acre",21.75,0,{"$f":"D21*B21","v":21.75},{"$f":"F21*(1-E21)","v":21.75},{"$f":"F21*E21","v":0}]
["fert application",1,"acre",4.75,0,4.75,4.75,0]
["insecticide",0,"acre",0,0.25,0,0,0]
["custom harvest & haul",{"$f":"B9/100","v":15},"cwt",0.12,0.25,1.7999999999999998,1.3499999999999999,0.44999999999999996]
["custom harvest & haul",1,"acre",25,0.25,25,18.75,6.25]
["hoeing",1,"acre",15,0,15,15,0]
["scouting",1,"acre",0,0,0,0,0]
["other ",1,"acre",0,0,0,0,0]
["other ",1,"acre",0,0,0,0,0]
["other ",1,"acre",0,0,0,0,0]
["Crop Insurance",1,"acre",12.5,0,12.5,12.5,0]
["Operator Labor",1,"hours",{"$f":"'2019 Universal Input Prices'!$C$32","v":12},0,12,12,0]
["Irrigation Labor",1,"hours",{"$f":"'2019 Universal Input Prices'!$C$32","v":12},0,12,12,0]
["Diesel Fuel - Tractors",2.4,"gallons",{"$f":"'2019 Universal Input Prices'!$C$33","v":2.4},0,5.76,5.76,0]
["Gasoline - Pickup",2,"gallons",{"$f":"'2019 Universal Input Prices'!$C$34","v":2},0,4,4,0]
["Irrigation Fuel",11,"ac-in",{"$f":"'2019 Universal Input Prices'!$C$35","v":10},0,110,110,0]
["Pumping Days",69.2]
["Calculated GPM capacity per acre needed",{"$f":"B36*18.85694/B37","v":2.9974904624277459}]
["Repair & Maintenance"]
["Implements",1,"acre",3,0,{"$f":"D40*B40","v":3},{"$f":"F40*(1-E40)","v":3},{"$f":"F40*E40","v":0}]
["Tractors",1,"acre",6,0,{"$f":"D41*B41","v":6},{"$f":"F41*(1-E41)","v":6},{"$f":"F41*E41","v":0}]
["Irrigation-Above Ground",1,"acre",11,0,{"$f":"D42*B42","v":11},{"$f":"F42*(1-E42)","v":11},{"$f":"F42*E42","v":0}]
["Irrigation-Below Ground",1,"acre",8.25,1,{"$f":"D43*B43","v":8.25},{"$f":"F43*(1-E43)","v":0},{"$f":"F43*E43","v":8.25}]
["Pickup",1,"acre",0.5,0,{"$f":"D44*B44","v":0.5},{"$f":"F44*(1-E44)","v":0.5},{"$f":"F44*E44","v":0}]
["Interest-operating capital",{"$f":"'2019 Universal Input Prices'!$C$36","v":0.06},null,null,null,{"$f":"(SUM(F15:F44)-SUM(F24:F25))*$B45/2","v":8.7743211397058811},{"$f":"(SUM(G15:G44)-SUM(G24:G25))*$B45/2","v":8.1070658547794103},{"$f":"(SUM(H15:H44)-SUM(H24:H25))*$B45/2","v":0.66725528492647057}]
[]
["Total Variable Costs",null,null,null,null,{"$f":"SUM(F15:F45)","v":328.05169246323527},{"$f":"SUM(G15:G45)","v":298.44259434742645},{"$f":"SUM(H15:H45)","v":29.60909811580882}]
["Returns Above Direct Expenses",null,null,null,null,{"$f":"F12-F47","v":151.94830753676473},{"$f":"G12-G47","v":61.55740565257355},{"$f":"H12-H47","v":90.39090188419118}]
[]
["Fixed Costs"]
["Implements",1,"acre",10,0,{"$f":"D51*B51","v":10},{"$f":"F51*(1-E51)","v":10},{"$f":"F51*E51","v":0}]
["Tractors",1,"acre",12,0,12,12,0]
["Irrigation-Above Ground",1,"acre",40,1,40,0,40]
["Irrigation-Below Ground",1,"acre",15,1,15,0,15]
["Pickup",1,"acre",1.25,0,1.25,1.25,0]
["Management",1,"acre",25,0,25,25,0]
["Whole Farm Insurance",1,"acre",2,0,{"$f":"B57*D57","v":2},2,0]
["Land",1,"acre",75,1,{"$f":"D58*B58","v":75},{"$f":"IF($H$6=\"Cash\",D58,F58*(1-E58))","v":0},{"$f":"IF($H$6=\"Cash\",0,F58*E58)","v":75}]
["Property Tax",1,"acre",9,1,{"$f":"B59*D59","v":9},{"$f":"F59*(1-E59)","v":0},{"$f":"F59*E59","v":9}]
["Total Fixed Expenses",null,null,null,null,{"$f":"SUM(F51:F59)","v":189.25},{"$f":"SUM(G51:G59)","v":50.25},{"$f":"SUM(H51:H59)","v":139}]
["Total Specified Expenses",null,null,null,null,{"$f":"F47+F60","v":517.30169246323521},{"$f":"G47+G60","v":348.69259434742645},{"$f":"H47+H60","v":168.60909811580882}]
["Returns Above Total Specified Expenses",null,null,null,null,{"$f":"F12-F61","v":-37.301692463235213},{"$f":"G12-G61","v":11.30740565257355},{"$f":"H12-H61","v":-48.60909811580882}]
[]
["If you have questions, contact Jackie Smith at 806-746-6101"]
[]
[]
["Supported by a grant from the"]
["Texas Cotton State Support Committee"]

{"sheet":"Irr Sorghum","index":16,"n_rows":67,"n_cols":9,"rows_kept":67,"cut":false,"hidden":false,"merged":[[1,0,1,7],[2,0,2,7],[3,0,3,7]]}
[]
[" Estimated Costs and Returns per Acre"]
["Irrigated Sorghum"]
["Projected for 2019"]
[null,null,null,null,null,null,null,"Rental Agreement","Share"]
["Item ","Quantity","Unit","Price","Owner"," ",null,"Share","Cash"]
[null,null,null,null,"Share","Total","Operator","Owner"]
["Income"]
["sorghum grain",55,"cwt",{"$f":"'2019 Universal Input Prices'!$C$14","v":6.5},0.25,{"$f":"D9*B9","v":357.5},{"$f":"F9*(1-E9)","v":268.125},{"$f":"IF(H6=\"Cash\", D57,F9*E9)","v":89.375}]
["grazing stalks",1,"acre",0,0.25,{"$f":"D10*B10","v":0},{"$f":"F10*(1-E10)","v":0},{"$f":"IF(H6=\"Cash\", 0,F10*E10)","v":0}]
[]
["Total Income",null,null,null,null,{"$f":"F9+F10","v":357.5},{"$f":"G9+G10","v":268.125},{"$f":"H9+H10","v":89.375}]
[]
["Variable Costs"]
["Seed",4.5,"lbs",2.4,0,{"$f":"D15*B15","v":10.799999999999999},{"$f":"F15*(1-E15)","v":10.799999999999999},{"$f":"F15*E15","v":0}]
["Fertilizer"]
["fert (N) - liquid",40,"lbs",{"$f":"IF(A17=\"\",0,VLOOKUP(A17,'2019 Universal Input Prices'!$B$27:$C$31, 2))","v":0.4609375},0.25,{"$f":"D17*B17","v":18.4375},{"$f":"F17*(1-E17)","v":13.828125},{"$f":"F17*E17","v":4.609375}]
["fert (P) - liquid",44,"lbs",{"$f":"IF(A18=\"\",0,VLOOKUP(A18,'2019 Universal Input Prices'!$B$27:$C$31, 2))","v":0.71323529411764697},0.25,{"$f":"D18*B18","v":31.382352941176467},{"$f":"F18*(1-E18)","v":23.536764705882351},{"$f":"F18*E18","v":7.8455882352941169}]
["fert (N) - NH3 ",70,"lbs",{"$f":"IF(A19=\"\",0,VLOOKUP(A19,'2019 Universal Input Prices'!$B$27:$C$31, 2))","v":0.3048780487804878},0.25,{"$f":"D19*B19","v":21.341463414634145},{"$f":"F19*(1-E19)","v":16.006097560975608},{"$f":"F19*E19","v":5.3353658536585362}]
["Field Operations"]
["herbicide & application",1,"acre",21.12,0,{"$f":"D21*B21","v":21.12},{"$f":"F21*(1-E21)","v":21.12},{"$f":"F21*E21","v":0}]
["fertilizer application",1,"acre",11.75,0.25,11.75,8.8125,2.9375]
["insecticide & application",1,"acre",25,0.25,25,18.75,6.25]
["custom harvest & haul",{"$f":"B9","v":55},"cwt",0.6,0.25,33,24.75,8.25]
["hoeing",1,"acre",0,0,0,0,0]
["scouting",1,"acre",0,0,{"$f":"D26*B26","v":0},{"$f":"F26*(1-E26)","v":0},{"$f":"F26*E26","v":0}]
["other ",1,"acre",0,0,0,0,0]
["other ",1,"acre",0,0,0,0,0]
["other ",1,"acre",0,0,0,0,0]
["Crop Insurance",1,"acre",29,0.25,29,21.75,7.25]
["Operator Labor & Hand Labor",1.3,"hours",{"$f":"'2019 Universal Input Prices'!$C$32","v":12},0,15.600000000000001,15.600000000000001,0]
["Irrigation Labor",0.75,"hours",{"$f":"'2019 Universal Input Prices'!$C$32","v":12},0,9,9,0]
["Diesel Fuel - Tractors",3.2,"gallons",{"$f":"'2019 Universal Input Prices'!$C$33","v":2.4},0,7.68,7.68,0]
["Gasoline - Pickup",2,"gallons",{"$f":"'2019 Universal Input Prices'!$C$34","v":2},0,4,4,0]
["Irrigation Fuel",9,"ac-in",{"$f":"'2019 Universal Input Prices'!$C$35","v":10},0,90,90,0]
["Pumping Days",68]
["Calculated GPM capacity per acre needed",{"$f":"B35*18.85694/B36","v":2.4957714705882355}]
["Repair & Maintenance"]
["Implements",1,"acre",3,0,{"$f":"D39*B39","v":3},{"$f":"F39*(1-E39)","v":3},{"$f":"F39*E39","v":0}]
["Tractors",1,"acre",6,0,{"$f":"D40*B40","v":6},{"$f":"F40*(1-E40)","v":6},{"$f":"F40*E40","v":0}]
["Irrigation-Above Ground",{"$f":"Sorghum_Inches","v":9},"ac-in",1,0,{"$f":"D41*B41","v":9},{"$f":"F41*(1-E41)","v":9},{"$f":"F41*E41","v":0}]
["Irrigation-Below Ground",1,"acre",6.75,1,{"$f":"D42*B42","v":6.75},{"$f":"F42*(1-E42)","v":0},{"$f":"F42*E42","v":6.75}]
["Pickup",1,"acre",0.5,0,{"$f":"D43*B43","v":0.5},{"$f":"F43*(1-E43)","v":0.5},{"$f":"F43*E43","v":0}]
["Interest-operating capital",{"$f":"'2019 Universal Input Prices'!$C$36","v":0.06},null,null,null,{"$f":"(SUM(F15:F23,F25:F43))*$B44/2","v":9.6108394906743175},{"$f":"(SUM(G15:G23,G25:G43))*$B44/2","v":8.3815046180057386},1.2293348726685795]
[]
["Total Variable Costs",null,null,null,null,{"$f":"SUM(F15:F44)","v":362.9721558464849},{"$f":"SUM(G15:G44)","v":312.51499188486372},{"$f":"SUM(H15:H44)","v":50.457163961621234}]
["Returns Above Variable Costs",null,null,null,null,{"$f":"F12-F46","v":-5.4721558464848954},{"$f":"G12-G46","v":-44.389991884863718},{"$f":"H12-H46","v":38.917836038378766}]
[]
["Fixed Costs"]
["Implements",1,"acre",10,0,{"$f":"D50*B50","v":10},{"$f":"F50*(1-E50)","v":10},{"$f":"F50*E50","v":0}]
["Tractors",1,"acre",12,0,12,12,0]
["Irrigation-Above Ground",1,"acre",40,1,40,0,40]
["Irrigation-Below Ground",1,"acre",15,1,15,0,15]
["Pickup",1,"acre",1.25,0,1.25,1.25,0]
["Management",1,"acre",25,0,25,25,0]
["Whole Farm Insurance",1,"acre",2,0,{"$f":"B56*D56","v":2},2,0]
["Land",1,"acre",75,1,{"$f":"D57*B57","v":75},{"$f":"IF($H$6=\"Cash\",D57,F57*(1-E57))","v":0},{"$f":"IF($H$6=\"Cash\",0,F57*E57)","v":75}]
["Property Tax",1,"acre",9,1,{"$f":"B58*D58","v":9},0,9]
["Total Fixed Expenses",null,null,null,null,{"$f":"SUM(F50:F58)","v":189.25},{"$f":"SUM(G50:G58)","v":50.25},{"$f":"SUM(H50:H58)","v":139}]
["Total Specified Expenses",null,null,null,null,{"$f":"F46+F59","v":552.22215584648484},{"$f":"G46+G59","v":362.76499188486372},{"$f":"H46+H59","v":189.45716396162123}]
["Returns Above Total Specified Expenses",null,null,null,null,{"$f":"F12-F60","v":-194.72215584648484},{"$f":"G12-G60","v":-94.639991884863718},{"$f":"H12-H60","v":-100.08216396162123}]
[]
["If you have questions, contact Jackie Smith at 806-746-6101"]
[]
[]
["Supported by a grant from the"]
["Texas Cotton State Support Committee"]

{"sheet":"Irr Sorghum Silage","index":17,"n_rows":66,"n_cols":9,"rows_kept":66,"cut":false,"hidden":false,"merged":[[1,0,1,7],[2,0,2,7],[3,0,3,7]]}
[]
[" Estimated Costs and Returns per Acre"]
["Irrigated Sorghum Silage"]
["Projected for 2019"]
[null,null,null,null,null,null,null,"Rental Agreement","Share"]
["Item ","Quantity","Unit","Price","Owner"," ",null,"Share","Cash"]
[null,null,null,null,"Share","Total","Operator","Owner"]
["Income"]
["sorghum silage",24,"tons",{"$f":"'2019 Universal Input Prices'!$C$16","v":30},0.25,{"$f":"D9*B9","v":720},{"$f":"F9*(1-E9)","v":540},{"$f":"IF(H6=\"Cash\", D56,F9*E9)","v":180}]
[]
["Total Income",null,null,null,null,{"$f":"F9","v":720},{"$f":"G9","v":540},{"$f":"H9","v":180}]
[]
["Variable Costs"]
["Seed",7,"lbs",2.4,0,{"$f":"D14*B14","v":16.8},{"$f":"F14*(1-E14)","v":16.8},{"$f":"F14*E14","v":0}]
["Fertilizer"]
["fert (N) - liquid",70,"lbs",{"$f":"IF(A16=\"\",0,VLOOKUP(A16,'2019 Universal Input Prices'!$B$27:$C$31, 2))","v":0.4609375},0.25,{"$f":"D16*B16","v":32.265625},{"$f":"F16*(1-E16)","v":24.19921875},{"$f":"F16*E16","v":8.06640625}]
["fert (P) - liquid",88,"lbs",{"$f":"IF(A17=\"\",0,VLOOKUP(A17,'2019 Universal Input Prices'!$B$27:$C$31, 2))","v":0.71323529411764697},0.25,{"$f":"D17*B17","v":62.764705882352935},{"$f":"F17*(1-E17)","v":47.073529411764703},{"$f":"F17*E17","v":15.691176470588234}]
["fert (N) - NH3 ",150,"lbs",{"$f":"IF(A18=\"\",0,VLOOKUP(A18,'2019 Universal Input Prices'!$B$27:$C$31, 2))","v":0.3048780487804878},0,{"$f":"D18*B18","v":45.731707317073173},{"$f":"F18*(1-E18)","v":45.731707317073173},{"$f":"F18*E18","v":0}]
["Field Operations"]
["herbicide & application",1,"acre",10.5,0,{"$f":"D20*B20","v":10.5},{"$f":"F20*(1-E20)","v":10.5},{"$f":"F20*E20","v":0}]
["fertilizer application",1,"acre",11.75,0.25,11.75,8.8125,2.9375]
["insecticide & application",1,"acre",4.29,0.25,4.29,3.2175000000000002,1.0725]
["custom harvest & haul",{"$f":"$B$9","v":24},"tons",7,0.25,168,126,42]
["crop consultant",1,"acre",0,0,0,0,0]
["scouting",1,"acre",0,0,{"$f":"D25*B25","v":0},{"$f":"F25*(1-E25)","v":0},{"$f":"F25*E25","v":0}]
["other ",1,"acre",0,0,0,0,0]
["other ",1,"acre",0,0,0,0,0]
["other ",1,"acre",0,0,0,0,0]
["Crop Insurance",1,"acre",23,0.25,23,17.25,5.75]
["Operator Labor & Hand Labor",1.3,"hour",{"$f":"'2019 Universal Input Prices'!$C$32","v":12},0,15.600000000000001,15.600000000000001,0]
["Irrigation Labor",1,"hours",{"$f":"'2019 Universal Input Prices'!$C$32","v":12},0,12,12,0]
["Diesel Fuel - Tractors",3.2,"gallons",{"$f":"'2019 Universal Input Prices'!$C$33","v":2.4},0,7.68,7.68,0]
["Gasoline - Pickup",2,"gallons",{"$f":"'2019 Universal Input Prices'!$C$34","v":2},0,4,4,0]
["Irrigation Fuel",16,"ac-in",{"$f":"'2019 Universal Input Prices'!$C$35","v":10},0,160,160,0]
["Pumping Days",70.7]
["Calculated GPM capacity per acre needed",{"$f":"B34*18.85694/B35","v":4.2674828854314004}]
["Repair & Maintenance",null,null,null,null,null,0,0]
["Implements",1,"acre",3,0,{"$f":"D38*B38","v":3},3,0]
["Tractors",1,"acre",6,0,{"$f":"D39*B39","v":6},6,0]
["Irrigation-Above Ground",{"$f":"B34","v":16},"ac-in",1,0,{"$f":"D40*B40","v":16},16,0]
["Irrigation-Below Ground",1,"acre",11.25,1,{"$f":"D41*B41","v":11.25},0,11.25]
["Pickup",1,"acre",0.5,0,{"$f":"D42*B42","v":0.5},0.5,0]
["Interest-operating capital",{"$f":"'2019 Universal Input Prices'!$C$36","v":0.06},null,null,null,{"$f":"(SUM(F14:F22,F24:F42))*$B43/2","v":13.293961145982783},{"$f":"(SUM(G14:G22,G24:G42))*$B43/2","v":11.950933664365136},1.3430274816176471]
[]
["Total Variable Costs",null,null,null,null,{"$f":"SUM(F14:F43)","v":624.42599934540897},{"$f":"SUM(G14:G43)","v":536.31538914320311},{"$f":"SUM(H14:H43)","v":88.110610202205891}]
["Returns Above Variable Costs",null,null,null,null,{"$f":"F11-F45","v":95.574000654591032},{"$f":"G11-G45","v":3.684610856796894},{"$f":"H11-H45","v":91.889389797794109}]
[]
["Fixed Costs"]
["Implements",1,"acre",10,0,{"$f":"D49*B49","v":10},{"$f":"F49*(1-E49)","v":10},{"$f":"F49*E49","v":0}]
["Tractors",1,"acre",12,0,12,12,0]
["Irrigation-Above Ground",1,"acre",40,1,40,0,40]
["Irrigation-Below Ground",1,"acre",15,1,15,0,15]
["Pickup",1,"acre",1.25,0,1.25,1.25,0]
["Management",1,"acre",25,0,25,25,0]
["Whole Farm Insurance",1,"acre",2,0,{"$f":"B55*D55","v":2},2,0]
["Land",1,"acre",75,1,{"$f":"D56*B56","v":75},{"$f":"IF($H$6=\"Cash\",D56,F56*(1-E56))","v":0},{"$f":"IF($H$6=\"Cash\",0,F56*E56)","v":75}]
["Property Tax",1,"acre",9,1,{"$f":"B57*D57","v":9},0,9]
["Total Fixed Expenses",null,null,null,null,{"$f":"SUM(F49:F57)","v":189.25},{"$f":"SUM(G49:G57)","v":50.25},{"$f":"SUM(H49:H57)","v":139}]
["Total Specified Expenses",null,null,null,null,{"$f":"F45+F58","v":813.67599934540897},{"$f":"G45+G58","v":586.56538914320311},{"$f":"H45+H58","v":227.11061020220589}]
["Returns Above Total Specified Expenses",null,null,null,null,{"$f":"F11-F59","v":-93.675999345408968},{"$f":"G11-G59","v":-46.565389143203106},{"$f":"H11-H59","v":-47.110610202205891}]
[]
["If you have questions, contact Jackie Smith at 806-746-6101"]
[]
[]
["Supported by a grant from the"]
["Texas Cotton State Support Committee"]

{"sheet":"Irr Soybeans","index":18,"n_rows":68,"n_cols":9,"rows_kept":68,"cut":false,"hidden":false,"merged":[[1,0,1,7],[2,0,2,7],[3,0,3,7]]}
[]
[" Estimated Costs and Returns per Acre"]
["Irrigated Soybeans"]
["Projected for 2019"]
[null,null,null,null,null,null,null,"Rental Agreement","Share"]
["Item ","Quantity","Unit","Price","Owner"," ",null,"Share","Cash"]
[null,null,null,null,"Share","Total","Operator","Owner"]
["Income"]
["soybeans",40,"bu",{"$f":"'2019 Universal Input Prices'!$C$17","v":9},0.25,{"$f":"D9*B9","v":360},{"$f":"F9*(1-E9)","v":270},{"$f":"IF(H6=\"Cash\", D58,F9*E9)","v":90}]
[]
["Total Income",null,null,null,null,{"$f":"F9","v":360},{"$f":"G9","v":270},{"$f":"H9","v":90}]
[]
["Variable Costs"]
["Seed"]
["soybean seed",60,"lbs",0.65,0,{"$f":"D15*B15","v":39},{"$f":"F15*(1-E15)","v":39},{"$f":"F15*E15","v":0}]
["innoculant",1,"acre",7,0,{"$f":"D16*B16","v":7},{"$f":"F16*(1-E16)","v":7},{"$f":"F16*E16","v":0}]
["Fertilizer"]
["fert (P) - liquid",45,"lbs",{"$f":"IF(A18=\"\",0,VLOOKUP(A18,'2019 Universal Input Prices'!$B$27:$C$31, 2))","v":0.71323529411764697},0.25,{"$f":"D18*B18","v":32.095588235294116},{"$f":"F18*(1-E18)","v":24.071691176470587},{"$f":"F18*E18","v":8.023897058823529}]
[null,0,"lbs",{"$f":"IF(A19=\"\",0,VLOOKUP(A19,'2019 Universal Input Prices'!$B$27:$C$31, 2))","v":0},0,{"$f":"D19*B19","v":0},{"$f":"F19*(1-E19)","v":0},{"$f":"F19*E19","v":0}]
[null,0,"lbs",{"$f":"IF(A20=\"\",0,VLOOKUP(A20,'2019 Universal Input Prices'!$B$27:$C$31, 2))","v":0},0,{"$f":"D20*B20","v":0},{"$f":"F20*(1-E20)","v":0},{"$f":"F20*E20","v":0}]
["Field Operations"]
["herbicide & application",1,"acre",18,0,{"$f":"D22*B22","v":18},{"$f":"F22*(1-E22)","v":18},{"$f":"F22*E22","v":0}]
["fertilizer application",1,"acre",0,0.25,0,0,0]
["insecticide & application",1,"acre",5.12,0.25,5.12,3.84,1.28]
["custom harvest & haul",{"$f":"$B$9","v":40},"bu",0.5,0.25,20,15,5]
["crop consultant",1,"acre",0,0,0,0,0]
["scouting",1,"acre",0,0,{"$f":"D27*B27","v":0},{"$f":"F27*(1-E27)","v":0},{"$f":"F27*E27","v":0}]
["crop hail",2,"acre",6,0,12,12,0]
["other ",1,"acre",0,0,0,0,0]
["other ",1,"acre",0,0,0,0,0]
["Crop Insurance",1,"acre",23,0.25,23,17.25,5.75]
["Operator Labor & Hand Labor",1.5,"hour",{"$f":"'2019 Universal Input Prices'!$C$32","v":12},0,18,18,0]
["Irrigation Labor",1,"hours",{"$f":"'2019 Universal Input Prices'!$C$32","v":12},0,12,12,0]
["Diesel Fuel - Tractors",3.8,"gallons",{"$f":"'2019 Universal Input Prices'!$C$33","v":2.4},0,9.1199999999999992,9.1199999999999992,0]
["Gasoline - Pickup",2,"gallons",{"$f":"'2019 Universal Input Prices'!$C$34","v":2},0,4,4,0]
["Irrigation Fuel",15,"ac-in",{"$f":"'2019 Universal Input Prices'!$C$35","v":10},0,150,150,0]
["Pumping Days",94.2]
["Calculated GPM capacity per acre needed",{"$f":"B36*18.85694/B37","v":3.0026974522292993}]
["Repair & Maintenance",null,null,null,null,null,0,0]
["Implements",1,"acre",3,0,{"$f":"D40*B40","v":3},3,0]
["Tractors",1,"acre",6,0,{"$f":"D41*B41","v":6},6,0]
["Irrigation-Above Ground",{"$f":"B36","v":15},"ac-in",1,0,{"$f":"D42*B42","v":15},15,0]
["Irrigation-Below Ground",1,"acre",11.25,1,{"$f":"D43*B43","v":11.25},0,11.25]
["Pickup",1,"acre",0.5,0,{"$f":"D44*B44","v":0.5},0.5,0]
["Interest-operating capital",{"$f":"'2019 Universal Input Prices'!$C$36","v":0.06},null,null,null,{"$f":"(SUM(F15:F24,F26:F44))*$B45/2","v":10.952567647058824},{"$f":"(SUM(G15:G24,G26:G44))*$B45/2","v":10.163450735294118},{"$f":"(SUM(H15:H24,H26:H44))*$B45/2","v":0.78911691176470589}]
[]
["Total Variable Costs",null,null,null,null,{"$f":"SUM(F15:F45)","v":396.03815588235295},{"$f":"SUM(G15:G45)","v":363.94514191176472},{"$f":"SUM(H15:H45)","v":32.093013970588238}]
["Returns Above Variable Costs",null,null,null,null,{"$f":"F11-F47","v":-36.038155882352953},{"$f":"G11-G47","v":-93.945141911764722},{"$f":"H11-H47","v":57.906986029411762}]
[]
["Fixed Costs"]
["Implements",1,"acre",10,0,{"$f":"D51*B51","v":10},{"$f":"F51*(1-E51)","v":10},{"$f":"F51*E51","v":0}]
["Tractors",1,"acre",12,0,12,12,0]
["Irrigation-Above Ground",1,"acre",40,1,40,0,40]
["Irrigation-Below Ground",1,"acre",15,1,15,0,15]
["Pickup",1,"acre",1.25,0,1.25,1.25,0]
["Management",1,"acre",25,0,25,25,0]
["Whole Farm Insurance",1,"acre",2,0,2,2,0]
["Land",1,"acre",75,1,75,{"$f":"IF($H$6=\"Cash\",D58,F58*(1-E58))","v":0},{"$f":"IF($H$6=\"Cash\",0,F58*E58)","v":75}]
["Property Tax",1,"acre",9,1,9,0,9]
["Total Fixed Expenses",null,null,null,null,{"$f":"SUM(F51:F59)","v":189.25},{"$f":"SUM(G51:G59)","v":50.25},{"$f":"SUM(H51:H59)","v":139}]
["Total Specified Expenses",null,null,null,null,{"$f":"F47+F60","v":585.28815588235295},{"$f":"G47+G60","v":414.19514191176472},{"$f":"H47+H60","v":171.09301397058823}]
["Returns Above Total Specified Expenses",null,null,null,null,{"$f":"F11-F61","v":-225.28815588235295},{"$f":"G11-G61","v":-144.19514191176472},{"$f":"H11-H61","v":-81.093013970588231}]
[]
["If you have questions, contact Jackie Smith at 806-746-6101"]
[]
[]
["Supported by a grant from the"]
["Texas Cotton State Support Committee"]

{"sheet":"Irr Sunflowers-Confection","index":19,"n_rows":68,"n_cols":9,"rows_kept":68,"cut":false,"hidden":false,"merged":[[1,0,1,7],[2,0,2,7],[3,0,3,7]]}
[]
[" Estimated Costs and Returns per Acre"]
["Irrigated Sunflowers-Confectionary "]
["Projected for 2019"]
[null,null,null,null,null,null,null,"Rental Agreement","Share"]
["Item ","Quantity","Unit","Price","Owner"," ",null,"Share","Cash"]
[null,null,null,null,"Share","Total","Operator","Owner"]
["Income"]
["Confectionary sunflower",2000,"lbs",{"$f":"Sunflower_Conf_Price*$B$10+Sunflower_Conf_S_Price*(1-$B$10)","v":0.21335999999999999},0.25,{"$f":"D9*B9","v":426.71999999999997},{"$f":"F9*(1-E9)","v":320.03999999999996},{"$f":"IF(H6=\"Cash\", D58,F9*E9)","v":106.67999999999999}]
["Expected % Large",0.66700000000000004]
[]
["Total Income",null,null,null,null,{"$f":"SUM(F8:F11)","v":426.71999999999997},{"$f":"SUM(G8:G11)","v":320.03999999999996},{"$f":"SUM(H8:H11)","v":106.67999999999999}]
[]
["Variable Costs"]
["Seed",1,"acre",21,0,{"$f":"D15*B15","v":21},{"$f":"F15*(1-E15)","v":21},{"$f":"F15*E15","v":0}]
["Fertilizer"]
["fert (P) - liquid",24,"lbs",{"$f":"IF(A17=\"\",0,VLOOKUP(A17,'2019 Universal Input Prices'!$B$27:$C$31, 2))","v":0.71323529411764697},0.25,{"$f":"D17*B17","v":17.117647058823529},{"$f":"F17*(1-E17)","v":12.838235294117647},{"$f":"F17*E17","v":4.2794117647058822}]
["fert (N) - liquid",70,"lbs",{"$f":"IF(A18=\"\",0,VLOOKUP(A18,'2019 Universal Input Prices'!$B$27:$C$31, 2))","v":0.4609375},0.25,{"$f":"D18*B18","v":32.265625},{"$f":"F18*(1-E18)","v":24.19921875},{"$f":"F18*E18","v":8.06640625}]
[null,0,"lbs",{"$f":"IF(A19=\"\",0,VLOOKUP(A19,'2019 Universal Input Prices'!$B$27:$C$31, 2))","v":0},0,{"$f":"D19*B19","v":0},{"$f":"F19*(1-E19)","v":0},{"$f":"F19*E19","v":0}]
["Field Operations"]
["herbicide & application",1,"acre",35,0,{"$f":"D21*B21","v":35},{"$f":"F21*(1-E21)","v":35},{"$f":"F21*E21","v":0}]
["insecticide & application",1,"acre",25,0.25,25,18.75,6.25]
["custom harvest & haul",1,"acre",20,0.25,20,15,5]
["custom harvest & haul",{"$f":"B9/100","v":20},"cwt",0.3,0.25,6,4.5,1.5]
["other ",1,"acre",0,0,0,0,0]
["other ",1,"acre",0,0,0,0,0]
["other ",1,"acre",0,0,0,0,0]
["other ",1,"acre",0,0,0,0,0]
["other ",1,"acre",0,0,0,0,0]
["other ",1,"acre",0,0,0,0,0]
["Crop Insurance",1,"acre",17,0.25,17,12.75,4.25]
["Operator Labor & Hand Labor",1.5,"hours",{"$f":"'2019 Universal Input Prices'!$C$32","v":12},0,18,18,0]
["Irrigation Labor",0.75,"hours",{"$f":"'2019 Universal Input Prices'!$C$32","v":12},0,9,9,0]
["Diesel Fuel - Tractors",3.8,"gallons",{"$f":"'2019 Universal Input Prices'!$C$33","v":2.4},0,9.1199999999999992,9.1199999999999992,0]
["Gasoline - Pickup",2,"gallons",{"$f":"'2019 Universal Input Prices'!$C$34","v":2},0,4,4,0]
["Irrigation Fuel",8,"ac-in",{"$f":"'2019 Universal Input Prices'!$C$35","v":10},0,80,80,0]
["Pumping Days",60.3]
["Calculated GPM capacity per acre needed",{"$f":"B36*18.85694/B37","v":2.5017499170812605}]
["Repair & Maintenance"]
["Implements",1,"acre",3,0,{"$f":"D40*B40","v":3},{"$f":"F40*(1-E40)","v":3},{"$f":"F40*E40","v":0}]
["Tractors",1,"acre",6,0,{"$f":"D41*B41","v":6},{"$f":"F41*(1-E41)","v":6},{"$f":"F41*E41","v":0}]
["Irrigation-Above Ground",{"$f":"B36","v":8},"ac-in",1,1,{"$f":"D42*B42","v":8},{"$f":"F42*(1-E42)","v":0},{"$f":"F42*E42","v":8}]
["Irrigation-Below Ground",1,"acre",6,1,{"$f":"D43*B43","v":6},{"$f":"F43*(1-E43)","v":0},{"$f":"F43*E43","v":6}]
["Pickup",1,"acre",0.5,0,{"$f":"D44*B44","v":0.5},{"$f":"F44*(1-E44)","v":0.5},{"$f":"F44*E44","v":0}]
["Interest-operating capital",{"$f":"'2019 Universal Input Prices'!$C$36","v":0.06},null,null,null,{"$f":"(SUM(F15:F22,F25:F44))*$B45/2","v":8.7300981617647064},{"$f":"(SUM(G15:G22,G25:G44))*$B45/2","v":7.624723621323529},{"$f":"(SUM(H15:H22,H25:H44))*$B45/2","v":1.1053745404411766}]
[]
["Total Variable Costs",null,null,null,null,{"$f":"SUM(F15:F45)","v":325.73337022058826},{"$f":"SUM(G15:G45)","v":281.28217766544122},{"$f":"SUM(H15:H45)","v":44.45119255514706}]
["Returns Above Variable Costs",null,null,null,null,{"$f":"F12-F47","v":100.98662977941171},{"$f":"G12-G47","v":38.757822334558739},{"$f":"H12-H47","v":62.228807444852933}]
[]
["Fixed Costs"]
["Implements",1,"acre",10,0,{"$f":"D51*B51","v":10},{"$f":"F51*(1-E51)","v":10},{"$f":"F51*E51","v":0}]
["Tractors",1,"acre",12,0,12,12,0]
["Irrigation-Above Ground",1,"acre",40,1,40,0,40]
["Irrigation-Below Ground",1,"acre",15,1,15,0,15]
["Pickup",1,"acre",1.25,0,1.25,1.25,0]
["Management",1,"acre",25,0,25,25,0]
["Whole Farm Insurance",1,"acre",2,0,{"$f":"B57*D57","v":2},2,0]
["Land",1,"acre",75,1,{"$f":"D58*B58","v":75},{"$f":"IF($H$6=\"Cash\",D58,F58*(1-E58))","v":0},{"$f":"IF($H$6=\"Cash\",0,F58*E58)","v":75}]
["Property Tax",1,"acre",9,1,{"$f":"B59*D59","v":9},0,9]
["Total Fixed Expenses",null,null,null,null,{"$f":"SUM(F51:F59)","v":189.25},{"$f":"SUM(G51:G59)","v":50.25},{"$f":"SUM(H51:H59)","v":139}]
["Total Specified Expenses",null,null,null,null,{"$f":"F47+F60","v":514.98337022058831},{"$f":"G47+G60","v":331.53217766544122},{"$f":"H47+H60","v":183.45119255514706}]
["Returns Above Total Specified Expenses",null,null,null,null,{"$f":"F12-F61","v":-88.263370220588342},{"$f":"G12-G61","v":-11.492177665441261},{"$f":"H12-H61","v":-76.771192555147067}]
[]
["If you have questions, contact Jackie Smith at 806-746-6101"]
[]
[]
["Supported by a grant from the"]
["Texas Cotton State Support Committee"]

{"sheet":"Irr Sunflowers-Oilseed","index":20,"n_rows":67,"n_cols":9,"rows_kept":67,"cut":false,"hidden":false,"merged":[[1,0,1,7],[2,0,2,7],[3,0,3,7]]}
[]
[" Estimated Costs and Returns per Acre"]
["Irrigated Sunflowers-Oilseed "]
["Projected for 2019"]
[null,null,null,null,null,null,null,"Rental Agreement","Share"]
["Item ","Quantity","Unit","Price","Owner"," ",null,"Share","Cash"]
[null,null,null,null,"Share","Total","Operator","Owner"]
["Income"]
["oilseed sunflower",2000,"lbs",{"$f":"'2019 Universal Input Prices'!$C$20","v":0.14000000000000001},0.25,{"$f":"D9*B9","v":280},{"$f":"F9*(1-E9)","v":210},{"$f":"IF(H6=\"Cash\", D57,F9*E9)","v":70}]
[]
["Total Income",null,null,null,null,{"$f":"SUM(F8:F10)","v":280},{"$f":"SUM(G8:G10)","v":210},{"$f":"SUM(H8:H10)","v":70}]
[]
["Variable Costs"]
["Seed",1,"acre",21,0,{"$f":"D14*B14","v":21},{"$f":"F14*(1-E14)","v":21},{"$f":"F14*E14","v":0}]
["Fertilizer"]
["fert (P) - liquid",24,"lbs",{"$f":"IF(A16=\"\",0,VLOOKUP(A16,'2019 Universal Input Prices'!$B$27:$C$31, 2))","v":0.71323529411764697},0.25,{"$f":"D16*B16","v":17.117647058823529},{"$f":"F16*(1-E16)","v":12.838235294117647},{"$f":"F16*E16","v":4.2794117647058822}]
["fert (N) - liquid",70,"lbs",{"$f":"IF(A17=\"\",0,VLOOKUP(A17,'2019 Universal Input Prices'!$B$27:$C$31, 2))","v":0.4609375},0.25,{"$f":"D17*B17","v":32.265625},{"$f":"F17*(1-E17)","v":24.19921875},{"$f":"F17*E17","v":8.06640625}]
[null,0,"lbs",{"$f":"IF(A18=\"\",0,VLOOKUP(A18,'2019 Universal Input Prices'!$B$27:$C$31, 2))","v":0},0,{"$f":"D18*B18","v":0},{"$f":"F18*(1-E18)","v":0},{"$f":"F18*E18","v":0}]
["Field Operations"]
["herbicide & application",1,"acre",34.75,0,{"$f":"D20*B20","v":34.75},{"$f":"F20*(1-E20)","v":34.75},{"$f":"F20*E20","v":0}]
["seed insecticide & application",1,"acre",12.63,0.25,12.63,9.4725000000000001,3.1575000000000002]
["custom harvest & haul",1,"acre",20,0.25,20,15,5]
["custom harvest & haul",{"$f":"B9/100","v":20},"cwt",0.3,0.25,6,4.5,1.5]
["other ",1,"acre",0,0,{"$f":"D24*B24","v":0},{"$f":"F24*(1-E24)","v":0},{"$f":"F24*E24","v":0}]
["other ",1,"acre",0,0,{"$f":"D25*B25","v":0},{"$f":"F25*(1-E25)","v":0},{"$f":"F25*E25","v":0}]
["other ",1,"acre",0,0,{"$f":"D26*B26","v":0},{"$f":"F26*(1-E26)","v":0},{"$f":"F26*E26","v":0}]
["other ",1,"acre",0,0,0,0,0]
["other ",1,"acre",0,0,0,0,0]
["other ",1,"acre",0,0,0,0,0]
["Crop Insurance",1,"acre",13,0.25,13,9.75,3.25]
["Operator Labor & Hand Labor",1.5,"hours",{"$f":"'2019 Universal Input Prices'!$C$32","v":12},0,18,18,0]
["Irrigation Labor",0.75,"hours",{"$f":"'2019 Universal Input Prices'!$C$32","v":12},0,9,9,0]
["Diesel Fuel - Tractors",3.8,"gallons",{"$f":"'2019 Universal Input Prices'!$C$33","v":2.4},0,9.1199999999999992,9.1199999999999992,0]
["Gasoline - Pickup",2,"gallons",{"$f":"'2019 Universal Input Prices'!$C$34","v":2},0,4,4,0]
["Irrigation Fuel",8,"ac-in",{"$f":"'2019 Universal Input Prices'!$C$35","v":10},0,80,80,0]
["Pumping Days",60.3]
["Calculated GPM capacity per acre needed",{"$f":"B35*18.85694/B36","v":2.5017499170812605}]
["Repair & Maintenance"]
["Implements",1,"acre",3,0,{"$f":"D39*B39","v":3},{"$f":"F39*(1-E39)","v":3},{"$f":"F39*E39","v":0}]
["Tractors",1,"acre",6,0,{"$f":"D40*B40","v":6},{"$f":"F40*(1-E40)","v":6},{"$f":"F40*E40","v":0}]
["Irrigation-Above Ground",{"$f":"B35","v":8},"ac-in",1,0,{"$f":"D41*B41","v":8},{"$f":"F41*(1-E41)","v":8},{"$f":"F41*E41","v":0}]
["Irrigation-Below Ground",1,"acre",6,1,{"$f":"D42*B42","v":6},{"$f":"F42*(1-E42)","v":0},{"$f":"F42*E42","v":6}]
["Pickup",1,"acre",0.5,0,{"$f":"D43*B43","v":0.5},{"$f":"F43*(1-E43)","v":0.5},{"$f":"F43*E43","v":0}]
["Interest-operating capital",{"$f":"'2019 Universal Input Prices'!$C$36","v":0.06},null,null,null,{"$f":"(SUM(F14:F21,F24:F43))*$B44/2","v":8.2314981617647049},{"$f":"(SUM(G14:G21,G24:G43))*$B44/2","v":7.4888986213235293},{"$f":"(SUM(H14:H21,H24:H43))*$B44/2","v":0.74259954044117649}]
[]
["Total Variable Costs",null,null,null,null,{"$f":"SUM(F14:F44)","v":308.61477022058824},{"$f":"SUM(G14:G44)","v":276.61885266544118},{"$f":"SUM(H14:H44)","v":31.995917555147059}]
["Returns Above Variable Costs",null,null,null,null,{"$f":"F11-F46","v":-28.614770220588241},{"$f":"G11-G46","v":-66.618852665441182},{"$f":"H11-H46","v":38.004082444852941}]
[]
["Fixed Costs"]
["Implements",1,"acre",10,0,{"$f":"D50*B50","v":10},{"$f":"F50*(1-E50)","v":10},{"$f":"F50*E50","v":0}]
["Tractors",1,"acre",12,0,12,12,0]
["Irrigation-Above Ground",1,"acre",40,1,40,0,40]
["Irrigation-Below Ground",1,"acre",15,1,15,0,15]
["Pickup",1,"acre",1.25,0,1.25,1.25,0]
["Management",1,"acre",25,0,25,25,0]
["Whole Farm Insurance",1,"acre",2,0,{"$f":"B56*D56","v":2},2,0]
["Land",1,"acre",75,1,{"$f":"D57*B57","v":75},{"$f":"IF($H$6=\"Cash\",D57,F57*(1-E57))","v":0},{"$f":"IF($H$6=\"Cash\",0,F57*E57)","v":75}]
["Property Tax",1,"acre",9,1,{"$f":"B58*D58","v":9},0,9]
["Total Fixed Expenses",null,null,null,null,{"$f":"SUM(F50:F58)","v":189.25},{"$f":"SUM(G50:G58)","v":50.25},{"$f":"SUM(H50:H58)","v":139}]
["Total Specified Expenses",null,null,null,null,{"$f":"F46+F59","v":497.86477022058824},{"$f":"G46+G59","v":326.86885266544118},{"$f":"H46+H59","v":170.99591755514706}]
["Returns Above Total Specified Expenses",null,null,null,null,{"$f":"F11-F60","v":-217.86477022058824},{"$f":"G11-G60","v":-116.86885266544118},{"$f":"H11-H60","v":-100.99591755514706}]
[]
["If you have questions, contact Jackie Smith at 806-746-6101"]
[]
[]
["Supported by a grant from the"]
["Texas Cotton State Support Committee"]

{"sheet":"Irr Wheat","index":21,"n_rows":66,"n_cols":9,"rows_kept":66,"cut":false,"hidden":false,"merged":[[1,0,1,7],[2,0,2,7],[3,0,3,7]]}
[]
[" Estimated Costs and Returns per Acre"]
["Irrigated Wheat"]
["Projected for 2019"]
[null,null,null,null,null,null,null,"Rental Agreement","Share"]
["Item ","Quantity","Unit","Price","Owner"," ",null,"Share","Cash"]
[null,null,null,null,"Share","Total","Operator","Owner"]
["Income"]
["wheat",60,"bu",{"$f":"'2019 Universal Input Prices'!$C$21","v":4.5},0.25,{"$f":"D9*B9","v":270},{"$f":"F9*(1-E9)","v":202.5},{"$f":"IF(H6=\"Cash\", D56,F9*E9)","v":67.5}]
["grazing",136,"lbs",{"$f":"Grazing_Price","v":0.5},0.25,{"$f":"D10*B10","v":68},{"$f":"F10*(1-E10)","v":51},{"$f":"IF(H6=\"Cash\", 0,F10*E10)","v":17}]
[]
["Total Income",null,null,null,null,{"$f":"F9+F10","v":338},{"$f":"G9+G10","v":253.5},{"$f":"H9+H10","v":84.5}]
[]
["Variable Costs"]
["Seed",1.5,"bu",25,0,{"$f":"D15*B15","v":37.5},{"$f":"F15*(1-E15)","v":37.5},{"$f":"F15*E15","v":0}]
["Fertilizer"]
["fert (N) - liquid",50,"lbs",{"$f":"IF(A17=\"\",0,VLOOKUP(A17,'2019 Universal Input Prices'!$B$27:$C$31, 2))","v":0.4609375},0.25,{"$f":"D17*B17","v":23.046875},{"$f":"F17*(1-E17)","v":17.28515625},{"$f":"F17*E17","v":5.76171875}]
["fert (P) - liquid",56,"lbs",{"$f":"IF(A18=\"\",0,VLOOKUP(A18,'2019 Universal Input Prices'!$B$27:$C$31, 2))","v":0.71323529411764697},0.25,{"$f":"D18*B18","v":39.941176470588232},{"$f":"F18*(1-E18)","v":29.955882352941174},{"$f":"F18*E18","v":9.985294117647058}]
["fert (N) - NH3 ",90,"lbs",{"$f":"IF(A19=\"\",0,VLOOKUP(A19,'2019 Universal Input Prices'!$B$27:$C$31, 2))","v":0.3048780487804878},0.25,{"$f":"D19*B19","v":27.439024390243901},{"$f":"F19*(1-E19)","v":20.579268292682926},{"$f":"F19*E19","v":6.8597560975609753}]
["Field Operations"]
["herbicide & application",1,"acre",0,0,{"$f":"D21*B21","v":0},{"$f":"F21*(1-E21)","v":0},{"$f":"F21*E21","v":0}]
["fertilizer application",1,"acre",11.75,0,11.75,11.75,0]
["insecticide & application",1,"acre",11,0.25,11,8.25,2.75]
["custom harvest & haul",{"$f":"B9","v":60},"bu",0.5,0.25,30,22.5,7.5]
["scouting",1,"acre",0,0,{"$f":"D25*B25","v":0},{"$f":"F25*(1-E25)","v":0},{"$f":"F25*E25","v":0}]
["other ",1,"acre",0,0,0,0,0]
["other ",1,"acre",0,0,0,0,0]
["other ",1,"acre",0,0,0,0,0]
["Crop Insurance",1,"acre",19.5,0.25,19.5,14.625,4.875]
["Operator Labor & Hand Labor",1,"hours",{"$f":"'2019 Universal Input Prices'!$C$32","v":12},0,12,12,0]
["Irrigation Labor",1,"hours",{"$f":"'2019 Universal Input Prices'!$C$32","v":12},0,12,12,0]
["Diesel Fuel - Tractors",2.4,"gallons",{"$f":"'2019 Universal Input Prices'!$C$33","v":2.4},0,5.76,5.76,0]
["Gasoline - Pickup",2,"gallons",{"$f":"'2019 Universal Input Prices'!$C$34","v":2},0,4,4,0]
["Irrigation Fuel",14,"ac-in",{"$f":"'2019 Universal Input Prices'!$C$35","v":10},0,140,140,0]
["Pumping Days",94.2]
["Calculated GPM capacity per acre needed",{"$f":"B34*18.85694/B35","v":2.8025176220806793}]
["Repair & Maintenance"]
["Implements",1,"acre",3,0,{"$f":"D38*B38","v":3},3,0]
["Tractors",1,"acre",6,0,{"$f":"D39*B39","v":6},6,0]
["Irrigation-Above Ground",{"$f":"B34","v":14},"ac-in",1,0,{"$f":"D40*B40","v":14},14,0]
["Irrigation-Below Ground",1,"acre",11.25,1,{"$f":"D41*B41","v":11.25},0,11.25]
["Pickup",1,"acre",0.5,0,{"$f":"D42*B42","v":0.5},0.5,0]
["Interest-operating capital",{"$f":"'2019 Universal Input Prices'!$C$36","v":0.06},null,null,null,{"$f":"(SUM(F15:F23,F25:F42))*$B43/2","v":11.360612275824963},{"$f":"(SUM(G15:G23,G25:G42))*$B43/2","v":10.116159206868721},{"$f":"(SUM(H15:H23,H25:H42))*$B43/2","v":1.244453068956241}]
[]
["Total Variable Costs",null,null,null,null,{"$f":"SUM(F15:F43)","v":420.04768813665709},{"$f":"SUM(G15:G43)","v":369.82146610249276},{"$f":"SUM(H15:H43)","v":50.226222034164273}]
["Returns Above Variable Costs",null,null,null,null,{"$f":"F12-F45","v":-82.047688136657086},{"$f":"G12-G45","v":-116.32146610249276},{"$f":"H12-H45","v":34.273777965835727}]
[]
["Fixed Costs"]
["Implements",1,"acre",10,0,{"$f":"D49*B49","v":10},{"$f":"F49*(1-E49)","v":10},{"$f":"F49*E49","v":0}]
["Tractors",1,"acre",12,0,12,12,0]
["Irrigation-Above Ground",1,"acre",40,1,40,0,40]
["Irrigation-Below Ground",1,"acre",15,1,15,0,15]
["Pickup",1,"acre",1.25,0,1.25,1.25,0]
["Management",1,"acre",25,0,25,25,0]
["Whole Farm Insurance",1,"acre",2,0,{"$f":"B55*D55","v":2},2,0]
["Land",1,"acre",75,1,{"$f":"D56*B56","v":75},{"$f":"IF($H$6=\"Cash\",D56,F56*(1-E56))","v":0},{"$f":"IF($H$6=\"Cash\",0,F56*E56)","v":75}]
["Property Tax",1,"acre",9,1,{"$f":"B57*D57","v":9},0,9]
["Total Fixed Expenses",null,null,null,null,{"$f":"SUM(F49:F57)","v":189.25},{"$f":"SUM(G49:G57)","v":50.25},{"$f":"SUM(H49:H57)","v":139}]
["Total Specified Expenses",null,null,null,null,{"$f":"F45+F58","v":609.29768813665714},{"$f":"G45+G58","v":420.07146610249276},{"$f":"H45+H58","v":189.22622203416427}]
["Returns Above Total Specified Expenses",null,null,null,null,{"$f":"F12-F59","v":-271.29768813665714},{"$f":"G12-G59","v":-166.57146610249276},{"$f":"H12-H59","v":-104.72622203416427}]
[]
["If you have questions, contact Jackie Smith at 806-746-6101"]
[]
[]
["Supported by a grant from the"]
["Texas Cotton State Support Committee"]

{"sheet":"Dry Cotton Conventional","index":22,"n_rows":64,"n_cols":9,"rows_kept":64,"cut":false,"hidden":false,"merged":[[1,0,1,7],[2,0,2,7],[3,0,3,7]]}
[]
[" Estimated Costs and Returns per Acre"]
["Dryland Cotton - Conventional"]
["Projected for 2019"]
[null,null,null,null,null,null,null,"Rental Agreement","Share"]
["Item ","Quantity","Unit","Price","Owner"," ",null,"Share","Cash"]
[null,null,null,null,"Share","Total","Operator","Owner"]
["Income"]
["cotton lint",400,"lbs",{"$f":"'2019 Universal Input Prices'!$C$8","v":0.68},0.25,{"$f":"D9*B9","v":272},{"$f":"F9*(1-E9)","v":204},{"$f":"IF(H6=\"Cash\", D54,F9*E9)","v":68}]
["cotton seed",{"$f":"B9/500*'2019 Universal Input Prices'!C40/2000","v":0.28399999999999997},"tons",{"$f":"'2019 Universal Input Prices'!$C$9","v":160},0.25,{"$f":"D10*B10","v":45.44},{"$f":"F10*(1-E10)","v":34.08},{"$f":"IF(H6=\"Cash\", 0,F10*E10)","v":11.36}]
["Expected Turnout",0.3]
["Total Income",null,null,null,null,{"$f":"F9+F10","v":317.44},{"$f":"G9+G10","v":238.07999999999998},{"$f":"H9+H10","v":79.36}]
[]
["Variable Costs"]
["Seed",35,"thousand",0.65,0,{"$f":"D15*B15","v":22.75},{"$f":"F15*(1-E15)","v":22.75},{"$f":"F15*E15","v":0}]
["Boll Weevil  Assess.-Dry",{"$f":"B9/500","v":0.8},"Bales",1,0.25,{"$f":"D16*B16","v":0.8},{"$f":"F16*(1-E16)","v":0.60000000000000009},{"$f":"F16*E16","v":0.2}]
["Fertilizer"]
["fert (N) - liquid",30,"lbs",{"$f":"IF(A18=\"\",0,VLOOKUP(A18,'2019 Universal Input Prices'!$B$27:$C$31, 2))","v":0.4609375},0.25,{"$f":"D18*B18","v":13.828125},{"$f":"F18*(1-E18)","v":10.37109375},{"$f":"F18*E18","v":3.45703125}]
["fert (P) - liquid",12,"lbs",{"$f":"IF(A19=\"\",0,VLOOKUP(A19,'2019 Universal Input Prices'!$B$27:$C$31, 2))","v":0.71323529411764697},0.25,{"$f":"D19*B19","v":8.5588235294117645},{"$f":"F19*(1-E19)","v":6.4191176470588234},{"$f":"F19*E19","v":2.1397058823529411}]
[null,0,"lbs",{"$f":"IF(A20=\"\",0,VLOOKUP(A20,'2019 Universal Input Prices'!$B$27:$C$31, 2))","v":0},0,{"$f":"D20*B20","v":0},{"$f":"F20*(1-E20)","v":0},{"$f":"F20*E20","v":0}]
["Field Operations"]
["preplant herbicide & application",1,"acre",8.75,0,{"$f":"D22*B22","v":8.75},{"$f":"F22*(1-E22)","v":8.75},{"$f":"F22*E22","v":0}]
["at-plant herbicide",1,"acre",5.75,0,5.75,5.75,{"$f":"+F23*E23","v":0}]
["post emergence herbicide & application",1,"acre",17,0,17,17,0]
["fertilizer application",1,"acre",4.75,0.25,4.75,3.5625,1.1875]
["insecticide & application",1,"acre",6,0.25,6,4.5,1.5]
["harvest aids",1,"acre",10,0.25,10,7.5,2.5]
["strip (field cleaner)",{"$f":"B9","v":400},"lb.",{"$f":"'2019 Universal Input Prices'!$C$38","v":0.08},0,32,32,0]
["ginning",{"$f":"B9/B11/100","v":13.333333333333336},"cwt.",{"$f":"'2019 Universal Input Prices'!$C$39","v":2.9},0.25,38.666666666666671,29.000000000000004,9.6666666666666679]
["hoeing",1,"acre",18,0,18,18,0]
["scouting",1,"acre",5,0,{"$f":"D31*B31","v":5},{"$f":"F31*(1-E31)","v":5},{"$f":"F31*E31","v":0}]
["spot spraying",1,"acre",15,0,15,15,0]
["other ",1,"acre",0,0,0,0,0]
["other ",1,"acre",0,0,0,0,0]
["Crop Insurance",1,"acre",32,0.25,32,24,8]
["Operator Labor & Hand Labor",2.5,"hours",{"$f":"'2019 Universal Input Prices'!$C$32","v":12},0,30,30,0]
["Diesel Fuel - Tractors",6,"gallons",{"$f":"'2019 Universal Input Prices'!$C$33","v":2.4},0,14.399999999999999,14.399999999999999,0]
["Gasoline - Pickup",2,"gallons",{"$f":"'2019 Universal Input Prices'!$C$34","v":2},0,4,4,0]
["Repair & Maintenance"]
["Implements",1,"acre",3,0,{"$f":"D40*B40","v":3},{"$f":"F40*(1-E40)","v":3},{"$f":"F40*E40","v":0}]
["Tractors",1,"acre",6,0,{"$f":"D41*B41","v":6},{"$f":"F41*(1-E41)","v":6},{"$f":"F41*E41","v":0}]
["Pickup",1,"acre",0.5,0,{"$f":"D42*B42","v":0.5},{"$f":"F42*(1-E42)","v":0.5},{"$f":"F42*E42","v":0}]
["Interest-operating capital",{"$f":"'2019 Universal Input Prices'!$C$36","v":0.06},null,null,null,{"$f":"(SUM(F15:F26,F30:F42))*$B43/2","v":6.4826084558823531},{"$f":"(SUM(G15:G26,G30:G42))*$B43/2","v":5.9880813419117649},{"$f":"(SUM(H15:H26,H30:H42))*$B43/2","v":0.49452711397058824}]
[]
["Total Variable Costs",null,null,null,null,{"$f":"SUM(F15:F43)","v":303.23622365196081},{"$f":"SUM(G15:G43)","v":274.09079273897061},{"$f":"SUM(H15:H43)","v":29.145430912990197}]
["Returns Above Variable Costs",null,null,null,null,{"$f":"F12-F45","v":14.203776348039185},{"$f":"G12-G45","v":-36.010792738970622},{"$f":"H12-H45","v":50.214569087009806}]
[]
["Fixed Costs"]
["Implements",1,"acre",10,0,{"$f":"D49*B49","v":10},{"$f":"F49*(1-E49)","v":10},{"$f":"F49*E49","v":0}]
["Tractors",1,"acre",12,0,12,12,0]
["Pickup",1,"acre",1.25,0,1.25,1.25,0]
["Management",1,"acre",25,0,25,25,0]
["Whole Farm Insurance",1,"acre",2,0,2,2,0]
["Land",1,"acre",50,1,50,{"$f":"IF($H$6=\"Cash\",D54,F54*(1-E54))","v":0},{"$f":"IF($H$6=\"Cash\",0,F54*E54)","v":50}]
["Property Tax",1,"acre",3,1,3,0,3]
["Total Fixed Expenses",null,null,null,null,{"$f":"SUM(F49:F55)","v":103.25},{"$f":"SUM(G49:G55)","v":50.25},{"$f":"SUM(H49:H55)","v":53}]
["Total Specified Expenses",null,null,null,null,{"$f":"F45+F56","v":406.48622365196081},{"$f":"G45+G56","v":324.34079273897061},{"$f":"H45+H56","v":82.145430912990193}]
["Returns Above Total Specified Expenses",null,null,null,null,{"$f":"F12-F57","v":-89.046223651960815},{"$f":"G12-G57","v":-86.260792738970622},{"$f":"H12-H57","v":-2.7854309129901935}]
[]
["If you have questions, contact Jackie Smith at 806-746-6101"]
[]
[]
["Supported by a grant from the"]
["Texas Cotton State Support Committee"]

{"sheet":"Dry Cotton HT","index":23,"n_rows":64,"n_cols":9,"rows_kept":64,"cut":false,"hidden":false,"merged":[[1,0,1,7],[2,0,2,7],[3,0,3,7]]}
[]
[" Estimated Costs and Returns per Acre"]
["Dryland Cotton - Herbicide Tolerant"]
["Projected for 2019"]
[null,null,null,null,null,null,null,"Rental Agreement","Share"]
["Item ","Quantity","Unit","Price","Owner"," ",null,"Share","Cash"]
[null,null,null,null,"Share","Total","Operator","Owner"]
["Income"]
["cotton lint",400,"lbs",{"$f":"'2019 Universal Input Prices'!$C$8","v":0.68},0.25,{"$f":"D9*B9","v":272},{"$f":"F9*(1-E9)","v":204},{"$f":"IF(H6=\"Cash\", D54,F9*E9)","v":68}]
["cotton seed",{"$f":"B9/500*'2019 Universal Input Prices'!C40/2000","v":0.28399999999999997},"tons",{"$f":"'2019 Universal Input Prices'!$C$9","v":160},0.25,{"$f":"D10*B10","v":45.44},{"$f":"F10*(1-E10)","v":34.08},{"$f":"IF(H6=\"Cash\", 0,F10*E10)","v":11.36}]
["Expected Turnout",0.3]
["Total Income",null,null,null,null,{"$f":"F9+F10","v":317.44},{"$f":"G9+G10","v":238.07999999999998},{"$f":"H9+H10","v":79.36}]
[]
["Variable Costs"]
["Seed",35,"thousand",1.06,0.125,{"$f":"D15*B15","v":37.1},{"$f":"F15*(1-E15)","v":32.462499999999999},{"$f":"F15*E15","v":4.6375000000000002}]
["Boll Weevil  Assess.-Dry",{"$f":"B9/500","v":0.8},"Bales",1,0.25,{"$f":"D16*B16","v":0.8},{"$f":"F16*(1-E16)","v":0.60000000000000009},{"$f":"F16*E16","v":0.2}]
["Fertilizer"]
["fert (N) - liquid",35,"lbs",{"$f":"IF(A18=\"\",0,VLOOKUP(A18,'2019 Universal Input Prices'!$B$27:$C$31, 2))","v":0.4609375},0.25,{"$f":"D18*B18","v":16.1328125},{"$f":"F18*(1-E18)","v":12.099609375},{"$f":"F18*E18","v":4.033203125}]
["fert (P) - liquid",14,"lbs",{"$f":"IF(A19=\"\",0,VLOOKUP(A19,'2019 Universal Input Prices'!$B$27:$C$31, 2))","v":0.71323529411764697},0.25,{"$f":"D19*B19","v":9.985294117647058},{"$f":"F19*(1-E19)","v":7.4889705882352935},{"$f":"F19*E19","v":2.4963235294117645}]
[null,0,"lbs",{"$f":"IF(A20=\"\",0,VLOOKUP(A20,'2019 Universal Input Prices'!$B$27:$C$31, 2))","v":0},0,{"$f":"D20*B20","v":0},{"$f":"F20*(1-E20)","v":0},{"$f":"F20*E20","v":0}]
["Field Operations"]
["preplant herbicide & application",1,"acre",9.5,0,{"$f":"D22*B22","v":9.5},{"$f":"F22*(1-E22)","v":9.5},{"$f":"F22*E22","v":0}]
["at-plant herbicide",1,"acre",4.5,0,4.5,4.5,{"$f":"+F23*E23","v":0}]
["1 post emergence herbicide & application",1,"acre",12.5,0,12.5,12.5,0]
["fertilizer application",1,"acre",4.75,0.25,4.75,3.5625,1.1875]
["insecticide & application",1,"acre",6,0.25,6,4.5,1.5]
["harvest aids",1,"acre",10,0.25,10,7.5,2.5]
["strip (field cleaner)",{"$f":"B9","v":400},"lb.",{"$f":"'2019 Universal Input Prices'!$C$38","v":0.08},0,32,32,0]
["ginning",{"$f":"B9/B11/100","v":13.333333333333336},"cwt.",{"$f":"'2019 Universal Input Prices'!$C$39","v":2.9},0.25,38.666666666666671,29.000000000000004,9.6666666666666679]
["hoeing",0.1,"acre",15,0,1.5,1.5,0]
["scouting",1,"acre",5,0,{"$f":"D31*B31","v":5},{"$f":"F31*(1-E31)","v":5},{"$f":"F31*E31","v":0}]
["spot spraying",0.1,"acre",15,0,1.5,1.5,0]
["other ",1,"acre",0,0,0,0,0]
["other ",1,"acre",0,0,0,0,0]
["Crop Insurance",1,"acre",32,0.25,32,24,8]
["Operator Labor & Hand Labor",1.4,"hours",{"$f":"'2019 Universal Input Prices'!$C$32","v":12},0,16.799999999999997,16.799999999999997,0]
["Diesel Fuel - Tractors",3.4,"gallons",{"$f":"'2019 Universal Input Prices'!$C$33","v":2.4},0,8.16,8.16,0]
["Gasoline - Pickup",2,"gallons",{"$f":"'2019 Universal Input Prices'!$C$34","v":2},0,4,4,0]
["Repair & Maintenance"]
["Implements",1,"acre",3,0,{"$f":"D40*B40","v":3},{"$f":"F40*(1-E40)","v":3},{"$f":"F40*E40","v":0}]
["Tractors",1,"acre",6,0,{"$f":"D41*B41","v":6},{"$f":"F41*(1-E41)","v":6},{"$f":"F41*E41","v":0}]
["Pickup",1,"acre",0.5,0,{"$f":"D42*B42","v":0.5},{"$f":"F42*(1-E42)","v":0.5},{"$f":"F42*E42","v":0}]
["Interest-operating capital",{"$f":"'2019 Universal Input Prices'!$C$36","v":0.06},null,null,null,{"$f":"(SUM(F15:F26,F30:F42))*$B43/2","v":5.3918431985294113},{"$f":"(SUM(G15:G26,G30:G42))*$B43/2","v":4.7302073988970585},{"$f":"(SUM(H15:H26,H30:H42))*$B43/2","v":0.66163579963235297}]
[]
["Total Variable Costs",null,null,null,null,{"$f":"SUM(F15:F43)","v":265.7866164828431},{"$f":"SUM(G15:G43)","v":230.90378736213236},{"$f":"SUM(H15:H43)","v":34.882829120710781}]
["Returns Above Variable Costs",null,null,null,null,{"$f":"F12-F45","v":51.653383517156897},{"$f":"G12-G45","v":7.1762126378676214},{"$f":"H12-H45","v":44.477170879289218}]
[]
["Fixed Costs"]
["Implements",1,"acre",10,0,{"$f":"D49*B49","v":10},{"$f":"F49*(1-E49)","v":10},{"$f":"F49*E49","v":0}]
["Tractors",1,"acre",12,0,12,12,0]
["Pickup",1,"acre",1.25,0,1.25,1.25,0]
["Management",1,"acre",25,0,25,25,0]
["Whole Farm Insurance",1,"acre",2,0,2,2,0]
["Land",1,"acre",50,1,50,{"$f":"IF($H$6=\"Cash\",D54,F54*(1-E54))","v":0},{"$f":"IF($H$6=\"Cash\",0,F54*E54)","v":50}]
["Property Tax",1,"acre",3,1,3,0,3]
["Total Fixed Expenses",null,null,null,null,{"$f":"SUM(F49:F55)","v":103.25},{"$f":"SUM(G49:G55)","v":50.25},{"$f":"SUM(H49:H55)","v":53}]
["Total Specified Expenses",null,null,null,null,{"$f":"F45+F56","v":369.0366164828431},{"$f":"G45+G56","v":281.15378736213233},{"$f":"H45+H56","v":87.882829120710781}]
["Returns Above Total Specified Expenses",null,null,null,null,{"$f":"F12-F57","v":-51.596616482843103},{"$f":"G12-G57","v":-43.07378736213235},{"$f":"H12-H57","v":-8.5228291207107816}]
[]
["If you have questions, contact Jackie Smith at 806-746-6101"]
[]
[]
["Supported by a grant from the"]
["Texas Cotton State Support Committee"]

{"sheet":"Dry Guar","index":24,"n_rows":60,"n_cols":9,"rows_kept":60,"cut":false,"hidden":false,"merged":[[1,0,1,7],[2,0,2,7],[3,0,3,7]]}
[]
[" Estimated Costs and Returns per Ground Acre"]
["Dryland Guar"]
["Projected for 2019"]
[null,null,null,null,null,null,null,"Rental Agreement","Share"]
["Item ","Quantity","Unit","Price","Owner",null,null,"Share","Cash"]
[null,null,null,null,"Share","Total","Operator","Owner"]
["Income"]
["guar",600,"lbs",{"$f":"'2019 Universal Input Prices'!C10","v":0.16},0.25,{"$f":"D9*B9","v":96},{"$f":"F9*(1-E9)","v":72},{"$f":"IF(H6=\"Cash\", D50,F9*E9)","v":24}]
[]
["Total Income",null,null,null,null,{"$f":"SUM(F9:F10)","v":96},{"$f":"SUM(G9:G10)","v":72},{"$f":"SUM(H9:H10)","v":24}]
[]
["Variable Costs"]
["Seed",8,"lbs",1.5,0,{"$f":"D14*B14","v":12},{"$f":"F14*(1-E14)","v":12},{"$f":"F14*E14","v":0}]
["Innoculant",1,"lbs",3,0,{"$f":"D15*B15","v":3},{"$f":"F15*(1-E15)","v":3},{"$f":"F15*E15","v":0}]
["Fertilizer"]
["fert (P) - dry",20,"lbs",{"$f":"IF(A17=\"\",0,VLOOKUP(A17,'2019 Universal Input Prices'!$B$27:$C$31, 2))","v":0.53846153846153844},0.25,{"$f":"D17*B17","v":10.769230769230768},{"$f":"F17*(1-E17)","v":8.0769230769230766},{"$f":"F17*E17","v":2.6923076923076921}]
[null,0,"lbs",{"$f":"IF(A18=\"\",0,VLOOKUP(A18,'2019 Universal Input Prices'!$B$27:$C$31, 2))","v":0},0,{"$f":"D18*B18","v":0},{"$f":"F18*(1-E18)","v":0},{"$f":"F18*E18","v":0}]
[null,0,"lbs",{"$f":"IF(A19=\"\",0,VLOOKUP(A19,'2019 Universal Input Prices'!$B$27:$C$31, 2))","v":0},0,{"$f":"D19*B19","v":0},{"$f":"F19*(1-E19)","v":0},{"$f":"F19*E19","v":0}]
["Field Operations"]
["herbicide",1,"acre",2.34,0,{"$f":"D21*B21","v":2.34},{"$f":"F21*(1-E21)","v":2.34},{"$f":"F21*E21","v":0}]
["fertilizer application",1,"acre",4,0.25,4,3,1]
["insecticide",0,"acre",0,0.25,0,0,0]
["custom harvest and haul",1,"acre",25,0.25,25,18.75,6.25]
["custom harvest and haul",{"$f":"B9/100","v":6},"cwt",0.2,0.25,1.2000000000000002,0.90000000000000013,0.30000000000000004]
["hoeing",0,"acre",0,0,0,0,0]
["scouting",1,"acre",0,0,0,0,0]
["other ",1,"acre",0,0,0,0,0]
["other ",1,"acre",0,0,0,0,0]
["other ",1,"acre",0,0,0,0,0]
["Crop Insurance",1,"acre",2.5,0,2.5,2.5,0]
["Operator Labor",0.75,"hours",{"$f":"'2019 Universal Input Prices'!$C$32","v":12},0,9,9,0]
["Diesel Fuel - Tractors",2.4,"gallons",{"$f":"'2019 Universal Input Prices'!$C$33","v":2.4},0,5.76,5.76,0]
["Gasoline - Pickup",2,"gallons",{"$f":"'2019 Universal Input Prices'!$C$34","v":2},0,4,4,0]
["Repair & Maintenance"]
["Implements",1,"acre",3,0,{"$f":"D36*B36","v":3},{"$f":"F36*(1-E36)","v":3},{"$f":"F36*E36","v":0}]
["Tractors",1,"acre",6,0,{"$f":"D37*B37","v":6},{"$f":"F37*(1-E37)","v":6},{"$f":"F37*E37","v":0}]
["Pickup",1,"acre",0.5,0,{"$f":"D38*B38","v":0.5},{"$f":"F38*(1-E38)","v":0.5},{"$f":"F38*E38","v":0}]
["Interest-operating capital",{"$f":"'2019 Universal Input Prices'!$C$36","v":0.06},null,null,null,{"$f":"(SUM(F14:F38)-SUM(F24:F25))*$B39/2","v":1.886076923076923},{"$f":"(SUM(G14:G38)-SUM(G24:G25))*$B39/2","v":1.7753076923076925},{"$f":"(SUM(H14:H38)-SUM(H24:H25))*$B39/2","v":0.11076923076923077}]
[]
["Total Variable Costs",null,null,null,null,{"$f":"SUM(F14:F39)","v":90.955307692307699},{"$f":"SUM(G14:G39)","v":80.602230769230772},{"$f":"SUM(H14:H39)","v":10.353076923076923}]
["Returns Above Variable Costs",null,null,null,null,{"$f":"F11-F41","v":5.0446923076923014},{"$f":"G11-G41","v":-8.602230769230772},{"$f":"H11-H41","v":13.646923076923077}]
[]
["Fixed Costs"]
["Implements",1,"acre",10,0,{"$f":"D45*B45","v":10},{"$f":"F45*(1-E45)","v":10},{"$f":"F45*E45","v":0}]
["Tractors",1,"acre",12,0,12,12,0]
["Pickup",1,"acre",1.25,0,1.25,1.25,0]
["Management",1,"acre",25,0,25,25,0]
["Whole Farm Insurance",1,"acre",2,0,{"$f":"B49*D49","v":2},2,0]
["Land",1,"acre",50,1,{"$f":"D50*B50","v":50},{"$f":"IF($H$6=\"Cash\",D50,F50*(1-E50))","v":0},{"$f":"IF($H$6=\"Cash\",0,F50*E50)","v":50}]
["Property Tax",1,"acre",3,1,{"$f":"B51*D51","v":3},{"$f":"F51*(1-E51)","v":0},{"$f":"F51*E51","v":3}]
["Total Fixed Expenses",null,null,null,null,{"$f":"SUM(F45:F51)","v":103.25},{"$f":"SUM(G45:G51)","v":50.25},{"$f":"SUM(H45:H51)","v":53}]
["Total Specified Expenses",null,null,null,null,{"$f":"F41+F52","v":194.20530769230771},{"$f":"G41+G52","v":130.85223076923077},{"$f":"H41+H52","v":63.353076923076927}]
["Returns Above Total Specified Expenses",null,null,null,null,{"$f":"F11-F53","v":-98.205307692307713},{"$f":"G11-G53","v":-58.852230769230772},{"$f":"H11-H53","v":-39.353076923076927}]
[]
["If you have questions, contact Jackie Smith at 806-746-6101"]
[]
[]
["Supported by a grant from the"]
["Texas Cotton State Support Committee"]

{"sheet":"Dry Sesame","index":25,"n_rows":59,"n_cols":9,"rows_kept":59,"cut":false,"hidden":false,"merged":[[1,0,1,7],[2,0,2,7],[3,0,3,7]]}
[]
[" Estimated Costs and Returns per Ground Acre"]
["Dryland Sesame"]
["Projected for 2019"]
[null,null,null,null,null,null,null,"Rental Agreement","Share"]
["Item ","Quantity","Unit","Price","Owner",null,null,"Share","Cash"]
[null,null,null,null,"Share","Total","Operator","Owner"]
["Income"]
["sesame",700,"lbs",{"$f":"Sesame_NI_Price","v":0.28000000000000003},0.25,{"$f":"D9*B9","v":196.00000000000003},{"$f":"F9*(1-E9)","v":147.00000000000003},{"$f":"IF(H6=\"Cash\", D49,F9*E9)","v":49.000000000000007}]
[]
["Total Income",null,null,null,null,{"$f":"SUM(F9:F10)","v":196.00000000000003},{"$f":"SUM(G9:G10)","v":147.00000000000003},{"$f":"SUM(H9:H10)","v":49.000000000000007}]
[]
["Variable Costs"]
["Seed",2.5,"lbs",4,0,{"$f":"D14*B14","v":10},{"$f":"F14*(1-E14)","v":10},{"$f":"F14*E14","v":0}]
["Fertilizer"]
["fert (N) - liquid",30,"lbs",{"$f":"IF(A16=\"\",0,VLOOKUP(A16,'2019 Universal Input Prices'!$B$27:$C$31, 2))","v":0.4609375},0.25,{"$f":"D16*B16","v":13.828125},{"$f":"F16*(1-E16)","v":10.37109375},{"$f":"F16*E16","v":3.45703125}]
[null,0,"lbs",{"$f":"IF(A17=\"\",0,VLOOKUP(A17,'2019 Universal Input Prices'!$B$27:$C$31, 2))","v":0},0,{"$f":"D17*B17","v":0},{"$f":"F17*(1-E17)","v":0},{"$f":"F17*E17","v":0}]
[null,0,"lbs",{"$f":"IF(A18=\"\",0,VLOOKUP(A18,'2019 Universal Input Prices'!$B$27:$C$31, 2))","v":0},0,{"$f":"D18*B18","v":0},{"$f":"F18*(1-E18)","v":0},{"$f":"F18*E18","v":0}]
["Field Operations"]
["herbicide",1,"acre",21.75,0,{"$f":"D20*B20","v":21.75},{"$f":"F20*(1-E20)","v":21.75},{"$f":"F20*E20","v":0}]
["fertilizer application",1,"acre",4.75,0.25,4.75,3.5625,1.1875]
["insecticide",0,"acre",0,0.25,0,0,0]
["custom harvest and haul",1,"acre",25,0.25,25,18.75,6.25]
["custom harvest and haul",{"$f":"B9/100","v":7},"cwt",0.12,0.25,0.84,0.63,0.21]
["hoeing",0,"acre",0,0,0,0,0]
["scouting",1,"acre",0,0,0,0,0]
["other ",1,"acre",0,0,0,0,0]
["other ",1,"acre",0,0,0,0,0]
["other ",1,"acre",0,0,0,0,0]
["Crop Insurance",1,"acre",10,0,10,10,0]
["Operator Labor",1,"hours",{"$f":"'2019 Universal Input Prices'!$C$32","v":12},0,12,12,0]
["Diesel Fuel - Tractors",2.2000000000000002,"gallons",{"$f":"'2019 Universal Input Prices'!$C$33","v":2.4},0,5.28,5.28,0]
["Gasoline - Pickup",2,"gallons",{"$f":"'2019 Universal Input Prices'!$C$34","v":2},0,4,4,0]
["Repair & Maintenance"]
["Implements",1,"acre",3,0,{"$f":"D35*B35","v":3},{"$f":"F35*(1-E35)","v":3},{"$f":"F35*E35","v":0}]
["Tractors",1,"acre",6,0,{"$f":"D36*B36","v":6},{"$f":"F36*(1-E36)","v":6},{"$f":"F36*E36","v":0}]
["Pickup",1,"acre",0.5,0,{"$f":"D37*B37","v":0.5},{"$f":"F37*(1-E37)","v":0.5},{"$f":"F37*E37","v":0}]
["Interest-operating capital",{"$f":"'2019 Universal Input Prices'!$C$36","v":0.06},null,null,null,{"$f":"(SUM(F14:F37)-SUM(F23:F24))*$B38/2","v":2.7332437499999997},{"$f":"(SUM(G14:G37)-SUM(G23:G24))*$B38/2","v":2.5939078124999999},{"$f":"(SUM(H14:H37)-SUM(H23:H24))*$B38/2","v":0.13933593750000003}]
[]
["Total Variable Costs",null,null,null,null,{"$f":"SUM(F14:F38)","v":119.68136875},{"$f":"SUM(G14:G38)","v":108.4375015625},{"$f":"SUM(H14:H38)","v":11.243867187500001}]
["Returns Above Variable Costs",null,null,null,null,{"$f":"F11-F40","v":76.318631250000024},{"$f":"G11-G40","v":38.562498437500025},{"$f":"H11-H40","v":37.756132812500006}]
[]
["Fixed Costs"]
["Implements",1,"acre",10,0,{"$f":"D44*B44","v":10},{"$f":"F44*(1-E44)","v":10},{"$f":"F44*E44","v":0}]
["Tractors",1,"acre",12,0,12,12,0]
["Pickup",1,"acre",1.25,0,1.25,1.25,0]
["Management",1,"acre",25,0,25,25,0]
["Whole Farm Insurance",1,"acre",2,0,{"$f":"B48*D48","v":2},2,0]
["Land",1,"acre",50,1,{"$f":"D49*B49","v":50},{"$f":"IF($H$6=\"Cash\",D49,F49*(1-E49))","v":0},{"$f":"IF($H$6=\"Cash\",0,F49*E49)","v":50}]
["Property Tax",1,"acre",3,1,{"$f":"B50*D50","v":3},{"$f":"F50*(1-E50)","v":0},{"$f":"F50*E50","v":3}]
["Total Fixed Expenses",null,null,null,null,{"$f":"SUM(F44:F50)","v":103.25},{"$f":"SUM(G44:G50)","v":50.25},{"$f":"SUM(H44:H50)","v":53}]
["Total Specified Expenses",null,null,null,null,{"$f":"F40+F51","v":222.93136874999999},{"$f":"G40+G51","v":158.68750156250002},{"$f":"H40+H51","v":64.243867187500001}]
["Returns Above Total Specified Expenses",null,null,null,null,{"$f":"F11-F52","v":-26.931368749999962},{"$f":"G11-G52","v":-11.687501562499989},{"$f":"H11-H52","v":-15.243867187499994}]
[]
["If you have questions, contact Jackie Smith at 806-746-6101"]
[]
[]
["Supported by a grant from the"]
["Texas Cotton State Support Committee"]

{"sheet":"Dry Sorghum","index":26,"n_rows":60,"n_cols":9,"rows_kept":60,"cut":false,"hidden":false,"merged":[[1,0,1,7],[2,0,2,7],[3,0,3,7]]}
[]
[" Estimated Costs and Returns per Acre"]
["Dryland Sorghum"]
["Projected for 2019"]
[null,null,null,null,null,null,null,"Rental Agreement","Share"]
["Item ","Quantity","Unit","Price","Owner"," ",null,"Share","Cash"]
[null,null,null,null,"Share","Total","Operator","Owner"]
["Income"]
["sorghum grain",18,"cwt",{"$f":"'2019 Universal Input Prices'!$C$14","v":6.5},0.25,{"$f":"B9*D9","v":117},{"$f":"F9*(1-E9)","v":87.75},{"$f":"IF(H6=\"Cash\", D50,F9*E9)","v":29.25}]
["grazing stalks",1,"acre",0,0.25,{"$f":"D10*B10","v":0},{"$f":"F10*(1-E10)","v":0},{"$f":"IF(H6=\"Cash\", 0,F10*E10)","v":0}]
[]
["Total Income",null,null,null,null,{"$f":"SUM(F9:F11)","v":117},{"$f":"SUM(G9:G11)","v":87.75},{"$f":"SUM(H9:H11)","v":29.25}]
[]
["Variable Costs"]
["Seed",2.25,"lbs",2.4,0,{"$f":"D15*B15","v":5.3999999999999995},{"$f":"F15*(1-E15)","v":5.3999999999999995},{"$f":"F15*E15","v":0}]
["Fertilizer"]
["fert (N) - liquid",30,"lbs",{"$f":"IF(A17=\"\",0,VLOOKUP(A17,'2019 Universal Input Prices'!$B$27:$C$31, 2))","v":0.4609375},0.25,{"$f":"D17*B17","v":13.828125},{"$f":"F17*(1-E17)","v":10.37109375},{"$f":"F17*E17","v":3.45703125}]
[null,0,"lbs",{"$f":"IF(A18=\"\",0,VLOOKUP(A18,'2019 Universal Input Prices'!$B$27:$C$31, 2))","v":0},0,{"$f":"D18*B18","v":0},{"$f":"F18*(1-E18)","v":0},{"$f":"F18*E18","v":0}]
[null,0,"lbs",{"$f":"IF(A19=\"\",0,VLOOKUP(A19,'2019 Universal Input Prices'!$B$27:$C$31, 2))","v":0},0,{"$f":"D19*B19","v":0},{"$f":"F19*(1-E19)","v":0},{"$f":"F19*E19","v":0}]
["Field Operations"]
["herbicide & application",1,"acre",10.5,0.25,{"$f":"D21*B21","v":10.5},{"$f":"F21*(1-E21)","v":7.875},{"$f":"F21*E21","v":2.625}]
["fertilizer application",1,"acre",4.75,0.25,4.75,3.5625,1.1875]
["insecticide & application",1,"acre",25,0.25,25,18.75,6.25]
["custom harvest & haul",1,"acre",14,0,14,14,0]
["custom harvest & haul",{"$f":"B9","v":18},"cwt",0.4,0,{"$f":"D25*B25","v":7.2},7.2,0]
["hoeing",1,"acre",0,0,0,0,0]
["scouting",1,"acre",0,0,{"$f":"D27*B27","v":0},{"$f":"F27*(1-E27)","v":0},{"$f":"F27*E27","v":0}]
["other ",1,"acre",0,0,0,0,0]
["other ",1,"acre",0,0,0,0,0]
["other ",1,"acre",0,0,0,0,0]
["Crop Insurance",1,"acre",16.5,0.25,16.5,12.375,4.125]
["Operator Labor & Hand Labor",1,"hours",{"$f":"'2019 Universal Input Prices'!$C$32","v":12},0,12,12,0]
["Diesel Fuel - Tractors",2.4,"gallons",{"$f":"'2019 Universal Input Prices'!$C$33","v":2.4},0,5.76,5.76,0]
["Gasoline - Pickup",2,"gallons",{"$f":"'2019 Universal Input Prices'!$C$34","v":2},0,4,4,0]
["Repair & Maintenance"]
["Implements",1,"acre",3,0,{"$f":"D36*B36","v":3},{"$f":"F36*(1-E36)","v":3},{"$f":"F36*E36","v":0}]
["Tractors",1,"acre",6,0,{"$f":"D37*B37","v":6},{"$f":"F37*(1-E37)","v":6},{"$f":"F37*E37","v":0}]
["Pickup",1,"acre",0.5,0,{"$f":"D38*B38","v":0.5},{"$f":"F38*(1-E38)","v":0.5},{"$f":"F38*E38","v":0}]
["Interest-operating capital",{"$f":"'2019 Universal Input Prices'!$C$36","v":0.06},null,null,null,{"$f":"(SUM(F15:F23,F26:F38))*$B39/2","v":3.2171437500000004},{"$f":"(SUM(G15:G23,G26:G38))*$B39/2","v":2.6878078125},{"$f":"(SUM(H15:H23,H26:H38))*$B39/2","v":0.52933593749999996}]
[]
["Total Variable Costs",null,null,null,null,{"$f":"SUM(F15:F39)","v":131.65526875},{"$f":"SUM(G15:G39)","v":113.4814015625},{"$f":"SUM(H15:H39)","v":18.173867187500001}]
["Returns Above Variable Costs",null,null,null,null,{"$f":"F12-F41","v":-14.655268750000005},{"$f":"G12-G41","v":-25.731401562499997},{"$f":"H12-H41","v":11.076132812499999}]
[]
["Fixed Costs"]
["Implements",1,"acre",10,0,{"$f":"D45*B45","v":10},{"$f":"F45*(1-E45)","v":10},{"$f":"F45*E45","v":0}]
["Tractors",1,"acre",12,0,12,12,0]
["Pickup",1,"acre",1.25,0,1.25,1.25,0]
["Management",1,"acre",25,0,25,25,0]
["Whole Farm Insurance",1,"acre",2,0,{"$f":"B49*D49","v":2},2,0]
["Land",1,"acre",50,1,{"$f":"D50*B50","v":50},{"$f":"IF($H$6=\"Cash\",D50,F50*(1-E50))","v":0},{"$f":"IF($H$6=\"Cash\",0,F50*E50)","v":50}]
["Property Tax",1,"acre",3,1,{"$f":"B51*D51","v":3},0,3]
["Total Fixed Expenses",null,null,null,null,{"$f":"SUM(F45:F51)","v":103.25},{"$f":"SUM(G45:G51)","v":50.25},{"$f":"SUM(H45:H51)","v":53}]
["Total Specified Expenses",null,null,null,null,{"$f":"F41+F52","v":234.90526875},{"$f":"G41+G52","v":163.7314015625},{"$f":"H41+H52","v":71.173867187500008}]
["Returns Above Total Specified Expenses",null,null,null,null,{"$f":"F12-F53","v":-117.90526875},{"$f":"G12-G53","v":-75.981401562499997},{"$f":"H12-H53","v":-41.923867187500008}]
[]
["If you have questions, contact Jackie Smith at 806-746-6101"]
[]
[]
["Supported by a grant from the"]
["Texas Cotton State Support Committee"]

{"sheet":"Dry Sunflowers-Oilseed","index":27,"n_rows":59,"n_cols":9,"rows_kept":59,"cut":false,"hidden":false,"merged":[[1,0,1,7],[2,0,2,7],[3,0,3,7]]}
[]
[" Estimated Costs and Returns per Acre"]
["Dryland Sunflowers-Oilseed "]
["Projected for 2019"]
[null,null,null,null,null,null,null,"Rental Agreement","Share"]
["Item ","Quantity","Unit","Price","Owner"," ",null,"Share","Cash"]
[null,null,null,null,"Share","Total","Operator","Owner"]
["Income"]
["oilseed sunflowers",1000,"lbs",{"$f":"Sunflower_Oil_Price","v":0.14000000000000001},0.25,{"$f":"D9*B9","v":140},{"$f":"F9*(1-E9)","v":105},{"$f":"IF(H6=\"Cash\", D49,F9*E9)","v":35}]
[]
["Total Income",null,null,null,null,{"$f":"SUM(F8:F10)","v":140},{"$f":"SUM(G8:G10)","v":105},{"$f":"SUM(H8:H10)","v":35}]
[]
["Variable Costs"]
["Seed",1,"acre",12.5,0,{"$f":"D14*B14","v":12.5},{"$f":"F14*(1-E14)","v":12.5},{"$f":"F14*E14","v":0}]
["Fertilizer"]
["fert (N) - liquid",40,"lbs",{"$f":"IF(A16=\"\",0,VLOOKUP(A16,'2019 Universal Input Prices'!$B$27:$C$31, 2))","v":0.4609375},0.25,{"$f":"D16*B16","v":18.4375},{"$f":"F16*(1-E16)","v":13.828125},{"$f":"F16*E16","v":4.609375}]
[null,0,"lbs",{"$f":"IF(A17=\"\",0,VLOOKUP(A17,'2019 Universal Input Prices'!$B$27:$C$31, 2))","v":0},0,{"$f":"D17*B17","v":0},{"$f":"F17*(1-E17)","v":0},{"$f":"F17*E17","v":0}]
[null,0,"lbs",{"$f":"IF(A18=\"\",0,VLOOKUP(A18,'2019 Universal Input Prices'!$B$27:$C$31, 2))","v":0},0,{"$f":"D18*B18","v":0},{"$f":"F18*(1-E18)","v":0},{"$f":"F18*E18","v":0}]
["Field Operations"]
["herbicide & application",1,"acre",34.75,0,{"$f":"D20*B20","v":34.75},{"$f":"F20*(1-E20)","v":34.75},{"$f":"F20*E20","v":0}]
["fertilizer application",1,"acre",4.75,0.25,{"$f":"D21*B21","v":4.75},{"$f":"F21*(1-E21)","v":3.5625},{"$f":"F21*E21","v":1.1875}]
["insecticide & application",1,"acre",11.63,0.25,{"$f":"D22*B22","v":11.63},{"$f":"F22*(1-E22)","v":8.7225000000000001},{"$f":"F22*E22","v":2.9075000000000002}]
["custom harvest & haul",1,"acre",15,0.25,15,11.25,3.75]
["custom harvest & haul",{"$f":"B9/100","v":10},"cwt",0.3,0.25,3,2.25,0.75]
["scouting",1,"acre",0,0,{"$f":"D25*B25","v":0},{"$f":"F25*(1-E25)","v":0},{"$f":"F25*E25","v":0}]
["other ",1,"acre",0,0,{"$f":"D26*B26","v":0},{"$f":"F26*(1-E26)","v":0},{"$f":"F26*E26","v":0}]
["other ",1,"acre",0,0,0,0,0]
["other ",1,"acre",0,0,0,0,0]
["other ",1,"acre",0,0,0,0,0]
["Crop Insurance",1,"acre",11,0.25,11,8.25,2.75]
["Operator Labor & Hand Labor",1,"hours",{"$f":"'2019 Universal Input Prices'!$C$32","v":12},0,12,12,0]
["Diesel Fuel - Tractors",2.4,"gallons",{"$f":"'2019 Universal Input Prices'!$C$33","v":2.4},0,5.76,5.76,0]
["Gasoline - Pickup",2,"gallons",{"$f":"'2019 Universal Input Prices'!$C$34","v":2},0,4,4,0]
["Repair & Maintenance"]
["Implements",1,"acre",3,0,{"$f":"D35*B35","v":3},{"$f":"F35*(1-E35)","v":3},{"$f":"F35*E35","v":0}]
["Tractors",1,"acre",6,0,{"$f":"D36*B36","v":6},{"$f":"F36*(1-E36)","v":6},{"$f":"F36*E36","v":0}]
["Pickup",1,"acre",0.5,0,{"$f":"D37*B37","v":0.5},{"$f":"F37*(1-E37)","v":0.5},{"$f":"F37*E37","v":0}]
["Interest-operating capital",{"$f":"'2019 Universal Input Prices'!$C$36","v":0.06},null,null,null,{"$f":"(SUM(F14:F22,F26:F37))*$B38/2","v":3.7298249999999999},{"$f":"(SUM(G14:G22,G26:G37))*$B38/2","v":3.3861937499999999},{"$f":"(SUM(H14:H22,H26:H37))*$B38/2","v":0.34363125}]
[]
["Total Variable Costs",null,null,null,null,{"$f":"SUM(F14:F38)","v":146.05732499999999},{"$f":"SUM(G14:G38)","v":129.75931875000001},{"$f":"SUM(H14:H38)","v":16.29800625}]
["Returns Above Variable Costs",null,null,null,null,{"$f":"F11-F40","v":-6.0573249999999916},{"$f":"G11-G40","v":-24.759318750000006},{"$f":"H11-H40","v":18.70199375}]
[]
["Fixed Costs"]
["Implements",1,"acre",10,0,{"$f":"D44*B44","v":10},{"$f":"F44*(1-E44)","v":10},{"$f":"F44*E44","v":0}]
["Tractors",1,"acre",12,0,12,12,0]
["Pickup",1,"acre",1.25,0,1.25,1.25,0]
["Management",1,"acre",25,0,25,25,0]
["Whole Farm Insurance",1,"acre",2,0,{"$f":"B48*D48","v":2},2,0]
["Land",1,"acre",50,1,{"$f":"D49*B49","v":50},{"$f":"IF($H$6=\"Cash\",D49,F49*(1-E49))","v":0},{"$f":"IF($H$6=\"Cash\",0,F49*E49)","v":50}]
["Property Tax",1,"acre",3,1,{"$f":"B50*D50","v":3},0,3]
["Total Fixed Expenses",null,null,null,null,{"$f":"SUM(F44:F50)","v":103.25},{"$f":"SUM(G44:G50)","v":50.25},{"$f":"SUM(H44:H50)","v":53}]
["Total Specified Expenses",null,null,null,null,{"$f":"F40+F51","v":249.30732499999999},{"$f":"G40+G51","v":180.00931875000001},{"$f":"H40+H51","v":69.29800625}]
["Returns Above Total Specified Expenses",null,null,null,null,{"$f":"F11-F52","v":-109.30732499999999},{"$f":"G11-G52","v":-75.009318750000006},{"$f":"H11-H52","v":-34.29800625}]
[]
["If you have questions, contact Jackie Smith at 806-746-6101"]
[]
[]
["Supported by a grant from the"]
["Texas Cotton State Support Committee"]

{"sheet":"Dry Wheat","index":28,"n_rows":59,"n_cols":9,"rows_kept":59,"cut":false,"hidden":false,"merged":[[1,0,1,7],[2,0,2,7],[3,0,3,7]]}
[]
[" Estimated Costs and Returns per Acre"]
["Dryland Wheat"]
["Projected for 2019"]
[null,null,null,null,null,null,null,"Rental Agreement","Share"]
["Item ","Quantity","Unit","Price","Owner"," ",null,"Share","Cash"]
[null,null,null,null,"Share","Total","Operator","Owner"]
["Income"]
["wheat",18,"bu",{"$f":"'2019 Universal Input Prices'!$C$21","v":4.5},0.25,{"$f":"D9*B9","v":81},{"$f":"F9*(1-E9)","v":60.75},{"$f":"IF(H6=\"Cash\", D49,F9*E9)","v":20.25}]
["grazing",68,"lbs",{"$f":"Grazing_Price","v":0.5},0.25,{"$f":"D10*B10","v":34},{"$f":"F10*(1-E10)","v":25.5},{"$f":"IF(H6=\"Cash\", 0,F10*E10)","v":8.5}]
[]
["Total Income",null,null,null,null,{"$f":"F9+F10","v":115},{"$f":"G9+G10","v":86.25},{"$f":"H9+H10","v":28.75}]
[]
["Variable Costs"]
["Seed",1,"bu",25,0,{"$f":"D15*B15","v":25},{"$f":"F15*(1-E15)","v":25},{"$f":"F15*E15","v":0}]
["Fertilizer"]
["fert (N) - liquid",30,"lbs",{"$f":"IF(A17=\"\",0,VLOOKUP(A17,'2019 Universal Input Prices'!$B$27:$C$31, 2))","v":0.4609375},0.25,{"$f":"D17*B17","v":13.828125},{"$f":"F17*(1-E17)","v":10.37109375},{"$f":"F17*E17","v":3.45703125}]
[null,0,"lbs",{"$f":"IF(A18=\"\",0,VLOOKUP(A18,'2019 Universal Input Prices'!$B$27:$C$31, 2))","v":0},0,{"$f":"D18*B18","v":0},{"$f":"F18*(1-E18)","v":0},{"$f":"F18*E18","v":0}]
[null,0,"lbs",{"$f":"IF(A19=\"\",0,VLOOKUP(A19,'2019 Universal Input Prices'!$B$27:$C$31, 2))","v":0},0,{"$f":"D19*B19","v":0},{"$f":"F19*(1-E19)","v":0},{"$f":"F19*E19","v":0}]
["Field Operations"]
["herbicide & application",1,"acre",16.75,0,{"$f":"D21*B21","v":16.75},{"$f":"F21*(1-E21)","v":16.75},{"$f":"F21*E21","v":0}]
["fertilizer application",1,"acre",4.75,0.25,4.75,3.5625,1.1875]
["insecticide & application",1,"acre",5.5,0.25,5.5,4.125,1.375]
["custom harvest & haul",1,"acre",14,0.25,14,10.5,3.5]
["custom harvest & haul",{"$f":"B9","v":18},"bu",0.14000000000000001,0.25,{"$f":"D25*B25","v":2.5200000000000005},1.8900000000000003,0.63000000000000012]
["scouting",1,"acre",0,0,{"$f":"D26*B26","v":0},{"$f":"F26*(1-E26)","v":0},{"$f":"F26*E26","v":0}]
["other ",1,"acre",0,0,0,0,0]
["other ",1,"acre",0,0,0,0,0]
["other ",1,"acre",0,0,0,0,0]
["Crop Insurance",1,"acre",19,0.25,19,14.25,4.75]
["Operator Labor & Hand Labor",0.9,"hours",{"$f":"'2019 Universal Input Prices'!$C$32","v":12},0,10.8,10.8,0]
["Diesel Fuel - Tractors",2.2000000000000002,"gallons",{"$f":"'2019 Universal Input Prices'!$C$33","v":2.4},0,5.28,5.28,0]
["Gasoline - Pickup",2,"gallons",{"$f":"'2019 Universal Input Prices'!$C$34","v":2},0,4,4,0]
["Repair & Maintenance"]
["Implements",1,"acre",3,0,{"$f":"D35*B35","v":3},{"$f":"F35*(1-E35)","v":3},{"$f":"F35*E35","v":0}]
["Tractors",1,"acre",6,0,{"$f":"D36*B36","v":6},{"$f":"F36*(1-E36)","v":6},{"$f":"F36*E36","v":0}]
["Pickup",1,"acre",0.5,0,{"$f":"D37*B37","v":0.5},{"$f":"F37*(1-E37)","v":0.5},{"$f":"F37*E37","v":0}]
["Interest-operating capital",{"$f":"'2019 Universal Input Prices'!$C$36","v":0.06},null,null,null,{"$f":"(SUM(F15:F23,F26:F37))*$B38/2","v":3.43224375},{"$f":"(SUM(G15:G23,G26:G37))*$B38/2","v":3.1091578124999999},{"$f":"(SUM(H15:H23,H26:H37))*$B38/2","v":0.32308593749999998}]
[]
["Total Variable Costs",null,null,null,null,{"$f":"SUM(F15:F38)","v":134.36036874999999},{"$f":"SUM(G15:G38)","v":119.1377515625},{"$f":"SUM(H15:H38)","v":15.222617187500001}]
["Returns Above Variable Costs",null,null,null,null,{"$f":"F12-F40","v":-19.360368749999992},{"$f":"G12-G40","v":-32.8877515625},{"$f":"H12-H40","v":13.527382812499999}]
[]
["Fixed Costs"]
["Implements",1,"acre",10,0,{"$f":"D44*B44","v":10},{"$f":"F44*(1-E44)","v":10},{"$f":"F44*E44","v":0}]
["Tractors",1,"acre",12,0,12,12,0]
["Pickup",1,"acre",1.25,0,1.25,1.25,0]
["Management",1,"acre",25,0,25,25,0]
["Whole Farm Insurance",1,"acre",2,0,{"$f":"B48*D48","v":2},2,0]
["Land",1,"acre",50,1,{"$f":"D49*B49","v":50},{"$f":"IF($H$6=\"Cash\",D49,F49*(1-E49))","v":0},{"$f":"IF($H$6=\"Cash\",0,F49*E49)","v":50}]
["Property Tax",1,"acre",3,1,{"$f":"B50*D50","v":3},0,3]
["Total Fixed Expenses",null,null,null,null,{"$f":"SUM(F44:F50)","v":103.25},{"$f":"SUM(G44:G50)","v":50.25},{"$f":"SUM(H44:H50)","v":53}]
["Total Specified Expenses",null,null,null,null,{"$f":"F40+F51","v":237.61036874999999},{"$f":"G40+G51","v":169.3877515625},{"$f":"H40+H51","v":68.222617187500006}]
["Returns Above Total Specified Expenses",null,null,null,null,{"$f":"F12-F52","v":-122.61036874999999},{"$f":"G12-G52","v":-83.1377515625},{"$f":"H12-H52","v":-39.472617187500006}]
[]
["If you have questions, contact Jackie Smith at 806-746-6101"]
[]
[]
["Supported by a grant from the"]
["Texas Cotton State Support Committee"]

{"sheet":"Sheet28","index":29,"n_rows":0,"n_cols":0,"rows_kept":0,"cut":false,"hidden":false,"merged":[]}

{"sheet":"Sheet29","index":30,"n_rows":0,"n_cols":0,"rows_kept":0,"cut":false,"hidden":false,"merged":[]}

{"sheet":"Break-Even Comparison","index":31,"n_rows":201,"n_cols":9,"rows_kept":201,"cut":false,"hidden":false,"merged":[[157,0,157,8],[158,4,158,5],[158,6,158,8],[193,0,193,8],[194,4,194,5],[194,6,194,8],[175,0,175,8],[176,4,176,5],[176,6,176,8],[184,0,184,8],[185,4,185,5],[185,6,185,8],[166,0,166,8],[167,4,167,5],[167,6,167,8],[139,0,139,8],[140,4,140,5],[140,6,140,8],[148,0,148,8],[149,4,149,5],[149,6,149,8],[121,0,121,8],[122,4,122,5],[122,6,122,8],[130,0,130,8],[131,4,131,5],[131,6,131,8],[103,0,103,8],[104,4,104,5],[104,6,104,8],[112,0,112,8],[113,4,113,5],[113,6,113,8],[95,4,95,5],[95,6,95,8],[58,0,58,8],[59,4,59,5],[59,6,59,8],[1,0,1,8],[2,0,2,8],[22,0,22,8],[31,0,31,8],[49,0,49,8],[32,4,32,5],[23,4,23,5],[23,6,23,8],[4,0,4,8],[5,4,5,5],[32,6,32,8],[5,6,5,8],[13,0,13,8],[14,4,14,5],[14,6,14,8],[40,0,40,8],[41,4,41,5],[41,6,41,8],[94,0,94,8],[86,6,86,8],[86,4,86,5],[85,0,85,8],[68,4,68,5],[68,6,68,8],[67,0,67,8],[50,4,50,5],[50,6,50,8],[76,0,76,8],[77,4,77,5],[77,6,77,8]]}
[]
["Comparative Break-Even Analysis Projected for 2019"]
[]
[]
[{"$f":"'Irr Alfalfa'!A3:H3","v":"Irrigated Alfalfa "}]
[null,null,null,null,"BE Price to Cover Variable Costs",null,"BE Price to Cover Total Costs"]
["Yield",{"$f":"'Irr Alfalfa'!C9","v":"tons"},null,null,"Total","Operator","Total","Operator","Owner"]
[0.75,{"$f":"'Irr Alfalfa'!$B$9*$A8","v":4.5},{"$f":"'Irr Alfalfa'!$B$9*(1-'Irr Alfalfa'!$E$9)*$A8","v":3.375},{"$f":"'Irr Alfalfa'!$B$9*'Irr Alfalfa'!$E$9*$A8","v":1.125},{"$f":"('Irr Alfalfa'!F$46+(B8-B$10)*('Irr Alfalfa'!$D$24))/B8","v":177.05128259803919},{"$f":"('Irr Alfalfa'!G$46+(C8-C$10)*('Irr Alfalfa'!$D$24))/C8","v":206.9632455610022},{"$f":"('Irr Alfalfa'!F$61+(B8-B$10)*('Irr Alfalfa'!$D$24))/B8","v":241.32906037581699},{"$f":"('Irr Alfalfa'!G$61+(C8-C$10)*('Irr Alfalfa'!$D$24))/C8","v":251.4817640795207},{"$f":"IF($D8=0,\"N/A\",('Irr Alfalfa'!H$61+(D8-D$10)*('Irr Alfalfa'!$D$24))/D8)","v":210.87094926470587}]
[0.9,{"$f":"'Irr Alfalfa'!$B$9*$A9","v":5.4},{"$f":"'Irr Alfalfa'!$B$9*(1-'Irr Alfalfa'!$E$9)*$A9","v":4.05},{"$f":"'Irr Alfalfa'!$B$9*'Irr Alfalfa'!$E$9*$A9","v":1.35},{"$f":"('Irr Alfalfa'!F$46+(B9-B$10)*('Irr Alfalfa'!$D$24))/B9","v":155.87606883169931},{"$f":"('Irr Alfalfa'!G$46+(C9-C$10)*('Irr Alfalfa'!$D$24))/C9","v":180.80270463416849},{"$f":"('Irr Alfalfa'!F$61+(B9-B$10)*('Irr Alfalfa'!$D$24))/B9","v":209.44088364651412},{"$f":"('Irr Alfalfa'!G$61+(C9-C$10)*('Irr Alfalfa'!$D$24))/C9","v":217.90147006626725},{"$f":"IF($D9=0,\"N/A\",('Irr Alfalfa'!H$61+(D9-D$10)*('Irr Alfalfa'!$D$24))/D9)","v":184.05912438725488}]
[1,{"$f":"'Irr Alfalfa'!$B$9*$A10","v":6},{"$f":"'Irr Alfalfa'!$B$9*(1-'Irr Alfalfa'!$E$9)*$A10","v":4.5},{"$f":"'Irr Alfalfa'!$B$9*'Irr Alfalfa'!$E$9*$A10","v":1.5},{"$f":"('Irr Alfalfa'!F$46+(B10-B$10)*('Irr Alfalfa'!$D$24))/B10","v":145.2884619485294},{"$f":"('Irr Alfalfa'!G$46+(C10-C$10)*('Irr Alfalfa'!$D$24))/C10","v":167.72243417075163},{"$f":"('Irr Alfalfa'!F$61+(B10-B$10)*('Irr Alfalfa'!$D$24))/B10","v":193.49679528186275},{"$f":"('Irr Alfalfa'!G$61+(C10-C$10)*('Irr Alfalfa'!$D$24))/C10","v":201.11132305964054},{"$f":"IF($D10=0,\"N/A\",('Irr Alfalfa'!H$61+(D10-D$10)*('Irr Alfalfa'!$D$24))/D10)","v":170.65321194852939}]
[1.1000000000000001,{"$f":"'Irr Alfalfa'!$B$9*$A11","v":6.6000000000000005},{"$f":"'Irr Alfalfa'!$B$9*(1-'Irr Alfalfa'!$E$9)*$A11","v":4.95},{"$f":"'Irr Alfalfa'!$B$9*'Irr Alfalfa'!$E$9*$A11","v":1.6500000000000001},{"$f":"('Irr Alfalfa'!F$46+(B11-B$10)*('Irr Alfalfa'!$D$24))/B11","v":136.62587449866308},{"$f":"('Irr Alfalfa'!G$46+(C11-C$10)*('Irr Alfalfa'!$D$24))/C11","v":157.02039470068331},{"$f":"('Irr Alfalfa'!F$61+(B11-B$10)*('Irr Alfalfa'!$D$24))/B11","v":180.45163207442064},{"$f":"('Irr Alfalfa'!G$61+(C11-C$10)*('Irr Alfalfa'!$D$24))/C11","v":187.37393005421865},{"$f":"IF($D11=0,\"N/A\",('Irr Alfalfa'!H$61+(D11-D$10)*('Irr Alfalfa'!$D$24))/D11)","v":159.68473813502672}]
[1.25,{"$f":"'Irr Alfalfa'!$B$9*$A12","v":7.5},{"$f":"'Irr Alfalfa'!$B$9*(1-'Irr Alfalfa'!$E$9)*$A12","v":5.625},{"$f":"'Irr Alfalfa'!$B$9*'Irr Alfalfa'!$E$9*$A12","v":1.875},{"$f":"('Irr Alfalfa'!F$46+(B12-B$10)*('Irr Alfalfa'!$D$24))/B12","v":126.23076955882352},{"$f":"('Irr Alfalfa'!G$46+(C12-C$10)*('Irr Alfalfa'!$D$24))/C12","v":144.17794733660131},{"$f":"('Irr Alfalfa'!F$61+(B12-B$10)*('Irr Alfalfa'!$D$24))/B12","v":164.7974362254902},{"$f":"('Irr Alfalfa'!G$61+(C12-C$10)*('Irr Alfalfa'!$D$24))/C12","v":170.88905844771242},{"$f":"IF($D12=0,\"N/A\",('Irr Alfalfa'!H$61+(D12-D$10)*('Irr Alfalfa'!$D$24))/D12)","v":146.52256955882351}]
[]
[{"$f":"'Irr Blackeyes'!A3:H3","v":"Irrigated Blackeyed Peas"}]
[null,null,null,null,"BE Price to Cover Variable Costs",null,"BE Price to Cover Total Costs"]
["Yield",{"$f":"'Irr Blackeyes'!C9","v":"lbs"},null,null,"Total","Operator","Total","Operator","Owner"]
[0.75,{"$f":"'Irr Blackeyes'!$B$9*$A17","v":1387.5},{"$f":"'Irr Blackeyes'!$B$9*(1-'Irr Blackeyes'!$E$9)*$A17","v":1040.625},{"$f":"'Irr Blackeyes'!$B$9*'Irr Blackeyes'!$E$9*$A17","v":346.875},{"$f":"('Irr Blackeyes'!F$46+(B17-B$19)*('Irr Blackeyes'!$D$24))/B17","v":-9.800372306306306},{"$f":"('Irr Blackeyes'!G$46+(C17-C$19)*('Irr Blackeyes'!$D$24))/C17","v":-9.7613349969969967},{"$f":"('Irr Blackeyes'!F$60+(B17-B$19)*('Irr Blackeyes'!$D$24))/B17","v":-9.6639759099099098},{"$f":"('Irr Blackeyes'!G$60+(C17-C$19)*('Irr Blackeyes'!$D$24))/C17","v":-9.713046708708708},{"$f":"IF($D17=0,\"N/A\",('Irr Blackeyes'!H$60+(D17-D$19)*('Irr Blackeyes'!$D$24))/D17)","v":-9.5167635135135136}]
[0.9,{"$f":"'Irr Blackeyes'!$B$9*$A18","v":1665},{"$f":"'Irr Blackeyes'!$B$9*(1-'Irr Blackeyes'!$E$9)*$A18","v":1248.75},{"$f":"'Irr Blackeyes'!$B$9*'Irr Blackeyes'!$E$9*$A18","v":416.25},{"$f":"('Irr Blackeyes'!F$46+(B18-B$19)*('Irr Blackeyes'!$D$24))/B18","v":-3.1669769219219219},{"$f":"('Irr Blackeyes'!G$46+(C18-C$19)*('Irr Blackeyes'!$D$24))/C18","v":-3.1344458308308312},{"$f":"('Irr Blackeyes'!F$60+(B18-B$19)*('Irr Blackeyes'!$D$24))/B18","v":-3.0533132582582581},{"$f":"('Irr Blackeyes'!G$60+(C18-C$19)*('Irr Blackeyes'!$D$24))/C18","v":-3.0942055905905907},{"$f":"IF($D18=0,\"N/A\",('Irr Blackeyes'!H$60+(D18-D$19)*('Irr Blackeyes'!$D$24))/D18)","v":-2.9306362612612609}]
[1,{"$f":"'Irr Blackeyes'!$B$9*$A19","v":1850},{"$f":"'Irr Blackeyes'!$B$9*(1-'Irr Blackeyes'!$E$9)*$A19","v":1387.5},{"$f":"'Irr Blackeyes'!$B$9*'Irr Blackeyes'!$E$9*$A19","v":462.5},{"$f":"('Irr Blackeyes'!F$46+(B19-B$19)*('Irr Blackeyes'!$D$24))/B19","v":0.14972077027027025},{"$f":"('Irr Blackeyes'!G$46+(C19-C$19)*('Irr Blackeyes'!$D$24))/C19","v":0.17899875225225226},{"$f":"('Irr Blackeyes'!F$60+(B19-B$19)*('Irr Blackeyes'!$D$24))/B19","v":0.25201806756756756},{"$f":"('Irr Blackeyes'!G$60+(C19-C$19)*('Irr Blackeyes'!$D$24))/C19","v":0.21521496846846849},{"$f":"IF($D19=0,\"N/A\",('Irr Blackeyes'!H$60+(D19-D$19)*('Irr Blackeyes'!$D$24))/D19)","v":0.36242736486486488}]
[1.1000000000000001,{"$f":"'Irr Blackeyes'!$B$9*$A20","v":2035.0000000000002},{"$f":"'Irr Blackeyes'!$B$9*(1-'Irr Blackeyes'!$E$9)*$A20","v":1526.2500000000002},{"$f":"'Irr Blackeyes'!$B$9*'Irr Blackeyes'!$E$9*$A20","v":508.75000000000006},{"$f":"('Irr Blackeyes'!F$46+(B20-B$19)*('Irr Blackeyes'!$D$24))/B20","v":2.8633825184275219},{"$f":"('Irr Blackeyes'!G$46+(C20-C$19)*('Irr Blackeyes'!$D$24))/C20","v":2.8899988656838698},{"$f":"('Irr Blackeyes'!F$60+(B20-B$19)*('Irr Blackeyes'!$D$24))/B20","v":2.9563800614250648},{"$f":"('Irr Blackeyes'!G$60+(C20-C$19)*('Irr Blackeyes'!$D$24))/C20","v":2.9229226986077026},{"$f":"IF($D20=0,\"N/A\",('Irr Blackeyes'!H$60+(D20-D$19)*('Irr Blackeyes'!$D$24))/D20)","v":3.0567521498771533}]
[1.25,{"$f":"'Irr Blackeyes'!$B$9*$A21","v":2312.5},{"$f":"'Irr Blackeyes'!$B$9*(1-'Irr Blackeyes'!$E$9)*$A21","v":1734.375},{"$f":"'Irr Blackeyes'!$B$9*'Irr Blackeyes'!$E$9*$A21","v":578.125},{"$f":"('Irr Blackeyes'!F$46+(B21-B$19)*('Irr Blackeyes'!$D$24))/B21","v":6.1197766162162166},{"$f":"('Irr Blackeyes'!G$46+(C21-C$19)*('Irr Blackeyes'!$D$24))/C21","v":6.1431990018018023},{"$f":"('Irr Blackeyes'!F$60+(B21-B$19)*('Irr Blackeyes'!$D$24))/B21","v":6.2016144540540541},{"$f":"('Irr Blackeyes'!G$60+(C21-C$19)*('Irr Blackeyes'!$D$24))/C21","v":6.1721719747747752},{"$f":"IF($D21=0,\"N/A\",('Irr Blackeyes'!H$60+(D21-D$19)*('Irr Blackeyes'!$D$24))/D21)","v":6.2899418918918917}]
[]
[{"$f":"'Irr Corn'!A3:H3","v":"Irrigated Corn"}]
[null,null,null,null,"BE Price to Cover Variable Costs",null,"BE Price to Cover Total Costs"]
["Yield",{"$f":"'Irr Corn'!C9","v":"bu"},null,null,"Total","Operator","Total","Operator","Owner"]
[0.75,{"$f":"'Irr Corn'!$B$9*$A26","v":157.5},{"$f":"'Irr Corn'!$B$9*(1-'Irr Corn'!$E$9)*$A26","v":118.125},{"$f":"'Irr Corn'!$B$9*'Irr Corn'!$E$9*$A26","v":39.375},{"$f":"('Irr Corn'!F$45+(B26-B$28)*('Irr Corn'!$D$23))/B26","v":4.705154254444742},{"$f":"('Irr Corn'!G$45+(C26-C$28)*('Irr Corn'!$D$23))/C26","v":5.5384406036510914},{"$f":"('Irr Corn'!F$59+(B26-B$28)*('Irr Corn'!$D$23))/B26","v":5.4495986988891865},{"$f":"('Irr Corn'!G$59+(C26-C$28)*('Irr Corn'!$D$23))/C26","v":5.963837429047917},{"$f":"IF($D26=0,\"N/A\",('Irr Corn'!H$59+(D26-D$28)*('Irr Corn'!$D$23))/D26)","v":3.9068825084129961}]
[0.9,{"$f":"'Irr Corn'!$B$9*$A27","v":189},{"$f":"'Irr Corn'!$B$9*(1-'Irr Corn'!$E$9)*$A27","v":141.75},{"$f":"'Irr Corn'!$B$9*'Irr Corn'!$E$9*$A27","v":47.25},{"$f":"('Irr Corn'!F$45+(B27-B$28)*('Irr Corn'!$D$23))/B27","v":3.9792952120372851},{"$f":"('Irr Corn'!G$45+(C27-C$28)*('Irr Corn'!$D$23))/C27","v":4.6737005030425758},{"$f":"('Irr Corn'!F$59+(B27-B$28)*('Irr Corn'!$D$23))/B27","v":4.5996655824076553},{"$f":"('Irr Corn'!G$59+(C27-C$28)*('Irr Corn'!$D$23))/C27","v":5.0281978575399302},{"$f":"IF($D27=0,\"N/A\",('Irr Corn'!H$59+(D27-D$28)*('Irr Corn'!$D$23))/D27)","v":3.3140687570108303}]
[1,{"$f":"'Irr Corn'!$B$9*$A28","v":210},{"$f":"'Irr Corn'!$B$9*(1-'Irr Corn'!$E$9)*$A28","v":157.5},{"$f":"'Irr Corn'!$B$9*'Irr Corn'!$E$9*$A28","v":52.5},{"$f":"('Irr Corn'!F$45+(B28-B$28)*('Irr Corn'!$D$23))/B28","v":3.6163656908335566},{"$f":"('Irr Corn'!G$45+(C28-C$28)*('Irr Corn'!$D$23))/C28","v":4.2413304527383184},{"$f":"('Irr Corn'!F$59+(B28-B$28)*('Irr Corn'!$D$23))/B28","v":4.1746990241668902},{"$f":"('Irr Corn'!G$59+(C28-C$28)*('Irr Corn'!$D$23))/C28","v":4.5603780717859381},{"$f":"IF($D28=0,\"N/A\",('Irr Corn'!H$59+(D28-D$28)*('Irr Corn'!$D$23))/D28)","v":3.0176618813097473}]
[1.1000000000000001,{"$f":"'Irr Corn'!$B$9*$A29","v":231.00000000000003},{"$f":"'Irr Corn'!$B$9*(1-'Irr Corn'!$E$9)*$A29","v":173.25},{"$f":"'Irr Corn'!$B$9*'Irr Corn'!$E$9*$A29","v":57.750000000000007},{"$f":"('Irr Corn'!F$45+(B29-B$28)*('Irr Corn'!$D$23))/B29","v":3.3194233553032331},{"$f":"('Irr Corn'!G$45+(C29-C$28)*('Irr Corn'!$D$23))/C29","v":3.8875731388530173},{"$f":"('Irr Corn'!F$59+(B29-B$28)*('Irr Corn'!$D$23))/B29","v":3.8269991128789904},{"$f":"('Irr Corn'!G$59+(C29-C$28)*('Irr Corn'!$D$23))/C29","v":4.1776164288963074},{"$f":"IF($D29=0,\"N/A\",('Irr Corn'!H$59+(D29-D$28)*('Irr Corn'!$D$23))/D29)","v":2.7751471648270427}]
[1.25,{"$f":"'Irr Corn'!$B$9*$A30","v":262.5},{"$f":"'Irr Corn'!$B$9*(1-'Irr Corn'!$E$9)*$A30","v":196.875},{"$f":"'Irr Corn'!$B$9*'Irr Corn'!$E$9*$A30","v":65.625},{"$f":"('Irr Corn'!F$45+(B30-B$28)*('Irr Corn'!$D$23))/B30","v":2.9630925526668452},{"$f":"('Irr Corn'!G$45+(C30-C$28)*('Irr Corn'!$D$23))/C30","v":3.4630643621906549},{"$f":"('Irr Corn'!F$59+(B30-B$28)*('Irr Corn'!$D$23))/B30","v":3.409759219333512},{"$f":"('Irr Corn'!G$59+(C30-C$28)*('Irr Corn'!$D$23))/C30","v":3.71830245742875},{"$f":"IF($D30=0,\"N/A\",('Irr Corn'!H$59+(D30-D$28)*('Irr Corn'!$D$23))/D30)","v":2.4841295050477976}]
[]
[{"$f":"'Irr Corn Silage'!A3:H3","v":"Irrigated Corn Silage"}]
[null,null,null,null,"BE Price to Cover Variable Costs",null,"BE Price to Cover Total Costs"]
["Yield",{"$f":"'Irr Corn Silage'!C9","v":"tons"},null,null,"Total","Operator","Total","Operator","Owner"]
[0.75,{"$f":"'Irr Corn Silage'!$B$9*$A35","v":20.25},{"$f":"'Irr Corn Silage'!$B$9*(1-'Irr Corn Silage'!$E$9)*$A35","v":15.1875},{"$f":"'Irr Corn Silage'!$B$9*'Irr Corn Silage'!$E$9*$A35","v":5.0625},{"$f":"('Irr Corn Silage'!F$45+(B35-B$37)*('Irr Corn Silage'!$D$23))/B35","v":41.43437704786556},{"$f":"('Irr Corn Silage'!G$45+(C35-C$37)*('Irr Corn Silage'!$D$23))/C35","v":47.697116142515767},{"$f":"('Irr Corn Silage'!F$59+(B35-B$37)*('Irr Corn Silage'!$D$23))/B35","v":52.162772109593959},{"$f":"('Irr Corn Silage'!G$59+(C35-C$37)*('Irr Corn Silage'!$D$23))/C35","v":51.005758117824406},{"$f":"IF($D35=0,\"N/A\",('Irr Corn Silage'!H$59+(D35-D$37)*('Irr Corn Silage'!$D$23))/D35)","v":55.633814084902603}]
[0.9,{"$f":"'Irr Corn Silage'!$B$9*$A36","v":24.3},{"$f":"'Irr Corn Silage'!$B$9*(1-'Irr Corn Silage'!$E$9)*$A36","v":18.225000000000001},{"$f":"'Irr Corn Silage'!$B$9*'Irr Corn Silage'!$E$9*$A36","v":6.0750000000000002},{"$f":"('Irr Corn Silage'!F$45+(B36-B$37)*('Irr Corn Silage'!$D$23))/B36","v":35.695314206554634},{"$f":"('Irr Corn Silage'!G$45+(C36-C$37)*('Irr Corn Silage'!$D$23))/C36","v":40.914263452096471},{"$f":"('Irr Corn Silage'!F$59+(B36-B$37)*('Irr Corn Silage'!$D$23))/B36","v":44.635643424661623},{"$f":"('Irr Corn Silage'!G$59+(C36-C$37)*('Irr Corn Silage'!$D$23))/C36","v":43.671465098187007},{"$f":"IF($D36=0,\"N/A\",('Irr Corn Silage'!H$59+(D36-D$37)*('Irr Corn Silage'!$D$23))/D36)","v":47.528178404085494}]
[1,{"$f":"'Irr Corn Silage'!$B$9*$A37","v":27},{"$f":"'Irr Corn Silage'!$B$9*(1-'Irr Corn Silage'!$E$9)*$A37","v":20.25},{"$f":"'Irr Corn Silage'!$B$9*'Irr Corn Silage'!$E$9*$A37","v":6.75},{"$f":"('Irr Corn Silage'!F$45+(B37-B$37)*('Irr Corn Silage'!$D$23))/B37","v":32.825782785899172},{"$f":"('Irr Corn Silage'!G$45+(C37-C$37)*('Irr Corn Silage'!$D$23))/C37","v":37.522837106886826},{"$f":"('Irr Corn Silage'!F$59+(B37-B$37)*('Irr Corn Silage'!$D$23))/B37","v":40.872079082195469},{"$f":"('Irr Corn Silage'!G$59+(C37-C$37)*('Irr Corn Silage'!$D$23))/C37","v":40.004318588368307},{"$f":"IF($D37=0,\"N/A\",('Irr Corn Silage'!H$59+(D37-D$37)*('Irr Corn Silage'!$D$23))/D37)","v":43.475360563676951}]
[1.1000000000000001,{"$f":"'Irr Corn Silage'!$B$9*$A38","v":29.700000000000003},{"$f":"'Irr Corn Silage'!$B$9*(1-'Irr Corn Silage'!$E$9)*$A38","v":22.275000000000002},{"$f":"'Irr Corn Silage'!$B$9*'Irr Corn Silage'!$E$9*$A38","v":7.4250000000000007},{"$f":"('Irr Corn Silage'!F$45+(B38-B$37)*('Irr Corn Silage'!$D$23))/B38","v":30.477984350817426},{"$f":"('Irr Corn Silage'!G$45+(C38-C$37)*('Irr Corn Silage'!$D$23))/C38","v":34.748033733533475},{"$f":"('Irr Corn Silage'!F$59+(B38-B$37)*('Irr Corn Silage'!$D$23))/B38","v":37.792799165632246},{"$f":"('Irr Corn Silage'!G$59+(C38-C$37)*('Irr Corn Silage'!$D$23))/C38","v":37.003925989425731},{"$f":"IF($D38=0,\"N/A\",('Irr Corn Silage'!H$59+(D38-D$37)*('Irr Corn Silage'!$D$23))/D38)","v":40.159418694251777}]
[1.25,{"$f":"'Irr Corn Silage'!$B$9*$A39","v":33.75},{"$f":"'Irr Corn Silage'!$B$9*(1-'Irr Corn Silage'!$E$9)*$A39","v":25.3125},{"$f":"'Irr Corn Silage'!$B$9*'Irr Corn Silage'!$E$9*$A39","v":8.4375},{"$f":"('Irr Corn Silage'!F$45+(B39-B$37)*('Irr Corn Silage'!$D$23))/B39","v":27.660626228719337},{"$f":"('Irr Corn Silage'!G$45+(C39-C$37)*('Irr Corn Silage'!$D$23))/C39","v":31.418269685509461},{"$f":"('Irr Corn Silage'!F$59+(B39-B$37)*('Irr Corn Silage'!$D$23))/B39","v":34.097663265756374},{"$f":"('Irr Corn Silage'!G$59+(C39-C$37)*('Irr Corn Silage'!$D$23))/C39","v":33.403454870694645},{"$f":"IF($D39=0,\"N/A\",('Irr Corn Silage'!H$59+(D39-D$37)*('Irr Corn Silage'!$D$23))/D39)","v":36.180288450941561}]
[]
[{"$f":"'Irr Cotton Drip'!A3:H3","v":"Irrigated Cotton - Drip"}]
[null,null,null,null,"BE Price to Cover Variable Costs",null,"BE Price to Cover Total Costs"]
["Yield",{"$f":"'Irr Cotton Drip'!C9","v":"lbs"},null,null,"Total","Operator","Total","Operator","Owner"]
[0.75,{"$f":"'Irr Cotton Drip'!$B$9*$A44","v":1125},{"$f":"'Irr Cotton Drip'!$B$9*(1-'Irr Cotton Drip'!$E$9)*$A44","v":843.75},{"$f":"'Irr Cotton Drip'!$B$9*'Irr Cotton Drip'!$E$9*$A44","v":281.25},{"$f":"('Irr Cotton Drip'!F$52-B44/500*'2019 Universal Input Prices'!$C$40/2000*Cottonseed_Price+(B44-B$46)*'Irr Cotton Drip'!$D$29+(B44-B$46)/'Irr Cotton Drip'!$B$11/100*'Irr Cotton Drip'!$D$30)/B44","v":0.60898299918300669},{"$f":"('Irr Cotton Drip'!G$52-C44/500*'2019 Universal Input Prices'!$C$40/2000*Cottonseed_Price+(C44-C$46)*'Irr Cotton Drip'!$D$29+(C44-C$46)/'Irr Cotton Drip'!$B$11/100*'Irr Cotton Drip'!$D$30)/C44","v":0.72137603622004354},{"$f":"('Irr Cotton Drip'!F$66-B44/500*'2019 Universal Input Prices'!$C$40/2000*Cottonseed_Price+(B44-B$46)*'Irr Cotton Drip'!$D$29+(B44-B$46)/'Irr Cotton Drip'!$B$11/100*'Irr Cotton Drip'!$D$30)/B44","v":0.73098299918300669},{"$f":"('Irr Cotton Drip'!G$66-C44/500*'2019 Universal Input Prices'!$C$40/2000*Cottonseed_Price+(C44-C$46)*'Irr Cotton Drip'!$D$29+(C44-C$46)/'Irr Cotton Drip'!$B$11/100*'Irr Cotton Drip'!$D$30)/C44","v":0.78093159177559912},{"$f":"IF($D44=0,\"N/A\",('Irr Cotton Drip'!H$66-D44/500*'2019 Universal Input Prices'!$C$40/2000*Cottonseed_Price+(D44-D$46)*'Irr Cotton Drip'!$D$29+(D44-D$46)/'Irr Cotton Drip'!$B$11/100*'Irr Cotton Drip'!$D$30)/D44)","v":0.58113722140522872}]
[0.9,{"$f":"'Irr Cotton Drip'!$B$9*$A45","v":1350},{"$f":"'Irr Cotton Drip'!$B$9*(1-'Irr Cotton Drip'!$E$9)*$A45","v":1012.5},{"$f":"'Irr Cotton Drip'!$B$9*'Irr Cotton Drip'!$E$9*$A45","v":337.5},{"$f":"('Irr Cotton Drip'!F$52-B45/500*'2019 Universal Input Prices'!$C$40/2000*Cottonseed_Price+(B45-B$46)*'Irr Cotton Drip'!$D$29+(B45-B$46)/'Irr Cotton Drip'!$B$11/100*'Irr Cotton Drip'!$D$30)/B45","v":0.51698999931917211},{"$f":"('Irr Cotton Drip'!G$52-C45/500*'2019 Universal Input Prices'!$C$40/2000*Cottonseed_Price+(C45-C$46)*'Irr Cotton Drip'!$D$29+(C45-C$46)/'Irr Cotton Drip'!$B$11/100*'Irr Cotton Drip'!$D$30)/C45","v":0.61065086351670295},{"$f":"('Irr Cotton Drip'!F$66-B45/500*'2019 Universal Input Prices'!$C$40/2000*Cottonseed_Price+(B45-B$46)*'Irr Cotton Drip'!$D$29+(B45-B$46)/'Irr Cotton Drip'!$B$11/100*'Irr Cotton Drip'!$D$30)/B45","v":0.61865666598583879},{"$f":"('Irr Cotton Drip'!G$66-C45/500*'2019 Universal Input Prices'!$C$40/2000*Cottonseed_Price+(C45-C$46)*'Irr Cotton Drip'!$D$29+(C45-C$46)/'Irr Cotton Drip'!$B$11/100*'Irr Cotton Drip'!$D$30)/C45","v":0.66028049314633264},{"$f":"IF($D45=0,\"N/A\",('Irr Cotton Drip'!H$66-D45/500*'2019 Universal Input Prices'!$C$40/2000*Cottonseed_Price+(D45-D$46)*'Irr Cotton Drip'!$D$29+(D45-D$46)/'Irr Cotton Drip'!$B$11/100*'Irr Cotton Drip'!$D$30)/D45)","v":0.49378518450435727}]
[1,{"$f":"'Irr Cotton Drip'!$B$9*$A46","v":1500},{"$f":"'Irr Cotton Drip'!$B$9*(1-'Irr Cotton Drip'!$E$9)*$A46","v":1125},{"$f":"'Irr Cotton Drip'!$B$9*'Irr Cotton Drip'!$E$9*$A46","v":375},{"$f":"('Irr Cotton Drip'!F$52-B46/500*'2019 Universal Input Prices'!$C$40/2000*Cottonseed_Price+(B46-B$46)*'Irr Cotton Drip'!$D$29+(B46-B$46)/'Irr Cotton Drip'!$B$11/100*'Irr Cotton Drip'!$D$30)/B46","v":0.47099349938725499},{"$f":"('Irr Cotton Drip'!G$52-C46/500*'2019 Universal Input Prices'!$C$40/2000*Cottonseed_Price+(C46-C$46)*'Irr Cotton Drip'!$D$29+(C46-C$46)/'Irr Cotton Drip'!$B$11/100*'Irr Cotton Drip'!$D$30)/C46","v":0.55528827716503271},{"$f":"('Irr Cotton Drip'!F$66-B46/500*'2019 Universal Input Prices'!$C$40/2000*Cottonseed_Price+(B46-B$46)*'Irr Cotton Drip'!$D$29+(B46-B$46)/'Irr Cotton Drip'!$B$11/100*'Irr Cotton Drip'!$D$30)/B46","v":0.56249349938725501},{"$f":"('Irr Cotton Drip'!G$66-C46/500*'2019 Universal Input Prices'!$C$40/2000*Cottonseed_Price+(C46-C$46)*'Irr Cotton Drip'!$D$29+(C46-C$46)/'Irr Cotton Drip'!$B$11/100*'Irr Cotton Drip'!$D$30)/C46","v":0.59995494383169934},{"$f":"IF($D46=0,\"N/A\",('Irr Cotton Drip'!H$66-D46/500*'2019 Universal Input Prices'!$C$40/2000*Cottonseed_Price+(D46-D$46)*'Irr Cotton Drip'!$D$29+(D46-D$46)/'Irr Cotton Drip'!$B$11/100*'Irr Cotton Drip'!$D$30)/D46)","v":0.45010916605392154}]
[1.1000000000000001,{"$f":"'Irr Cotton Drip'!$B$9*$A47","v":1650.0000000000002},{"$f":"'Irr Cotton Drip'!$B$9*(1-'Irr Cotton Drip'!$E$9)*$A47","v":1237.5},{"$f":"'Irr Cotton Drip'!$B$9*'Irr Cotton Drip'!$E$9*$A47","v":412.50000000000006},{"$f":"('Irr Cotton Drip'!F$52-B47/500*'2019 Universal Input Prices'!$C$40/2000*Cottonseed_Price+(B47-B$46)*'Irr Cotton Drip'!$D$29+(B47-B$46)/'Irr Cotton Drip'!$B$11/100*'Irr Cotton Drip'!$D$30)/B47","v":0.433359999442959},{"$f":"('Irr Cotton Drip'!G$52-C47/500*'2019 Universal Input Prices'!$C$40/2000*Cottonseed_Price+(C47-C$46)*'Irr Cotton Drip'!$D$29+(C47-C$46)/'Irr Cotton Drip'!$B$11/100*'Irr Cotton Drip'!$D$30)/C47","v":0.50999161560457518},{"$f":"('Irr Cotton Drip'!F$66-B47/500*'2019 Universal Input Prices'!$C$40/2000*Cottonseed_Price+(B47-B$46)*'Irr Cotton Drip'!$D$29+(B47-B$46)/'Irr Cotton Drip'!$B$11/100*'Irr Cotton Drip'!$D$30)/B47","v":0.51654181762477724},{"$f":"('Irr Cotton Drip'!G$66-C47/500*'2019 Universal Input Prices'!$C$40/2000*Cottonseed_Price+(C47-C$46)*'Irr Cotton Drip'!$D$29+(C47-C$46)/'Irr Cotton Drip'!$B$11/100*'Irr Cotton Drip'!$D$30)/C47","v":0.55059767621063582},{"$f":"IF($D47=0,\"N/A\",('Irr Cotton Drip'!H$66-D47/500*'2019 Universal Input Prices'!$C$40/2000*Cottonseed_Price+(D47-D$46)*'Irr Cotton Drip'!$D$29+(D47-D$46)/'Irr Cotton Drip'!$B$11/100*'Irr Cotton Drip'!$D$30)/D47)","v":0.4143742418672014}]
[1.25,{"$f":"'Irr Cotton Drip'!$B$9*$A48","v":1875},{"$f":"'Irr Cotton Drip'!$B$9*(1-'Irr Cotton Drip'!$E$9)*$A48","v":1406.25},{"$f":"'Irr Cotton Drip'!$B$9*'Irr Cotton Drip'!$E$9*$A48","v":468.75},{"$f":"('Irr Cotton Drip'!F$52-B48/500*'2019 Universal Input Prices'!$C$40/2000*Cottonseed_Price+(B48-B$46)*'Irr Cotton Drip'!$D$29+(B48-B$46)/'Irr Cotton Drip'!$B$11/100*'Irr Cotton Drip'!$D$30)/B48","v":0.38819979950980393},{"$f":"('Irr Cotton Drip'!G$52-C48/500*'2019 Universal Input Prices'!$C$40/2000*Cottonseed_Price+(C48-C$46)*'Irr Cotton Drip'!$D$29+(C48-C$46)/'Irr Cotton Drip'!$B$11/100*'Irr Cotton Drip'!$D$30)/C48","v":0.45563562173202615},{"$f":"('Irr Cotton Drip'!F$66-B48/500*'2019 Universal Input Prices'!$C$40/2000*Cottonseed_Price+(B48-B$46)*'Irr Cotton Drip'!$D$29+(B48-B$46)/'Irr Cotton Drip'!$B$11/100*'Irr Cotton Drip'!$D$30)/B48","v":0.46139979950980398},{"$f":"('Irr Cotton Drip'!G$66-C48/500*'2019 Universal Input Prices'!$C$40/2000*Cottonseed_Price+(C48-C$46)*'Irr Cotton Drip'!$D$29+(C48-C$46)/'Irr Cotton Drip'!$B$11/100*'Irr Cotton Drip'!$D$30)/C48","v":0.49136895506535949},{"$f":"IF($D48=0,\"N/A\",('Irr Cotton Drip'!H$66-D48/500*'2019 Universal Input Prices'!$C$40/2000*Cottonseed_Price+(D48-D$46)*'Irr Cotton Drip'!$D$29+(D48-D$46)/'Irr Cotton Drip'!$B$11/100*'Irr Cotton Drip'!$D$30)/D48)","v":0.37149233284313721}]
[]
[{"$f":"'Irr Cotton Pivot'!A3:H3","v":"Irrigated Cotton - Pivot"}]
[null,null,null,null,"BE Price to Cover Variable Costs",null,"BE Price to Cover Total Costs"]
["Yield",{"$f":"'Irr Cotton Pivot'!C9","v":"lbs"},null,null,"Total","Operator","Total","Operator","Owner"]
[0.75,{"$f":"'Irr Cotton Pivot'!$B$9*$A53","v":937.5},{"$f":"'Irr Cotton Pivot'!$B$9*(1-'Irr Cotton Pivot'!$E$9)*$A53","v":703.125},{"$f":"'Irr Cotton Pivot'!$B$9*'Irr Cotton Pivot'!$E$9*$A53","v":234.375},{"$f":"('Irr Cotton Pivot'!F$51-B53/500*'2019 Universal Input Prices'!$C$40/2000*Cottonseed_Price+(B53-B$55)*'Irr Cotton Pivot'!$D$28+(B53-B$55)/'Irr Cotton Pivot'!$B$11/100*'Irr Cotton Pivot'!$D$29)/B53","v":0.59504294215686282},{"$f":"('Irr Cotton Pivot'!G$51-C53/500*'2019 Universal Input Prices'!$C$40/2000*Cottonseed_Price+(C53-C$55)*'Irr Cotton Pivot'!$D$28+(C53-C$55)/'Irr Cotton Pivot'!$B$11/100*'Irr Cotton Pivot'!$D$29)/C53","v":0.70278089771241825},{"$f":"('Irr Cotton Pivot'!F$65-B53/500*'2019 Universal Input Prices'!$C$40/2000*Cottonseed_Price+(B53-B$55)*'Irr Cotton Pivot'!$D$28+(B53-B$55)/'Irr Cotton Pivot'!$B$11/100*'Irr Cotton Pivot'!$D$29)/B53","v":0.71690960882352939},{"$f":"('Irr Cotton Pivot'!G$65-C53/500*'2019 Universal Input Prices'!$C$40/2000*Cottonseed_Price+(C53-C$55)*'Irr Cotton Pivot'!$D$28+(C53-C$55)/'Irr Cotton Pivot'!$B$11/100*'Irr Cotton Pivot'!$D$29)/C53","v":0.77424756437908493},{"$f":"IF($D53=0,\"N/A\",('Irr Cotton Pivot'!H$65-D53/500*'2019 Universal Input Prices'!$C$40/2000*Cottonseed_Price+(D53-D$55)*'Irr Cotton Pivot'!$D$28+(D53-D$55)/'Irr Cotton Pivot'!$B$11/100*'Irr Cotton Pivot'!$D$29)/D53)","v":0.54489574215686276}]
[0.9,{"$f":"'Irr Cotton Pivot'!$B$9*$A54","v":1125},{"$f":"'Irr Cotton Pivot'!$B$9*(1-'Irr Cotton Pivot'!$E$9)*$A54","v":843.75},{"$f":"'Irr Cotton Pivot'!$B$9*'Irr Cotton Pivot'!$E$9*$A54","v":281.25},{"$f":"('Irr Cotton Pivot'!F$51-B54/500*'2019 Universal Input Prices'!$C$40/2000*Cottonseed_Price+(B54-B$55)*'Irr Cotton Pivot'!$D$28+(B54-B$55)/'Irr Cotton Pivot'!$B$11/100*'Irr Cotton Pivot'!$D$29)/B54","v":0.505373285130719},{"$f":"('Irr Cotton Pivot'!G$51-C54/500*'2019 Universal Input Prices'!$C$40/2000*Cottonseed_Price+(C54-C$55)*'Irr Cotton Pivot'!$D$28+(C54-C$55)/'Irr Cotton Pivot'!$B$11/100*'Irr Cotton Pivot'!$D$29)/C54","v":0.59515491476034854},{"$f":"('Irr Cotton Pivot'!F$65-B54/500*'2019 Universal Input Prices'!$C$40/2000*Cottonseed_Price+(B54-B$55)*'Irr Cotton Pivot'!$D$28+(B54-B$55)/'Irr Cotton Pivot'!$B$11/100*'Irr Cotton Pivot'!$D$29)/B54","v":0.60692884068627462},{"$f":"('Irr Cotton Pivot'!G$65-C54/500*'2019 Universal Input Prices'!$C$40/2000*Cottonseed_Price+(C54-C$55)*'Irr Cotton Pivot'!$D$28+(C54-C$55)/'Irr Cotton Pivot'!$B$11/100*'Irr Cotton Pivot'!$D$29)/C54","v":0.65471047031590413},{"$f":"IF($D54=0,\"N/A\",('Irr Cotton Pivot'!H$65-D54/500*'2019 Universal Input Prices'!$C$40/2000*Cottonseed_Price+(D54-D$55)*'Irr Cotton Pivot'!$D$28+(D54-D$55)/'Irr Cotton Pivot'!$B$11/100*'Irr Cotton Pivot'!$D$29)/D54)","v":0.46358395179738565}]
[1,{"$f":"'Irr Cotton Pivot'!$B$9*$A55","v":1250},{"$f":"'Irr Cotton Pivot'!$B$9*(1-'Irr Cotton Pivot'!$E$9)*$A55","v":937.5},{"$f":"'Irr Cotton Pivot'!$B$9*'Irr Cotton Pivot'!$E$9*$A55","v":312.5},{"$f":"('Irr Cotton Pivot'!F$51-B55/500*'2019 Universal Input Prices'!$C$40/2000*Cottonseed_Price+(B55-B$55)*'Irr Cotton Pivot'!$D$28+(B55-B$55)/'Irr Cotton Pivot'!$B$11/100*'Irr Cotton Pivot'!$D$29)/B55","v":0.46053845661764709},{"$f":"('Irr Cotton Pivot'!G$51-C55/500*'2019 Universal Input Prices'!$C$40/2000*Cottonseed_Price+(C55-C$55)*'Irr Cotton Pivot'!$D$28+(C55-C$55)/'Irr Cotton Pivot'!$B$11/100*'Irr Cotton Pivot'!$D$29)/C55","v":0.54134192328431374},{"$f":"('Irr Cotton Pivot'!F$65-B55/500*'2019 Universal Input Prices'!$C$40/2000*Cottonseed_Price+(B55-B$55)*'Irr Cotton Pivot'!$D$28+(B55-B$55)/'Irr Cotton Pivot'!$B$11/100*'Irr Cotton Pivot'!$D$29)/B55","v":0.55193845661764707},{"$f":"('Irr Cotton Pivot'!G$65-C55/500*'2019 Universal Input Prices'!$C$40/2000*Cottonseed_Price+(C55-C$55)*'Irr Cotton Pivot'!$D$28+(C55-C$55)/'Irr Cotton Pivot'!$B$11/100*'Irr Cotton Pivot'!$D$29)/C55","v":0.59494192328431372},{"$f":"IF($D55=0,\"N/A\",('Irr Cotton Pivot'!H$65-D55/500*'2019 Universal Input Prices'!$C$40/2000*Cottonseed_Price+(D55-D$55)*'Irr Cotton Pivot'!$D$28+(D55-D$55)/'Irr Cotton Pivot'!$B$11/100*'Irr Cotton Pivot'!$D$29)/D55)","v":0.42292805661764704}]
[1.1000000000000001,{"$f":"'Irr Cotton Pivot'!$B$9*$A56","v":1375},{"$f":"'Irr Cotton Pivot'!$B$9*(1-'Irr Cotton Pivot'!$E$9)*$A56","v":1031.25},{"$f":"'Irr Cotton Pivot'!$B$9*'Irr Cotton Pivot'!$E$9*$A56","v":343.75},{"$f":"('Irr Cotton Pivot'!F$51-B56/500*'2019 Universal Input Prices'!$C$40/2000*Cottonseed_Price+(B56-B$55)*'Irr Cotton Pivot'!$D$28+(B56-B$55)/'Irr Cotton Pivot'!$B$11/100*'Irr Cotton Pivot'!$D$29)/B56","v":0.42385541510695196},{"$f":"('Irr Cotton Pivot'!G$51-C56/500*'2019 Universal Input Prices'!$C$40/2000*Cottonseed_Price+(C56-C$55)*'Irr Cotton Pivot'!$D$28+(C56-C$55)/'Irr Cotton Pivot'!$B$11/100*'Irr Cotton Pivot'!$D$29)/C56","v":0.49731311207664886},{"$f":"('Irr Cotton Pivot'!F$65-B56/500*'2019 Universal Input Prices'!$C$40/2000*Cottonseed_Price+(B56-B$55)*'Irr Cotton Pivot'!$D$28+(B56-B$55)/'Irr Cotton Pivot'!$B$11/100*'Irr Cotton Pivot'!$D$29)/B56","v":0.50694632419786101},{"$f":"('Irr Cotton Pivot'!G$65-C56/500*'2019 Universal Input Prices'!$C$40/2000*Cottonseed_Price+(C56-C$55)*'Irr Cotton Pivot'!$D$28+(C56-C$55)/'Irr Cotton Pivot'!$B$11/100*'Irr Cotton Pivot'!$D$29)/C56","v":0.54604038480392159},{"$f":"IF($D56=0,\"N/A\",('Irr Cotton Pivot'!H$65-D56/500*'2019 Universal Input Prices'!$C$40/2000*Cottonseed_Price+(D56-D$55)*'Irr Cotton Pivot'!$D$28+(D56-D$55)/'Irr Cotton Pivot'!$B$11/100*'Irr Cotton Pivot'!$D$29)/D56)","v":0.38966414237967911}]
[1.25,{"$f":"'Irr Cotton Pivot'!$B$9*$A57","v":1562.5},{"$f":"'Irr Cotton Pivot'!$B$9*(1-'Irr Cotton Pivot'!$E$9)*$A57","v":1171.875},{"$f":"'Irr Cotton Pivot'!$B$9*'Irr Cotton Pivot'!$E$9*$A57","v":390.625},{"$f":"('Irr Cotton Pivot'!F$51-B57/500*'2019 Universal Input Prices'!$C$40/2000*Cottonseed_Price+(B57-B$55)*'Irr Cotton Pivot'!$D$28+(B57-B$55)/'Irr Cotton Pivot'!$B$11/100*'Irr Cotton Pivot'!$D$29)/B57","v":0.37983576529411767},{"$f":"('Irr Cotton Pivot'!G$51-C57/500*'2019 Universal Input Prices'!$C$40/2000*Cottonseed_Price+(C57-C$55)*'Irr Cotton Pivot'!$D$28+(C57-C$55)/'Irr Cotton Pivot'!$B$11/100*'Irr Cotton Pivot'!$D$29)/C57","v":0.44447853862745096},{"$f":"('Irr Cotton Pivot'!F$65-B57/500*'2019 Universal Input Prices'!$C$40/2000*Cottonseed_Price+(B57-B$55)*'Irr Cotton Pivot'!$D$28+(B57-B$55)/'Irr Cotton Pivot'!$B$11/100*'Irr Cotton Pivot'!$D$29)/B57","v":0.45295576529411768},{"$f":"('Irr Cotton Pivot'!G$65-C57/500*'2019 Universal Input Prices'!$C$40/2000*Cottonseed_Price+(C57-C$55)*'Irr Cotton Pivot'!$D$28+(C57-C$55)/'Irr Cotton Pivot'!$B$11/100*'Irr Cotton Pivot'!$D$29)/C57","v":0.48735853862745093},{"$f":"IF($D57=0,\"N/A\",('Irr Cotton Pivot'!H$65-D57/500*'2019 Universal Input Prices'!$C$40/2000*Cottonseed_Price+(D57-D$55)*'Irr Cotton Pivot'!$D$28+(D57-D$55)/'Irr Cotton Pivot'!$B$11/100*'Irr Cotton Pivot'!$D$29)/D57)","v":0.34974744529411766}]
[]
[{"$f":"'Irr Guar'!A3:H3","v":"Irrigated Guar"}]
[null,null,null,null,"BE Price to Cover Variable Costs",null,"BE Price to Cover Total Costs"]
["Yield",{"$f":"'Irr Guar'!C9","v":"lb"},null,null,"Total","Operator","Total","Operator","Owner"]
[0.75,{"$f":"'Irr Guar'!$B$9*$A62","v":900},{"$f":"'Irr Guar'!$B$9*(1-'Irr Guar'!$E$9)*$A62","v":675},{"$f":"'Irr Guar'!$B$9*'Irr Guar'!$E$9*$A62","v":225},{"$f":"('Irr Guar'!$F$47+($B62-$B$73)*'Irr Guar'!$D$25)/$B62","v":0.41324157264957267},{"$f":"('Irr Guar'!$G$47+($C62-$C$73)*'Irr Guar'!$D$25)/$C62","v":0.43432223931623931},{"$f":"('Irr Guar'!$F$61+($B62-$B$73)*'Irr Guar'!$D$25)/$B62","v":0.62685268376068382},{"$f":"('Irr Guar'!$G$61+($C62-$C$73)*'Irr Guar'!$D$25)/$C62","v":0.50876668376068379},{"$f":"IF($D62=0, \"N/A\", ('Irr Guar'!$H$61+($D62-$D$73)*'Irr Guar'!$D$25)/$D62)","v":0.98111068376068367}]
[0.9,{"$f":"'Irr Guar'!$B$9*$A63","v":1080},{"$f":"'Irr Guar'!$B$9*(1-'Irr Guar'!$E$9)*$A63","v":810},{"$f":"'Irr Guar'!$B$9*'Irr Guar'!$E$9*$A63","v":270},{"$f":"('Irr Guar'!$F$47+($B63-$B$73)*'Irr Guar'!$D$25)/$B63","v":0.37770131054131056},{"$f":"('Irr Guar'!$G$47+($C63-$C$73)*'Irr Guar'!$D$25)/$C63","v":0.3952685327635328},{"$f":"('Irr Guar'!$F$61+($B63-$B$73)*'Irr Guar'!$D$25)/$B63","v":0.55571056980056988},{"$f":"('Irr Guar'!$G$61+($C63-$C$73)*'Irr Guar'!$D$25)/$C63","v":0.4573055698005698},{"$f":"IF($D63=0, \"N/A\", ('Irr Guar'!$H$61+($D63-$D$73)*'Irr Guar'!$D$25)/$D63)","v":0.85092556980056966}]
[1,{"$f":"'Irr Guar'!$B$9*$A64","v":1200},{"$f":"'Irr Guar'!$B$9*(1-'Irr Guar'!$E$9)*$A64","v":900},{"$f":"'Irr Guar'!$B$9*'Irr Guar'!$E$9*$A64","v":300},{"$f":"('Irr Guar'!$F$47+($B64-$B$73)*'Irr Guar'!$D$25)/$B64","v":0.35993117948717951},{"$f":"('Irr Guar'!$G$47+($C64-$C$73)*'Irr Guar'!$D$25)/$C64","v":0.37574167948717951},{"$f":"('Irr Guar'!$F$61+($B64-$B$73)*'Irr Guar'!$D$25)/$B64","v":0.52013951282051285},{"$f":"('Irr Guar'!$G$61+($C64-$C$73)*'Irr Guar'!$D$25)/$C64","v":0.43157501282051286},{"$f":"IF($D64=0, \"N/A\", ('Irr Guar'!$H$61+($D64-$D$73)*'Irr Guar'!$D$25)/$D64)","v":0.78583301282051277}]
[1.1000000000000001,{"$f":"'Irr Guar'!$B$9*$A65","v":1320},{"$f":"'Irr Guar'!$B$9*(1-'Irr Guar'!$E$9)*$A65","v":990.00000000000011},{"$f":"'Irr Guar'!$B$9*'Irr Guar'!$E$9*$A65","v":330},{"$f":"('Irr Guar'!$F$47+($B65-$B$73)*'Irr Guar'!$D$25)/$B65","v":0.3453919813519814},{"$f":"('Irr Guar'!$G$47+($C65-$C$73)*'Irr Guar'!$D$25)/$C65","v":0.35976516317016316},{"$f":"('Irr Guar'!$F$61+($B65-$B$73)*'Irr Guar'!$D$25)/$B65","v":0.49103592074592078},{"$f":"('Irr Guar'!$G$61+($C65-$C$73)*'Irr Guar'!$D$25)/$C65","v":0.41052273892773888},{"$f":"IF($D65=0, \"N/A\", ('Irr Guar'!$H$61+($D65-$D$73)*'Irr Guar'!$D$25)/$D65)","v":0.7325754662004661}]
[1.25,{"$f":"'Irr Guar'!$B$9*$A66","v":1500},{"$f":"'Irr Guar'!$B$9*(1-'Irr Guar'!$E$9)*$A66","v":1125},{"$f":"'Irr Guar'!$B$9*'Irr Guar'!$E$9*$A66","v":375},{"$f":"('Irr Guar'!$F$47+($B66-$B$73)*'Irr Guar'!$D$25)/$B66","v":0.32794494358974363},{"$f":"('Irr Guar'!$G$47+($C66-$C$73)*'Irr Guar'!$D$25)/$C66","v":0.34059334358974358},{"$f":"('Irr Guar'!$F$61+($B66-$B$73)*'Irr Guar'!$D$25)/$B66","v":0.45611161025641028},{"$f":"('Irr Guar'!$G$61+($C66-$C$73)*'Irr Guar'!$D$25)/$C66","v":0.38526001025641027},{"$f":"IF($D66=0, \"N/A\", ('Irr Guar'!$H$61+($D66-$D$73)*'Irr Guar'!$D$25)/$D66)","v":0.66866641025641016}]
[]
[{"$f":"'Irr Peanuts'!A3:H3","v":"Irrigated Peanuts"}]
[null,null,null,null,"BE Price to Cover Variable Costs",null,"BE Price to Cover Total Costs"]
["Yield",{"$f":"'Irr Peanuts'!C9","v":"tons"},null,null,"Total","Operator","Total","Operator","Owner"]
[0.75,{"$f":"'Irr Peanuts'!$B$9*$A71","v":1.6500000000000001},{"$f":"'Irr Peanuts'!$B$9*(1-'Irr Peanuts'!$E$9)*$A71","v":1.2375},{"$f":"'Irr Peanuts'!$B$9*'Irr Peanuts'!$E$9*$A71","v":0.41250000000000003},{"$f":"('Irr Peanuts'!$F$50+($B71-$B$73)*(SUM('Irr Peanuts'!$D$26:$D$27)))/$B71","v":504.05913190730831},{"$f":"('Irr Peanuts'!$G$50+($C71-$C$73)*(SUM('Irr Peanuts'!$D$26:$D$27)))/$C71","v":589.94240463458107},{"$f":"('Irr Peanuts'!$F$64+($B71-$B$73)*(SUM('Irr Peanuts'!$D$26:$D$27)))/$B71","v":635.725798573975},{"$f":"('Irr Peanuts'!$G$64+($C71-$C$73)*(SUM('Irr Peanuts'!$D$26:$D$27)))/$C71","v":630.54846524064169},{"$f":"IF($D71=0, \"N/A\", ('Irr Peanuts'!$H$64+($D71-$D$73)*(SUM('Irr Peanuts'!$D$26:$D$27)))/$D71)","v":651.25779857397492}]
[0.9,{"$f":"'Irr Peanuts'!$B$9*$A72","v":1.9800000000000002},{"$f":"'Irr Peanuts'!$B$9*(1-'Irr Peanuts'!$E$9)*$A72","v":1.4850000000000001},{"$f":"'Irr Peanuts'!$B$9*'Irr Peanuts'!$E$9*$A72","v":0.49500000000000005},{"$f":"('Irr Peanuts'!$F$50+($B72-$B$73)*(SUM('Irr Peanuts'!$D$26:$D$27)))/$B72","v":435.04927658942364},{"$f":"('Irr Peanuts'!$G$50+($C72-$C$73)*(SUM('Irr Peanuts'!$D$26:$D$27)))/$C72","v":506.61867052881752},{"$f":"('Irr Peanuts'!$F$64+($B72-$B$73)*(SUM('Irr Peanuts'!$D$26:$D$27)))/$B72","v":544.77149881164587},{"$f":"('Irr Peanuts'!$G$64+($C72-$C$73)*(SUM('Irr Peanuts'!$D$26:$D$27)))/$C72","v":540.45705436720129},{"$f":"IF($D72=0, \"N/A\", ('Irr Peanuts'!$H$64+($D72-$D$73)*(SUM('Irr Peanuts'!$D$26:$D$27)))/$D72)","v":557.71483214497914}]
[1,{"$f":"'Irr Peanuts'!$B$9*$A73","v":2.2000000000000002},{"$f":"'Irr Peanuts'!$B$9*(1-'Irr Peanuts'!$E$9)*$A73","v":1.6500000000000001},{"$f":"'Irr Peanuts'!$B$9*'Irr Peanuts'!$E$9*$A73","v":0.55000000000000004},{"$f":"('Irr Peanuts'!$F$50+($B73-$B$73)*(SUM('Irr Peanuts'!$D$26:$D$27)))/$B73","v":400.54434893048125},{"$f":"('Irr Peanuts'!$G$50+($C73-$C$73)*(SUM('Irr Peanuts'!$D$26:$D$27)))/$C73","v":464.95680347593577},{"$f":"('Irr Peanuts'!$F$64+($B73-$B$73)*(SUM('Irr Peanuts'!$D$26:$D$27)))/$B73","v":499.29434893048125},{"$f":"('Irr Peanuts'!$G$64+($C73-$C$73)*(SUM('Irr Peanuts'!$D$26:$D$27)))/$C73","v":495.41134893048121},{"$f":"IF($D73=0, \"N/A\", ('Irr Peanuts'!$H$64+($D73-$D$73)*(SUM('Irr Peanuts'!$D$26:$D$27)))/$D73)","v":510.94334893048125}]
[1.1000000000000001,{"$f":"'Irr Peanuts'!$B$9*$A74","v":2.4200000000000004},{"$f":"'Irr Peanuts'!$B$9*(1-'Irr Peanuts'!$E$9)*$A74","v":1.8150000000000004},{"$f":"'Irr Peanuts'!$B$9*'Irr Peanuts'!$E$9*$A74","v":0.60500000000000009},{"$f":"('Irr Peanuts'!$F$50+($B74-$B$73)*(SUM('Irr Peanuts'!$D$26:$D$27)))/$B74","v":372.31304448225569},{"$f":"('Irr Peanuts'!$G$50+($C74-$C$73)*(SUM('Irr Peanuts'!$D$26:$D$27)))/$C74","v":430.86982134175975},{"$f":"('Irr Peanuts'!$F$64+($B74-$B$73)*(SUM('Irr Peanuts'!$D$26:$D$27)))/$B74","v":462.08577175498289},{"$f":"('Irr Peanuts'!$G$64+($C74-$C$73)*(SUM('Irr Peanuts'!$D$26:$D$27)))/$C74","v":458.55577175498286},{"$f":"IF($D74=0, \"N/A\", ('Irr Peanuts'!$H$64+($D74-$D$73)*(SUM('Irr Peanuts'!$D$26:$D$27)))/$D74)","v":472.67577175498286}]
[1.25,{"$f":"'Irr Peanuts'!$B$9*$A75","v":2.75},{"$f":"'Irr Peanuts'!$B$9*(1-'Irr Peanuts'!$E$9)*$A75","v":2.0625},{"$f":"'Irr Peanuts'!$B$9*'Irr Peanuts'!$E$9*$A75","v":0.6875},{"$f":"('Irr Peanuts'!$F$50+($B75-$B$73)*(SUM('Irr Peanuts'!$D$26:$D$27)))/$B75","v":338.435479144385},{"$f":"('Irr Peanuts'!$G$50+($C75-$C$73)*(SUM('Irr Peanuts'!$D$26:$D$27)))/$C75","v":389.96544278074862},{"$f":"('Irr Peanuts'!$F$64+($B75-$B$73)*(SUM('Irr Peanuts'!$D$26:$D$27)))/$B75","v":417.435479144385},{"$f":"('Irr Peanuts'!$G$64+($C75-$C$73)*(SUM('Irr Peanuts'!$D$26:$D$27)))/$C75","v":414.32907914438499},{"$f":"IF($D75=0, \"N/A\", ('Irr Peanuts'!$H$64+($D75-$D$73)*(SUM('Irr Peanuts'!$D$26:$D$27)))/$D75)","v":426.75467914438502}]
[]
[{"$f":"'Irr Sesame'!A3:H3","v":"Irrigated Sesame"}]
[null,null,null,null,"BE Price to Cover Variable Costs",null,"BE Price to Cover Total Costs"]
["Yield",{"$f":"'Irr Sesame'!C9","v":"lbs"},null,null,"Total","Operator","Total","Operator","Owner"]
[0.75,{"$f":"'Irr Sesame'!$B$9*$A80","v":1125},{"$f":"'Irr Sesame'!$B$9*(1-'Irr Sesame'!$E$9)*$A80","v":843.75},{"$f":"'Irr Sesame'!$B$9*'Irr Sesame'!$E$9*$A80","v":281.25},{"$f":"('Irr Sesame'!$F$47+($B80-$B$82)*'Irr Sesame'!$D$24)/$B80","v":0.25160150441176471},{"$f":"('Irr Sesame'!$G$47+($C80-$C$82)*'Irr Sesame'!$D$24)/$C80","v":0.3137097414488017},{"$f":"('Irr Sesame'!$F$61+($B80-$B$82)*'Irr Sesame'!$D$24)/$B80","v":0.41982372663398687},{"$f":"('Irr Sesame'!$G$61+($C80-$C$82)*'Irr Sesame'!$D$24)/$C80","v":0.37326529700435729},{"$f":"IF($D80=0, \"N/A\", ('Irr Sesame'!$H$61+($D80-$D$82)*'Irr Sesame'!$D$24)/$D80)","v":0.55949901552287584}]
[0.9,{"$f":"'Irr Sesame'!$B$9*$A81","v":1350},{"$f":"'Irr Sesame'!$B$9*(1-'Irr Sesame'!$E$9)*$A81","v":1012.5},{"$f":"'Irr Sesame'!$B$9*'Irr Sesame'!$E$9*$A81","v":337.5},{"$f":"('Irr Sesame'!$F$47+($B81-$B$82)*'Irr Sesame'!$D$24)/$B81","v":0.22966792034313724},{"$f":"('Irr Sesame'!$G$47+($C81-$C$82)*'Irr Sesame'!$D$24)/$C81","v":0.2814247845406681},{"$f":"('Irr Sesame'!$F$61+($B81-$B$82)*'Irr Sesame'!$D$24)/$B81","v":0.3698531055283224},{"$f":"('Irr Sesame'!$G$61+($C81-$C$82)*'Irr Sesame'!$D$24)/$C81","v":0.33105441417029774},{"$f":"IF($D81=0, \"N/A\", ('Irr Sesame'!$H$61+($D81-$D$82)*'Irr Sesame'!$D$24)/$D81)","v":0.4862491796023965}]
[1,{"$f":"'Irr Sesame'!$B$9*$A82","v":1500},{"$f":"'Irr Sesame'!$B$9*(1-'Irr Sesame'!$E$9)*$A82","v":1125},{"$f":"'Irr Sesame'!$B$9*'Irr Sesame'!$E$9*$A82","v":375},{"$f":"('Irr Sesame'!$F$47+($B82-$B$82)*'Irr Sesame'!$D$24)/$B82","v":0.21870112830882352},{"$f":"('Irr Sesame'!$G$47+($C82-$C$82)*'Irr Sesame'!$D$24)/$C82","v":0.2652823060866013},{"$f":"('Irr Sesame'!$F$61+($B82-$B$82)*'Irr Sesame'!$D$24)/$B82","v":0.34486779497549014},{"$f":"('Irr Sesame'!$G$61+($C82-$C$82)*'Irr Sesame'!$D$24)/$C82","v":0.30994897275326794},{"$f":"IF($D82=0, \"N/A\", ('Irr Sesame'!$H$61+($D82-$D$82)*'Irr Sesame'!$D$24)/$D82)","v":0.44962426164215685}]
[1.1000000000000001,{"$f":"'Irr Sesame'!$B$9*$A83","v":1650.0000000000002},{"$f":"'Irr Sesame'!$B$9*(1-'Irr Sesame'!$E$9)*$A83","v":1237.5},{"$f":"'Irr Sesame'!$B$9*'Irr Sesame'!$E$9*$A83","v":412.50000000000006},{"$f":"('Irr Sesame'!$F$47+($B83-$B$82)*'Irr Sesame'!$D$24)/$B83","v":0.2097282984625668},{"$f":"('Irr Sesame'!$G$47+($C83-$C$82)*'Irr Sesame'!$D$24)/$C83","v":0.2520748237150921},{"$f":"('Irr Sesame'!$F$61+($B83-$B$82)*'Irr Sesame'!$D$24)/$B83","v":0.32442526815953643},{"$f":"('Irr Sesame'!$G$61+($C83-$C$82)*'Irr Sesame'!$D$24)/$C83","v":0.29268088432115269},{"$f":"IF($D83=0, \"N/A\", ('Irr Sesame'!$H$61+($D83-$D$82)*'Irr Sesame'!$D$24)/$D83)","v":0.41965841967468798}]
[1.25,{"$f":"'Irr Sesame'!$B$9*$A84","v":1875},{"$f":"'Irr Sesame'!$B$9*(1-'Irr Sesame'!$E$9)*$A84","v":1406.25},{"$f":"'Irr Sesame'!$B$9*'Irr Sesame'!$E$9*$A84","v":468.75},{"$f":"('Irr Sesame'!$F$47+($B84-$B$82)*'Irr Sesame'!$D$24)/$B84","v":0.19896090264705882},{"$f":"('Irr Sesame'!$G$47+($C84-$C$82)*'Irr Sesame'!$D$24)/$C84","v":0.23622584486928103},{"$f":"('Irr Sesame'!$F$61+($B84-$B$82)*'Irr Sesame'!$D$24)/$B84","v":0.29989423598039211},{"$f":"('Irr Sesame'!$G$61+($C84-$C$82)*'Irr Sesame'!$D$24)/$C84","v":0.27195917820261434},{"$f":"IF($D84=0, \"N/A\", ('Irr Sesame'!$H$61+($D84-$D$82)*'Irr Sesame'!$D$24)/$D84)","v":0.38369940931372548}]
[]
[{"$f":"'Irr Sorghum'!A3:H3","v":"Irrigated Sorghum"}]
[null,null,null,null,"BE Price to Cover Variable Costs",null,"BE Price to Cover Total Costs"]
["Yield",{"$f":"'Irr Sorghum'!C9","v":"cwt"},null,null,"Total","Operator","Total","Operator","Owner"]
[0.75,{"$f":"'Irr Sorghum'!$B$9*$A89","v":41.25},{"$f":"'Irr Sorghum'!$B$9*(1-'Irr Sorghum'!$E$9)*$A89","v":30.9375},{"$f":"'Irr Sorghum'!$B$9*'Irr Sorghum'!$E$9*$A89","v":10.3125},{"$f":"('Irr Sorghum'!$F$46-'Irr Sorghum'!$F$10+($B89-$B$91)*'Irr Sorghum'!$D$24)/$B89","v":8.5993249902178164},{"$f":"('Irr Sorghum'!$G$46-'Irr Sorghum'!$G$10+($C89-$C$91)*'Irr Sorghum'!$D$24)/$C89","v":9.9014946871875136},{"$f":"('Irr Sorghum'!$F$60-'Irr Sorghum'!$F$10+($B89-$B$91)*'Irr Sorghum'!$D$24)/$B89","v":13.187203778096602},{"$f":"('Irr Sorghum'!$G$60-'Irr Sorghum'!$G$10+($C89-$C$91)*'Irr Sorghum'!$D$24)/$C89","v":11.525737111429939},{"$f":"IF($D89=0, \"N/A\", ('Irr Sorghum'!$H$60-'Irr Sorghum'!$H$10+($D89-$D$91)*'Irr Sorghum'!$D$24)/$D89)","v":18.171603778096603}]
[0.9,{"$f":"'Irr Sorghum'!$B$9*$A90","v":49.5},{"$f":"'Irr Sorghum'!$B$9*(1-'Irr Sorghum'!$E$9)*$A90","v":37.125},{"$f":"'Irr Sorghum'!$B$9*'Irr Sorghum'!$E$9*$A90","v":12.375},{"$f":"('Irr Sorghum'!$F$46-'Irr Sorghum'!$F$10+($B90-$B$91)*'Irr Sorghum'!$D$24)/$B90","v":7.266104158514846},{"$f":"('Irr Sorghum'!$G$46-'Irr Sorghum'!$G$10+($C90-$C$91)*'Irr Sorghum'!$D$24)/$C90","v":8.3512455726562607},{"$f":"('Irr Sorghum'!$F$60-'Irr Sorghum'!$F$10+($B90-$B$91)*'Irr Sorghum'!$D$24)/$B90","v":11.08933648174717},{"$f":"('Irr Sorghum'!$G$60-'Irr Sorghum'!$G$10+($C90-$C$91)*'Irr Sorghum'!$D$24)/$C90","v":9.7047809261916154},{"$f":"IF($D90=0, \"N/A\", ('Irr Sorghum'!$H$60-'Irr Sorghum'!$H$10+($D90-$D$91)*'Irr Sorghum'!$D$24)/$D90)","v":15.243003148413838}]
[1,{"$f":"'Irr Sorghum'!$B$9*$A91","v":55},{"$f":"'Irr Sorghum'!$B$9*(1-'Irr Sorghum'!$E$9)*$A91","v":41.25},{"$f":"'Irr Sorghum'!$B$9*'Irr Sorghum'!$E$9*$A91","v":13.75},{"$f":"('Irr Sorghum'!$F$46-'Irr Sorghum'!$F$10+($B91-$B$91)*'Irr Sorghum'!$D$24)/$B91","v":6.5994937426633618},{"$f":"('Irr Sorghum'!$G$46-'Irr Sorghum'!$G$10+($C91-$C$91)*'Irr Sorghum'!$D$24)/$C91","v":7.576121015390636},{"$f":"('Irr Sorghum'!$F$60-'Irr Sorghum'!$F$10+($B91-$B$91)*'Irr Sorghum'!$D$24)/$B91","v":10.040402833572452},{"$f":"('Irr Sorghum'!$G$60-'Irr Sorghum'!$G$10+($C91-$C$91)*'Irr Sorghum'!$D$24)/$C91","v":8.7943028335724538},{"$f":"IF($D91=0, \"N/A\", ('Irr Sorghum'!$H$60-'Irr Sorghum'!$H$10+($D91-$D$91)*'Irr Sorghum'!$D$24)/$D91)","v":13.778702833572453}]
[1.1000000000000001,{"$f":"'Irr Sorghum'!$B$9*$A92","v":60.500000000000007},{"$f":"'Irr Sorghum'!$B$9*(1-'Irr Sorghum'!$E$9)*$A92","v":45.375000000000007},{"$f":"'Irr Sorghum'!$B$9*'Irr Sorghum'!$E$9*$A92","v":15.125000000000002},{"$f":"('Irr Sorghum'!$F$46-'Irr Sorghum'!$F$10+($B92-$B$91)*'Irr Sorghum'!$D$24)/$B92","v":6.0540852206030555},{"$f":"('Irr Sorghum'!$G$46-'Irr Sorghum'!$G$10+($C92-$C$91)*'Irr Sorghum'!$D$24)/$C92","v":6.9419281958096679},{"$f":"('Irr Sorghum'!$F$60-'Irr Sorghum'!$F$10+($B92-$B$91)*'Irr Sorghum'!$D$24)/$B92","v":9.1821843941567725},{"$f":"('Irr Sorghum'!$G$60-'Irr Sorghum'!$G$10+($C92-$C$91)*'Irr Sorghum'!$D$24)/$C92","v":8.0493662123385938},{"$f":"IF($D92=0, \"N/A\", ('Irr Sorghum'!$H$60-'Irr Sorghum'!$H$10+($D92-$D$91)*'Irr Sorghum'!$D$24)/$D92)","v":12.580638939611319}]
[1.25,{"$f":"'Irr Sorghum'!$B$9*$A93","v":68.75},{"$f":"'Irr Sorghum'!$B$9*(1-'Irr Sorghum'!$E$9)*$A93","v":51.5625},{"$f":"'Irr Sorghum'!$B$9*'Irr Sorghum'!$E$9*$A93","v":17.1875},{"$f":"('Irr Sorghum'!$F$46-'Irr Sorghum'!$F$10+($B93-$B$91)*'Irr Sorghum'!$D$24)/$B93","v":5.3995949941306893},{"$f":"('Irr Sorghum'!$G$46-'Irr Sorghum'!$G$10+($C93-$C$91)*'Irr Sorghum'!$D$24)/$C93","v":6.1808968123125085},{"$f":"('Irr Sorghum'!$F$60-'Irr Sorghum'!$F$10+($B93-$B$91)*'Irr Sorghum'!$D$24)/$B93","v":8.1523222668579614},{"$f":"('Irr Sorghum'!$G$60-'Irr Sorghum'!$G$10+($C93-$C$91)*'Irr Sorghum'!$D$24)/$C93","v":7.1554422668579631},{"$f":"IF($D93=0, \"N/A\", ('Irr Sorghum'!$H$60-'Irr Sorghum'!$H$10+($D93-$D$91)*'Irr Sorghum'!$D$24)/$D93)","v":11.142962266857962}]
[]
[{"$f":"'Irr Sorghum Silage'!A3:H3","v":"Irrigated Sorghum Silage"}]
[null,null,null,null,"BE Price to Cover Variable Costs",null,"BE Price to Cover Total Costs"]
["Yield",{"$f":"'Irr Sorghum Silage'!C9","v":"tons"},null,null,"Total","Operator","Total","Operator","Owner"]
[0.75,{"$f":"'Irr Sorghum Silage'!$B$9*$A98","v":18},{"$f":"'Irr Sorghum Silage'!$B$9*(1-'Irr Sorghum Silage'!$E$9)*$A98","v":13.5},{"$f":"'Irr Sorghum Silage'!$B$9*'Irr Sorghum Silage'!$E$9*$A98","v":4.5},{"$f":"('Irr Sorghum Silage'!F$45+(B98-B$100)*('Irr Sorghum Silage'!$D$23))/B98","v":32.356999963633832},{"$f":"('Irr Sorghum Silage'!G$45+(C98-C$100)*('Irr Sorghum Silage'!$D$23))/C98","v":37.393732529126154},{"$f":"('Irr Sorghum Silage'!F$59+(B98-B$100)*('Irr Sorghum Silage'!$D$23))/B98","v":42.870888852522718},{"$f":"('Irr Sorghum Silage'!G$59+(C98-C$100)*('Irr Sorghum Silage'!$D$23))/C98","v":41.115954751348376},{"$f":"IF($D98=0,\"N/A\",('Irr Sorghum Silage'!H$59+(D98-D$100)*('Irr Sorghum Silage'!$D$23))/D98)","v":48.135691156045752}]
[0.9,{"$f":"'Irr Sorghum Silage'!$B$9*$A99","v":21.6},{"$f":"'Irr Sorghum Silage'!$B$9*(1-'Irr Sorghum Silage'!$E$9)*$A99","v":16.2},{"$f":"'Irr Sorghum Silage'!$B$9*'Irr Sorghum Silage'!$E$9*$A99","v":5.4},{"$f":"('Irr Sorghum Silage'!F$45+(B99-B$100)*('Irr Sorghum Silage'!$D$23))/B99","v":28.130833303028194},{"$f":"('Irr Sorghum Silage'!G$45+(C99-C$100)*('Irr Sorghum Silage'!$D$23))/C99","v":32.328110440938467},{"$f":"('Irr Sorghum Silage'!F$59+(B99-B$100)*('Irr Sorghum Silage'!$D$23))/B99","v":36.892407377102266},{"$f":"('Irr Sorghum Silage'!G$59+(C99-C$100)*('Irr Sorghum Silage'!$D$23))/C99","v":35.429962292790314},{"$f":"IF($D99=0,\"N/A\",('Irr Sorghum Silage'!H$59+(D99-D$100)*('Irr Sorghum Silage'!$D$23))/D99)","v":41.279742630038129}]
[1,{"$f":"'Irr Sorghum Silage'!$B$9*$A100","v":24},{"$f":"'Irr Sorghum Silage'!$B$9*(1-'Irr Sorghum Silage'!$E$9)*$A100","v":18},{"$f":"'Irr Sorghum Silage'!$B$9*'Irr Sorghum Silage'!$E$9*$A100","v":6},{"$f":"('Irr Sorghum Silage'!F$45+(B100-B$100)*('Irr Sorghum Silage'!$D$23))/B100","v":26.017749972725372},{"$f":"('Irr Sorghum Silage'!G$45+(C100-C$100)*('Irr Sorghum Silage'!$D$23))/C100","v":29.795299396844616},{"$f":"('Irr Sorghum Silage'!F$59+(B100-B$100)*('Irr Sorghum Silage'!$D$23))/B100","v":33.90316663939204},{"$f":"('Irr Sorghum Silage'!G$59+(C100-C$100)*('Irr Sorghum Silage'!$D$23))/C100","v":32.586966063511284},{"$f":"IF($D100=0,\"N/A\",('Irr Sorghum Silage'!H$59+(D100-D$100)*('Irr Sorghum Silage'!$D$23))/D100)","v":37.851768367034317}]
[1.1000000000000001,{"$f":"'Irr Sorghum Silage'!$B$9*$A101","v":26.400000000000002},{"$f":"'Irr Sorghum Silage'!$B$9*(1-'Irr Sorghum Silage'!$E$9)*$A101","v":19.8},{"$f":"'Irr Sorghum Silage'!$B$9*'Irr Sorghum Silage'!$E$9*$A101","v":6.6000000000000005},{"$f":"('Irr Sorghum Silage'!F$45+(B101-B$100)*('Irr Sorghum Silage'!$D$23))/B101","v":24.288863611568523},{"$f":"('Irr Sorghum Silage'!G$45+(C101-C$100)*('Irr Sorghum Silage'!$D$23))/C101","v":27.722999451676923},{"$f":"('Irr Sorghum Silage'!F$59+(B101-B$100)*('Irr Sorghum Silage'!$D$23))/B101","v":31.457424217629129},{"$f":"('Irr Sorghum Silage'!G$59+(C101-C$100)*('Irr Sorghum Silage'!$D$23))/C101","v":30.260878239555712},{"$f":"IF($D101=0,\"N/A\",('Irr Sorghum Silage'!H$59+(D101-D$100)*('Irr Sorghum Silage'!$D$23))/D101)","v":35.047062151849374}]
[1.25,{"$f":"'Irr Sorghum Silage'!$B$9*$A102","v":30},{"$f":"'Irr Sorghum Silage'!$B$9*(1-'Irr Sorghum Silage'!$E$9)*$A102","v":22.5},{"$f":"'Irr Sorghum Silage'!$B$9*'Irr Sorghum Silage'!$E$9*$A102","v":7.5},{"$f":"('Irr Sorghum Silage'!F$45+(B102-B$100)*('Irr Sorghum Silage'!$D$23))/B102","v":22.2141999781803},{"$f":"('Irr Sorghum Silage'!G$45+(C102-C$100)*('Irr Sorghum Silage'!$D$23))/C102","v":25.236239517475692},{"$f":"('Irr Sorghum Silage'!F$59+(B102-B$100)*('Irr Sorghum Silage'!$D$23))/B102","v":28.522533311513634},{"$f":"('Irr Sorghum Silage'!G$59+(C102-C$100)*('Irr Sorghum Silage'!$D$23))/C102","v":27.469572850809026},{"$f":"IF($D102=0,\"N/A\",('Irr Sorghum Silage'!H$59+(D102-D$100)*('Irr Sorghum Silage'!$D$23))/D102)","v":31.681414693627453}]
[]
[{"$f":"'Irr Soybeans'!A3:H3","v":"Irrigated Soybeans"}]
[null,null,null,null,"BE Price to Cover Variable Costs",null,"BE Price to Cover Total Costs"]
["Yield",{"$f":"'Irr Soybeans'!C9","v":"bu"},null,null,"Total","Operator","Total","Operator","Owner"]
[0.75,{"$f":"'Irr Soybeans'!$B$9*$A107","v":30},{"$f":"'Irr Soybeans'!$B$9*(1-'Irr Soybeans'!$E$9)*$A107","v":22.5},{"$f":"'Irr Soybeans'!$B$9*'Irr Soybeans'!$E$9*$A107","v":7.5},{"$f":"('Irr Soybeans'!F$47+(B107-B$109)*('Irr Soybeans'!$D$25))/B107","v":13.034605196078433},{"$f":"('Irr Soybeans'!G$47+(C107-C$109)*('Irr Soybeans'!$D$25))/C107","v":16.008672973856211},{"$f":"('Irr Soybeans'!F$61+(B107-B$109)*('Irr Soybeans'!$D$25))/B107","v":19.342938529411764},{"$f":"('Irr Soybeans'!G$61+(C107-C$109)*('Irr Soybeans'!$D$25))/C107","v":18.242006307189545},{"$f":"IF($D107=0,\"N/A\",('Irr Soybeans'!H$61+(D107-D$109)*('Irr Soybeans'!$D$25))/D107)","v":22.64573519607843}]
[0.9,{"$f":"'Irr Soybeans'!$B$9*$A108","v":36},{"$f":"'Irr Soybeans'!$B$9*(1-'Irr Soybeans'!$E$9)*$A108","v":27},{"$f":"'Irr Soybeans'!$B$9*'Irr Soybeans'!$E$9*$A108","v":9},{"$f":"('Irr Soybeans'!F$47+(B108-B$109)*('Irr Soybeans'!$D$25))/B108","v":10.94550433006536},{"$f":"('Irr Soybeans'!G$47+(C108-C$109)*('Irr Soybeans'!$D$25))/C108","v":13.423894144880174},{"$f":"('Irr Soybeans'!F$61+(B108-B$109)*('Irr Soybeans'!$D$25))/B108","v":16.202448774509804},{"$f":"('Irr Soybeans'!G$61+(C108-C$109)*('Irr Soybeans'!$D$25))/C108","v":15.285005255991287},{"$f":"IF($D108=0,\"N/A\",('Irr Soybeans'!H$61+(D108-D$109)*('Irr Soybeans'!$D$25))/D108)","v":18.95477933006536}]
[1,{"$f":"'Irr Soybeans'!$B$9*$A109","v":40},{"$f":"'Irr Soybeans'!$B$9*(1-'Irr Soybeans'!$E$9)*$A109","v":30},{"$f":"'Irr Soybeans'!$B$9*'Irr Soybeans'!$E$9*$A109","v":10},{"$f":"('Irr Soybeans'!F$47+(B109-B$109)*('Irr Soybeans'!$D$25))/B109","v":9.9009538970588231},{"$f":"('Irr Soybeans'!G$47+(C109-C$109)*('Irr Soybeans'!$D$25))/C109","v":12.131504730392157},{"$f":"('Irr Soybeans'!F$61+(B109-B$109)*('Irr Soybeans'!$D$25))/B109","v":14.632203897058824},{"$f":"('Irr Soybeans'!G$61+(C109-C$109)*('Irr Soybeans'!$D$25))/C109","v":13.806504730392158},{"$f":"IF($D109=0,\"N/A\",('Irr Soybeans'!H$61+(D109-D$109)*('Irr Soybeans'!$D$25))/D109)","v":17.109301397058822}]
[1.1000000000000001,{"$f":"'Irr Soybeans'!$B$9*$A110","v":44},{"$f":"'Irr Soybeans'!$B$9*(1-'Irr Soybeans'!$E$9)*$A110","v":33},{"$f":"'Irr Soybeans'!$B$9*'Irr Soybeans'!$E$9*$A110","v":11},{"$f":"('Irr Soybeans'!F$47+(B110-B$109)*('Irr Soybeans'!$D$25))/B110","v":9.0463217245989309},{"$f":"('Irr Soybeans'!G$47+(C110-C$109)*('Irr Soybeans'!$D$25))/C110","v":11.074095209447416},{"$f":"('Irr Soybeans'!F$61+(B110-B$109)*('Irr Soybeans'!$D$25))/B110","v":13.347458088235294},{"$f":"('Irr Soybeans'!G$61+(C110-C$109)*('Irr Soybeans'!$D$25))/C110","v":12.596822482174689},{"$f":"IF($D110=0,\"N/A\",('Irr Soybeans'!H$61+(D110-D$109)*('Irr Soybeans'!$D$25))/D110)","v":15.599364906417112}]
[1.25,{"$f":"'Irr Soybeans'!$B$9*$A111","v":50},{"$f":"'Irr Soybeans'!$B$9*(1-'Irr Soybeans'!$E$9)*$A111","v":37.5},{"$f":"'Irr Soybeans'!$B$9*'Irr Soybeans'!$E$9*$A111","v":12.5},{"$f":"('Irr Soybeans'!F$47+(B111-B$109)*('Irr Soybeans'!$D$25))/B111","v":8.0207631176470588},{"$f":"('Irr Soybeans'!G$47+(C111-C$109)*('Irr Soybeans'!$D$25))/C111","v":9.8052037843137256},{"$f":"('Irr Soybeans'!F$61+(B111-B$109)*('Irr Soybeans'!$D$25))/B111","v":11.805763117647059},{"$f":"('Irr Soybeans'!G$61+(C111-C$109)*('Irr Soybeans'!$D$25))/C111","v":11.145203784313725},{"$f":"IF($D111=0,\"N/A\",('Irr Soybeans'!H$61+(D111-D$109)*('Irr Soybeans'!$D$25))/D111)","v":13.787441117647058}]
[]
[{"$f":"'Irr Sunflowers-Confection'!A3:H3","v":"Irrigated Sunflowers-Confectionary "}]
[null,null,null,null,"BE Price to Cover Variable Costs",null,"BE Price to Cover Total Costs"]
["Yield",{"$f":"'Irr Sunflowers-Confection'!C9","v":"lbs"},null,null,"Total","Operator","Total","Operator","Owner"]
[0.75,{"$f":"'Irr Sunflowers-Confection'!$B$9*$A116","v":1500},{"$f":"'Irr Sunflowers-Confection'!$B$9*(1-'Irr Sunflowers-Confection'!$E$9)*$A116","v":1125},{"$f":"'Irr Sunflowers-Confection'!$B$9*'Irr Sunflowers-Confection'!$E$9*$A116","v":375},{"$f":"('Irr Sunflowers-Confection'!F$47+(B116-B$118)*('Irr Sunflowers-Confection'!$D$24))/B116","v":0.11715558014705883},{"$f":"('Irr Sunflowers-Confection'!G$47+(C116-C$118)*('Irr Sunflowers-Confection'!$D$24))/C116","v":0.15002860236928109},{"$f":"('Irr Sunflowers-Confection'!F$61+(B116-B$118)*('Irr Sunflowers-Confection'!$D$24))/B116","v":0.24332224681372555},{"$f":"('Irr Sunflowers-Confection'!G$61+(C116-C$118)*('Irr Sunflowers-Confection'!$D$24))/C116","v":0.19469526903594775},{"$f":"IF($D116=0, \"N/A\", ('Irr Sunflowers-Confection'!H$61+(D116-D$118)*('Irr Sunflowers-Confection'!$D$24))/D116)","v":0.38920318014705885}]
[0.9,{"$f":"'Irr Sunflowers-Confection'!$B$9*$A117","v":1800},{"$f":"'Irr Sunflowers-Confection'!$B$9*(1-'Irr Sunflowers-Confection'!$E$9)*$A117","v":1350},{"$f":"'Irr Sunflowers-Confection'!$B$9*'Irr Sunflowers-Confection'!$E$9*$A117","v":450},{"$f":"('Irr Sunflowers-Confection'!F$47+(B117-B$118)*('Irr Sunflowers-Confection'!$D$24))/B117","v":0.14762965012254903},{"$f":"('Irr Sunflowers-Confection'!G$47+(C117-C$118)*('Irr Sunflowers-Confection'!$D$24))/C117","v":0.17502383530773424},{"$f":"('Irr Sunflowers-Confection'!F$61+(B117-B$118)*('Irr Sunflowers-Confection'!$D$24))/B117","v":0.25276853901143798},{"$f":"('Irr Sunflowers-Confection'!G$61+(C117-C$118)*('Irr Sunflowers-Confection'!$D$24))/C117","v":0.21224605752995646},{"$f":"IF($D117=0, \"N/A\", ('Irr Sunflowers-Confection'!H$61+(D117-D$118)*('Irr Sunflowers-Confection'!$D$24))/D117)","v":0.37433598345588237}]
[1,{"$f":"'Irr Sunflowers-Confection'!$B$9*$A118","v":2000},{"$f":"'Irr Sunflowers-Confection'!$B$9*(1-'Irr Sunflowers-Confection'!$E$9)*$A118","v":1500},{"$f":"'Irr Sunflowers-Confection'!$B$9*'Irr Sunflowers-Confection'!$E$9*$A118","v":500},{"$f":"('Irr Sunflowers-Confection'!F$47+(B118-B$118)*('Irr Sunflowers-Confection'!$D$24))/B118","v":0.16286668511029412},{"$f":"('Irr Sunflowers-Confection'!G$47+(C118-C$118)*('Irr Sunflowers-Confection'!$D$24))/C118","v":0.18752145177696081},{"$f":"('Irr Sunflowers-Confection'!F$61+(B118-B$118)*('Irr Sunflowers-Confection'!$D$24))/B118","v":0.25749168511029413},{"$f":"('Irr Sunflowers-Confection'!G$61+(C118-C$118)*('Irr Sunflowers-Confection'!$D$24))/C118","v":0.22102145177696081},{"$f":"IF($D118=0, \"N/A\", ('Irr Sunflowers-Confection'!H$61+(D118-D$118)*('Irr Sunflowers-Confection'!$D$24))/D118)","v":0.3669023851102941}]
[1.1000000000000001,{"$f":"'Irr Sunflowers-Confection'!$B$9*$A119","v":2200},{"$f":"'Irr Sunflowers-Confection'!$B$9*(1-'Irr Sunflowers-Confection'!$E$9)*$A119","v":1650.0000000000002},{"$f":"'Irr Sunflowers-Confection'!$B$9*'Irr Sunflowers-Confection'!$E$9*$A119","v":550},{"$f":"('Irr Sunflowers-Confection'!F$47+(B119-B$118)*('Irr Sunflowers-Confection'!$D$24))/B119","v":0.17533335010026738},{"$f":"('Irr Sunflowers-Confection'!G$47+(C119-C$118)*('Irr Sunflowers-Confection'!$D$24))/C119","v":0.19774677434269167},{"$f":"('Irr Sunflowers-Confection'!F$61+(B119-B$118)*('Irr Sunflowers-Confection'!$D$24))/B119","v":0.26135607737299471},{"$f":"('Irr Sunflowers-Confection'!G$61+(C119-C$118)*('Irr Sunflowers-Confection'!$D$24))/C119","v":0.2282013197972371},{"$f":"IF($D119=0, \"N/A\", ('Irr Sunflowers-Confection'!H$61+(D119-D$118)*('Irr Sunflowers-Confection'!$D$24))/D119)","v":0.36082035010026736}]
[1.25,{"$f":"'Irr Sunflowers-Confection'!$B$9*$A120","v":2500},{"$f":"'Irr Sunflowers-Confection'!$B$9*(1-'Irr Sunflowers-Confection'!$E$9)*$A120","v":1875},{"$f":"'Irr Sunflowers-Confection'!$B$9*'Irr Sunflowers-Confection'!$E$9*$A120","v":625},{"$f":"('Irr Sunflowers-Confection'!F$47+(B120-B$118)*('Irr Sunflowers-Confection'!$D$24))/B120","v":0.19029334808823531},{"$f":"('Irr Sunflowers-Confection'!G$47+(C120-C$118)*('Irr Sunflowers-Confection'!$D$24))/C120","v":0.21001716142156865},{"$f":"('Irr Sunflowers-Confection'!F$61+(B120-B$118)*('Irr Sunflowers-Confection'!$D$24))/B120","v":0.26599334808823533},{"$f":"('Irr Sunflowers-Confection'!G$61+(C120-C$118)*('Irr Sunflowers-Confection'!$D$24))/C120","v":0.23681716142156864},{"$f":"IF($D120=0, \"N/A\", ('Irr Sunflowers-Confection'!H$61+(D120-D$118)*('Irr Sunflowers-Confection'!$D$24))/D120)","v":0.3535219080882353}]
[]
[{"$f":"'Irr Sunflowers-Oilseed'!A3:H3","v":"Irrigated Sunflowers-Oilseed "}]
[null,null,null,null,"BE Price to Cover Variable Costs",null,"BE Price to Cover Total Costs"]
["Yield",{"$f":"'Irr Sunflowers-Oilseed'!C9","v":"lbs"},null,null,"Total","Operator","Total","Operator","Owner"]
[0.75,{"$f":"'Irr Sunflowers-Oilseed'!$B$9*$A125","v":1500},{"$f":"'Irr Sunflowers-Oilseed'!$B$9*(1-'Irr Sunflowers-Oilseed'!$E$9)*$A125","v":1125},{"$f":"'Irr Sunflowers-Oilseed'!$B$9*'Irr Sunflowers-Oilseed'!$E$9*$A125","v":375},{"$f":"('Irr Sunflowers-Oilseed'!F$46+(B125-B$127)*('Irr Sunflowers-Oilseed'!$D$23))/B125","v":0.10574318014705883},{"$f":"('Irr Sunflowers-Oilseed'!G$46+(C125-C$127)*('Irr Sunflowers-Oilseed'!$D$23))/C125","v":0.14588342459150327},{"$f":"('Irr Sunflowers-Oilseed'!F$60+(B125-B$127)*('Irr Sunflowers-Oilseed'!$D$23))/B125","v":0.23190984681372551},{"$f":"('Irr Sunflowers-Oilseed'!G$60+(C125-C$127)*('Irr Sunflowers-Oilseed'!$D$23))/C125","v":0.19055009125816993},{"$f":"IF($D125=0, \"N/A\", ('Irr Sunflowers-Oilseed'!H$60+(D125-D$127)*('Irr Sunflowers-Oilseed'!$D$23))/D125)","v":0.35598911348039214}]
[0.9,{"$f":"'Irr Sunflowers-Oilseed'!$B$9*$A126","v":1800},{"$f":"'Irr Sunflowers-Oilseed'!$B$9*(1-'Irr Sunflowers-Oilseed'!$E$9)*$A126","v":1350},{"$f":"'Irr Sunflowers-Oilseed'!$B$9*'Irr Sunflowers-Oilseed'!$E$9*$A126","v":450},{"$f":"('Irr Sunflowers-Oilseed'!F$46+(B126-B$127)*('Irr Sunflowers-Oilseed'!$D$23))/B126","v":0.13811931678921568},{"$f":"('Irr Sunflowers-Oilseed'!G$46+(C126-C$127)*('Irr Sunflowers-Oilseed'!$D$23))/C126","v":0.1715695204929194},{"$f":"('Irr Sunflowers-Oilseed'!F$60+(B126-B$127)*('Irr Sunflowers-Oilseed'!$D$23))/B126","v":0.24325820567810458},{"$f":"('Irr Sunflowers-Oilseed'!G$60+(C126-C$127)*('Irr Sunflowers-Oilseed'!$D$23))/C126","v":0.20879174271514161},{"$f":"IF($D126=0, \"N/A\", ('Irr Sunflowers-Oilseed'!H$60+(D126-D$127)*('Irr Sunflowers-Oilseed'!$D$23))/D126)","v":0.34665759456699347}]
[1,{"$f":"'Irr Sunflowers-Oilseed'!$B$9*$A127","v":2000},{"$f":"'Irr Sunflowers-Oilseed'!$B$9*(1-'Irr Sunflowers-Oilseed'!$E$9)*$A127","v":1500},{"$f":"'Irr Sunflowers-Oilseed'!$B$9*'Irr Sunflowers-Oilseed'!$E$9*$A127","v":500},{"$f":"('Irr Sunflowers-Oilseed'!F$46+(B127-B$127)*('Irr Sunflowers-Oilseed'!$D$23))/B127","v":0.15430738511029413},{"$f":"('Irr Sunflowers-Oilseed'!G$46+(C127-C$127)*('Irr Sunflowers-Oilseed'!$D$23))/C127","v":0.18441256844362747},{"$f":"('Irr Sunflowers-Oilseed'!F$60+(B127-B$127)*('Irr Sunflowers-Oilseed'!$D$23))/B127","v":0.24893238511029411},{"$f":"('Irr Sunflowers-Oilseed'!G$60+(C127-C$127)*('Irr Sunflowers-Oilseed'!$D$23))/C127","v":0.21791256844362744},{"$f":"IF($D127=0, \"N/A\", ('Irr Sunflowers-Oilseed'!H$60+(D127-D$127)*('Irr Sunflowers-Oilseed'!$D$23))/D127)","v":0.34199183511029413}]
[1.1000000000000001,{"$f":"'Irr Sunflowers-Oilseed'!$B$9*$A128","v":2200},{"$f":"'Irr Sunflowers-Oilseed'!$B$9*(1-'Irr Sunflowers-Oilseed'!$E$9)*$A128","v":1650.0000000000002},{"$f":"'Irr Sunflowers-Oilseed'!$B$9*'Irr Sunflowers-Oilseed'!$E$9*$A128","v":550},{"$f":"('Irr Sunflowers-Oilseed'!F$46+(B128-B$127)*('Irr Sunflowers-Oilseed'!$D$23))/B128","v":0.16755216828208555},{"$f":"('Irr Sunflowers-Oilseed'!G$46+(C128-C$127)*('Irr Sunflowers-Oilseed'!$D$23))/C128","v":0.19492051676693406},{"$f":"('Irr Sunflowers-Oilseed'!F$60+(B128-B$127)*('Irr Sunflowers-Oilseed'!$D$23))/B128","v":0.25357489555481288},{"$f":"('Irr Sunflowers-Oilseed'!G$60+(C128-C$127)*('Irr Sunflowers-Oilseed'!$D$23))/C128","v":0.22537506222147952},{"$f":"IF($D128=0, \"N/A\", ('Irr Sunflowers-Oilseed'!H$60+(D128-D$127)*('Irr Sunflowers-Oilseed'!$D$23))/D128)","v":0.33817439555481282}]
[1.25,{"$f":"'Irr Sunflowers-Oilseed'!$B$9*$A129","v":2500},{"$f":"'Irr Sunflowers-Oilseed'!$B$9*(1-'Irr Sunflowers-Oilseed'!$E$9)*$A129","v":1875},{"$f":"'Irr Sunflowers-Oilseed'!$B$9*'Irr Sunflowers-Oilseed'!$E$9*$A129","v":625},{"$f":"('Irr Sunflowers-Oilseed'!F$46+(B129-B$127)*('Irr Sunflowers-Oilseed'!$D$23))/B129","v":0.1834459080882353},{"$f":"('Irr Sunflowers-Oilseed'!G$46+(C129-C$127)*('Irr Sunflowers-Oilseed'!$D$23))/C129","v":0.20753005475490197},{"$f":"('Irr Sunflowers-Oilseed'!F$60+(B129-B$127)*('Irr Sunflowers-Oilseed'!$D$23))/B129","v":0.25914590808823534},{"$f":"('Irr Sunflowers-Oilseed'!G$60+(C129-C$127)*('Irr Sunflowers-Oilseed'!$D$23))/C129","v":0.23433005475490196},{"$f":"IF($D129=0, \"N/A\", ('Irr Sunflowers-Oilseed'!H$60+(D129-D$127)*('Irr Sunflowers-Oilseed'!$D$23))/D129)","v":0.33359346808823531}]
[]
[{"$f":"'Irr Wheat'!A3:H3","v":"Irrigated Wheat"}]
[null,null,null,null,"BE Price to Cover Variable Costs",null,"BE Price to Cover Total Costs"]
["Yield",{"$f":"'Irr Wheat'!C9","v":"bu"},null,null,"Total","Operator","Total","Operator","Owner"]
[0.75,{"$f":"'Irr Wheat'!$B$9*$A134","v":45},{"$f":"'Irr Wheat'!$B$9*(1-'Irr Wheat'!$E$9)*$A134","v":33.75},{"$f":"'Irr Wheat'!$B$9*'Irr Wheat'!$E$9*$A134","v":11.25},{"$f":"('Irr Wheat'!$F$45-'Irr Wheat'!$F$10+($B134-$B$136)*'Irr Wheat'!$D$24)/$B134","v":7.6566152919257133},{"$f":"('Irr Wheat'!$G$45-'Irr Wheat'!$G$10+($C134-$C$136)*'Irr Wheat'!$D$24)/$C134","v":9.2798952919257118},{"$f":"('Irr Wheat'!$F$59-'Irr Wheat'!$F$10+($B134-$B$136)*'Irr Wheat'!$D$24)/$B134","v":11.86217084748127},{"$f":"('Irr Wheat'!$G$59-'Irr Wheat'!$G$10+($C134-$C$136)*'Irr Wheat'!$D$24)/$C134","v":10.768784180814601},{"$f":"IF($D134=0, \"N/A\", ('Irr Wheat'!$H$59-'Irr Wheat'!$H$10+($D134-$D$136)*'Irr Wheat'!$D$24)/$D134)","v":15.142330847481269}]
[0.9,{"$f":"'Irr Wheat'!$B$9*$A135","v":54},{"$f":"'Irr Wheat'!$B$9*(1-'Irr Wheat'!$E$9)*$A135","v":40.5},{"$f":"'Irr Wheat'!$B$9*'Irr Wheat'!$E$9*$A135","v":13.5},{"$f":"('Irr Wheat'!$F$45-'Irr Wheat'!$F$10+($B135-$B$136)*'Irr Wheat'!$D$24)/$B135","v":6.463846076604761},{"$f":"('Irr Wheat'!$G$45-'Irr Wheat'!$G$10+($C135-$C$136)*'Irr Wheat'!$D$24)/$C135","v":7.8165794099380932},{"$f":"('Irr Wheat'!$F$59-'Irr Wheat'!$F$10+($B135-$B$136)*'Irr Wheat'!$D$24)/$B135","v":9.9684757062343916},{"$f":"('Irr Wheat'!$G$59-'Irr Wheat'!$G$10+($C135-$C$136)*'Irr Wheat'!$D$24)/$C135","v":9.0573201506788337},{"$f":"IF($D135=0, \"N/A\", ('Irr Wheat'!$H$59-'Irr Wheat'!$H$10+($D135-$D$136)*'Irr Wheat'!$D$24)/$D135)","v":12.701942372901057}]
[1,{"$f":"'Irr Wheat'!$B$9*$A136","v":60},{"$f":"'Irr Wheat'!$B$9*(1-'Irr Wheat'!$E$9)*$A136","v":45},{"$f":"'Irr Wheat'!$B$9*'Irr Wheat'!$E$9*$A136","v":15},{"$f":"('Irr Wheat'!$F$45-'Irr Wheat'!$F$10+($B136-$B$136)*'Irr Wheat'!$D$24)/$B136","v":5.8674614689442848},{"$f":"('Irr Wheat'!$G$45-'Irr Wheat'!$G$10+($C136-$C$136)*'Irr Wheat'!$D$24)/$C136","v":7.0849214689442839},{"$f":"('Irr Wheat'!$F$59-'Irr Wheat'!$F$10+($B136-$B$136)*'Irr Wheat'!$D$24)/$B136","v":9.0216281356109516},{"$f":"('Irr Wheat'!$G$59-'Irr Wheat'!$G$10+($C136-$C$136)*'Irr Wheat'!$D$24)/$C136","v":8.201588135610951},{"$f":"IF($D136=0, \"N/A\", ('Irr Wheat'!$H$59-'Irr Wheat'!$H$10+($D136-$D$136)*'Irr Wheat'!$D$24)/$D136)","v":11.481748135610951}]
[1.1000000000000001,{"$f":"'Irr Wheat'!$B$9*$A137","v":66},{"$f":"'Irr Wheat'!$B$9*(1-'Irr Wheat'!$E$9)*$A137","v":49.500000000000007},{"$f":"'Irr Wheat'!$B$9*'Irr Wheat'!$E$9*$A137","v":16.5},{"$f":"('Irr Wheat'!$F$45-'Irr Wheat'!$F$10+($B137-$B$136)*'Irr Wheat'!$D$24)/$B137","v":5.3795104263129865},{"$f":"('Irr Wheat'!$G$45-'Irr Wheat'!$G$10+($C137-$C$136)*'Irr Wheat'!$D$24)/$C137","v":6.4862922444948028},{"$f":"('Irr Wheat'!$F$59-'Irr Wheat'!$F$10+($B137-$B$136)*'Irr Wheat'!$D$24)/$B137","v":8.2469346687372287},{"$f":"('Irr Wheat'!$G$59-'Irr Wheat'!$G$10+($C137-$C$136)*'Irr Wheat'!$D$24)/$C137","v":7.5014437596463175},{"$f":"IF($D137=0, \"N/A\", ('Irr Wheat'!$H$59-'Irr Wheat'!$H$10+($D137-$D$136)*'Irr Wheat'!$D$24)/$D137)","v":10.483407396009955}]
[1.25,{"$f":"'Irr Wheat'!$B$9*$A138","v":75},{"$f":"'Irr Wheat'!$B$9*(1-'Irr Wheat'!$E$9)*$A138","v":56.25},{"$f":"'Irr Wheat'!$B$9*'Irr Wheat'!$E$9*$A138","v":18.75},{"$f":"('Irr Wheat'!$F$45-'Irr Wheat'!$F$10+($B138-$B$136)*'Irr Wheat'!$D$24)/$B138","v":4.7939691751554276},{"$f":"('Irr Wheat'!$G$45-'Irr Wheat'!$G$10+($C138-$C$136)*'Irr Wheat'!$D$24)/$C138","v":5.7679371751554269},{"$f":"('Irr Wheat'!$F$59-'Irr Wheat'!$F$10+($B138-$B$136)*'Irr Wheat'!$D$24)/$B138","v":7.317302508488762},{"$f":"('Irr Wheat'!$G$59-'Irr Wheat'!$G$10+($C138-$C$136)*'Irr Wheat'!$D$24)/$C138","v":6.6612705084887605},{"$f":"IF($D138=0, \"N/A\", ('Irr Wheat'!$H$59-'Irr Wheat'!$H$10+($D138-$D$136)*'Irr Wheat'!$D$24)/$D138)","v":9.2853985084887611}]
[]
[{"$f":"'Dry Cotton Conventional'!A3:H3","v":"Dryland Cotton - Conventional"}]
[null,null,null,null,"BE Price to Cover Variable Costs",null,"BE Price to Cover Total Costs"]
["Yield",{"$f":"'Dry Cotton Conventional'!C9","v":"lbs"},null,null,"Total","Operator","Total","Operator","Owner"]
[0.75,{"$f":"'Dry Cotton Conventional'!$B$9*$A143","v":300},{"$f":"'Dry Cotton Conventional'!$B$9*(1-'Dry Cotton Conventional'!$E$9)*$A143","v":225},{"$f":"'Dry Cotton Conventional'!$B$9*'Dry Cotton Conventional'!$E$9*$A143","v":75},{"$f":"('Dry Cotton Conventional'!F$45-B143/500*'2019 Universal Input Prices'!$C$40/2000*Cottonseed_Price+(B143-B$145)*'Dry Cotton Conventional'!$D$28+(B143-B$145)/'Dry Cotton Conventional'!$B$11/100*'Dry Cotton Conventional'!$D$29)/B143","v":0.83829852328431387},{"$f":"('Dry Cotton Conventional'!G$45-C143/500*'2019 Universal Input Prices'!$C$40/2000*Cottonseed_Price+(C143-C$145)*'Dry Cotton Conventional'!$D$28+(C143-C$145)/'Dry Cotton Conventional'!$B$11/100*'Dry Cotton Conventional'!$D$29)/C143","v":1.0456924121732027},{"$f":"('Dry Cotton Conventional'!F$57-B143/500*'2019 Universal Input Prices'!$C$40/2000*Cottonseed_Price+(B143-B$145)*'Dry Cotton Conventional'!$D$28+(B143-B$145)/'Dry Cotton Conventional'!$B$11/100*'Dry Cotton Conventional'!$D$29)/B143","v":1.1824651899509804},{"$f":"('Dry Cotton Conventional'!G$57-C143/500*'2019 Universal Input Prices'!$C$40/2000*Cottonseed_Price+(C143-C$145)*'Dry Cotton Conventional'!$D$28+(C143-C$145)/'Dry Cotton Conventional'!$B$11/100*'Dry Cotton Conventional'!$D$29)/C143","v":1.2690257455065359},{"$f":"IF($D143=0,\"N/A\",('Dry Cotton Conventional'!H$57-D143/500*'2019 Universal Input Prices'!$C$40/2000*Cottonseed_Price+(D143-D$145)*'Dry Cotton Conventional'!$D$28+(D143-D$145)/'Dry Cotton Conventional'!$B$11/100*'Dry Cotton Conventional'!$D$29)/D143)","v":0.92278352328431368}]
[0.9,{"$f":"'Dry Cotton Conventional'!$B$9*$A144","v":360},{"$f":"'Dry Cotton Conventional'!$B$9*(1-'Dry Cotton Conventional'!$E$9)*$A144","v":270},{"$f":"'Dry Cotton Conventional'!$B$9*'Dry Cotton Conventional'!$E$9*$A144","v":90},{"$f":"('Dry Cotton Conventional'!F$45-B144/500*'2019 Universal Input Prices'!$C$40/2000*Cottonseed_Price+(B144-B$145)*'Dry Cotton Conventional'!$D$28+(B144-B$145)/'Dry Cotton Conventional'!$B$11/100*'Dry Cotton Conventional'!$D$29)/B144","v":0.70909321384803925},{"$f":"('Dry Cotton Conventional'!G$45-C144/500*'2019 Universal Input Prices'!$C$40/2000*Cottonseed_Price+(C144-C$145)*'Dry Cotton Conventional'!$D$28+(C144-C$145)/'Dry Cotton Conventional'!$B$11/100*'Dry Cotton Conventional'!$D$29)/C144","v":0.88192145458878002},{"$f":"('Dry Cotton Conventional'!F$57-B144/500*'2019 Universal Input Prices'!$C$40/2000*Cottonseed_Price+(B144-B$145)*'Dry Cotton Conventional'!$D$28+(B144-B$145)/'Dry Cotton Conventional'!$B$11/100*'Dry Cotton Conventional'!$D$29)/B144","v":0.99589876940359479},{"$f":"('Dry Cotton Conventional'!G$57-C144/500*'2019 Universal Input Prices'!$C$40/2000*Cottonseed_Price+(C144-C$145)*'Dry Cotton Conventional'!$D$28+(C144-C$145)/'Dry Cotton Conventional'!$B$11/100*'Dry Cotton Conventional'!$D$29)/C144","v":1.0680325656998912},{"$f":"IF($D144=0,\"N/A\",('Dry Cotton Conventional'!H$57-D144/500*'2019 Universal Input Prices'!$C$40/2000*Cottonseed_Price+(D144-D$145)*'Dry Cotton Conventional'!$D$28+(D144-D$145)/'Dry Cotton Conventional'!$B$11/100*'Dry Cotton Conventional'!$D$29)/D144)","v":0.77949738051470585}]
[1,{"$f":"'Dry Cotton Conventional'!$B$9*$A145","v":400},{"$f":"'Dry Cotton Conventional'!$B$9*(1-'Dry Cotton Conventional'!$E$9)*$A145","v":300},{"$f":"'Dry Cotton Conventional'!$B$9*'Dry Cotton Conventional'!$E$9*$A145","v":100},{"$f":"('Dry Cotton Conventional'!F$45-B145/500*'2019 Universal Input Prices'!$C$40/2000*Cottonseed_Price+(B145-B$145)*'Dry Cotton Conventional'!$D$28+(B145-B$145)/'Dry Cotton Conventional'!$B$11/100*'Dry Cotton Conventional'!$D$29)/B145","v":0.64449055912990205},{"$f":"('Dry Cotton Conventional'!G$45-C145/500*'2019 Universal Input Prices'!$C$40/2000*Cottonseed_Price+(C145-C$145)*'Dry Cotton Conventional'!$D$28+(C145-C$145)/'Dry Cotton Conventional'!$B$11/100*'Dry Cotton Conventional'!$D$29)/C145","v":0.80003597579656871},{"$f":"('Dry Cotton Conventional'!F$57-B145/500*'2019 Universal Input Prices'!$C$40/2000*Cottonseed_Price+(B145-B$145)*'Dry Cotton Conventional'!$D$28+(B145-B$145)/'Dry Cotton Conventional'!$B$11/100*'Dry Cotton Conventional'!$D$29)/B145","v":0.90261555912990199},{"$f":"('Dry Cotton Conventional'!G$57-C145/500*'2019 Universal Input Prices'!$C$40/2000*Cottonseed_Price+(C145-C$145)*'Dry Cotton Conventional'!$D$28+(C145-C$145)/'Dry Cotton Conventional'!$B$11/100*'Dry Cotton Conventional'!$D$29)/C145","v":0.96753597579656869},{"$f":"IF($D145=0,\"N/A\",('Dry Cotton Conventional'!H$57-D145/500*'2019 Universal Input Prices'!$C$40/2000*Cottonseed_Price+(D145-D$145)*'Dry Cotton Conventional'!$D$28+(D145-D$145)/'Dry Cotton Conventional'!$B$11/100*'Dry Cotton Conventional'!$D$29)/D145)","v":0.70785430912990188}]
[1.1000000000000001,{"$f":"'Dry Cotton Conventional'!$B$9*$A146","v":440.00000000000006},{"$f":"'Dry Cotton Conventional'!$B$9*(1-'Dry Cotton Conventional'!$E$9)*$A146","v":330},{"$f":"'Dry Cotton Conventional'!$B$9*'Dry Cotton Conventional'!$E$9*$A146","v":110.00000000000001},{"$f":"('Dry Cotton Conventional'!F$45-B146/500*'2019 Universal Input Prices'!$C$40/2000*Cottonseed_Price+(B146-B$145)*'Dry Cotton Conventional'!$D$28+(B146-B$145)/'Dry Cotton Conventional'!$B$11/100*'Dry Cotton Conventional'!$D$29)/B146","v":0.59163384163324428},{"$f":"('Dry Cotton Conventional'!G$45-C146/500*'2019 Universal Input Prices'!$C$40/2000*Cottonseed_Price+(C146-C$145)*'Dry Cotton Conventional'!$D$28+(C146-C$145)/'Dry Cotton Conventional'!$B$11/100*'Dry Cotton Conventional'!$D$29)/C146","v":0.73303876587566852},{"$f":"('Dry Cotton Conventional'!F$57-B146/500*'2019 Universal Input Prices'!$C$40/2000*Cottonseed_Price+(B146-B$145)*'Dry Cotton Conventional'!$D$28+(B146-B$145)/'Dry Cotton Conventional'!$B$11/100*'Dry Cotton Conventional'!$D$29)/B146","v":0.82629293254233516},{"$f":"('Dry Cotton Conventional'!G$57-C146/500*'2019 Universal Input Prices'!$C$40/2000*Cottonseed_Price+(C146-C$145)*'Dry Cotton Conventional'!$D$28+(C146-C$145)/'Dry Cotton Conventional'!$B$11/100*'Dry Cotton Conventional'!$D$29)/C146","v":0.88531149314839563},{"$f":"IF($D146=0,\"N/A\",('Dry Cotton Conventional'!H$57-D146/500*'2019 Universal Input Prices'!$C$40/2000*Cottonseed_Price+(D146-D$145)*'Dry Cotton Conventional'!$D$28+(D146-D$145)/'Dry Cotton Conventional'!$B$11/100*'Dry Cotton Conventional'!$D$29)/D146)","v":0.64923725072415317}]
[1.25,{"$f":"'Dry Cotton Conventional'!$B$9*$A147","v":500},{"$f":"'Dry Cotton Conventional'!$B$9*(1-'Dry Cotton Conventional'!$E$9)*$A147","v":375},{"$f":"'Dry Cotton Conventional'!$B$9*'Dry Cotton Conventional'!$E$9*$A147","v":125},{"$f":"('Dry Cotton Conventional'!F$45-B147/500*'2019 Universal Input Prices'!$C$40/2000*Cottonseed_Price+(B147-B$145)*'Dry Cotton Conventional'!$D$28+(B147-B$145)/'Dry Cotton Conventional'!$B$11/100*'Dry Cotton Conventional'!$D$29)/B147","v":0.52820578063725498},{"$f":"('Dry Cotton Conventional'!G$45-C147/500*'2019 Universal Input Prices'!$C$40/2000*Cottonseed_Price+(C147-C$145)*'Dry Cotton Conventional'!$D$28+(C147-C$145)/'Dry Cotton Conventional'!$B$11/100*'Dry Cotton Conventional'!$D$29)/C147","v":0.65264211397058824},{"$f":"('Dry Cotton Conventional'!F$57-B147/500*'2019 Universal Input Prices'!$C$40/2000*Cottonseed_Price+(B147-B$145)*'Dry Cotton Conventional'!$D$28+(B147-B$145)/'Dry Cotton Conventional'!$B$11/100*'Dry Cotton Conventional'!$D$29)/B147","v":0.734705780637255},{"$f":"('Dry Cotton Conventional'!G$57-C147/500*'2019 Universal Input Prices'!$C$40/2000*Cottonseed_Price+(C147-C$145)*'Dry Cotton Conventional'!$D$28+(C147-C$145)/'Dry Cotton Conventional'!$B$11/100*'Dry Cotton Conventional'!$D$29)/C147","v":0.78664211397058836},{"$f":"IF($D147=0,\"N/A\",('Dry Cotton Conventional'!H$57-D147/500*'2019 Universal Input Prices'!$C$40/2000*Cottonseed_Price+(D147-D$145)*'Dry Cotton Conventional'!$D$28+(D147-D$145)/'Dry Cotton Conventional'!$B$11/100*'Dry Cotton Conventional'!$D$29)/D147)","v":0.57889678063725492}]
[]
[{"$f":"'Dry Cotton HT'!$A$3:$H$3","v":"Dryland Cotton - Herbicide Tolerant"}]
[null,null,null,null,"BE Price to Cover Variable Costs",null,"BE Price to Cover Total Costs"]
["Yield",{"$f":"'Dry Cotton HT'!C9","v":"lbs"},null,null,"Total","Operator","Total","Operator","Owner"]
[0.75,{"$f":"'Dry Cotton HT'!$B$9*$A152","v":300},{"$f":"'Dry Cotton HT'!$B$9*(1-'Dry Cotton HT'!$E$9)*$A152","v":225},{"$f":"'Dry Cotton HT'!$B$9*'Dry Cotton HT'!$E$9*$A152","v":75},{"$f":"('Dry Cotton HT'!F$45-B152/500*'2019 Universal Input Prices'!$C$40/2000*Cottonseed_Price+(B152-B$154)*'Dry Cotton HT'!$D$28+(B152-B$154)/'Dry Cotton HT'!$B$11/100*'Dry Cotton HT'!$D$29)/B152","v":0.71346649938725482},{"$f":"('Dry Cotton HT'!G$45-C152/500*'2019 Universal Input Prices'!$C$40/2000*Cottonseed_Price+(C152-C$154)*'Dry Cotton HT'!$D$28+(C152-C$154)/'Dry Cotton HT'!$B$11/100*'Dry Cotton HT'!$D$29)/C152","v":0.85375016605392162},{"$f":"('Dry Cotton HT'!F$57-B152/500*'2019 Universal Input Prices'!$C$40/2000*Cottonseed_Price+(B152-B$154)*'Dry Cotton HT'!$D$28+(B152-B$154)/'Dry Cotton HT'!$B$11/100*'Dry Cotton HT'!$D$29)/B152","v":1.0576331660539215},{"$f":"('Dry Cotton HT'!G$57-C152/500*'2019 Universal Input Prices'!$C$40/2000*Cottonseed_Price+(C152-C$154)*'Dry Cotton HT'!$D$28+(C152-C$154)/'Dry Cotton HT'!$B$11/100*'Dry Cotton HT'!$D$29)/C152","v":1.0770834993872549},{"$f":"IF($D152=0,\"N/A\",('Dry Cotton HT'!H$57-D152/500*'2019 Universal Input Prices'!$C$40/2000*Cottonseed_Price+(D152-D$154)*'Dry Cotton HT'!$D$28+(D152-D$154)/'Dry Cotton HT'!$B$11/100*'Dry Cotton HT'!$D$29)/D152)","v":0.99928216605392151}]
[0.9,{"$f":"'Dry Cotton HT'!$B$9*$A153","v":360},{"$f":"'Dry Cotton HT'!$B$9*(1-'Dry Cotton HT'!$E$9)*$A153","v":270},{"$f":"'Dry Cotton HT'!$B$9*'Dry Cotton HT'!$E$9*$A153","v":90},{"$f":"('Dry Cotton HT'!F$45-B153/500*'2019 Universal Input Prices'!$C$40/2000*Cottonseed_Price+(B153-B$154)*'Dry Cotton HT'!$D$28+(B153-B$154)/'Dry Cotton HT'!$B$11/100*'Dry Cotton HT'!$D$29)/B153","v":0.60506652726715671},{"$f":"('Dry Cotton HT'!G$45-C153/500*'2019 Universal Input Prices'!$C$40/2000*Cottonseed_Price+(C153-C$154)*'Dry Cotton HT'!$D$28+(C153-C$154)/'Dry Cotton HT'!$B$11/100*'Dry Cotton HT'!$D$29)/C153","v":0.7219695828227124},{"$f":"('Dry Cotton HT'!F$57-B153/500*'2019 Universal Input Prices'!$C$40/2000*Cottonseed_Price+(B153-B$154)*'Dry Cotton HT'!$D$28+(B153-B$154)/'Dry Cotton HT'!$B$11/100*'Dry Cotton HT'!$D$29)/B153","v":0.89187208282271224},{"$f":"('Dry Cotton HT'!G$57-C153/500*'2019 Universal Input Prices'!$C$40/2000*Cottonseed_Price+(C153-C$154)*'Dry Cotton HT'!$D$28+(C153-C$154)/'Dry Cotton HT'!$B$11/100*'Dry Cotton HT'!$D$29)/C153","v":0.9080806939338234},{"$f":"IF($D153=0,\"N/A\",('Dry Cotton HT'!H$57-D153/500*'2019 Universal Input Prices'!$C$40/2000*Cottonseed_Price+(D153-D$154)*'Dry Cotton HT'!$D$28+(D153-D$154)/'Dry Cotton HT'!$B$11/100*'Dry Cotton HT'!$D$29)/D153)","v":0.84324624948937899}]
[1,{"$f":"'Dry Cotton HT'!$B$9*$A154","v":400},{"$f":"'Dry Cotton HT'!$B$9*(1-'Dry Cotton HT'!$E$9)*$A154","v":300},{"$f":"'Dry Cotton HT'!$B$9*'Dry Cotton HT'!$E$9*$A154","v":100},{"$f":"('Dry Cotton HT'!F$45-B154/500*'2019 Universal Input Prices'!$C$40/2000*Cottonseed_Price+(B154-B$154)*'Dry Cotton HT'!$D$28+(B154-B$154)/'Dry Cotton HT'!$B$11/100*'Dry Cotton HT'!$D$29)/B154","v":0.55086654120710776},{"$f":"('Dry Cotton HT'!G$45-C154/500*'2019 Universal Input Prices'!$C$40/2000*Cottonseed_Price+(C154-C$154)*'Dry Cotton HT'!$D$28+(C154-C$154)/'Dry Cotton HT'!$B$11/100*'Dry Cotton HT'!$D$29)/C154","v":0.65607929120710784},{"$f":"('Dry Cotton HT'!F$57-B154/500*'2019 Universal Input Prices'!$C$40/2000*Cottonseed_Price+(B154-B$154)*'Dry Cotton HT'!$D$28+(B154-B$154)/'Dry Cotton HT'!$B$11/100*'Dry Cotton HT'!$D$29)/B154","v":0.80899154120710781},{"$f":"('Dry Cotton HT'!G$57-C154/500*'2019 Universal Input Prices'!$C$40/2000*Cottonseed_Price+(C154-C$154)*'Dry Cotton HT'!$D$28+(C154-C$154)/'Dry Cotton HT'!$B$11/100*'Dry Cotton HT'!$D$29)/C154","v":0.82357929120710782},{"$f":"IF($D154=0,\"N/A\",('Dry Cotton HT'!H$57-D154/500*'2019 Universal Input Prices'!$C$40/2000*Cottonseed_Price+(D154-D$154)*'Dry Cotton HT'!$D$28+(D154-D$154)/'Dry Cotton HT'!$B$11/100*'Dry Cotton HT'!$D$29)/D154)","v":0.76522829120710778}]
[1.1000000000000001,{"$f":"'Dry Cotton HT'!$B$9*$A155","v":440.00000000000006},{"$f":"'Dry Cotton HT'!$B$9*(1-'Dry Cotton HT'!$E$9)*$A155","v":330},{"$f":"'Dry Cotton HT'!$B$9*'Dry Cotton HT'!$E$9*$A155","v":110.00000000000001},{"$f":"('Dry Cotton HT'!F$45-B155/500*'2019 Universal Input Prices'!$C$40/2000*Cottonseed_Price+(B155-B$154)*'Dry Cotton HT'!$D$28+(B155-B$154)/'Dry Cotton HT'!$B$11/100*'Dry Cotton HT'!$D$29)/B155","v":0.50652109806706758},{"$f":"('Dry Cotton HT'!G$45-C155/500*'2019 Universal Input Prices'!$C$40/2000*Cottonseed_Price+(C155-C$154)*'Dry Cotton HT'!$D$28+(C155-C$154)/'Dry Cotton HT'!$B$11/100*'Dry Cotton HT'!$D$29)/C155","v":0.60216905261252229},{"$f":"('Dry Cotton HT'!F$57-B155/500*'2019 Universal Input Prices'!$C$40/2000*Cottonseed_Price+(B155-B$154)*'Dry Cotton HT'!$D$28+(B155-B$154)/'Dry Cotton HT'!$B$11/100*'Dry Cotton HT'!$D$29)/B155","v":0.74118018897615845},{"$f":"('Dry Cotton HT'!G$57-C155/500*'2019 Universal Input Prices'!$C$40/2000*Cottonseed_Price+(C155-C$154)*'Dry Cotton HT'!$D$28+(C155-C$154)/'Dry Cotton HT'!$B$11/100*'Dry Cotton HT'!$D$29)/C155","v":0.75444177988524952},{"$f":"IF($D155=0,\"N/A\",('Dry Cotton HT'!H$57-D155/500*'2019 Universal Input Prices'!$C$40/2000*Cottonseed_Price+(D155-D$154)*'Dry Cotton HT'!$D$28+(D155-D$154)/'Dry Cotton HT'!$B$11/100*'Dry Cotton HT'!$D$29)/D155)","v":0.70139541624888579}]
[1.25,{"$f":"'Dry Cotton HT'!$B$9*$A156","v":500},{"$f":"'Dry Cotton HT'!$B$9*(1-'Dry Cotton HT'!$E$9)*$A156","v":375},{"$f":"'Dry Cotton HT'!$B$9*'Dry Cotton HT'!$E$9*$A156","v":125},{"$f":"('Dry Cotton HT'!F$45-B156/500*'2019 Universal Input Prices'!$C$40/2000*Cottonseed_Price+(B156-B$154)*'Dry Cotton HT'!$D$28+(B156-B$154)/'Dry Cotton HT'!$B$11/100*'Dry Cotton HT'!$D$29)/B156","v":0.4533065662990195},{"$f":"('Dry Cotton HT'!G$45-C156/500*'2019 Universal Input Prices'!$C$40/2000*Cottonseed_Price+(C156-C$154)*'Dry Cotton HT'!$D$28+(C156-C$154)/'Dry Cotton HT'!$B$11/100*'Dry Cotton HT'!$D$29)/C156","v":0.53747676629901964},{"$f":"('Dry Cotton HT'!F$57-B156/500*'2019 Universal Input Prices'!$C$40/2000*Cottonseed_Price+(B156-B$154)*'Dry Cotton HT'!$D$28+(B156-B$154)/'Dry Cotton HT'!$B$11/100*'Dry Cotton HT'!$D$29)/B156","v":0.65980656629901957},{"$f":"('Dry Cotton HT'!G$57-C156/500*'2019 Universal Input Prices'!$C$40/2000*Cottonseed_Price+(C156-C$154)*'Dry Cotton HT'!$D$28+(C156-C$154)/'Dry Cotton HT'!$B$11/100*'Dry Cotton HT'!$D$29)/C156","v":0.67147676629901953},{"$f":"IF($D156=0,\"N/A\",('Dry Cotton HT'!H$57-D156/500*'2019 Universal Input Prices'!$C$40/2000*Cottonseed_Price+(D156-D$154)*'Dry Cotton HT'!$D$28+(D156-D$154)/'Dry Cotton HT'!$B$11/100*'Dry Cotton HT'!$D$29)/D156)","v":0.62479596629901957}]
[]
[{"$f":"'Dry Guar'!A3:H3","v":"Dryland Guar"}]
[null,null,null,null,"BE Price to Cover Variable Costs",null,"BE Price to Cover Total Costs"]
["Yield",{"$f":"'Dry Guar'!C9","v":"lbs"},null,null,"Total","Operator","Total","Operator","Owner"]
[0.75,{"$f":"'Dry Guar'!$B$9*$A161","v":450},{"$f":"'Dry Guar'!$B$9*(1-'Dry Guar'!$E$9)*$A161","v":337.5},{"$f":"'Dry Guar'!$B$9*'Dry Guar'!$E$9*$A161","v":112.5},{"$f":"('Dry Guar'!$F$41+($B161-$B$73)*'Dry Guar'!$D$25)/$B161","v":0.40114512820512827},{"$f":"('Dry Guar'!$G$41+($C161-$C$73)*'Dry Guar'!$D$25)/$C161","v":0.43784364672364667},{"$f":"('Dry Guar'!$F$53+($B161-$B$73)*'Dry Guar'!$D$25)/$B161","v":0.63058957264957272},{"$f":"('Dry Guar'!$G$53+($C161-$C$73)*'Dry Guar'!$D$25)/$C161","v":0.58673253561253558},{"$f":"IF($D161=0, \"N/A\", ('Dry Guar'!$H$53+($D161-$D$73)*'Dry Guar'!$D$25)/$D161)","v":0.7621606837606838}]
[0.9,{"$f":"'Irr Guar'!$B$9*$A162","v":1080},{"$f":"'Dry Guar'!$B$9*(1-'Dry Guar'!$E$9)*$A162","v":405},{"$f":"'Dry Guar'!$B$9*'Dry Guar'!$E$9*$A162","v":135},{"$f":"('Dry Guar'!$F$41+($B162-$B$73)*'Dry Guar'!$D$25)/$B162","v":0.28381047008547011},{"$f":"('Dry Guar'!$G$41+($C162-$C$73)*'Dry Guar'!$D$25)/$C162","v":0.39820303893637232},{"$f":"('Dry Guar'!$F$53+($B162-$B$73)*'Dry Guar'!$D$25)/$B162","v":0.37941232193732194},{"$f":"('Dry Guar'!$G$53+($C162-$C$73)*'Dry Guar'!$D$25)/$C162","v":0.52227711301044644},{"$f":"IF($D162=0, \"N/A\", ('Dry Guar'!$H$53+($D162-$D$73)*'Dry Guar'!$D$25)/$D162)","v":0.66846723646723649}]
[1,{"$f":"'Irr Guar'!$B$9*$A163","v":1200},{"$f":"'Dry Guar'!$B$9*(1-'Dry Guar'!$E$9)*$A163","v":450},{"$f":"'Dry Guar'!$B$9*'Dry Guar'!$E$9*$A163","v":150},{"$f":"('Dry Guar'!$F$41+($B163-$B$73)*'Dry Guar'!$D$25)/$B163","v":0.27542942307692309},{"$f":"('Dry Guar'!$G$41+($C163-$C$73)*'Dry Guar'!$D$25)/$C163","v":0.37838273504273506},{"$f":"('Dry Guar'!$F$53+($B163-$B$73)*'Dry Guar'!$D$25)/$B163","v":0.36147108974358977},{"$f":"('Dry Guar'!$G$53+($C163-$C$73)*'Dry Guar'!$D$25)/$C163","v":0.49004940170940176},{"$f":"IF($D163=0, \"N/A\", ('Dry Guar'!$H$53+($D163-$D$73)*'Dry Guar'!$D$25)/$D163)","v":0.62162051282051289}]
[1.1000000000000001,{"$f":"'Irr Guar'!$B$9*$A164","v":1320},{"$f":"'Dry Guar'!$B$9*(1-'Dry Guar'!$E$9)*$A164","v":495.00000000000006},{"$f":"'Dry Guar'!$B$9*'Dry Guar'!$E$9*$A164","v":165},{"$f":"('Dry Guar'!$F$41+($B164-$B$73)*'Dry Guar'!$D$25)/$B164","v":0.26857220279720284},{"$f":"('Dry Guar'!$G$41+($C164-$C$73)*'Dry Guar'!$D$25)/$C164","v":0.36216612276612276},{"$f":"('Dry Guar'!$F$53+($B164-$B$73)*'Dry Guar'!$D$25)/$B164","v":0.34679189976689978},{"$f":"('Dry Guar'!$G$53+($C164-$C$73)*'Dry Guar'!$D$25)/$C164","v":0.46368127428127426},{"$f":"IF($D164=0, \"N/A\", ('Dry Guar'!$H$53+($D164-$D$73)*'Dry Guar'!$D$25)/$D164)","v":0.58329137529137531}]
[1.25,{"$f":"'Irr Guar'!$B$9*$A165","v":1500},{"$f":"'Dry Guar'!$B$9*(1-'Dry Guar'!$E$9)*$A165","v":562.5},{"$f":"'Dry Guar'!$B$9*'Dry Guar'!$E$9*$A165","v":187.5},{"$f":"('Dry Guar'!$F$41+($B165-$B$73)*'Dry Guar'!$D$25)/$B165","v":0.26034353846153846},{"$f":"('Dry Guar'!$G$41+($C165-$C$73)*'Dry Guar'!$D$25)/$C165","v":0.34270618803418806},{"$f":"('Dry Guar'!$F$53+($B165-$B$73)*'Dry Guar'!$D$25)/$B165","v":0.32917687179487182},{"$f":"('Dry Guar'!$G$53+($C165-$C$73)*'Dry Guar'!$D$25)/$C165","v":0.43203952136752138},{"$f":"IF($D165=0, \"N/A\", ('Dry Guar'!$H$53+($D165-$D$73)*'Dry Guar'!$D$25)/$D165)","v":0.53729641025641028}]
[]
[{"$f":"'Dry Sesame'!$A$3:$H$3","v":"Dryland Sesame"}]
[null,null,null,null,"BE Price to Cover Variable Costs",null,"BE Price to Cover Total Costs"]
["Yield",{"$f":"'Dry Sesame'!C9","v":"lbs"},null,null,"Total","Operator","Total","Operator","Owner"]
[0.75,{"$f":"'Dry Sesame'!$B$9*$A170","v":525},{"$f":"'Dry Sesame'!$B$9*(1-'Dry Sesame'!$E$9)*$A170","v":393.75},{"$f":"'Dry Sesame'!$B$9*'Dry Sesame'!$E$9*$A170","v":131.25},{"$f":"('Dry Sesame'!$F$40+($B170-B$172)*'Dry Sesame'!$D$24)/$B170","v":0.18796451190476191},{"$f":"('Dry Sesame'!$G$40+($C170-C$172)*'Dry Sesame'!$D$24)/$C170","v":0.23539682936507939},{"$f":"('Dry Sesame'!$F$52+($B170-B$172)*'Dry Sesame'!$D$24)/$B170","v":0.38463117857142853},{"$f":"('Dry Sesame'!$G$52+($C170-C$172)*'Dry Sesame'!$D$24)/$C170","v":0.36301587698412702},{"$f":"IF($D170=0, \"N/A\", ('Dry Sesame'!$H$52+($D170-D$172)*'Dry Sesame'!$D$24)/$D170)","v":0.44947708333333336}]
[0.9,{"$f":"'Dry Sesame'!$B$9*$A171","v":630},{"$f":"'Dry Sesame'!$B$9*(1-'Dry Sesame'!$E$9)*$A171","v":472.5},{"$f":"'Dry Sesame'!$B$9*'Dry Sesame'!$E$9*$A171","v":157.5},{"$f":"('Dry Sesame'!$F$40+($B171-B$172)*'Dry Sesame'!$D$24)/$B171","v":0.17663709325396826},{"$f":"('Dry Sesame'!$G$40+($C171-C$172)*'Dry Sesame'!$D$24)/$C171","v":0.2161640244708995},{"$f":"('Dry Sesame'!$F$52+($B171-B$172)*'Dry Sesame'!$D$24)/$B171","v":0.34052598214285712},{"$f":"('Dry Sesame'!$G$52+($C171-C$172)*'Dry Sesame'!$D$24)/$C171","v":0.32251323082010586},{"$f":"IF($D171=0, \"N/A\", ('Dry Sesame'!$H$52+($D171-D$172)*'Dry Sesame'!$D$24)/$D171)","v":0.39456423611111113}]
[1,{"$f":"'Dry Sesame'!$B$9*$A172","v":700},{"$f":"'Dry Sesame'!$B$9*(1-'Dry Sesame'!$E$9)*$A172","v":525},{"$f":"'Dry Sesame'!$B$9*'Dry Sesame'!$E$9*$A172","v":175},{"$f":"('Dry Sesame'!$F$40+($B172-B$172)*'Dry Sesame'!$D$24)/$B172","v":0.17097338392857145},{"$f":"('Dry Sesame'!$G$40+($C172-C$172)*'Dry Sesame'!$D$24)/$C172","v":0.20654762202380952},{"$f":"('Dry Sesame'!$F$52+($B172-B$172)*'Dry Sesame'!$D$24)/$B172","v":0.31847338392857144},{"$f":"('Dry Sesame'!$G$52+($C172-C$172)*'Dry Sesame'!$D$24)/$C172","v":0.30226190773809525},{"$f":"IF($D172=0, \"N/A\", ('Dry Sesame'!$H$52+($D172-D$172)*'Dry Sesame'!$D$24)/$D172)","v":0.36710781250000002}]
[1.1000000000000001,{"$f":"'Dry Sesame'!$B$9*$A173","v":770.00000000000011},{"$f":"'Dry Sesame'!$B$9*(1-'Dry Sesame'!$E$9)*$A173","v":577.5},{"$f":"'Dry Sesame'!$B$9*'Dry Sesame'!$E$9*$A173","v":192.50000000000003},{"$f":"('Dry Sesame'!$F$40+($B173-B$172)*'Dry Sesame'!$D$24)/$B173","v":0.16633943993506495},{"$f":"('Dry Sesame'!$G$40+($C173-C$172)*'Dry Sesame'!$D$24)/$C173","v":0.19867965638528137},{"$f":"('Dry Sesame'!$F$52+($B173-B$172)*'Dry Sesame'!$D$24)/$B173","v":0.30043034902597399},{"$f":"('Dry Sesame'!$G$52+($C173-C$172)*'Dry Sesame'!$D$24)/$C173","v":0.28569264339826844},{"$f":"IF($D173=0, \"N/A\", ('Dry Sesame'!$H$52+($D173-D$172)*'Dry Sesame'!$D$24)/$D173)","v":0.3446434659090909}]
[1.25,{"$f":"'Dry Sesame'!$B$9*$A174","v":875},{"$f":"'Dry Sesame'!$B$9*(1-'Dry Sesame'!$E$9)*$A174","v":656.25},{"$f":"'Dry Sesame'!$B$9*'Dry Sesame'!$E$9*$A174","v":218.75},{"$f":"('Dry Sesame'!$F$40+($B174-B$172)*'Dry Sesame'!$D$24)/$B174","v":0.16077870714285714},{"$f":"('Dry Sesame'!$G$40+($C174-C$172)*'Dry Sesame'!$D$24)/$C174","v":0.18923809761904761},{"$f":"('Dry Sesame'!$F$52+($B174-B$172)*'Dry Sesame'!$D$24)/$B174","v":0.27877870714285713},{"$f":"('Dry Sesame'!$G$52+($C174-C$172)*'Dry Sesame'!$D$24)/$C174","v":0.26580952619047621},{"$f":"IF($D174=0, \"N/A\", ('Dry Sesame'!$H$52+($D174-D$172)*'Dry Sesame'!$D$24)/$D174)","v":0.31768625}]
[]
[{"$f":"'Dry Sorghum'!$A$3:$H$3","v":"Dryland Sorghum"}]
[null,null,null,null,"BE Price to Cover Variable Costs",null,"BE Price to Cover Total Costs"]
["Yield",{"$f":"'Dry Sorghum'!C9","v":"cwt"},null,null,"Total","Operator","Total","Operator","Owner"]
[0.75,{"$f":"'Dry Sorghum'!$B$9*$A179","v":13.5},{"$f":"'Dry Sorghum'!$B$9*(1-'Dry Sorghum'!$E$9)*$A179","v":10.125},{"$f":"'Dry Sorghum'!$B$9*'Dry Sorghum'!$E$9*$A179","v":3.375},{"$f":"('Dry Sorghum'!$F$41+($B179-B$181)*'Dry Sorghum'!$D$25)/$B179","v":9.6189087962962958},{"$f":"('Dry Sorghum'!$G$41+($C179-C$181)*'Dry Sorghum'!$D$25)/$C179","v":11.074706327160493},{"$f":"('Dry Sorghum'!$F$53+($B179-B$181)*'Dry Sorghum'!$D$25)/$B179","v":17.267056944444445},{"$f":"('Dry Sorghum'!$G$53+($C179-C$181)*'Dry Sorghum'!$D$25)/$C179","v":16.037669290123457},{"$f":"IF($D179=0, \"N/A\", ('Dry Sorghum'!$H$53+($D179-D$181)*'Dry Sorghum'!$D$25)/$D179)","v":20.955219907407407}]
[0.9,{"$f":"'Dry Sorghum'!$B$9*$A180","v":16.2},{"$f":"'Dry Sorghum'!$B$9*(1-'Dry Sorghum'!$E$9)*$A180","v":12.15},{"$f":"'Dry Sorghum'!$B$9*'Dry Sorghum'!$E$9*$A180","v":4.05},{"$f":"('Dry Sorghum'!$F$41+($B180-B$181)*'Dry Sorghum'!$D$25)/$B180","v":8.0824239969135814},{"$f":"('Dry Sorghum'!$G$41+($C180-C$181)*'Dry Sorghum'!$D$25)/$C180","v":9.2955886059670778},{"$f":"('Dry Sorghum'!$F$53+($B180-B$181)*'Dry Sorghum'!$D$25)/$B180","v":14.455880787037039},{"$f":"('Dry Sorghum'!$G$53+($C180-C$181)*'Dry Sorghum'!$D$25)/$C180","v":13.43139107510288},{"$f":"IF($D180=0, \"N/A\", ('Dry Sorghum'!$H$53+($D180-D$181)*'Dry Sorghum'!$D$25)/$D180)","v":17.529349922839508}]
[1,{"$f":"'Dry Sorghum'!$B$9*$A181","v":18},{"$f":"'Dry Sorghum'!$B$9*(1-'Dry Sorghum'!$E$9)*$A181","v":13.5},{"$f":"'Dry Sorghum'!$B$9*'Dry Sorghum'!$E$9*$A181","v":4.5},{"$f":"('Dry Sorghum'!$F$41+($B181-B$181)*'Dry Sorghum'!$D$25)/$B181","v":7.3141815972222224},{"$f":"('Dry Sorghum'!$G$41+($C181-C$181)*'Dry Sorghum'!$D$25)/$C181","v":8.4060297453703701},{"$f":"('Dry Sorghum'!$F$53+($B181-B$181)*'Dry Sorghum'!$D$25)/$B181","v":13.050292708333334},{"$f":"('Dry Sorghum'!$G$53+($C181-C$181)*'Dry Sorghum'!$D$25)/$C181","v":12.128251967592591},{"$f":"IF($D181=0, \"N/A\", ('Dry Sorghum'!$H$53+($D181-D$181)*'Dry Sorghum'!$D$25)/$D181)","v":15.816414930555558}]
[1.1000000000000001,{"$f":"'Dry Sorghum'!$B$9*$A182","v":19.8},{"$f":"'Dry Sorghum'!$B$9*(1-'Dry Sorghum'!$E$9)*$A182","v":14.850000000000001},{"$f":"'Dry Sorghum'!$B$9*'Dry Sorghum'!$E$9*$A182","v":4.95},{"$f":"('Dry Sorghum'!$F$41+($B182-B$181)*'Dry Sorghum'!$D$25)/$B182","v":6.6856196338383835},{"$f":"('Dry Sorghum'!$G$41+($C182-C$181)*'Dry Sorghum'!$D$25)/$C182","v":7.6782088594276088},{"$f":"('Dry Sorghum'!$F$53+($B182-B$181)*'Dry Sorghum'!$D$25)/$B182","v":11.900266098484849},{"$f":"('Dry Sorghum'!$G$53+($C182-C$181)*'Dry Sorghum'!$D$25)/$C182","v":11.062047243265992},{"$f":"IF($D182=0, \"N/A\", ('Dry Sorghum'!$H$53+($D182-D$181)*'Dry Sorghum'!$D$25)/$D182)","v":14.414922664141416}]
[1.25,{"$f":"'Dry Sorghum'!$B$9*$A183","v":22.5},{"$f":"'Dry Sorghum'!$B$9*(1-'Dry Sorghum'!$E$9)*$A183","v":16.875},{"$f":"'Dry Sorghum'!$B$9*'Dry Sorghum'!$E$9*$A183","v":5.625},{"$f":"('Dry Sorghum'!$F$41+($B183-B$181)*'Dry Sorghum'!$D$25)/$B183","v":5.9313452777777789},{"$f":"('Dry Sorghum'!$G$41+($C183-C$181)*'Dry Sorghum'!$D$25)/$C183","v":6.8048237962962954},{"$f":"('Dry Sorghum'!$F$53+($B183-B$181)*'Dry Sorghum'!$D$25)/$B183","v":10.520234166666667},{"$f":"('Dry Sorghum'!$G$53+($C183-C$181)*'Dry Sorghum'!$D$25)/$C183","v":9.7826015740740733},{"$f":"IF($D183=0, \"N/A\", ('Dry Sorghum'!$H$53+($D183-D$181)*'Dry Sorghum'!$D$25)/$D183)","v":12.733131944444446}]
[]
[{"$f":"'Dry Sunflowers-Oilseed'!$A$3:$H$3","v":"Dryland Sunflowers-Oilseed "}]
[null,null,null,null,"BE Price to Cover Variable Costs",null,"BE Price to Cover Total Costs"]
["Yield",{"$f":"'Dry Sunflowers-Oilseed'!C9","v":"lbs"},null,null,"Total","Operator","Total","Operator","Owner"]
[0.75,{"$f":"'Dry Sunflowers-Oilseed'!$B$9*$A188","v":750},{"$f":"'Dry Sunflowers-Oilseed'!$B$9*(1-'Dry Sunflowers-Oilseed'!$E$9)*$A188","v":562.5},{"$f":"'Dry Sunflowers-Oilseed'!$B$9*'Dry Sunflowers-Oilseed'!$E$9*$A188","v":187.5},{"$f":"('Dry Sunflowers-Oilseed'!$F$40+($B188-B$190)*'Dry Sunflowers-Oilseed'!$D$24)/$B188","v":9.4743099999999983E-2},{"$f":"('Dry Sunflowers-Oilseed'!$G$40+($C188-C$190)*'Dry Sunflowers-Oilseed'!$D$24)/$C188","v":0.13068323333333334},{"$f":"('Dry Sunflowers-Oilseed'!$F$52+($B188-B$190)*'Dry Sunflowers-Oilseed'!$D$24)/$B188","v":0.23240976666666666},{"$f":"('Dry Sunflowers-Oilseed'!$G$52+($C188-C$190)*'Dry Sunflowers-Oilseed'!$D$24)/$C188","v":0.22001656666666666},{"$f":"IF($D188=0, \"N/A\", ('Dry Sunflowers-Oilseed'!$H$52+($D188-D$190)*'Dry Sunflowers-Oilseed'!$D$24)/$D188)","v":0.26958936666666666}]
[0.9,{"$f":"'Dry Sunflowers-Oilseed'!$B$9*$A189","v":900},{"$f":"'Dry Sunflowers-Oilseed'!$B$9*(1-'Dry Sunflowers-Oilseed'!$E$9)*$A189","v":675},{"$f":"'Dry Sunflowers-Oilseed'!$B$9*'Dry Sunflowers-Oilseed'!$E$9*$A189","v":225},{"$f":"('Dry Sunflowers-Oilseed'!$F$40+($B189-B$190)*'Dry Sunflowers-Oilseed'!$D$24)/$B189","v":0.12895258333333331},{"$f":"('Dry Sunflowers-Oilseed'!$G$40+($C189-C$190)*'Dry Sunflowers-Oilseed'!$D$24)/$C189","v":0.15890269444444446},{"$f":"('Dry Sunflowers-Oilseed'!$F$52+($B189-B$190)*'Dry Sunflowers-Oilseed'!$D$24)/$B189","v":0.24367480555555554},{"$f":"('Dry Sunflowers-Oilseed'!$G$52+($C189-C$190)*'Dry Sunflowers-Oilseed'!$D$24)/$C189","v":0.23334713888888889},{"$f":"IF($D189=0, \"N/A\", ('Dry Sunflowers-Oilseed'!$H$52+($D189-D$190)*'Dry Sunflowers-Oilseed'!$D$24)/$D189)","v":0.27465780555555558}]
[1,{"$f":"'Dry Sunflowers-Oilseed'!$B$9*$A190","v":1000},{"$f":"'Dry Sunflowers-Oilseed'!$B$9*(1-'Dry Sunflowers-Oilseed'!$E$9)*$A190","v":750},{"$f":"'Dry Sunflowers-Oilseed'!$B$9*'Dry Sunflowers-Oilseed'!$E$9*$A190","v":250},{"$f":"('Dry Sunflowers-Oilseed'!$F$40+($B190-B$190)*'Dry Sunflowers-Oilseed'!$D$24)/$B190","v":0.14605732499999999},{"$f":"('Dry Sunflowers-Oilseed'!$G$40+($C190-C$190)*'Dry Sunflowers-Oilseed'!$D$24)/$C190","v":0.173012425},{"$f":"('Dry Sunflowers-Oilseed'!$F$52+($B190-B$190)*'Dry Sunflowers-Oilseed'!$D$24)/$B190","v":0.249307325},{"$f":"('Dry Sunflowers-Oilseed'!$G$52+($C190-C$190)*'Dry Sunflowers-Oilseed'!$D$24)/$C190","v":0.240012425},{"$f":"IF($D190=0, \"N/A\", ('Dry Sunflowers-Oilseed'!$H$52+($D190-D$190)*'Dry Sunflowers-Oilseed'!$D$24)/$D190)","v":0.27719202500000001}]
[1.1000000000000001,{"$f":"'Dry Sunflowers-Oilseed'!$B$9*$A191","v":1100},{"$f":"'Dry Sunflowers-Oilseed'!$B$9*(1-'Dry Sunflowers-Oilseed'!$E$9)*$A191","v":825.00000000000011},{"$f":"'Dry Sunflowers-Oilseed'!$B$9*'Dry Sunflowers-Oilseed'!$E$9*$A191","v":275},{"$f":"('Dry Sunflowers-Oilseed'!$F$40+($B191-B$190)*'Dry Sunflowers-Oilseed'!$D$24)/$B191","v":0.16005211363636362},{"$f":"('Dry Sunflowers-Oilseed'!$G$40+($C191-C$190)*'Dry Sunflowers-Oilseed'!$D$24)/$C191","v":0.18455675000000002},{"$f":"('Dry Sunflowers-Oilseed'!$F$52+($B191-B$190)*'Dry Sunflowers-Oilseed'!$D$24)/$B191","v":0.25391575},{"$f":"('Dry Sunflowers-Oilseed'!$G$52+($C191-C$190)*'Dry Sunflowers-Oilseed'!$D$24)/$C191","v":0.2454658409090909},{"$f":"IF($D191=0, \"N/A\", ('Dry Sunflowers-Oilseed'!$H$52+($D191-D$190)*'Dry Sunflowers-Oilseed'!$D$24)/$D191)","v":0.27926547727272727}]
[1.25,{"$f":"'Dry Sunflowers-Oilseed'!$B$9*$A192","v":1250},{"$f":"'Dry Sunflowers-Oilseed'!$B$9*(1-'Dry Sunflowers-Oilseed'!$E$9)*$A192","v":937.5},{"$f":"'Dry Sunflowers-Oilseed'!$B$9*'Dry Sunflowers-Oilseed'!$E$9*$A192","v":312.5},{"$f":"('Dry Sunflowers-Oilseed'!$F$40+($B192-B$190)*'Dry Sunflowers-Oilseed'!$D$24)/$B192","v":0.17684585999999999},{"$f":"('Dry Sunflowers-Oilseed'!$G$40+($C192-C$190)*'Dry Sunflowers-Oilseed'!$D$24)/$C192","v":0.19840994000000001},{"$f":"('Dry Sunflowers-Oilseed'!$F$52+($B192-B$190)*'Dry Sunflowers-Oilseed'!$D$24)/$B192","v":0.25944585999999997},{"$f":"('Dry Sunflowers-Oilseed'!$G$52+($C192-C$190)*'Dry Sunflowers-Oilseed'!$D$24)/$C192","v":0.25200993999999999},{"$f":"IF($D192=0, \"N/A\", ('Dry Sunflowers-Oilseed'!$H$52+($D192-D$190)*'Dry Sunflowers-Oilseed'!$D$24)/$D192)","v":0.28175361999999998}]
[]
[{"$f":"'Dry Wheat'!$A$3:$H$3","v":"Dryland Wheat"}]
[null,null,null,null,"BE Price to Cover Variable Costs",null,"BE Price to Cover Total Costs"]
["Yield",{"$f":"'Dry Wheat'!C9","v":"bu"},null,null,"Total","Operator","Total","Operator","Owner"]
[0.75,{"$f":"'Dry Wheat'!$B$9*$A197","v":13.5},{"$f":"'Dry Wheat'!$B$9*(1-'Dry Wheat'!$E$9)*$A197","v":10.125},{"$f":"'Dry Wheat'!$B$9*'Dry Wheat'!$E$9*$A197","v":3.375},{"$f":"('Dry Wheat'!$F$40+($B197-B$199)*'Dry Wheat'!$D$25)/$B197","v":9.9059532407407414},{"$f":"('Dry Wheat'!$G$40+($C197-C$199)*'Dry Wheat'!$D$25)/$C197","v":11.720024845679013},{"$f":"('Dry Wheat'!$F$52+($B197-B$199)*'Dry Wheat'!$D$25)/$B197","v":17.554101388888888},{"$f":"('Dry Wheat'!$G$52+($C197-C$199)*'Dry Wheat'!$D$25)/$C197","v":16.682987808641975},{"$f":"IF($D197=0, \"N/A\", ('Dry Wheat'!$H$52+($D197-D$199)*'Dry Wheat'!$D$25)/$D197)","v":20.167442129629631}]
[0.9,{"$f":"'Dry Wheat'!$B$9*$A198","v":16.2},{"$f":"'Dry Wheat'!$B$9*(1-'Dry Wheat'!$E$9)*$A198","v":12.15},{"$f":"'Dry Wheat'!$B$9*'Dry Wheat'!$E$9*$A198","v":4.05},{"$f":"('Dry Wheat'!$F$40+($B198-B$199)*'Dry Wheat'!$D$25)/$B198","v":8.2782943672839497},{"$f":"('Dry Wheat'!$G$40+($C198-C$199)*'Dry Wheat'!$D$25)/$C198","v":9.7900207047325107},{"$f":"('Dry Wheat'!$F$52+($B198-B$199)*'Dry Wheat'!$D$25)/$B198","v":14.651751157407407},{"$f":"('Dry Wheat'!$G$52+($C198-C$199)*'Dry Wheat'!$D$25)/$C198","v":13.925823173868313},{"$f":"IF($D198=0, \"N/A\", ('Dry Wheat'!$H$52+($D198-D$199)*'Dry Wheat'!$D$25)/$D198)","v":16.829535108024693}]
[1,{"$f":"'Dry Wheat'!$B$9*$A199","v":18},{"$f":"'Dry Wheat'!$B$9*(1-'Dry Wheat'!$E$9)*$A199","v":13.5},{"$f":"'Dry Wheat'!$B$9*'Dry Wheat'!$E$9*$A199","v":4.5},{"$f":"('Dry Wheat'!$F$40+($B199-B$199)*'Dry Wheat'!$D$25)/$B199","v":7.4644649305555548},{"$f":"('Dry Wheat'!$G$40+($C199-C$199)*'Dry Wheat'!$D$25)/$C199","v":8.8250186342592585},{"$f":"('Dry Wheat'!$F$52+($B199-B$199)*'Dry Wheat'!$D$25)/$B199","v":13.200576041666666},{"$f":"('Dry Wheat'!$G$52+($C199-C$199)*'Dry Wheat'!$D$25)/$C199","v":12.547240856481482},{"$f":"IF($D199=0, \"N/A\", ('Dry Wheat'!$H$52+($D199-D$199)*'Dry Wheat'!$D$25)/$D199)","v":15.160581597222224}]
[1.1000000000000001,{"$f":"'Dry Wheat'!$B$9*$A200","v":19.8},{"$f":"'Dry Wheat'!$B$9*(1-'Dry Wheat'!$E$9)*$A200","v":14.850000000000001},{"$f":"'Dry Wheat'!$B$9*'Dry Wheat'!$E$9*$A200","v":4.95},{"$f":"('Dry Wheat'!$F$40+($B200-B$199)*'Dry Wheat'!$D$25)/$B200","v":6.7986044823232321},{"$f":"('Dry Wheat'!$G$40+($C200-C$199)*'Dry Wheat'!$D$25)/$C200","v":8.0354714856902358},{"$f":"('Dry Wheat'!$F$52+($B200-B$199)*'Dry Wheat'!$D$25)/$B200","v":12.013250946969697},{"$f":"('Dry Wheat'!$G$52+($C200-C$199)*'Dry Wheat'!$D$25)/$C200","v":11.419309869528618},{"$f":"IF($D200=0, \"N/A\", ('Dry Wheat'!$H$52+($D200-D$199)*'Dry Wheat'!$D$25)/$D200)","v":13.79507417929293}]
[1.25,{"$f":"'Dry Wheat'!$B$9*$A201","v":22.5},{"$f":"'Dry Wheat'!$B$9*(1-'Dry Wheat'!$E$9)*$A201","v":16.875},{"$f":"'Dry Wheat'!$B$9*'Dry Wheat'!$E$9*$A201","v":5.625},{"$f":"('Dry Wheat'!$F$40+($B201-B$199)*'Dry Wheat'!$D$25)/$B201","v":5.999571944444444},{"$f":"('Dry Wheat'!$G$40+($C201-C$199)*'Dry Wheat'!$D$25)/$C201","v":7.0880149074074073},{"$f":"('Dry Wheat'!$F$52+($B201-B$199)*'Dry Wheat'!$D$25)/$B201","v":10.588460833333333},{"$f":"('Dry Wheat'!$G$52+($C201-C$199)*'Dry Wheat'!$D$25)/$C201","v":10.065792685185185},{"$f":"IF($D201=0, \"N/A\", ('Dry Wheat'!$H$52+($D201-D$199)*'Dry Wheat'!$D$25)/$D201)","v":12.156465277777778}]

{"sheet":"Comparative Returns","index":32,"n_rows":28,"n_cols":25,"rows_kept":28,"cut":false,"hidden":false,"merged":[[4,1,4,3],[4,22,4,24],[4,7,4,9],[4,14,4,16],[4,17,4,19],[4,4,4,6],[4,10,4,12]]}
[]
["Comparative Returns"]
["Projected for 2019"]
[]
[null,"Total Revenue",null,null,"Total Variable Costs",null,null,"Return Over Variable Costs",null,null,"Total Costs",null,null,null,"Return Over Variable Costs\nper Acre-Inch Applied",null,null,"Return Over Total Costs",null,null,null,null,"Break-Even Yield to Cover \nTotal Costs"]
[null,"Total","Operator","Owner","Total","Operator","Owner","Total","Operator","Owner","Total","Operator","Owner","ac-in","Total","Operator","Owner","Total","Operator","Owner","Price","unit","Total","Operator","Owner"]
[{"$f":"'Irr Alfalfa'!$A$3:$H$3","v":"Irrigated Alfalfa "},{"$f":"'Irr Alfalfa'!F$11","v":1440},{"$f":"'Irr Alfalfa'!G$11","v":1080},{"$f":"'Irr Alfalfa'!H$11","v":360},{"$f":"'Irr Alfalfa'!F$46","v":871.73077169117641},{"$f":"'Irr Alfalfa'!G$46","v":754.75095376838237},{"$f":"'Irr Alfalfa'!H$46","v":116.97981792279411},{"$f":"B7-E7","v":568.26922830882359},{"$f":"C7-F7","v":325.24904623161763},{"$f":"D7-G7","v":243.0201820772059},{"$f":"'Irr Alfalfa'!F$61","v":1160.9807716911764},{"$f":"'Irr Alfalfa'!G$61","v":905.00095376838237},{"$f":"'Irr Alfalfa'!H$61","v":255.9798179227941},{"$f":"'Irr Alfalfa'!B35","v":24},{"$f":"IF($N7=0,\"-\",H7/$N7)","v":23.677884512867649},{"$f":"IF($N7=0,\"-\",I7/$N7)","v":13.552043592984068},{"$f":"IF($N7=0,\"-\",J7/$N7)","v":10.125840919883579},{"$f":"B7-K7","v":279.01922830882359},{"$f":"C7-L7","v":174.99904623161763},{"$f":"D7-M7","v":104.0201820772059},{"$f":"'Irr Alfalfa'!$D$9","v":240},{"$f":"'Irr Alfalfa'!$C$9","v":"tons"},{"$f":"IF($U7=0, 0, K7/$U7)","v":4.8374198820465688},{"$f":"IF($U7=0, 0, IF('Irr Alfalfa'!$E$9=0,0,L7/$U7/(1-'Irr Alfalfa'!$E$9)))","v":5.027783076491013},{"$f":"IF($U7=0, 0, IF('Irr Alfalfa'!$E$9=0,0,M7/$U7/('Irr Alfalfa'!$E$9)))","v":4.2663302987132345}]
[{"$f":"'Irr Blackeyes'!$A$3:$H$3","v":"Irrigated Blackeyed Peas"},{"$f":"'Irr Blackeyes'!F$11","v":629},{"$f":"'Irr Blackeyes'!G$11","v":471.75},{"$f":"'Irr Blackeyes'!H$11","v":157.25},{"$f":"'Irr Blackeyes'!F$46","v":276.98342499999995},{"$f":"'Irr Blackeyes'!G$46","v":248.36076875000001},{"$f":"'Irr Blackeyes'!H$46","v":28.622656250000002},{"$f":"B8-E8","v":352.01657500000005},{"$f":"C8-F8","v":223.38923124999999},{"$f":"D8-G8","v":128.62734374999999},{"$f":"'Irr Blackeyes'!F$60","v":466.23342499999995},{"$f":"'Irr Blackeyes'!G$60","v":298.61076875000003},{"$f":"'Irr Blackeyes'!H$60","v":167.62265625000001},{"$f":"'Irr Blackeyes'!B39","v":1},{"$f":"IF($N8=0,\"-\",H8/$N8)","v":352.01657500000005},{"$f":"IF($N8=0,\"-\",I8/$N8)","v":223.38923124999999},{"$f":"IF($N8=0,\"-\",J8/$N8)","v":128.62734374999999},{"$f":"B8-K8","v":162.76657500000005},{"$f":"C8-L8","v":173.13923124999997},{"$f":"D8-M8","v":-10.372656250000006},{"$f":"'Irr Blackeyes'!$D$9","v":0.34},{"$f":"'Irr Blackeyes'!$C$9","v":"lbs"},{"$f":"IF($U8=0, 0, K8/$U8)","v":1371.2747794117645},{"$f":"IF($U8=0, 0, IF('Irr Blackeyes'!$E$9=0,0,L8/$U8/(1-'Irr Blackeyes'!$E$9)))","v":1171.0226225490196},{"$f":"IF($U8=0, 0, IF('Irr Blackeyes'!$E$9=0,0,M8/$U8/('Irr Blackeyes'!$E$9)))","v":1972.03125}]
[{"$f":"'Irr Corn'!$A$3:$H$3","v":"Irrigated Corn"},{"$f":"'Irr Corn'!F$11","v":903},{"$f":"'Irr Corn'!G$11","v":677.25},{"$f":"'Irr Corn'!H$11","v":225.75},{"$f":"'Irr Corn'!F$45","v":759.43679507504692},{"$f":"'Irr Corn'!G$45","v":668.00954630628519},{"$f":"'Irr Corn'!H$45","v":91.427248768761729},143.56320492495308,9.2404536937148123,134.32275123123827,{"$f":"'Irr Corn'!F$59","v":876.68679507504692},{"$f":"'Irr Corn'!G$59","v":718.25954630628519},{"$f":"'Irr Corn'!H$59","v":158.42724876876173},{"$f":"'Irr Corn'!B34","v":20},7.1781602462476544,0.46202268468574059,6.7161375615619132,26.313204924953084,-41.009546306285188,67.322751231238271,{"$f":"'Irr Corn'!$D$9","v":4.3},{"$f":"'Irr Corn'!$C$9","v":"bu"},{"$f":"IF($U9=0, 0, K9/$U9)","v":203.88065001745278},{"$f":"IF($U9=0, 0, IF('Irr Corn'!$E$9=0,0,L9/$U9/(1-'Irr Corn'!$E$9)))","v":222.71613838954579},{"$f":"IF($U9=0, 0, IF('Irr Corn'!$E$9=0,0,M9/$U9/('Irr Corn'!$E$9)))","v":147.37418490117372}]
[{"$f":"'Irr Corn Silage'!$A$3:$H$3","v":"Irrigated Corn Silage"},{"$f":"'Irr Corn Silage'!F$11","v":756},{"$f":"'Irr Corn Silage'!G$11","v":567},{"$f":"'Irr Corn Silage'!H$11","v":189},{"$f":"'Irr Corn Silage'!F$45","v":886.29613521927763},{"$f":"'Irr Corn Silage'!G$45","v":759.8374514144582},{"$f":"'Irr Corn Silage'!H$45","v":126.45868380481942},-130.29613521927763,-192.8374514144582,62.541316195180585,{"$f":"'Irr Corn Silage'!F$59","v":1103.5461352192776},{"$f":"'Irr Corn Silage'!G$59","v":810.0874514144582},{"$f":"'Irr Corn Silage'!H$59","v":293.45868380481943},{"$f":"'Irr Corn Silage'!B34","v":20},-6.5148067609638813,-9.64187257072291,3.1270658097590291,-347.54613521927763,-243.0874514144582,-104.45868380481943,{"$f":"'Irr Corn Silage'!$D$9","v":28},{"$f":"'Irr Corn Silage'!$C$9","v":"tons"},39.412361972117061,{"$f":"IF($U10=0, 0, IF('Irr Corn Silage'!$E$9=0,0,L10/$U10/(1-'Irr Corn Silage'!$E$9)))","v":38.575592924498011},{"$f":"IF($U10=0, 0, IF('Irr Corn Silage'!$E$9=0,0,M10/$U10/('Irr Corn Silage'!$E$9)))","v":41.922669114974205}]
[{"$f":"'Irr Cotton Drip'!$A$3:$H$3","v":"Irrigated Cotton - Drip"},{"$f":"'Irr Cotton Drip'!F$12","v":1190.4000000000001},{"$f":"'Irr Cotton Drip'!G$12","v":892.80000000000007},{"$f":"'Irr Cotton Drip'!H$12","v":297.60000000000002},{"$f":"'Irr Cotton Drip'!F$52","v":876.89024908088243},{"$f":"'Irr Cotton Drip'!G$52","v":752.49931181066177},{"$f":"'Irr Cotton Drip'!H$52","v":124.39093727022058},{"$f":"B11-E11","v":313.50975091911766},{"$f":"C11-F11","v":140.3006881893383},{"$f":"D11-G11","v":173.20906272977945},{"$f":"'Irr Cotton Drip'!F$66","v":1014.1402490808824},{"$f":"'Irr Cotton Drip'!G$66","v":802.74931181066177},{"$f":"'Irr Cotton Drip'!H$66","v":211.39093727022058},{"$f":"'Irr Cotton Drip'!B40","v":2},{"$f":"IF($N11=0,\"-\",H11/$N11)","v":156.75487545955883},{"$f":"IF($N11=0,\"-\",I11/$N11)","v":70.150344094669151},{"$f":"IF($N11=0,\"-\",J11/$N11)","v":86.604531364889723},{"$f":"B11-K11","v":176.25975091911766},{"$f":"C11-L11","v":90.050688189338302},{"$f":"D11-M11","v":86.209062729779447},{"$f":"'Irr Cotton Drip'!$D$9","v":0.68},{"$f":"'Irr Cotton Drip'!$C$9","v":"lbs"},{"$f":"IF($U11=0, 0, K11/($U11+Cottonseed_Price/2000*'2019 Universal Input Prices'!$C$40/500))","v":1277.8984993458698},{"$f":"IF($U11=0, 0, IF('Irr Cotton Drip'!$E$9=0,0,L11/($U11+Cottonseed_Price/2000*'2019 Universal Input Prices'!$C$40/500)/(1-'Irr Cotton Drip'!$E$9)))","v":1348.7051609722139},{"$f":"IF($U11=0, 0, IF('Irr Cotton Drip'!$E$9=0,0,M11/($U11+Cottonseed_Price/2000*'2019 Universal Input Prices'!$C$40/500)/('Irr Cotton Drip'!$E$9)))","v":1065.4785144668374}]
[{"$f":"'Irr Cotton Pivot'!$A$3:$H$3","v":"Irrigated Cotton - Pivot"},{"$f":"'Irr Cotton Pivot'!F$12","v":992.00000000000011},{"$f":"'Irr Cotton Pivot'!G$12","v":744.00000000000011},{"$f":"'Irr Cotton Pivot'!H$12","v":248.00000000000003},{"$f":"'Irr Cotton Pivot'!F$51","v":717.67307077205885},{"$f":"'Irr Cotton Pivot'!G$51","v":614.00805307904409},{"$f":"'Irr Cotton Pivot'!H$51","v":103.6650176930147},274.32692922794126,129.99194692095602,144.33498230698532,{"$f":"'Irr Cotton Pivot'!F$65","v":831.92307077205885},{"$f":"'Irr Cotton Pivot'!G$65","v":664.25805307904409},{"$f":"'Irr Cotton Pivot'!H$65","v":167.6650176930147},{"$f":"'Irr Cotton Pivot'!B40","v":12},22.860577435661771,10.832662243413003,12.027915192248777,160.07692922794126,79.741946920956025,80.334982306985324,{"$f":"'Irr Cotton Pivot'!$D$9","v":0.68},{"$f":"'Irr Cotton Pivot'!$C$9","v":"lbs"},{"$f":"IF($U12=0, 0, K12/($U12+Cottonseed_Price/2000*'2019 Universal Input Prices'!$C$40/500))","v":1048.2901597430175},{"$f":"IF($U12=0, 0, IF('Irr Cotton Pivot'!$E$9=0,0,L12/($U12+Cottonseed_Price/2000*'2019 Universal Input Prices'!$C$40/500)/(1-'Irr Cotton Pivot'!$E$9)))","v":1116.0249547698993},{"$f":"IF($U12=0, 0, IF('Irr Cotton Pivot'!$E$9=0,0,M12/($U12+Cottonseed_Price/2000*'2019 Universal Input Prices'!$C$40/500)/('Irr Cotton Pivot'!$E$9)))","v":845.08577466237239}]
[{"$f":"'Irr Guar'!$A$3:$H$3","v":"Irrigated Guar"},{"$f":"'Irr Guar'!F$11","v":192},{"$f":"'Irr Guar'!G$11","v":144},{"$f":"'Irr Guar'!H$11","v":48},{"$f":"'Irr Guar'!F$47","v":192.35741538461539},{"$f":"'Irr Guar'!G$47","v":158.49751153846154},{"$f":"'Irr Guar'!H$47","v":33.859903846153841},{"$f":"B13-E13","v":-0.35741538461539335},{"$f":"C13-F13","v":-14.497511538461538},{"$f":"D13-G13","v":14.140096153846159},{"$f":"'Irr Guar'!F$61","v":384.60741538461536},{"$f":"'Irr Guar'!G$61","v":208.74751153846154},{"$f":"'Irr Guar'!H$61","v":175.85990384615383},{"$f":"'Irr Guar'!B36","v":4},{"$f":"IF($N13=0,\"-\",H13/$N13)","v":-8.9353846153848338E-2},{"$f":"IF($N13=0,\"-\",I13/$N13)","v":-3.6243778846153845},{"$f":"IF($N13=0,\"-\",J13/$N13)","v":3.5350240384615397},{"$f":"B13-K13","v":-192.60741538461536},{"$f":"C13-L13","v":-64.747511538461538},{"$f":"D13-M13","v":-127.85990384615383},{"$f":"'Irr Guar'!$D$9","v":0.16},{"$f":"'Irr Guar'!$C$9","v":"lb"},{"$f":"IF($U13=0, 0, K13/$U13)","v":2403.7963461538461},{"$f":"IF($U13=0, 0, IF('Irr Guar'!$E$9=0,0,L13/$U13/(1-'Irr Guar'!$E$9)))","v":1739.5625961538462},{"$f":"IF($U13=0, 0, IF('Irr Guar'!$E$9=0,0,M13/$U13/('Irr Guar'!$E$9)))","v":4396.4975961538457}]
[{"$f":"'Irr Peanuts'!$A$3:$H$3","v":"Irrigated Peanuts"},{"$f":"'Irr Peanuts'!F$11","v":946.00000000000011},{"$f":"'Irr Peanuts'!G$11","v":709.50000000000011},{"$f":"'Irr Peanuts'!H$11","v":236.50000000000003},{"$f":"'Irr Peanuts'!F$50","v":881.1975676470588},{"$f":"'Irr Peanuts'!G$50","v":767.17872573529405},{"$f":"'Irr Peanuts'!H$50","v":114.0188419117647},64.80243235294131,-57.678725735293938,122.48115808823533,{"$f":"'Irr Peanuts'!F$64","v":1098.4475676470588},{"$f":"'Irr Peanuts'!G$64","v":817.42872573529405},{"$f":"'Irr Peanuts'!H$64","v":281.0188419117647},{"$f":"'Irr Peanuts'!B39","v":22},2.9455651069518778,-2.6217602606951789,5.5673253676470607,-152.44756764705869,-107.92872573529394,-44.518841911764667,{"$f":"'Irr Peanuts'!$D$9","v":430},{"$f":"'Irr Peanuts'!$C$9","v":"tons"},2.5545292270861832,{"$f":"IF($U14=0, 0, IF('Irr Peanuts'!$E$9=0,0,L14/$U14/(1-'Irr Peanuts'!$E$9)))","v":2.5346627154582761},{"$f":"IF($U14=0, 0, IF('Irr Peanuts'!$E$9=0,0,M14/$U14/('Irr Peanuts'!$E$9)))","v":2.6141287619699041}]
[{"$f":"'Irr Sesame'!$A$3:$H$3","v":"Irrigated Sesame"},{"$f":"'Irr Sesame'!F$12","v":480},{"$f":"'Irr Sesame'!G$12","v":360},{"$f":"'Irr Sesame'!H$12","v":120},{"$f":"'Irr Sesame'!F$47","v":328.05169246323527},{"$f":"'Irr Sesame'!G$47","v":298.44259434742645},{"$f":"'Irr Sesame'!H$47","v":29.60909811580882},{"$f":"B15-E15","v":151.94830753676473},{"$f":"C15-F15","v":61.55740565257355},{"$f":"D15-G15","v":90.39090188419118},{"$f":"'Irr Sesame'!F$61","v":517.30169246323521},{"$f":"'Irr Sesame'!G$61","v":348.69259434742645},{"$f":"'Irr Sesame'!H$61","v":168.60909811580882},{"$f":"'Irr Sesame'!B36","v":11},{"$f":"IF($N15=0,\"-\",H15/$N15)","v":13.813482503342248},{"$f":"IF($N15=0,\"-\",I15/$N15)","v":5.5961277865975951},{"$f":"IF($N15=0,\"-\",J15/$N15)","v":8.2173547167446532},{"$f":"B15-K15","v":-37.301692463235213},{"$f":"C15-L15","v":11.30740565257355},{"$f":"D15-M15","v":-48.60909811580882},{"$f":"'Irr Sesame'!$D$9","v":0.32},{"$f":"'Irr Sesame'!$C$9","v":"lbs"},{"$f":"IF($U15=0, 0, K15/$U15)","v":1616.5677889476101},{"$f":"IF($U15=0, 0, IF('Irr Sesame'!$E$9=0,0,L15/$U15/(1-'Irr Sesame'!$E$9)))","v":1452.8858097809434},{"$f":"IF($U15=0, 0, IF('Irr Sesame'!$E$9=0,0,M15/$U15/('Irr Sesame'!$E$9)))","v":2107.6137264476101}]
[{"$f":"'Irr Sorghum'!$A$3:$H$3","v":"Irrigated Sorghum"},{"$f":"'Irr Sorghum'!F$12","v":357.5},{"$f":"'Irr Sorghum'!G$12","v":268.125},{"$f":"'Irr Sorghum'!H$12","v":89.375},{"$f":"'Irr Sorghum'!F$46","v":362.9721558464849},{"$f":"'Irr Sorghum'!G$46","v":312.51499188486372},{"$f":"'Irr Sorghum'!H$46","v":50.457163961621234},-5.4721558464848954,-44.389991884863718,38.917836038378766,{"$f":"'Irr Sorghum'!F$60","v":552.22215584648484},{"$f":"'Irr Sorghum'!G$60","v":362.76499188486372},{"$f":"'Irr Sorghum'!H$60","v":189.45716396162123},{"$f":"'Irr Sorghum'!B35","v":9},-0.60801731627609945,-4.9322213205404131,4.3242040042643071,-194.72215584648484,-94.639991884863718,-100.08216396162123,{"$f":"'Irr Sorghum'!$D$9","v":6.5},{"$f":"'Irr Sorghum'!$C$9","v":"cwt"},{"$f":"IF($U16=0, 0, (K16-'Irr Sorghum'!$F$10)/$U16)","v":84.957254745613056},{"$f":"IF($U16=0, 0, IF('Irr Sorghum'!$E$9=0,0,(L16-'Irr Sorghum'!$G$10)/$U16/(1-'Irr Sorghum'!$E$9)))","v":74.413331668689992},{"$f":"IF($U16=0, 0, IF('Irr Sorghum'!$E$9=0,0,(M16-'Irr Sorghum'!$H$10)/$U16/('Irr Sorghum'!$E$9)))","v":116.58902397638229}]
[{"$f":"'Irr Sorghum Silage'!$A$3:$H$3","v":"Irrigated Sorghum Silage"},{"$f":"'Irr Sorghum Silage'!F$11","v":720},{"$f":"'Irr Sorghum Silage'!G$11","v":540},{"$f":"'Irr Sorghum Silage'!H$11","v":180},{"$f":"'Irr Sorghum Silage'!F$45","v":624.42599934540897},{"$f":"'Irr Sorghum Silage'!G$45","v":536.31538914320311},{"$f":"'Irr Sorghum Silage'!H$45","v":88.110610202205891},95.574000654591032,3.684610856796894,91.889389797794109,{"$f":"'Irr Sorghum Silage'!F$59","v":813.67599934540897},{"$f":"'Irr Sorghum Silage'!G$59","v":586.56538914320311},{"$f":"'Irr Sorghum Silage'!H$59","v":227.11061020220589},{"$f":"'Irr Sorghum Silage'!B34","v":16},5.9733750409119395,0.23028817854980588,5.7430868623621318,-93.675999345408968,-46.565389143203106,-47.110610202205891,{"$f":"'Irr Sorghum Silage'!$D$9","v":30},{"$f":"'Irr Sorghum Silage'!$C$9","v":"tons"},27.122533311513632,{"$f":"IF($U17=0, 0, IF('Irr Sorghum Silage'!$E$9=0,0,L17/$U17/(1-'Irr Sorghum Silage'!$E$9)))","v":26.069572850809028},{"$f":"IF($U17=0, 0, IF('Irr Sorghum Silage'!$E$9=0,0,M17/$U17/('Irr Sorghum Silage'!$E$9)))","v":30.28141469362745}]
[{"$f":"'Irr Soybeans'!$A$3:$H$3","v":"Irrigated Soybeans"},{"$f":"'Irr Soybeans'!F$11","v":360},{"$f":"'Irr Soybeans'!G$11","v":270},{"$f":"'Irr Soybeans'!H$11","v":90},{"$f":"'Irr Soybeans'!F$47","v":396.03815588235295},{"$f":"'Irr Soybeans'!G$47","v":363.94514191176472},{"$f":"'Irr Soybeans'!H$47","v":32.093013970588238},-36.038155882352953,-93.945141911764722,57.906986029411762,{"$f":"'Irr Soybeans'!F$61","v":585.28815588235295},{"$f":"'Irr Soybeans'!G$61","v":414.19514191176472},{"$f":"'Irr Soybeans'!H$61","v":171.09301397058823},{"$f":"'Irr Soybeans'!B36","v":15},-2.4025437254901969,-6.263009460784315,3.8604657352941176,-225.28815588235295,-144.19514191176472,-81.093013970588231,{"$f":"'Irr Soybeans'!$D$9","v":9},{"$f":"'Irr Soybeans'!$C$9","v":"bu"},65.032017320261446,{"$f":"IF($U18=0, 0, IF('Irr Soybeans'!$E$9=0,0,L18/$U18/(1-'Irr Soybeans'!$E$9)))","v":61.362243246187369},{"$f":"IF($U18=0, 0, IF('Irr Soybeans'!$E$9=0,0,M18/$U18/('Irr Soybeans'!$E$9)))","v":76.041339542483655}]
[{"$f":"'Irr Sunflowers-Confection'!$A$3:$H$3","v":"Irrigated Sunflowers-Confectionary "},{"$f":"'Irr Sunflowers-Confection'!F$12","v":426.71999999999997},{"$f":"'Irr Sunflowers-Confection'!G$12","v":320.03999999999996},{"$f":"'Irr Sunflowers-Confection'!H$12","v":106.67999999999999},{"$f":"'Irr Sunflowers-Confection'!F$47","v":325.73337022058826},{"$f":"'Irr Sunflowers-Confection'!G$47","v":281.28217766544122},{"$f":"'Irr Sunflowers-Confection'!H$47","v":44.45119255514706},100.98662977941171,38.757822334558739,62.228807444852933,{"$f":"'Irr Sunflowers-Confection'!F$61","v":514.98337022058831},{"$f":"'Irr Sunflowers-Confection'!G$61","v":331.53217766544122},{"$f":"'Irr Sunflowers-Confection'!H$61","v":183.45119255514706},{"$f":"'Irr Sunflowers-Confection'!B36","v":8},12.623328722426464,4.8447277918198424,7.7786009306066166,-88.263370220588342,-11.492177665441261,-76.771192555147067,{"$f":"'Irr Sunflowers-Confection'!$D$9","v":0.21335999999999999},{"$f":"'Irr Sunflowers-Confection'!$C$9","v":"lbs"},2413.6828375543137,{"$f":"IF($U19=0, 0, IF('Irr Sunflowers-Confection'!$E$9=0,0,L19/$U19/(1-'Irr Sunflowers-Confection'!$E$9)))","v":2071.8171332673492},{"$f":"IF($U19=0, 0, IF('Irr Sunflowers-Confection'!$E$9=0,0,M19/$U19/('Irr Sunflowers-Confection'!$E$9)))","v":3439.2799504152053}]
[{"$f":"'Irr Sunflowers-Oilseed'!$A$3:$H$3","v":"Irrigated Sunflowers-Oilseed "},{"$f":"'Irr Sunflowers-Oilseed'!F$11","v":280},{"$f":"'Irr Sunflowers-Oilseed'!G$11","v":210},{"$f":"'Irr Sunflowers-Oilseed'!H$11","v":70},{"$f":"'Irr Sunflowers-Oilseed'!F$46","v":308.61477022058824},{"$f":"'Irr Sunflowers-Oilseed'!G$46","v":276.61885266544118},{"$f":"'Irr Sunflowers-Oilseed'!H$46","v":31.995917555147059},-28.614770220588241,-66.618852665441182,38.004082444852941,{"$f":"'Irr Sunflowers-Oilseed'!F$60","v":497.86477022058824},{"$f":"'Irr Sunflowers-Oilseed'!G$60","v":326.86885266544118},{"$f":"'Irr Sunflowers-Oilseed'!H$60","v":170.99591755514706},{"$f":"'Irr Sunflowers-Oilseed'!B35","v":8},-3.5768462775735301,-8.3273565831801477,4.7505103056066176,-217.86477022058824,-116.86885266544118,-100.99591755514706,{"$f":"'Irr Sunflowers-Oilseed'!$D$9","v":0.14000000000000001},{"$f":"'Irr Sunflowers-Oilseed'!$C$9","v":"lbs"},3556.1769301470586,{"$f":"IF($U20=0, 0, IF('Irr Sunflowers-Oilseed'!$E$9=0,0,L20/$U20/(1-'Irr Sunflowers-Oilseed'!$E$9)))","v":3113.0366920518204},{"$f":"IF($U20=0, 0, IF('Irr Sunflowers-Oilseed'!$E$9=0,0,M20/$U20/('Irr Sunflowers-Oilseed'!$E$9)))","v":4885.5976444327725}]
[{"$f":"'Irr Wheat'!$A$3:$H$3","v":"Irrigated Wheat"},{"$f":"'Irr Wheat'!F$12","v":338},{"$f":"'Irr Wheat'!G$12","v":253.5},{"$f":"'Irr Wheat'!H$12","v":84.5},{"$f":"'Irr Wheat'!F$45","v":420.04768813665709},{"$f":"'Irr Wheat'!G$45","v":369.82146610249276},{"$f":"'Irr Wheat'!H$45","v":50.226222034164273},-82.047688136657086,-116.32146610249276,34.273777965835727,{"$f":"'Irr Wheat'!F$59","v":609.29768813665714},{"$f":"'Irr Wheat'!G$59","v":420.07146610249276},{"$f":"'Irr Wheat'!H$59","v":189.22622203416427},{"$f":"'Irr Wheat'!B34","v":14},-5.8605491526183631,-8.3086761501780551,2.4481269975596947,-271.29768813665714,-166.57146610249276,-104.72622203416427,{"$f":"'Irr Wheat'!$D$9","v":4.5},{"$f":"'Irr Wheat'!$C$9","v":"bu"},{"$f":"IF($U21=0, 0, (K21-'Irr Wheat'!$F$10)/$U21)","v":120.28837514147936},{"$f":"IF($U21=0, 0, IF('Irr Wheat'!$E$9=0,0,(L21-'Irr Wheat'!$G$10)/$U21/(1-'Irr Wheat'!$E$9)))","v":109.35450847481268},{"$f":"IF($U21=0, 0, IF('Irr Wheat'!$E$9=0,0,(M21-'Irr Wheat'!$H$10)/$U21/('Irr Wheat'!$E$9)))","v":153.08997514147936}]
[{"$f":"'Dry Cotton Conventional'!$A$3:H3","v":"Dryland Cotton - Conventional"},{"$f":"'Dry Cotton Conventional'!F$12","v":317.44},{"$f":"'Dry Cotton Conventional'!G$12","v":238.07999999999998},{"$f":"'Dry Cotton Conventional'!H$12","v":79.36},{"$f":"'Dry Cotton Conventional'!F$45","v":303.23622365196081},{"$f":"'Dry Cotton Conventional'!G$45","v":274.09079273897061},{"$f":"'Dry Cotton Conventional'!H$45","v":29.145430912990197},{"$f":"B22-E22","v":14.203776348039185},{"$f":"C22-F22","v":-36.010792738970622},{"$f":"D22-G22","v":50.214569087009806},{"$f":"'Dry Cotton Conventional'!F$57","v":406.48622365196081},{"$f":"'Dry Cotton Conventional'!G$57","v":324.34079273897061},{"$f":"'Dry Cotton Conventional'!H$57","v":82.145430912990193},null,null,null,null,{"$f":"B22-K22","v":-89.046223651960815},{"$f":"C22-L22","v":-86.260792738970622},{"$f":"D22-M22","v":-2.7854309129901935},{"$f":"'Dry Cotton Conventional'!$D$9","v":0.68},{"$f":"'Dry Cotton Conventional'!$C$9","v":"lbs"},{"$f":"IF($U22=0, 0, K22/($U22+Cottonseed_Price/2000*'2019 Universal Input Prices'!$C$40/500))","v":512.20542294853931},{"$f":"IF($U22=0, 0, IF('Dry Cotton Conventional'!$E$9=0,0,L22/($U22+Cottonseed_Price/2000*'2019 Universal Input Prices'!$C$40/500)/(1-'Dry Cotton Conventional'!$E$9)))","v":544.9274071555285},{"$f":"IF($U22=0, 0, IF('Dry Cotton Conventional'!$E$9=0,0,M22/($U22+Cottonseed_Price/2000*'2019 Universal Input Prices'!$C$40/500)/('Dry Cotton Conventional'!$E$9)))","v":414.03947032757151}]
[{"$f":"'Dry Cotton HT'!$A$3:$H$3","v":"Dryland Cotton - Herbicide Tolerant"},{"$f":"'Dry Cotton HT'!F$12","v":317.44},{"$f":"'Dry Cotton HT'!G$12","v":238.07999999999998},{"$f":"'Dry Cotton HT'!H$12","v":79.36},{"$f":"'Dry Cotton HT'!F$45","v":265.7866164828431},{"$f":"'Dry Cotton HT'!G$45","v":230.90378736213236},{"$f":"'Dry Cotton HT'!H$45","v":34.882829120710781},51.653383517156897,7.1762126378676214,44.477170879289218,{"$f":"'Dry Cotton HT'!F$57","v":369.0366164828431},{"$f":"'Dry Cotton HT'!G$57","v":281.15378736213233},{"$f":"'Dry Cotton HT'!H$57","v":87.882829120710781},null,null,null,null,-51.596616482843103,-43.07378736213235,-8.5228291207107816,{"$f":"'Dry Cotton HT'!$D$9","v":0.68},{"$f":"'Dry Cotton HT'!$C$9","v":"lbs"},{"$f":"IF($U23=0, 0, K23/($U23+Cottonseed_Price/2000*'2019 Universal Input Prices'!$C$40/500))","v":465.01589778584054},{"$f":"IF($U23=0, 0, IF('Dry Cotton HT'!$E$9=0,0,L23/($U23+Cottonseed_Price/2000*'2019 Universal Input Prices'!$C$40/500)/(1-'Dry Cotton HT'!$E$9)))","v":472.36859435842121},{"$f":"IF($U23=0, 0, IF('Dry Cotton HT'!$E$9=0,0,M23/($U23+Cottonseed_Price/2000*'2019 Universal Input Prices'!$C$40/500)/('Dry Cotton HT'!$E$9)))","v":442.95780806809864}]
[{"$f":"'Dry Guar'!$A$3:$H$3","v":"Dryland Guar"},{"$f":"'Dry Guar'!F$11","v":96},{"$f":"'Dry Guar'!G$11","v":72},{"$f":"'Dry Guar'!H$11","v":24},{"$f":"'Dry Guar'!F$41","v":90.955307692307699},{"$f":"'Dry Guar'!G$41","v":80.602230769230772},{"$f":"'Dry Guar'!H$41","v":10.353076923076923},5.0446923076923014,-8.602230769230772,13.646923076923077,{"$f":"'Dry Guar'!F$53","v":194.20530769230771},{"$f":"'Dry Guar'!G$53","v":130.85223076923077},{"$f":"'Dry Guar'!H$53","v":63.353076923076927},null,null,null,null,-98.205307692307713,-58.852230769230772,-39.353076923076927,{"$f":"'Dry Guar'!$D$9","v":0.16},{"$f":"'Dry Guar'!$C$9","v":"lbs"},{"$f":"IF($U24=0, 0, K24/$U24)","v":1213.7831730769233},{"$f":"IF($U24=0, 0, IF('Dry Sesame'!$E$9=0,0,L24/$U24/(1-'Dry Sesame'!$E$9)))","v":1090.4352564102564},{"$f":"IF($U24=0, 0, IF('Dry Sesame'!$E$9=0,0,M24/$U24/('Dry Sesame'!$E$9)))","v":1583.8269230769231}]
[{"$f":"'Dry Sesame'!$A$3:$H$3","v":"Dryland Sesame"},{"$f":"'Dry Sesame'!F$11","v":196.00000000000003},{"$f":"'Dry Sesame'!G$11","v":147.00000000000003},{"$f":"'Dry Sesame'!H$11","v":49.000000000000007},{"$f":"'Dry Sesame'!F$40","v":119.68136875},{"$f":"'Dry Sesame'!G$40","v":108.4375015625},{"$f":"'Dry Sesame'!H$40","v":11.243867187500001},{"$f":"B25-E25","v":76.318631250000024},{"$f":"C25-F25","v":38.562498437500025},{"$f":"D25-G25","v":37.756132812500006},{"$f":"'Dry Sesame'!F$52","v":222.93136874999999},{"$f":"'Dry Sesame'!G$52","v":158.68750156250002},{"$f":"'Dry Sesame'!H$52","v":64.243867187500001},null,null,null,null,{"$f":"B25-K25","v":-26.931368749999962},{"$f":"C25-L25","v":-11.687501562499989},{"$f":"D25-M25","v":-15.243867187499994},{"$f":"'Dry Guar'!$D$9","v":0.16},{"$f":"'Dry Sesame'!$C$9","v":"lbs"},{"$f":"IF($U25=0, 0, K25/$U25)","v":1393.3210546875},{"$f":"IF($U25=0, 0, IF('Dry Guar'!$E$9=0,0,L25/$U25/(1-'Dry Guar'!$E$9)))","v":1322.3958463541669},{"$f":"IF($U25=0, 0, IF('Dry Guar'!$E$9=0,0,M25/$U25/('Dry Guar'!$E$9)))","v":1606.0966796875}]
[{"$f":"'Dry Sorghum'!$A$3:$H$3","v":"Dryland Sorghum"},{"$f":"'Dry Sorghum'!F$12","v":117},{"$f":"'Dry Sorghum'!G$12","v":87.75},{"$f":"'Dry Sorghum'!H$12","v":29.25},{"$f":"'Dry Sorghum'!F$41","v":131.65526875},{"$f":"'Dry Sorghum'!G$41","v":113.4814015625},{"$f":"'Dry Sorghum'!H$41","v":18.173867187500001},-14.655268750000005,-25.731401562499997,11.076132812499999,{"$f":"'Dry Sorghum'!F$53","v":234.90526875},{"$f":"'Dry Sorghum'!G$53","v":163.7314015625},{"$f":"'Dry Sorghum'!H$53","v":71.173867187500008},null,null,null,null,-117.90526875,-75.981401562499997,-41.923867187500008,{"$f":"'Dry Sorghum'!$D$9","v":6.5},{"$f":"'Dry Sorghum'!$C$9","v":"cwt"},{"$f":"IF($U26=0, 0, (K26-'Dry Sorghum'!$F$10)/$U26)","v":36.139272115384614},{"$f":"IF($U26=0, 0, IF('Dry Sorghum'!$E$9=0,0,(L26-'Dry Sorghum'!$G$10)/$U26/(1-'Dry Sorghum'!$E$9)))","v":33.585928525641023},{"$f":"IF($U26=0, 0, IF('Dry Sorghum'!$E$9=0,0,(M26-'Dry Sorghum'!$H$10)/$U26/('Dry Sorghum'!$E$9)))","v":43.799302884615386}]
[{"$f":"'Dry Sunflowers-Oilseed'!$A$3:$H$3","v":"Dryland Sunflowers-Oilseed "},{"$f":"'Dry Sunflowers-Oilseed'!F$11","v":140},{"$f":"'Dry Sunflowers-Oilseed'!G$11","v":105},{"$f":"'Dry Sunflowers-Oilseed'!H$11","v":35},{"$f":"'Dry Sunflowers-Oilseed'!F$40","v":146.05732499999999},{"$f":"'Dry Sunflowers-Oilseed'!G$40","v":129.75931875000001},{"$f":"'Dry Sunflowers-Oilseed'!H$40","v":16.29800625},-6.0573249999999916,-24.759318750000006,18.70199375,{"$f":"'Dry Sunflowers-Oilseed'!F$52","v":249.30732499999999},{"$f":"'Dry Sunflowers-Oilseed'!G$52","v":180.00931875000001},{"$f":"'Dry Sunflowers-Oilseed'!H$52","v":69.29800625},null,null,null,null,-109.30732499999999,-75.009318750000006,-34.29800625,{"$f":"'Dry Sunflowers-Oilseed'!$D$9","v":0.14000000000000001},{"$f":"'Dry Sunflowers-Oilseed'!$C$9","v":"lbs"},1780.7666071428569,{"$f":"IF($U27=0, 0, IF('Dry Sunflowers-Oilseed'!$E$9=0,0,L27/$U27/(1-'Dry Sunflowers-Oilseed'!$E$9)))","v":1714.3744642857143},{"$f":"IF($U27=0, 0, IF('Dry Sunflowers-Oilseed'!$E$9=0,0,M27/$U27/('Dry Sunflowers-Oilseed'!$E$9)))","v":1979.9430357142855}]
[{"$f":"'Dry Wheat'!$A$3:$H$3","v":"Dryland Wheat"},{"$f":"'Dry Wheat'!F$12","v":115},{"$f":"'Dry Wheat'!G$12","v":86.25},{"$f":"'Dry Wheat'!H$12","v":28.75},{"$f":"'Dry Wheat'!F$40","v":134.36036874999999},{"$f":"'Dry Wheat'!G$40","v":119.1377515625},{"$f":"'Dry Wheat'!H$40","v":15.222617187500001},-19.360368749999992,-32.8877515625,13.527382812499999,{"$f":"'Dry Wheat'!F$52","v":237.61036874999999},{"$f":"'Dry Wheat'!G$52","v":169.3877515625},{"$f":"'Dry Wheat'!H$52","v":68.222617187500006},null,null,null,null,-122.61036874999999,-83.1377515625,-39.472617187500006,{"$f":"'Dry Wheat'!$D$9","v":4.5},{"$f":"'Dry Wheat'!$C$9","v":"bu"},{"$f":"IF($U28=0, 0, (K28-'Dry Wheat'!$F$10)/$U28)","v":45.246748611111109},{"$f":"IF($U28=0, 0, IF('Dry Wheat'!$E$9=0,0,(L28-'Dry Wheat'!$G$10)/$U28/(1-'Dry Wheat'!$E$9)))","v":42.63340787037037},{"$f":"IF($U28=0, 0, IF('Dry Wheat'!$E$9=0,0,(M28-'Dry Wheat'!$H$10)/$U28/('Dry Wheat'!$E$9)))","v":53.08677083333334}]

{"sheet":"Whole Farm Scenario","index":33,"n_rows":79,"n_cols":22,"rows_kept":79,"cut":false,"hidden":true,"merged":[[1,1,1,10],[3,2,3,4],[11,5,11,10]]}
[]
[null,"Whole Farm Comparative Profitability, Irrigation Capacity and Risk Analysis"]
[]
[null,"Farm Name","ABC Farm"]
[null,"Acres covered by irrigation system",120]
[null,"Total cropland acres",160]
[null,"Irrigation capacity in GPM",350]
[null,"Total number of days to irrigate",100]
[null,"Total acre inches available",{"$f":"C8*24*60*C7/27154","v":1856.0801355233116},null,{"$f":"-C9*0.05","v":-92.804006776165579},{"$f":"C9*0.05","v":92.804006776165579}]
[null,"Acre-inches per irrigated acre",{"$f":"IF(C5>0, C9/C5, 0)","v":15.467334462694263}]
[]
[null,null,null,null,null,"Comparative Farm Scenarios"]
[null,"Crop","APH","Units","Insurance Level",1,2,3,4,5,6,"Irrigation","Inches","Total Return","Tenant Return","Landlord Return","Total Pre-Harvest","Tenant Pre-Harvest","Landlord Pre-Harvest","Insurance Price","Landlord Share","Tenant Share"]
[null,"Irrigated Cotton - Pivot",975,{"$f":"IF($B14=\"\", \"\", VLOOKUP($B14, $B$60:$M$79,11))","v":"lbs"},0.65,120,null,null,null,null,null,{"$f":"IF($B14=\"\", \"\", IF(VLOOKUP(B14, $B$60:$L$79,9)>0,TRUE, FALSE))","v":true},{"$f":"IF($B14=\"\", 0, VLOOKUP(B14, $B$60:$L$79,9))","v":12},{"$f":"IF($B14=\"\", 0, VLOOKUP($B14, $B$60:$M$79,2))","v":274.32692922794126},{"$f":"IF($B14=\"\", 0, VLOOKUP($B14, $B$60:$M$79,4))","v":129.99194692095602},{"$f":"IF($B14=\"\", 0, VLOOKUP($B14, $B$60:$M$79,5))","v":144.33498230698532},{"$f":"IF($B14=\"\", 0, VLOOKUP($B14, $B$60:$M$79,6))","v":479.39182077205885},{"$f":"IF($B14=\"\", 0, VLOOKUP($B14, $B$60:$M$79,7))","v":410.29711557904409},{"$f":"IF($B14=\"\", 0, VLOOKUP($B14, $B$60:$M$79,8))","v":69.094705193014704},{"$f":"IF($B14=\"\", 0, VLOOKUP($B14, $B$60:$M$79,10))","v":0.94307000000000007},{"$f":"IF($B14=\"\", 0, VLOOKUP($B14, $B$60:$M$79,12))","v":0.25},{"$f":"1-U14","v":0.75}]
[null,"Dryland Cotton - Herbicide Tolerant",300,"lbs",0.65,40,null,null,null,null,null,false,0,51.653383517156897,7.1762126378676214,44.477170879289218,185.11994981617642,162.40378736213236,22.716162454044113,0.94307000000000007,0.25,{"$f":"1-U15","v":0.75}]
[null,"Irrigated Sorghum",56,"cwt",0.65,null,120,null,null,null,null,true,9,-5.4721558464848954,-44.389991884863718,38.917836038378766,329.9721558464849,287.76499188486372,42.207163961621234,7.9642857142857144,0.25,0.75]
[null,"Dryland Sorghum",21,"cwt",0.65,null,40,null,null,null,null,false,0,-14.655268750000005,-25.731401562499997,11.076132812499999,110.45526875,92.281401562499994,18.173867187500001,7.9642857142857144,0.25,0.75]
[null,null,null,"",null,null,null,null,null,null,null,"",0,0,0,0,0,0,0,0,0,1]
[null,null,null,"",null,null,null,null,null,null,null,"",0,0,0,0,0,0,0,0,0,1]
[null,null,null,"",null,null,null,null,null,null,null,"",0,0,0,0,0,0,0,0,0,1]
[null,null,null,"",null,null,null,null,null,null,null,"",0,0,0,0,0,0,0,0,0,1]
[]
[null,"Acreage Check"]
[null,"Irrigated",null,null,null,{"$f":"SUMIF($L$14:$L$21, TRUE, F$14:F$21)","v":120},120,0,0,0,0]
[null,"Dryland",null,null,null,{"$f":"SUMIF($L$14:$L$21, FALSE, F$14:F$21)","v":40},40,0,0,0,0]
[null,"Total",null,null,null,{"$f":"SUM(F$14:F$21)","v":160},160,0,0,0,0]
[null,"Irrigation Check"]
[null,"Total acre inches used",null,null,null,{"$f":"SUM(F14:F21*$M$14:$M$21)","v":1440},{"$f":"SUM(G14:G21*$M$14:$M$21)","v":1080},{"$f":"SUM(H14:H21*$M$14:$M$21)","v":0},{"$f":"SUM(I14:I21*$M$14:$M$21)","v":0},{"$f":"SUM(J14:J21*$M$14:$M$21)","v":0},{"$f":"SUM(K14:K21*$M$14:$M$21)","v":0}]
[null,"Irrigation capacity check",null,null,null,{"$f":"$C$9-F28","v":416.08013552331158},776.08013552331158,1856.0801355233116,1856.0801355233116,1856.0801355233116,1856.0801355233116]
[null,"Percent irrigation capacity",null,null,null,{"$f":"IF($C$9=0, 0, F28/$C$9)","v":0.77582857142857142},0.58187142857142859,0,0,0,0]
[]
[null,"Profitability - Return over direct expenses"]
[null,"Total",null,null,null,{"$f":"SUM(F$14:F$21*$N$14:$N$21)","v":34985.36684803923},{"$f":"SUM(G$14:G$21*$N$14:$N$21)","v":-1242.8694515781876},{"$f":"SUM(H$14:H$21*$N$14:$N$21)","v":0},{"$f":"SUM(I$14:I$21*$N$14:$N$21)","v":0},{"$f":"SUM(J$14:J$21*$N$14:$N$21)","v":0},{"$f":"SUM(K$14:K$21*$N$14:$N$21)","v":0}]
[null,"Tenant",null,null,null,{"$f":"SUM(F$14:F$21*$O$14:$O$21)","v":15886.082136029429},{"$f":"SUM(G$14:G$21*$O$14:$O$21)","v":-6356.0550886836454},{"$f":"SUM(H$14:H$21*$O$14:$O$21)","v":0},{"$f":"SUM(I$14:I$21*$O$14:$O$21)","v":0},{"$f":"SUM(J$14:J$21*$O$14:$O$21)","v":0},{"$f":"SUM(K$14:K$21*$O$14:$O$21)","v":0}]
[null,"Landlord",null,null,null,{"$f":"SUM(F$14:F$21*$P$14:$P$21)","v":19099.284712009809},{"$f":"SUM(G$14:G$21*$P$14:$P$21)","v":5113.1856371054528},{"$f":"SUM(H$14:H$21*$P$14:$P$21)","v":0},{"$f":"SUM(I$14:I$21*$P$14:$P$21)","v":0},{"$f":"SUM(J$14:J$21*$P$14:$P$21)","v":0},{"$f":"SUM(K$14:K$21*$P$14:$P$21)","v":0}]
[]
[null,"Financial Risk"]
[null,"Total"]
[null,"Pre-Harvest Costs",null,null,null,{"$f":"SUM(F$14:F$21*$Q$14:$Q$21)","v":64931.816485294119},{"$f":"SUM(G$14:G$21*$Q$14:$Q$21)","v":44014.869451578183},{"$f":"SUM(H$14:H$21*$Q$14:$Q$21)","v":0},{"$f":"SUM(I$14:I$21*$Q$14:$Q$21)","v":0},{"$f":"SUM(J$14:J$21*$Q$14:$Q$21)","v":0},{"$f":"SUM(K$14:K$21*$Q$14:$Q$21)","v":0}]
[null,"Insurance Guarantee",null,null,null,{"$f":"SUM($C$14:$C$21*$E$14:$E$21*F$14:F$21*$T$14:$T$21)","v":79076.419500000004},{"$f":"SUM($C$14:$C$21*$E$14:$E$21*G$14:G$21*$T$14:$T$21)","v":39136.5},{"$f":"SUM($C$14:$C$21*$E$14:$E$21*H$14:H$21*$T$14:$T$21)","v":0},{"$f":"SUM($C$14:$C$21*$E$14:$E$21*I$14:I$21*$T$14:$T$21)","v":0},{"$f":"SUM($C$14:$C$21*$E$14:$E$21*J$14:J$21*$T$14:$T$21)","v":0},{"$f":"SUM($C$14:$C$21*$E$14:$E$21*K$14:K$21*$T$14:$T$21)","v":0}]
[null,"Insurance Coverage Ratio",null,null,null,{"$f":"IF(F39>0, F40/F39, 0)","v":1.2178377840070034},0.88916542267732968,0,0,0,0]
[null,"Tenant"]
[null,"Pre-Harvest Costs",null,null,null,{"$f":"SUM(F$14:F$21*$R$14:$R$21)","v":55731.80536397059},{"$f":"SUM(G$14:G$21*$R$14:$R$21)","v":38223.055088683643},{"$f":"SUM(H$14:H$21*$R$14:$R$21)","v":0},{"$f":"SUM(I$14:I$21*$R$14:$R$21)","v":0},{"$f":"SUM(J$14:J$21*$R$14:$R$21)","v":0},{"$f":"SUM(K$14:K$21*$R$14:$R$21)","v":0}]
[null,"Insurance Guarantee",null,null,null,{"$f":"SUM($C$14:$C$21*$E$14:$E$21*F$14:F$21*$T$14:$T$21*$V$14:$V$21)","v":59307.314624999999},{"$f":"SUM($C$14:$C$21*$E$14:$E$21*G$14:G$21*$T$14:$T$21*$V$14:$V$21)","v":29352.375},{"$f":"SUM($C$14:$C$21*$E$14:$E$21*H$14:H$21*$T$14:$T$21*$V$14:$V$21)","v":0},{"$f":"SUM($C$14:$C$21*$E$14:$E$21*I$14:I$21*$T$14:$T$21*$V$14:$V$21)","v":0},{"$f":"SUM($C$14:$C$21*$E$14:$E$21*J$14:J$21*$T$14:$T$21*$V$14:$V$21)","v":0},{"$f":"SUM($C$14:$C$21*$E$14:$E$21*K$14:K$21*$T$14:$T$21*$V$14:$V$21)","v":0}]
[null,"Insurance Coverage Ratio",null,null,null,{"$f":"IF(F43>0, F44/F43, 0)","v":1.0641556331735289},0.76792331047054618,0,0,0,0]
[null,"Landlord"]
[null,"Pre-Harvest Costs",null,null,null,{"$f":"SUM(F$14:F$21*$S$14:$S$21)","v":9200.0111213235286},{"$f":"SUM(G$14:G$21*$S$14:$S$21)","v":5791.8143628945472},{"$f":"SUM(H$14:H$21*$S$14:$S$21)","v":0},{"$f":"SUM(I$14:I$21*$S$14:$S$21)","v":0},{"$f":"SUM(J$14:J$21*$S$14:$S$21)","v":0},{"$f":"SUM(K$14:K$21*$S$14:$S$21)","v":0}]
[null,"Insurance Guarantee",null,null,null,{"$f":"SUM($C$14:$C$21*$E$14:$E$21*F$14:F$21*$T$14:$T$21*$U$14:$U$21)","v":19769.104875000001},{"$f":"SUM($C$14:$C$21*$E$14:$E$21*G$14:G$21*$T$14:$T$21*$U$14:$U$21)","v":9784.125},{"$f":"SUM($C$14:$C$21*$E$14:$E$21*H$14:H$21*$T$14:$T$21*$U$14:$U$21)","v":0},{"$f":"SUM($C$14:$C$21*$E$14:$E$21*I$14:I$21*$T$14:$T$21*$U$14:$U$21)","v":0},{"$f":"SUM($C$14:$C$21*$E$14:$E$21*J$14:J$21*$T$14:$T$21*$U$14:$U$21)","v":0},{"$f":"SUM($C$14:$C$21*$E$14:$E$21*K$14:K$21*$T$14:$T$21*$U$14:$U$21)","v":0}]
[null,"Insurance Coverage Ratio",null,null,null,{"$f":"IF(F47>0, F48/F47, 0)","v":2.1488131497123653},1.6893022439880541,0,0,0,0]
[]
[null,null,null,null,0.5]
[null,null,null,null,0.55000000000000004]
[null,null,null,null,0.6]
[null,null,null,null,0.65]
[null,null,null,null,0.7]
[null,null,null,null,0.75]
[null,null,null,null,0.8]
[null,null,null,null,0.85]
[null,null,"Total Return Over Direct",null,"Tenant Return Over Direct","Landlord Return Over Direct","Total Pre-Harvest Expense","Tenant Pre-Harvest Expense","Landlord Pre-Harvest Expense","Inches of Water","Insurance Price","Unit","Landlord Share of Production"]
[null,{"$f":"'Dry Cotton Conventional'!$A$3","v":"Dryland Cotton - Conventional"},{"$f":"'Comparative Returns'!H22","v":14.203776348039185},null,{"$f":"'Comparative Returns'!I22","v":-36.010792738970622},{"$f":"'Comparative Returns'!J22","v":50.214569087009806},{"$f":"'Dry Cotton Conventional'!F45-'Dry Cotton Conventional'!F27-'Dry Cotton Conventional'!F28-'Dry Cotton Conventional'!F29","v":222.56955698529413},{"$f":"'Dry Cotton Conventional'!G45-'Dry Cotton Conventional'!G27-'Dry Cotton Conventional'!G28-'Dry Cotton Conventional'!G29","v":205.59079273897061},{"$f":"'Dry Cotton Conventional'!H45-'Dry Cotton Conventional'!H27-'Dry Cotton Conventional'!H28-'Dry Cotton Conventional'!H29","v":16.978764246323529},0,{"$f":"0.78+(0.115*1.418)","v":0.94307000000000007},{"$f":"'Dry Cotton Conventional'!$C$9","v":"lbs"},{"$f":"'Dry Cotton Conventional'!E9","v":0.25}]
[null,{"$f":"'Dry Cotton HT'!$A$3","v":"Dryland Cotton - Herbicide Tolerant"},{"$f":"'Comparative Returns'!H23","v":51.653383517156897},null,{"$f":"'Comparative Returns'!I23","v":7.1762126378676214},{"$f":"'Comparative Returns'!J23","v":44.477170879289218},{"$f":"'Dry Cotton HT'!F45-'Dry Cotton HT'!F27-'Dry Cotton HT'!F28-'Dry Cotton HT'!F29","v":185.11994981617642},{"$f":"'Dry Cotton HT'!G45-'Dry Cotton HT'!G27-'Dry Cotton HT'!G28-'Dry Cotton HT'!G29","v":162.40378736213236},{"$f":"'Dry Cotton HT'!H45-'Dry Cotton HT'!H27-'Dry Cotton HT'!H28-'Dry Cotton HT'!H29","v":22.716162454044113},0,{"$f":"0.78+(0.115*1.418)","v":0.94307000000000007},{"$f":"'Dry Cotton HT'!$C$9","v":"lbs"},{"$f":"'Dry Cotton HT'!E9","v":0.25}]
[null,{"$f":"'Dry Sesame'!$A$3","v":"Dryland Sesame"},{"$f":"'Comparative Returns'!H25","v":76.318631250000024},null,{"$f":"'Comparative Returns'!I25","v":38.562498437500025},{"$f":"'Comparative Returns'!J25","v":37.756132812500006},{"$f":"'Dry Sesame'!F40-'Dry Sesame'!F23-'Dry Sesame'!F24","v":93.841368750000001},{"$f":"'Dry Sesame'!G40-'Dry Sesame'!G23-'Dry Sesame'!G24","v":89.057501562500008},{"$f":"'Dry Sesame'!H40-'Dry Sesame'!H23-'Dry Sesame'!H24","v":4.7838671875000012},0,{"$f":"Sesame_NI_Price","v":0.28000000000000003},{"$f":"'Dry Sesame'!$C$9","v":"lbs"},{"$f":"'Dry Sesame'!E9","v":0.25}]
[null,{"$f":"'Dry Sorghum'!$A$3","v":"Dryland Sorghum"},{"$f":"'Comparative Returns'!H26","v":-14.655268750000005},null,{"$f":"'Comparative Returns'!I26","v":-25.731401562499997},{"$f":"'Comparative Returns'!J26","v":11.076132812499999},{"$f":"'Dry Sorghum'!F41-'Dry Sorghum'!F24-'Dry Sorghum'!F25","v":110.45526875},{"$f":"'Dry Sorghum'!G41-'Dry Sorghum'!G24-'Dry Sorghum'!G25","v":92.281401562499994},{"$f":"'Dry Sorghum'!H41-'Dry Sorghum'!H24-'Dry Sorghum'!H25","v":18.173867187500001},0,{"$f":"4.46/56*100","v":7.9642857142857144},{"$f":"'Dry Sorghum'!$C$9","v":"cwt"},{"$f":"'Dry Sorghum'!E9","v":0.25}]
[null,{"$f":"'Dry Sunflowers-Oilseed'!$A$3","v":"Dryland Sunflowers-Oilseed "},{"$f":"'Comparative Returns'!H27","v":-6.0573249999999916},null,{"$f":"'Comparative Returns'!I27","v":-24.759318750000006},{"$f":"'Comparative Returns'!J27","v":18.70199375},{"$f":"'Dry Sunflowers-Oilseed'!F40-'Dry Sunflowers-Oilseed'!F23-'Dry Sunflowers-Oilseed'!F24","v":128.05732499999999},{"$f":"'Dry Sunflowers-Oilseed'!G40-'Dry Sunflowers-Oilseed'!G23-'Dry Sunflowers-Oilseed'!G24","v":116.25931875000001},{"$f":"'Dry Sunflowers-Oilseed'!H40-'Dry Sunflowers-Oilseed'!H23-'Dry Sunflowers-Oilseed'!H24","v":11.79800625},0,0.20899999999999999,{"$f":"'Dry Sunflowers-Oilseed'!$C$9","v":"lbs"},{"$f":"'Dry Sunflowers-Oilseed'!E9","v":0.25}]
[null,{"$f":"'Dry Wheat'!$A$3","v":"Dryland Wheat"},{"$f":"'Comparative Returns'!H28","v":-19.360368749999992},null,{"$f":"'Comparative Returns'!I28","v":-32.8877515625},{"$f":"'Comparative Returns'!J28","v":13.527382812499999},{"$f":"'Dry Wheat'!F40-'Dry Wheat'!F24-'Dry Wheat'!F25","v":117.84036875},{"$f":"'Dry Wheat'!G42-'Dry Wheat'!G23","v":-4.125},{"$f":"'Dry Wheat'!H42-'Dry Wheat'!H23","v":-1.375},0,7.02,{"$f":"'Dry Wheat'!$C$9","v":"bu"},{"$f":"'Dry Wheat'!E9","v":0.25}]
[null,{"$f":"'Irr Alfalfa'!$A$3","v":"Irrigated Alfalfa "},{"$f":"'Comparative Returns'!H7","v":568.26922830882359},null,{"$f":"'Comparative Returns'!I7","v":325.24904623161763},{"$f":"'Comparative Returns'!J7","v":243.0201820772059},{"$f":"'Irr Alfalfa'!F$46-'Irr Alfalfa'!F$24","v":571.73077169117641},{"$f":"'Irr Alfalfa'!G$46-'Irr Alfalfa'!G$24","v":529.75095376838237},{"$f":"'Irr Alfalfa'!H$46-'Irr Alfalfa'!H$24","v":41.979817922794112},{"$f":"Alfalfa_Inches","v":24},0,{"$f":"'Irr Alfalfa'!$C$9","v":"tons"},{"$f":"'Irr Alfalfa'!E9","v":0.25}]
[null,{"$f":"'Irr Blackeyes'!$A$3","v":"Irrigated Blackeyed Peas"},{"$f":"'Comparative Returns'!H8","v":352.01657500000005},null,{"$f":"'Comparative Returns'!I8","v":223.38923124999999},{"$f":"'Comparative Returns'!J8","v":128.62734374999999},{"$f":"'Irr Blackeyes'!F46-'Irr Blackeyes'!F23-'Irr Blackeyes'!F24","v":243.28342499999997},{"$f":"'Irr Blackeyes'!G46-'Irr Blackeyes'!G23-'Irr Blackeyes'!G24","v":223.08576875},{"$f":"'Irr Blackeyes'!H46-'Irr Blackeyes'!H23-'Irr Blackeyes'!H24","v":20.197656250000001},{"$f":"Blackeyes_Inches","v":8},0.43,{"$f":"'Irr Blackeyes'!$C$9","v":"lbs"},{"$f":"'Irr Blackeyes'!E9","v":0.25}]
[null,{"$f":"'Irr Corn'!$A$3","v":"Irrigated Corn"},{"$f":"'Comparative Returns'!H9","v":143.56320492495308},null,{"$f":"'Comparative Returns'!I9","v":9.2404536937148123},{"$f":"'Comparative Returns'!J9","v":134.32275123123827},{"$f":"'Irr Corn'!F45-'Irr Corn'!F23","v":685.93679507504692},{"$f":"'Irr Corn'!G45-'Irr Corn'!G23","v":612.88454630628519},{"$f":"'Irr Corn'!H45-'Irr Corn'!H23","v":73.052248768761729},{"$f":"Corn_Inches","v":20},4.62,{"$f":"'Irr Corn'!$C$9","v":"bu"},{"$f":"'Irr Corn'!E9","v":0.25}]
[null,{"$f":"'Irr Corn Silage'!$A$3","v":"Irrigated Corn Silage"},{"$f":"'Comparative Returns'!H10","v":-130.29613521927763},null,{"$f":"'Comparative Returns'!I10","v":-192.8374514144582},{"$f":"'Comparative Returns'!J10","v":62.541316195180585},{"$f":"'Irr Corn Silage'!F45-'Irr Corn Silage'!F23","v":697.29613521927763},{"$f":"'Irr Corn Silage'!G45-'Irr Corn Silage'!G23","v":618.0874514144582},{"$f":"'Irr Corn Silage'!H45-'Irr Corn Silage'!H23","v":79.208683804819415},{"$f":"Corn_Silage_Inches","v":20},0,{"$f":"'Irr Corn Silage'!$C$9","v":"tons"},{"$f":"'Irr Corn Silage'!E9","v":0.25}]
[null,{"$f":"'Irr Cotton Drip'!$A$3","v":"Irrigated Cotton - Drip"},{"$f":"'Comparative Returns'!H11","v":313.50975091911766},null,{"$f":"'Comparative Returns'!I11","v":140.3006881893383},{"$f":"'Comparative Returns'!J11","v":173.20906272977945},{"$f":"'Irr Cotton Drip'!F52-'Irr Cotton Drip'!F28-'Irr Cotton Drip'!F29-'Irr Cotton Drip'!F30","v":590.95274908088243},{"$f":"'Irr Cotton Drip'!G52-'Irr Cotton Drip'!G28-'Irr Cotton Drip'!G29-'Irr Cotton Drip'!G30","v":504.06181181066177},{"$f":"'Irr Cotton Drip'!H52-'Irr Cotton Drip'!H28-'Irr Cotton Drip'!H29-'Irr Cotton Drip'!H30","v":86.890937270220576},{"$f":"Cotton_Drip_Inches","v":14},{"$f":"0.78+(0.115*1.418)","v":0.94307000000000007},{"$f":"'Irr Cotton Drip'!$C$9","v":"lbs"},{"$f":"'Irr Cotton Drip'!E9","v":0.25}]
[null,{"$f":"'Irr Cotton Pivot'!$A$3","v":"Irrigated Cotton - Pivot"},{"$f":"'Comparative Returns'!H12","v":274.32692922794126},null,{"$f":"'Comparative Returns'!I12","v":129.99194692095602},{"$f":"'Comparative Returns'!J12","v":144.33498230698532},{"$f":"'Irr Cotton Pivot'!F51-'Irr Cotton Pivot'!F27-'Irr Cotton Pivot'!F28-'Irr Cotton Pivot'!F29","v":479.39182077205885},{"$f":"'Irr Cotton Pivot'!G51-'Irr Cotton Pivot'!G27-'Irr Cotton Pivot'!G28-'Irr Cotton Pivot'!G29","v":410.29711557904409},{"$f":"'Irr Cotton Pivot'!H51-'Irr Cotton Pivot'!H27-'Irr Cotton Pivot'!H28-'Irr Cotton Pivot'!H29","v":69.094705193014704},{"$f":"Cotton_Inches","v":12},{"$f":"0.78+(0.115*1.418)","v":0.94307000000000007},{"$f":"'Irr Cotton Pivot'!$C$9","v":"lbs"},{"$f":"'Irr Cotton Pivot'!E9","v":0.25}]
[null,{"$f":"'Irr Peanuts'!$A$3","v":"Irrigated Peanuts"},{"$f":"'Comparative Returns'!H14","v":64.80243235294131},null,{"$f":"'Comparative Returns'!I14","v":-57.678725735293938},{"$f":"'Comparative Returns'!J14","v":122.48115808823533},{"$f":"'Irr Peanuts'!F50-'Irr Peanuts'!F25-'Irr Peanuts'!F26-'Irr Peanuts'!F27","v":658.1975676470588},{"$f":"'Irr Peanuts'!G50-'Irr Peanuts'!G25-'Irr Peanuts'!G26-'Irr Peanuts'!G27","v":599.92872573529405},{"$f":"'Irr Peanuts'!H50-'Irr Peanuts'!H25-'Irr Peanuts'!H26-'Irr Peanuts'!H27","v":58.268841911764696},{"$f":"Peanuts_Inches","v":22},{"$f":"Peanut_Price","v":430},{"$f":"'Irr Peanuts'!$C$9","v":"tons"},{"$f":"'Irr Peanuts'!E9","v":0.25}]
[null,{"$f":"'Irr Sesame'!$A$3","v":"Irrigated Sesame"},{"$f":"'Comparative Returns'!H15","v":151.94830753676473},null,{"$f":"'Comparative Returns'!I15","v":61.55740565257355},{"$f":"'Comparative Returns'!J15","v":90.39090188419118},{"$f":"'Irr Sesame'!F47-'Irr Sesame'!F24-'Irr Sesame'!F25","v":301.25169246323526},{"$f":"'Irr Sesame'!G47-'Irr Sesame'!G24-'Irr Sesame'!G25","v":278.34259434742643},{"$f":"'Irr Sesame'!H47-'Irr Sesame'!H24-'Irr Sesame'!H25","v":22.90909811580882},{"$f":"Sesame_Inches","v":11},{"$f":"Sesame_Price","v":0.32},{"$f":"'Irr Sesame'!$C$9","v":"lbs"},{"$f":"'Irr Sesame'!E9","v":0.25}]
[null,{"$f":"'Irr Sorghum'!$A$3","v":"Irrigated Sorghum"},{"$f":"'Comparative Returns'!H16","v":-5.4721558464848954},null,{"$f":"'Comparative Returns'!I16","v":-44.389991884863718},{"$f":"'Comparative Returns'!J16","v":38.917836038378766},{"$f":"'Irr Sorghum'!F46-'Irr Sorghum'!F24","v":329.9721558464849},{"$f":"'Irr Sorghum'!G46-'Irr Sorghum'!G24","v":287.76499188486372},{"$f":"'Irr Sorghum'!H46-'Irr Sorghum'!H24","v":42.207163961621234},{"$f":"Sorghum_Inches","v":9},{"$f":"4.46/56*100","v":7.9642857142857144},{"$f":"'Irr Sorghum'!$C$9","v":"cwt"},{"$f":"'Irr Sorghum'!E9","v":0.25}]
[null,{"$f":"'Irr Sorghum Silage'!$A$3","v":"Irrigated Sorghum Silage"},{"$f":"'Comparative Returns'!H17","v":95.574000654591032},null,{"$f":"'Comparative Returns'!I17","v":3.684610856796894},{"$f":"'Comparative Returns'!J17","v":91.889389797794109},{"$f":"'Irr Sorghum Silage'!F45-'Irr Sorghum Silage'!F23","v":456.42599934540897},{"$f":"'Irr Sorghum Silage'!G45-'Irr Sorghum Silage'!G23","v":410.31538914320311},{"$f":"'Irr Sorghum Silage'!H45-'Irr Sorghum Silage'!H23","v":46.110610202205891},{"$f":"Sorghum_Silage_Inches","v":16},0,{"$f":"'Irr Sorghum Silage'!$C$9","v":"tons"},{"$f":"'Irr Sorghum Silage'!E9","v":0.25}]
[null,{"$f":"'Irr Soybeans'!$A$3","v":"Irrigated Soybeans"},{"$f":"'Comparative Returns'!H18","v":-36.038155882352953},null,{"$f":"'Comparative Returns'!I18","v":-93.945141911764722},{"$f":"'Comparative Returns'!J18","v":57.906986029411762},{"$f":"'Irr Soybeans'!F47-'Irr Soybeans'!F25","v":376.03815588235295},{"$f":"'Irr Soybeans'!G47-'Irr Soybeans'!G25","v":348.94514191176472},{"$f":"'Irr Soybeans'!H47-'Irr Soybeans'!H25","v":27.093013970588238},{"$f":"Soybeans_Inches","v":15},11.36,{"$f":"'Irr Soybeans'!$C$9","v":"bu"},{"$f":"'Irr Soybeans'!E9","v":0.25}]
[null,{"$f":"'Irr Sunflowers-Confection'!$A$3","v":"Irrigated Sunflowers-Confectionary "},{"$f":"'Comparative Returns'!H19","v":100.98662977941171},null,{"$f":"'Comparative Returns'!I19","v":38.757822334558739},{"$f":"'Comparative Returns'!J19","v":62.228807444852933},{"$f":"'Irr Sunflowers-Confection'!F47-'Irr Sunflowers-Confection'!F23-'Irr Sunflowers-Confection'!F24","v":299.73337022058826},{"$f":"'Irr Sunflowers-Confection'!G43-'Irr Sunflowers-Confection'!G22-'Irr Sunflowers-Confection'!G23","v":-33.75},{"$f":"'Irr Sunflowers-Confection'!H43-'Irr Sunflowers-Confection'!H22-'Irr Sunflowers-Confection'!H23","v":-5.25},{"$f":"Sunflowers_Conf_Inches","v":8},0.27400000000000002,{"$f":"'Irr Sunflowers-Confection'!$C$9","v":"lbs"},{"$f":"'Irr Sunflowers-Confection'!E9","v":0.25}]
[null,{"$f":"'Irr Sunflowers-Oilseed'!$A$3","v":"Irrigated Sunflowers-Oilseed "},{"$f":"'Comparative Returns'!H20","v":-28.614770220588241},null,{"$f":"'Comparative Returns'!I20","v":-66.618852665441182},{"$f":"'Comparative Returns'!J20","v":38.004082444852941},{"$f":"'Irr Sunflowers-Oilseed'!F46-'Irr Sunflowers-Oilseed'!F22-'Irr Sunflowers-Oilseed'!F23","v":282.61477022058824},{"$f":"'Irr Sunflowers-Oilseed'!G46-'Irr Sunflowers-Oilseed'!G22-'Irr Sunflowers-Oilseed'!G23","v":257.11885266544118},{"$f":"'Irr Sunflowers-Oilseed'!H46-'Irr Sunflowers-Oilseed'!H22-'Irr Sunflowers-Oilseed'!H23","v":25.495917555147059},{"$f":"Sunflowers_Oil_Inches","v":8},0.20899999999999999,{"$f":"'Irr Sunflowers-Oilseed'!$C$9","v":"lbs"},{"$f":"'Irr Sunflowers-Oilseed'!E9","v":0.25}]
[null,{"$f":"'Irr Wheat'!$A$3","v":"Irrigated Wheat"},{"$f":"'Comparative Returns'!H21","v":-82.047688136657086},null,{"$f":"'Comparative Returns'!I21","v":-116.32146610249276},{"$f":"'Comparative Returns'!J21","v":34.273777965835727},{"$f":"'Irr Wheat'!F45-'Irr Wheat'!F24","v":390.04768813665709},{"$f":"'Irr Wheat'!G45-'Irr Wheat'!G24","v":347.32146610249276},{"$f":"'Irr Wheat'!H45-'Irr Wheat'!H24","v":42.726222034164273},{"$f":"Wheat_Inches","v":14},7.02,{"$f":"'Irr Wheat'!$C$9","v":"bu"},{"$f":"'Irr Wheat'!E9","v":0.25}]